{"text_format":"1","workbook":"xlsx","n_sheets":31,"sheets":["Instructions","Menu","Universal Input Prices","Irr Alfalfa","Irr Canola","Irr Corn","Irr Corn Silage","Irr Cotton","Irr Peanuts","Irr Sorghum","Irr Sorghum Seed","Irr Sorghum Silage","Irr Sorghum Sudangrass","Irr Soybeans","Irr Sunflowers-Confection","Irr Sunflowers-Oilseed","Irr Triticale Silage","Irr Wheat","Irr Other Crop","Dry Cotton","Dry Sorghum","Dry Canola","Dry Sorghum Sudangrass","Dry Sunflowers-Oilseed","Dry Wheat","Dry Other Crop","Break-Even Comparison","Comparative Returns","Irrigation Analysis","Graphs","PROGRAMMER"],"not_rendered":{"charts":2,"images":6,"macros":1,"external_links":0,"defined_names":125,"comments":27,"pivot_tables":0},"unopened":[],"bounds":{"document_bytes":16777216,"sheet_cells":100000,"rows_first":2000,"rows_last":500,"rows_between":2000,"halvings":0,"cell_chars":16384,"cell_head_chars":4096},"cells_cut":0,"cells_raw":0,"read":"whole","date_system":"1900"}

{"sheet":"Instructions","index":0,"n_rows":24,"n_cols":1,"rows_kept":24,"cut":false,"hidden":false,"merged":[]}
[]
["Contact Us"]
["Extension Ag Economics"]
["Master Marketer"]
["Market Outlook"]
["Futures Charts and Prices"]
["\nIrrigation Spreadsheet Project"]
[]
["IF THE TOOL ISN'T WORKING PROPERLY, CLOSE THE FILE AND FIND IT IN THE APPROPRIATE FOLDER. NEXT, RIGHT CLICK THE FILE AND SELECT PROPERTIES, THEN CHECK THE BOX THAT SAYS UNBLOCK. FINALLY, OPEN THE FILE BACK UP AND ENABLE EDITING IF NEEDED. "]
[]
["Introduction"]
["This decision aid requires Excel or a similar program that reads an Excel file. Budget cost estimates are not meant to represent any specific farm. They are averages and serve as a starting point in the analysis. Due to differences in soil types and other resources that vary from farm to farm, it is important that producers enter individualized crop cost estimates to achieve realistic results. To make long run decisions and determine farm business sustainability in future years, they will need to estimate fixed costs as well.\n"]
["Navigating From Sheet to Sheet"]
["Each crop budget (Irr Alfalfa, Irr Corn, etc.) and analysis section (Prices, Break-Even, Comparative, Irrigation) is displayed on a separate tab/sheet. Analysis sections are tied to the budgets and will automatically update as you make changes to individual budgets.\n\n•  The MENU sheet provides direct access to all crop budgets and summary pages from one location. It also allows users to select the crops and scenarios they want to analyze.\n\n•  To return to the Menu sheet or navigate to the Prices, Break-even, Comparative, or Irrigation sections, use the colored navigation bars at the top of each sheet. \n\n•  To move from tab to tab, click on the crop budget name at the bottom of the screen. To scroll left or right and get access to budget tabs not listed, use the four small triangles in the bottom left corner of the worksheet.\n"]
["Entering Your Numbers"]
["•  To change BLUE entries, click on the number you want to change, type in the new entry and press the Enter key, or just use the mouse to click on the next number that needs changing.  \n\n•  GREEN entries can only be altered in the Universal Input Prices sheet.\n"]
["Printing"]
["•  To print the current worksheet, click FILE, PRINT in the upper left corner. To print multiple sheets, select the ones you want by holding down the CTRL key while left clicking on each sheet/tab, then follow the same process as before. \n"]
["Saving Your Work"]
["•  Click the SAVE icon (disk) in the upper left corner to replace the original information with new data. If the Save icon is not visible, select FILE, SAVE AS and give the file a new name.\n"]
["Special Thanks"]
["A special thanks goes to the project team of Steve Amosson, Thomas Marek, DeDe Jones, Jay Yates, Bridget Guerrero, and Jourdan Bell and the project advisory committee of David Ford, Harold Grall, Tom Moore, Mark Howard, Dee Vaughan, Hagen Hunt, and Braden Gruhlkey.\n"]
["Additional Resource"]
["The FARM Assistance Strategic Planning program is another useful tool for evaluating\nlong term operational viability, and analyzing the financial impact of various business\ndecisions such as acquiring more land or changing crop mixes. Contact DeDe Jones at\n677-5600 or dljones@ag.tamu.edu for more information.\n"]

{"sheet":"Menu","index":1,"n_rows":32,"n_cols":5,"rows_kept":32,"cut":false,"hidden":false,"merged":[]}
[]
[]
[null,"Menu: Customize Your Analysis"]
[null," ","Include in Analysis?",null,"Instructions"]
[null,{"$f":"'Irr Alfalfa'!$A$3","v":"Irrigated Alfalfa"},"Yes",null,"Step"]
[null,{"$f":"'Irr Canola'!$A$3","v":"Irrigated Canola"},"Yes",null,"1. Identify the crops you want to consider in the analysis and mark each crop as either 'Yes' or 'No'."]
[null,{"$f":"'Irr Corn'!$A$3","v":"Irrigated Corn"},"Yes",null,"Note: you can use the buttons provided to quickly update all entries in each section."]
[null,{"$f":"'Irr Corn Silage'!$A$3","v":"Irrigated Corn Silage"},"Yes"]
[null,{"$f":"'Irr Cotton'!$A$3","v":"Irrigated Cotton"},"Yes",null,"2. Indicate whether or not to include a Tenant and/or Landlord in the analysis."]
[null,{"$f":"'Irr Peanuts'!$A$3","v":"Irrigated Peanuts"},"Yes"]
[null,{"$f":"'Irr Sorghum'!$A$3","v":"Irrigated Sorghum"},"Yes",null,"3. Select the 'Update Workbook' button. This will update the workbook so that only the content"]
[null,{"$f":"'Irr Sorghum Seed'!$A$3","v":"Irrigated Sorghum Seed"},"Yes",null," you are interested in will be displayed."]
[null,{"$f":"'Irr Sorghum Silage'!$A$3","v":"Irrigated Sorghum Silage"},"Yes"]
[null,{"$f":"'Irr Sorghum Sudangrass'!$A$3","v":"Irrigated Sorghum Sudangrass"},"Yes"]
[null,{"$f":"'Irr Soybeans'!$A$3","v":"Irrigated Soybeans"},"Yes"]
[null,{"$f":"'Irr Sunflowers-Confection'!$A$3","v":"Irrigated Sunflowers-Confectionary"},"Yes"]
[null,{"$f":"'Irr Sunflowers-Oilseed'!$A$3","v":"Irrigated Sunflowers-Oilseed"},"Yes"]
[null,{"$f":"'Irr Triticale Silage'!$A$3","v":"Irrigated Triticale Silage"},"Yes"]
[null,{"$f":"'Irr Wheat'!$A$3","v":"Irrigated Wheat"},"Yes"]
[null,{"$f":"'Irr Other Crop'!$A$3","v":"Irrigated Other Crop"},"Yes"]
[null,".",null,null,"**IF THE MENU BOTTONS DON'T WORK, CLOSE THE FILE AND FIND IT IN THE APPROPRIATE FOLDER. NEXT, RIGHT CLICK THE FILE AND SELECT PROPERTIES, THEN CHECK THE BOX THAT SAYS UNBLOCK. FINALLY, OPEN THE FILE BACK UP AND CHOOSE TO ENABLE EDITING IF NEEDED**"]
[null,{"$f":"'Dry Canola'!$A$3","v":"Dryland Canola"},"Yes"]
[null,{"$f":"'Dry Cotton'!$A$3","v":"Dryland Cotton"},"Yes"]
[null,{"$f":"'Dry Sorghum'!$A$3","v":"Dryland Sorghum"},"Yes"]
[null,{"$f":"'Dry Sorghum Sudangrass'!$A$3","v":"Dryland Sorghum Sudangrass"},"Yes"]
[null,{"$f":"'Dry Sunflowers-Oilseed'!$A$3","v":"Dryland Sunflowers-Oilseed"},"Yes"]
[null,{"$f":"'Dry Wheat'!$A$3","v":"Dryland Wheat"},"Yes"]
[null,{"$f":"'Dry Other Crop'!$A$3","v":"Dryland Other Crop"},"Yes"]
[null,"."]
[null,"Scenario","Include in Analysis?"]
[null,"Tenant","Yes"]
[null,"Landlord","Yes"]

{"sheet":"Universal Input Prices","index":2,"n_rows":46,"n_cols":7,"rows_kept":46,"cut":false,"hidden":false,"merged":[[15,4,15,5],[19,4,19,5],[5,4,5,5],[10,4,10,5],[13,4,13,5]]}
[]
["Basic Universal Input Prices"]
["Commodity","Avg Price","Unit"]
["Alfalfa",235,"ton",null,"Instructions"]
["Canola",18,"cwt",null,"Step"]
["Corn",5.05,"bu",null,"4. Review the values listed in BLUE, updating them"]
["Corn Silage",55,"ton",null,"as needed.  These values will drive the calculations"]
["Cotton",0.7,"lb",null,"throughout the rest of the workbook."]
["Cottonseed",235,"ton",null," "]
["Peanuts",500,"ton"]
["Sorghum",7,"cwt",null,"5. Update the budgets for each crop included in"]
["Sorghum Seed",22.5,"cwt",null,"your analysis."]
["Sorghum Silage",50,"ton"]
["Soybeans",9.75,"bu",null,"6. Complete the 'Irrigation Analysis' worksheet."]
["Sunflower - Conf. (large)",28,"cwt"]
["Sunflower - Oil",23,"cwt",null,"7.  Review the results on the 'Break-Even',"]
["Triticale Silage",50,"ton",null,"'Comparative Returns', 'Irrigation Analysis', "]
["Wheat",5.0999999999999996,"bu",null,"and 'Graph' worksheets."]
["Irrigated Other Crop",0,"unit"]
["Dryland Other Crop",0,"unit",null,"8. Review / refine your inputs across the workbooks."]
[]
["Grazing",0.65,"lb of gain"]
[]
["Input Item","Avg Price","Unit"]
["Fertilizer",null,null,null,"Fertilizer Worksheet",null,"Avg cost per ton"]
["fert (N) - dry",{"$f":"G26/F26/2000","v":0.49456521739130432},"/lb of N",null,"% N in Primary Nitrogen Fertilizer - dry",0.46,455]
["fert (N) - liquid",0.7109375,"/lb of N",null,"% N in Primary Nitrogen Fertilizer - liquid",0.32,455]
["fert (N) - NH3 ",{"$f":"G28/F28/2000","v":0.43292682926829268},"/lb of N",null,"% N in Primary Nitrogen Fertilizer - NH3",0.82,710]
["fert (P) - dry",{"$f":"G29/F29/2000","v":0.86057692307692313},"/lb of P",null,"% P in Primary Phosphate Fertilizer - dry",0.52,895]
["fert (P) - liquid",{"$f":"G30/F30/2000","v":0.99264705882352944},"/lb of P",null,"% P in Primary Phosphate Fertilizer - liquid",0.34,675]
["Labor",18.54,"/hour"]
["Diesel Fuel - Tractors",2.65,"/gallon"]
["Gasoline - Pickup",2.25,"/gallon"]
["Irrigation Fuel",5,"/acre inch"]
["Interest-operating capital",8.4000000000000005E-2,"APR"]
["Cotton"]
["Stripping & module",12,"/cwt cotton lint"]
["Ginning",3.25,"/cwt seed cotton"]
["Seed Turnout",750,"lbs/500 lb bale",null," "]
[null,null,null,null," "]
[null,null,null,null," "]
[]
[]
[]
[]
[null,null,null,null," "]

{"sheet":"Irr Alfalfa","index":3,"n_rows":66,"n_cols":8,"rows_kept":66,"cut":false,"hidden":false,"merged":[[1,0,1,7],[2,0,2,7],[3,0,3,7]]}
[]
[" Estimated Costs and Returns per Acre"]
["Irrigated Alfalfa"]
["Projected for 2026"]
[null,null,null,null,null,null,null,"Rental Agreement"]
["Item ","Quantity","Unit","Price","Landlord","Total ",null,"Share"]
[null,null,null,null,"Share"," ","Tenant","Landlord"]
["Income"]
["alfalfa hay",5.5,"ton",{"$f":"'Universal Input Prices'!B4","v":235},0.33,{"$f":"D9*B9","v":1292.5},{"$f":"F9*(1-E9)","v":865.97499999999991},{"$f":"IF(H6=\"Cash\", D59,F9*E9)","v":426.52500000000003}]
["other income",1,"unit",0,0.33,{"$f":"D10*B10","v":0},{"$f":"F10*(1-E10)","v":0},{"$f":"IF(H7=\"Cash\", D59,F10*E10)","v":0}]
["other income",1,"unit",0,0.33,{"$f":"D11*B11","v":0},{"$f":"F11*(1-E11)","v":0},{"$f":"IF(H8=\"Cash\", D60,F11*E11)","v":0}]
["Total Income",null,null,null,null,{"$f":"SUM(F8:F11)","v":1292.5},{"$f":"SUM(G8:G11)","v":865.97499999999991},{"$f":"SUM(H8:H11)","v":426.52500000000003}]
[]
["Variable Costs"]
["Seed"]
["alfalfa",0,"lb",0,0,{"$f":"D16*B16","v":0},{"$f":"F16*(1-E16)","v":0},{"$f":"F16*E16","v":0}]
["Fertilizer"]
["fert (P) - liquid",60.2,"lb",{"$f":"IF(A18=\"\",0,VLOOKUP(A18,'Universal Input Prices'!$A$26:$B$30, 2))","v":0.99264705882352944},0.33,{"$f":"D18*B18","v":59.757352941176478},{"$f":"F18*(1-E18)","v":40.037426470588237},{"$f":"F18*E18","v":19.719926470588238}]
[null,0,"lb",{"$f":"IF(A19=\"\",0,VLOOKUP(A19,'Universal Input Prices'!$A$26:$B$30, 2))","v":0},0,{"$f":"D19*B19","v":0},{"$f":"F19*(1-E19)","v":0},{"$f":"F19*E19","v":0}]
[null,0,"lb",{"$f":"IF(A20=\"\",0,VLOOKUP(A20,'Universal Input Prices'!$A$26:$B$30, 2))","v":0},0,{"$f":"D20*B20","v":0},{"$f":"F20*(1-E20)","v":0},{"$f":"F20*E20","v":0}]
[" ",0,"lb",0,0.33,{"$f":"D21*B21","v":0},{"$f":"F21*(1-E21)","v":0},{"$f":"F21*E21","v":0}]
["Field Operations"]
["herbicide & application",1,"acre",58.92,0.33,{"$f":"D23*B23","v":58.92},{"$f":"F23*(1-E23)","v":39.476399999999998},{"$f":"F23*E23","v":19.4436}]
["fertilizer application",1,"acre",8.25,0.33,{"$f":"D24*B24","v":8.25},{"$f":"F24*(1-E24)","v":5.5274999999999999},{"$f":"F24*E24","v":2.7225000000000001}]
["insecticide & application",1,"acre",16.559999999999999,0.33,{"$f":"D25*B25","v":16.559999999999999},{"$f":"F25*(1-E25)","v":11.095199999999998},{"$f":"F25*E25","v":5.4647999999999994}]
["custom baling",{"$f":"$B$9","v":5.5},"ton",65,0,{"$f":"D26*B26","v":357.5},{"$f":"F26*(1-E26)","v":357.5},{"$f":"F26*E26","v":0}]
["crop consultant",1,"acre",0,0,{"$f":"D27*B27","v":0},{"$f":"F27*(1-E27)","v":0},{"$f":"F27*E27","v":0}]
["scouting",1,"acre",0,0,0,0,0]
["other ",1,"acre",0,0,0,0,0]
["other ",1,"acre",0,0,0,0,0]
["other ",1,"acre",0,0,0,0,0]
["Crop Insurance",1,"acre",0,0,0,0,0]
["Operator Labor & Hand Labor",0,"hour",{"$f":"'Universal Input Prices'!$B$31","v":18.54},0,0,0,0]
["Irrigation Labor",1.554,"hours",{"$f":"'Universal Input Prices'!$B$31","v":18.54},0,28.811160000000001,28.811160000000001,0]
["Diesel Fuel - Tractors",0,"gallons",{"$f":"'Universal Input Prices'!$B$32","v":2.65},0,0,0,0]
["Gasoline - Pickup",2.0499999999999998,"gallons",{"$f":"'Universal Input Prices'!$B$33","v":2.25},0,4.6124999999999998,4.6124999999999998,0]
["Irrigation Fuel",24,"acin",{"$f":"'Universal Input Prices'!$B$34","v":5},0.33,{"$f":"D37*B37","v":120},{"$f":"F37*(1-E37)","v":80.399999999999991},{"$f":"F37*E37","v":39.6}]
["Pumping Days",56.57]
["Calculated GPM capacity per acre needed",{"$f":"B37*18.85694/B38","v":8.0001159625243066}]
["Repair & Maintenance"]
["Implements",1,"acre",0,0,{"$f":"D41*B41","v":0},{"$f":"F41*(1-E41)","v":0},{"$f":"F41*E41","v":0}]
["Tractors",1,"acre",0,0,{"$f":"D42*B42","v":0},{"$f":"F42*(1-E42)","v":0},{"$f":"F42*E42","v":0}]
["Irrigation-Above Ground",{"$f":"B37","v":24},"acin",3.75,0,{"$f":"D43*B43","v":90},{"$f":"F43*(1-E43)","v":90},{"$f":"F43*E43","v":0}]
["Tractors/Self Propelled Equipment",1,"acre",0,1,{"$f":"D44*B44","v":0},{"$f":"F44*(1-E44)","v":0},{"$f":"F44*E44","v":0}]
["Pickup",1,"acre",2.5099999999999998,0,{"$f":"D45*B45","v":2.5099999999999998},{"$f":"F45*(1-E45)","v":2.5099999999999998},{"$f":"F45*E45","v":0}]
["Interest-operating capital",{"$f":"'Universal Input Prices'!$B$35","v":8.4000000000000005E-2},null,null,null,{"$f":"(SUM(F16:F25,F27:F45))*$B46/2","v":16.355682543529415},{"$f":"(SUM(G16:G25,G27:G45))*$B46/2","v":12.703747831764709},{"$f":"(SUM(H16:H25,H27:H45))*$B46/2","v":3.6519347117647056}]
[]
["Total Variable Costs",null,null,null,null,{"$f":"SUM(F16:F47)","v":763.27669548470578},{"$f":"SUM(G16:G46)","v":672.67393430235302},{"$f":"SUM(H16:H46)","v":90.602761182352936}]
["Returns Above Variable Costs",null,null,null,null,{"$f":"F12-F48","v":529.22330451529422},{"$f":"G12-G48","v":193.30106569764689},{"$f":"H12-H48","v":335.9222388176471}]
[]
["Fixed Costs"]
["Implements",1,"acre",0,0,{"$f":"D52*B52","v":0},{"$f":"F52*(1-E52)","v":0},{"$f":"F52*E52","v":0}]
["Tractors",1,"acre",0,0,0,0,0]
["Irrigation Equipment",1,"acre",47.34,0,47.34,47.34,0]
["Tractors/Self Propelled Equipment",1,"acre",0,1,0,0,0]
["Pickup",1,"acre",4.16,0,4.16,4.16,0]
["Management",1,"acre",0,0,0,0,0]
["Irrigation Investment",1,"acre",48.02,0,48.02,48.02,0]
["Land cash rent value",1,"acre",200,1,200,{"$f":"IF($H$6=\"Cash\",D59,F59*(1-E59))","v":0},{"$f":"IF($H$6=\"Cash\",0,F59*E59)","v":200}]
["Property Tax",1,"acre",0,1,0,0,0]
["Perenial Crop Establishment",1,"acre",125,0,{"$f":"B61*D61","v":125},{"$f":"F61*(1-E61)","v":125},{"$f":"F61*E61","v":0}]
["Total Fixed Costs",null,null,null,null,{"$f":"SUM(F52:F61)","v":424.52},{"$f":"SUM(G52:G61)","v":224.52},{"$f":"SUM(H52:H61)","v":200}]
["Total Specified Costs",null,null,null,null,{"$f":"F48+F62","v":1187.7966954847057},{"$f":"G48+G62","v":897.193934302353},{"$f":"H48+H62","v":290.60276118235294}]
["Returns Above Total Specified Costs",null,null,null,null,{"$f":"F12-F63","v":104.70330451529435},{"$f":"G12-G63","v":-31.218934302353091},{"$f":"H12-H63","v":135.9222388176471}]
[]
["Return on Investment",null,null,null,null,{"$f":"(F64/F63)","v":8.8149179832974656E-2},{"$f":"(G64/G63)","v":-3.479619412120586E-2},0.46772521453213595]

{"sheet":"Irr Canola","index":4,"n_rows":66,"n_cols":8,"rows_kept":66,"cut":false,"hidden":false,"merged":[[1,0,1,7],[2,0,2,7],[3,0,3,7]]}
[]
[" Estimated Costs and Returns per Acre"]
["Irrigated Canola"]
["Projected for 2026"]
[null,null,null,null,null,null,null,"Rental Agreement"]
["Item ","Quantity","Unit","Price","Landlord","Total",null,"Share"]
[null,null,null,null,"Share"," ","Tenant","Landlord"]
["Income"]
["canola",22,"cwt",{"$f":"'Universal Input Prices'!$B$5","v":18},0.33,{"$f":"D9*B9","v":396},{"$f":"F9*(1-E9)","v":265.32},{"$f":"IF(H6=\"Cash\", D60,F9*E9)","v":130.68}]
["other income",1,"unit",0,0.33,{"$f":"D10*B10","v":0},{"$f":"F10*(1-E10)","v":0},{"$f":"IF(H7=\"Cash\", D59,F10*E10)","v":0}]
["other income",1,"unit",0,0.33,{"$f":"D11*B11","v":0},{"$f":"F11*(1-E11)","v":0},{"$f":"IF(H8=\"Cash\", D60,F11*E11)","v":0}]
["Total Income",null,null,null,null,{"$f":"SUM(F8:F11)","v":396},{"$f":"SUM(G8:G11)","v":265.32},{"$f":"SUM(H8:H11)","v":130.68}]
[]
["Variable Costs"]
["Seed"]
["canola seed",5,"lb",6.29,0,{"$f":"D16*B16","v":31.45},{"$f":"F16*(1-E16)","v":31.45},{"$f":"F16*E16","v":0}]
["seed treatment",1,"acre",7.35,0,{"$f":"D17*B17","v":7.35},{"$f":"F17*(1-E17)","v":7.35},{"$f":"F17*E17","v":0}]
["Fertilizer"]
["fert (N) - dry",25,"lb",{"$f":"IF(A19=\"\",0,VLOOKUP(A19,'Universal Input Prices'!$A$26:$B$26, 2))","v":0.49456521739130432},0.33,{"$f":"D19*B19","v":12.364130434782608},{"$f":"F19*(1-E19)","v":8.2839673913043459},{"$f":"F19*E19","v":4.0801630434782608}]
["fert (N) - liquid",55,"lb",{"$f":"IF(A20=\"\",0,VLOOKUP(A20,'Universal Input Prices'!$A$26:$B$27, 2))","v":0.7109375},0.33,{"$f":"D20*B20","v":39.1015625},{"$f":"F20*(1-E20)","v":26.198046874999996},{"$f":"F20*E20","v":12.903515625000001}]
[null,0,"lb",{"$f":"IF(A21=\"\",0,VLOOKUP(A21,'Universal Input Prices'!$A$26:$B$30, 2))","v":0},0,{"$f":"D21*B21","v":0},{"$f":"F21*(1-E21)","v":0},{"$f":"F21*E21","v":0}]
["Field Operations"]
["herbicide & application",1,"acre",36.979999999999997,0.33,{"$f":"D23*B23","v":36.979999999999997},{"$f":"F23*(1-E23)","v":24.776599999999995},{"$f":"F23*E23","v":12.2034}]
["fertilizer application",1,"acre",8.25,0.33,8.25,5.5274999999999999,2.7225000000000001]
["insecticide & application",1,"acre",14.9,0.33,14.9,9.9829999999999988,4.9170000000000007]
["custom harvest & haul",1,"acre",35,0,35,35,0]
["custom harvest & haul",{"$f":"B9","v":22},"cwt",0.7,0,15.399999999999999,15.399999999999999,0]
["hoeing",0,"acre",0,0,0,0,0]
["scouting",1,"acre",0,0,0,0,0]
["other ",1,"acre",0,0,0,0,0]
["other ",1,"acre",0,0,0,0,0]
["other ",1,"acre",0,0,0,0,0]
["Crop Insurance",1,"acre",0,0.33,0,0,0]
["Operator Labor & Hand Labor",0.62,"hours",{"$f":"'Universal Input Prices'!$B$31","v":18.54},0,11.4948,11.4948,0]
["Irrigation Labor",0.65100000000000002,"hours",{"$f":"'Universal Input Prices'!$B$31","v":18.54},0,12.06954,12.06954,0]
["Diesel Fuel - Tractors",1.73,"gallons",{"$f":"'Universal Input Prices'!$B$32","v":2.65},0,4.5845000000000002,4.5845000000000002,0]
["Gasoline - Pickup",2.0492300000000001,"gallons",{"$f":"'Universal Input Prices'!$B$33","v":2.25},0,4.6107675000000006,4.6107675000000006,0]
["Irrigation Fuel",10,"acin",{"$f":"'Universal Input Prices'!$B$34","v":5},0.33,50,33.5,16.5]
["Pumping Days",94.28]
["Calculated GPM capacity per acre needed",{"$f":"B38*18.85694/B39","v":2.000099703012304}]
["Repair & Maintenance"]
["Implements",1,"acre",3.91,0,{"$f":"D42*B42","v":3.91},{"$f":"F42*(1-E42)","v":3.91},{"$f":"F42*E42","v":0}]
["Tractors",1,"acre",0,0,{"$f":"D43*B43","v":0},{"$f":"F43*(1-E43)","v":0},{"$f":"F43*E43","v":0}]
["Irrigation-Above Ground",{"$f":"B38","v":10},"acin",3.75,0,{"$f":"D44*B44","v":37.5},{"$f":"F44*(1-E44)","v":37.5},{"$f":"F44*E44","v":0}]
["Tractors/Self Propelled Equipment",1,"acre",3.36,1,{"$f":"D45*B45","v":3.36},{"$f":"F45*(1-E45)","v":0},{"$f":"F45*E45","v":3.36}]
["Pickup",1,"acre",2.5099999999999998,0,{"$f":"D46*B46","v":2.5099999999999998},{"$f":"F46*(1-E46)","v":2.5099999999999998},{"$f":"F46*E46","v":0}]
["Interest-operating capital",{"$f":"'Universal Input Prices'!$B$35","v":8.4000000000000005E-2},null,null,null,{"$f":"(SUM(F16:F25,F28:F46))*$B47/2","v":11.778282618260869},{"$f":"(SUM(G16:G25,G28:G46))*$B47/2","v":9.3974463141847817},{"$f":"(SUM(H16:H25,H28:H46))*$B47/2","v":2.3808363040760874}]
[]
["Total Variable Costs",null,null,null,null,{"$f":"SUM(F15:F47)","v":342.61358305304344},{"$f":"SUM(G15:G47)","v":283.54616808048911},{"$f":"SUM(H15:H47)","v":59.067414972554346}]
["Returns Above Variable Costs",null,null,null,null,{"$f":"F12-F49","v":53.386416946956558},{"$f":"G12-G49","v":-18.226168080489117},{"$f":"H12-H49","v":71.612585027445661}]
[]
["Fixed Costs"]
["Implements",1,"acre",6.88,0,{"$f":"D53*B53","v":6.88},{"$f":"F53*(1-E53)","v":6.88},{"$f":"F53*E53","v":0}]
["Tractors",1,"acre",0,0,0,0,0]
["Irrigation Equipment",1,"acre",33.5,0,33.5,33.5,0]
["Tractors/Self Propelled Equipment",1,"acre",5.66,1,5.66,0,5.66]
["Pickup",1,"acre",4.16,0,4.16,4.16,0]
["Management",1,"acre",0,0,0,0,0]
["Irrigation Investment",1,"acre",39.5,0,{"$f":"B59*D59","v":39.5},39.5,0]
["Land cash rent value",1,"acre",125,1,{"$f":"D60*B60","v":125},{"$f":"IF($H$6=\"Cash\",D60,F60*(1-E60))","v":0},{"$f":"IF($H$6=\"Cash\",0,F60*E60)","v":125}]
["Property Tax",1,"acre",0,1,{"$f":"B61*D61","v":0},0,0]
["Total Fixed Expenses",null,null,null,null,{"$f":"SUM(F53:F61)","v":214.7},{"$f":"SUM(G53:G61)","v":84.04},{"$f":"SUM(H53:H61)","v":130.66}]
["Total Specified Expenses",null,null,null,null,{"$f":"F49+F62","v":557.31358305304343},{"$f":"G49+G62","v":367.58616808048913},{"$f":"H49+H62","v":189.72741497255436}]
["Returns Above Total Specified Expenses",null,null,null,null,{"$f":"F12-F63","v":-161.31358305304343},{"$f":"G12-G63","v":-102.26616808048914},{"$f":"H12-H63","v":-59.04741497255435}]
[]
["Return on Investment",null,null,null,null,{"$f":"(F64/F63)","v":-0.28944850432200947},{"$f":"(G64/G63)","v":-0.2782100551131082},-0.3112223659458811]

{"sheet":"Irr Corn","index":5,"n_rows":64,"n_cols":8,"rows_kept":64,"cut":false,"hidden":false,"merged":[[1,0,1,7],[2,0,2,7],[3,0,3,7]]}
[]
[" Estimated Costs and Returns per Acre"]
["Irrigated Corn"]
["Projected for 2026"]
[null,null,null,null,null,null,null,"Rental Agreement"]
["Item ","Quantity","Unit","Price","Landlord","Total",null,"Share"]
[null,null,null,null,"Share",null,"Tenant","Landlord"]
["Income"]
["corn grain",225,"bu",{"$f":"'Universal Input Prices'!$B$6","v":5.05},0.33,{"$f":"D9*B9","v":1136.25},{"$f":"F9*(1-E9)","v":761.28749999999991},{"$f":"IF(H6=\"Cash\", D58,F9*E9)","v":374.96250000000003}]
["other income",1,"unit",0,0.33,{"$f":"D10*B10","v":0},{"$f":"F10*(1-E10)","v":0},{"$f":"IF(H7=\"Cash\", D59,F10*E10)","v":0}]
["other income",1,"unit",0,0.33,{"$f":"D11*B11","v":0},{"$f":"F11*(1-E11)","v":0},{"$f":"IF(H8=\"Cash\", D60,F11*E11)","v":0}]
["Total Income",null,null,null,null,{"$f":"SUM(F8:F11)","v":1136.25},{"$f":"SUM(G8:G11)","v":761.28749999999991},374.96250000000003]
[]
["Variable Costs"]
["Seed"]
["corn seed",0.38,"bags",320,0.33,{"$f":"D16*B16","v":121.6},{"$f":"F16*(1-E16)","v":81.471999999999994},{"$f":"F16*E16","v":40.128}]
["Fertilizer"]
["fert (N) - NH3 ",140,"lb",{"$f":"IF(A18=\"\",0,VLOOKUP(A18,'Universal Input Prices'!$A$26:$B$30, 2))","v":0.43292682926829268},0.33,{"$f":"D18*B18","v":60.609756097560975},{"$f":"F18*(1-E18)","v":40.608536585365847},{"$f":"F18*E18","v":20.001219512195124}]
["fert (P) - liquid",89.98,"lb",{"$f":"IF(A19=\"\",0,VLOOKUP(A19,'Universal Input Prices'!$A$26:$B$30, 2))","v":0.99264705882352944},0.33,{"$f":"D19*B19","v":89.318382352941185},{"$f":"F19*(1-E19)","v":59.843316176470587},{"$f":"F19*E19","v":29.475066176470591}]
["fert (N) - liquid",85,"lb",{"$f":"IF(A20=\"\",0,VLOOKUP(A20,'Universal Input Prices'!$A$26:$B$27, 2))","v":0.7109375},0.33,{"$f":"D20*B20","v":60.4296875},{"$f":"F20*(1-E20)","v":40.487890624999999},{"$f":"F20*E20","v":19.941796875000001}]
["Field Operations"]
["herbicide preplant",1,"acre",45.2,0.33,{"$f":"D22*B22","v":45.2},{"$f":"F22*(1-E22)","v":30.283999999999999},{"$f":"F22*E22","v":14.916000000000002}]
["fertilizer application",1,"acre",18.5,0.33,18.5,12.395,6.1050000000000004]
["insecticide & application",1,"acre",44,0.33,44,29.479999999999997,14.520000000000001]
["custom harvest & haul",{"$f":"$B$9","v":225},"bu",0.5,0.33,112.5,75.374999999999986,37.125]
["crop consultant",1,"acre",12,0,12,12,0]
["scouting",1,"acre",0,0,{"$f":"D27*B27","v":0},{"$f":"F27*(1-E27)","v":0},{"$f":"F27*E27","v":0}]
["herbicide postplant",1,"acre",50,0,50,50,0]
["other ",1,"acre",0,0,0,0,0]
["other ",1,"acre",0,0,0,0,0]
["Crop Insurance",1,"acre",50,0.33,50,33.5,16.5]
["Operator Labor & Hand Labor",0.7,"hour",{"$f":"'Universal Input Prices'!$B$31","v":18.54},0,12.977999999999998,12.977999999999998,0]
["Irrigation Labor",1.3540000000000001,"hours",{"$f":"'Universal Input Prices'!$B$31","v":18.54},0,25.103159999999999,25.103159999999999,0]
["Diesel Fuel - Tractors",2.0299999999999998,"gallons",{"$f":"'Universal Input Prices'!$B$32","v":2.65},0,5.3794999999999993,5.3794999999999993,0]
["Gasoline - Pickup",3.07,"gallons",{"$f":"'Universal Input Prices'!$B$33","v":2.25},0,6.9074999999999998,6.9074999999999998,0]
["Irrigation Fuel",22,"acin",{"$f":"'Universal Input Prices'!$B$34","v":5},0.33,110,73.699999999999989,36.300000000000004]
["Pumping Days",69.14]
["Calculated GPM capacity per acre needed",{"$f":"B36*18.85694/B37","v":6.0001833960080999}]
["Repair & Maintenance"]
["Implements",1,"acre",5.29,0,{"$f":"D40*B40","v":5.29},5.29,0]
["Tractors",1,"acre",0,0,{"$f":"D41*B41","v":0},0,0]
["Irrigation-Above Ground",{"$f":"Corn_Inches","v":22},"acin",3.75,0,{"$f":"D42*B42","v":82.5},82.5,0]
["Tractors/Self Propelled Equipment",1,"acre",4.08,1,{"$f":"D43*B43","v":4.08},0,4.08]
["Pickup",1,"acre",3.76,0,{"$f":"D44*B44","v":3.76},3.76,0]
["Interest-operating capital",{"$f":"'Universal Input Prices'!$B$35","v":8.4000000000000005E-2},null,null,null,{"$f":"(SUM(F16:F24,F26:F44))*$B45/2.5","v":27.137241127936875},{"$f":"(SUM(G16:G24,G26:G44))*$B45/2","v":25.438933942247136},{"$f":"(SUM(H16:H24,H26:H44))*$B45/2","v":8.4826174676739612}]
[]
["Total Variable Costs",null,null,null,null,{"$f":"SUM(F16:F45)","v":947.29322707843903},{"$f":"SUM(G16:G45)","v":706.5028373290836},{"$f":"SUM(H16:H45)","v":247.57470003133972}]
["Returns Above Variable Costs",null,null,null,null,{"$f":"F12-F47","v":188.95677292156097},{"$f":"G12-G47","v":54.784662670916305},{"$f":"H12-H47","v":127.38779996866032}]
[]
["Fixed Costs"]
["Implements",1,"acre",8.99,0,{"$f":"D51*B51","v":8.99},{"$f":"F51*(1-E51)","v":8.99},{"$f":"F51*E51","v":0}]
["Tractors",1,"acre",0,0,0,0,0]
["Irrigation Equipment",1,"acre",47.34,0,47.34,47.34,0]
["Tractors/Self Propelled Equipment",1,"acre",6.9,1,6.9,0,6.9]
["Pickup",1,"acre",6.24,0,6.24,6.24,0]
["Management",1,"acre",0,0,0,0,0]
["Irrigation Investment",1,"acre",48.02,0,48.02,48.02,0]
["Land cash rent value",1,"acre",200,1,200,{"$f":"IF($H$6=\"Cash\",D58,F58*(1-E58))","v":0},{"$f":"IF($H$6=\"Cash\",0,F58*E58)","v":200}]
["Property Tax",1,"acre",0,1,0,0,0]
["Total Fixed Expenses",null,null,null,null,{"$f":"SUM(F51:F59)","v":317.49},{"$f":"SUM(G51:G59)","v":110.59},{"$f":"SUM(H51:H59)","v":206.9}]
["Total Specified Expenses",null,null,null,null,{"$f":"F47+F60","v":1264.783227078439},{"$f":"G47+G60","v":817.09283732908364},{"$f":"H47+H60","v":454.47470003133969}]
["Returns Above Total Specified Expenses",null,null,null,null,{"$f":"F12-F61","v":-128.53322707843904},{"$f":"G12-G61","v":-55.805337329083727},{"$f":"H12-H61","v":-79.51220003133966}]
[]
["Return on Investment",null,null,null,null,{"$f":"(F62/F61)","v":-0.10162470874581553},{"$f":"(G62/G61)","v":-6.8297425677479248E-2},-0.17495407340795133]

{"sheet":"Irr Corn Silage","index":6,"n_rows":64,"n_cols":8,"rows_kept":64,"cut":false,"hidden":false,"merged":[[1,0,1,7],[2,0,2,7],[3,0,3,7]]}
[]
[" Estimated Costs and Returns per Acre"]
["Irrigated Corn Silage"]
["Projected for 2026"]
[null,null,null,null,null,null,null,"Rental Agreement"]
["Item ","Quantity","Unit","Price","Landlord","Total",null,"Share"]
[null,null,null,null,"Share",null,"Tenant","Landlord"]
["Income"]
["corn silage",27,"ton",{"$f":"'Universal Input Prices'!$B$7","v":55},0.33,{"$f":"D9*B9","v":1485},{"$f":"F9*(1-E9)","v":994.94999999999993},{"$f":"IF(H6=\"Cash\", D58,F9*E9)","v":490.05}]
["other income",1,"unit",0,0.33,{"$f":"D10*B10","v":0},{"$f":"F10*(1-E10)","v":0},{"$f":"IF(H7=\"Cash\", D59,F10*E10)","v":0}]
["other income",1,"unit",0,0.33,{"$f":"D11*B11","v":0},{"$f":"F11*(1-E11)","v":0},{"$f":"IF(H8=\"Cash\", D60,F11*E11)","v":0}]
["Total Income",null,null,null,null,{"$f":"SUM(F8:F11)","v":1485},{"$f":"SUM(G8:G11)","v":994.94999999999993},490.05]
[]
["Variable Costs"]
["Seed"]
["corn seed",0.44,"bags",300,0,{"$f":"D16*B16","v":132},{"$f":"F16*(1-E16)","v":132},{"$f":"F16*E16","v":0}]
["Fertilizer"]
["fert (N) - NH3 ",160.05000000000001,"lb",{"$f":"IF(A18=\"\",0,VLOOKUP(A18,'Universal Input Prices'!$A$26:$B$30, 2))","v":0.43292682926829268},0.33,{"$f":"D18*B18","v":69.28993902439025},{"$f":"F18*(1-E18)","v":46.424259146341463},{"$f":"F18*E18","v":22.865679878048784}]
["fert (P) - liquid",90,"lb",{"$f":"IF(A19=\"\",0,VLOOKUP(A19,'Universal Input Prices'!$A$26:$B$30, 2))","v":0.99264705882352944},0.33,{"$f":"D19*B19","v":89.338235294117652},{"$f":"F19*(1-E19)","v":59.856617647058819},{"$f":"F19*E19","v":29.481617647058826}]
["fert (N) - liquid",95,"lb",{"$f":"IF(A20=\"\",0,VLOOKUP(A20,'Universal Input Prices'!$A$26:$B$27, 2))","v":0.7109375},0.33,{"$f":"D20*B20","v":67.5390625},{"$f":"F20*(1-E20)","v":45.251171874999997},{"$f":"F20*E20","v":22.287890624999999}]
["Field Operations"]
["herbicide preplant",1,"acre",45.2,0.33,{"$f":"D22*B22","v":45.2},{"$f":"F22*(1-E22)","v":30.283999999999999},{"$f":"F22*E22","v":14.916000000000002}]
["fertilizer application",1,"acre",18.5,0.33,18.5,12.395,6.1050000000000004]
["insecticide & application",1,"appl",44,0.33,44,29.479999999999997,14.520000000000001]
["custom harvest & haul",{"$f":"$B$9","v":27},"ton",12.5,0,337.5,337.5,0]
["crop consultant",1,"acre",0,0,0,0,0]
["scouting",1,"acre",0,0,{"$f":"D27*B27","v":0},{"$f":"F27*(1-E27)","v":0},{"$f":"F27*E27","v":0}]
["herbicide postplant",1,"acre",50,0,50,50,0]
["other ",1,"acre",0,0,0,0,0]
["other ",1,"acre",0,0,0,0,0]
["Crop Insurance",1,"acre",45,0.33,45,30.15,14.850000000000001]
["Operator Labor & Hand Labor",0.77,"hour",{"$f":"'Universal Input Prices'!$B$31","v":18.54},0,14.2758,14.2758,0]
["Irrigation Labor",1.294,"hours",{"$f":"'Universal Input Prices'!$B$31","v":18.54},0,23.990759999999998,23.990759999999998,0]
["Diesel Fuel - Tractors",2.21,"gallons",{"$f":"'Universal Input Prices'!$B$32","v":2.65},0,5.8564999999999996,5.8564999999999996,0]
["Gasoline - Pickup",3.07,"gallons",{"$f":"'Universal Input Prices'!$B$33","v":2.25},0,6.9074999999999998,6.9074999999999998,0]
["Irrigation Fuel",20,"acin",{"$f":"'Universal Input Prices'!$B$34","v":5},0.33,100,67,33]
["Pumping Days",62.86]
["Calculated GPM capacity per acre needed",{"$f":"B36*18.85694/B37","v":5.9996627426026103}]
["Repair & Maintenance",null,null,null,null,null,0,0]
["Implements",1,"acre",7.28,0,{"$f":"D40*B40","v":7.28},7.28,0]
["Tractors",1,"acre",0,0,{"$f":"D41*B41","v":0},0,0]
["Irrigation-Above Ground",{"$f":"B36","v":20},"acin",3.75,0,{"$f":"D42*B42","v":75},75,0]
["Tractors/Self Propelled Equipment",1,"acre",4.38,1,{"$f":"D43*B43","v":4.38},0,4.38]
["Pickup",1,"acre",3.76,0,{"$f":"D44*B44","v":3.76},3.76,0]
["Interest-operating capital",{"$f":"'Universal Input Prices'!$B$35","v":8.4000000000000005E-2},null,null,null,{"$f":"(SUM(F16:F24,F26:F44))*$B45/2","v":33.697347466377337},{"$f":"(SUM(G16:G24,G26:G44))*$B45/2","v":26.876287564072815},{"$f":"(SUM(H16:H24,H26:H44))*$B45/2","v":6.8210599023045191}]
[]
["Total Variable Costs",null,null,null,null,{"$f":"SUM(F16:F45)","v":1173.5151442848855},{"$f":"SUM(G16:G45)","v":1004.2878962324731},{"$f":"SUM(H16:H45)","v":169.22724805241211}]
["Returns Above Variable Costs",null,null,null,null,{"$f":"F12-F47","v":311.48485571511446},{"$f":"G12-G47","v":-9.3378962324732129},{"$f":"H12-H47","v":320.8227519475879}]
[]
["Fixed Costs"]
["Implements",1,"acre",12.03,0,{"$f":"D51*B51","v":12.03},{"$f":"F51*(1-E51)","v":12.03},{"$f":"F51*E51","v":0}]
["Tractors",1,"acre",0,0,0,0,0]
["Irrigation Equipment",1,"acre",47.34,0,47.34,47.34,0]
["Tractors/Self Propelled Equipment",1,"acre",7.43,1,7.43,0,7.43]
["Pickup",1,"acre",6.24,0,6.24,6.24,0]
["Management",1,"acre",0,0,0,0,0]
["Irrigation Investment",1,"acre",48.02,0,48.02,48.02,0]
["Land cash rent value",1,"acre",200,1,200,{"$f":"IF($H$6=\"Cash\",D58,F58*(1-E58))","v":0},{"$f":"IF($H$6=\"Cash\",0,F58*E58)","v":200}]
["Property Tax",1,"acre",0,1,0,0,0]
["Total Fixed Expenses",null,null,null,null,{"$f":"SUM(F51:F59)","v":321.06},{"$f":"SUM(G51:G59)","v":113.63},{"$f":"SUM(H51:H59)","v":207.43}]
["Total Specified Expenses",null,null,null,null,{"$f":"F47+F60","v":1494.5751442848855},{"$f":"G47+G60","v":1117.9178962324731},{"$f":"H47+H60","v":376.65724805241211}]
["Returns Above Total Specified Expenses",null,null,null,null,{"$f":"F12-F61","v":-9.5751442848854822},{"$f":"G12-G61","v":-122.96789623247321},{"$f":"H12-H61","v":113.3927519475879}]
[]
["Return on Investment",null,null,null,null,{"$f":"(F62/F61)","v":-6.4065994416539918E-3},{"$f":"(G62/G61)","v":-0.10999725171847666},0.30105023209804055]

{"sheet":"Irr Cotton","index":7,"n_rows":70,"n_cols":8,"rows_kept":70,"cut":false,"hidden":false,"merged":[[1,0,1,7],[2,0,2,7],[3,0,3,7]]}
[]
[" Estimated Costs and Returns per Acre"]
["Irrigated Cotton"]
["Projected for 2026"]
[null,null,null,null,null,null,null,"Rental Agreement"]
["Item ","Quantity","Unit","Price","Landlord","Total",null,"Share"]
[null,null,null,null,"Share",null,"Tenant","Landlord"]
["Income"]
["cotton lint",1250,"lb",{"$f":"'Universal Input Prices'!$B$8","v":0.7},0,{"$f":"D9*B9","v":875},{"$f":"F9*(1-E9)","v":875},{"$f":"IF(H6=\"Cash\", D64,F9*E9)","v":0}]
["cotton seed",{"$f":"B9/500*'Universal Input Prices'!B39/2000","v":0.9375},"tons",{"$f":"'Universal Input Prices'!$B$9","v":235},0.33,{"$f":"D10*B10","v":220.3125},{"$f":"F10*(1-E10)","v":147.60937499999997},{"$f":"IF(H6=\"Cash\", 0,F10*E10)","v":72.703125}]
["Expected Turnout",0.27300000000000002]
["other income",1,"unit",0,0.33,{"$f":"D12*B12","v":0},{"$f":"F12*(1-E12)","v":0},{"$f":"IF(H9=\"Cash\", D61,F12*E12)","v":0}]
["other income",1,"unit",0,0.33,{"$f":"D13*B13","v":0},{"$f":"F13*(1-E13)","v":0},{"$f":"IF(H10=\"Cash\", D62,F13*E13)","v":0}]
["Total Income",null,null,null,null,{"$f":"SUM(F8:F13)","v":1095.3125},{"$f":"SUM(G8:G13)","v":1022.609375},{"$f":"SUM(H8:H13)","v":72.703125}]
[]
["Variable Costs"]
["Seed"]
["cotton seed",0.26,"bags",375,0,{"$f":"D18*B18","v":97.5},{"$f":"F18*(1-E18)","v":97.5},{"$f":"+F18*E18","v":0}]
["Boll Weevil  Assess.-Irr",1,"acre",9,0.33,{"$f":"D19*B19","v":9},{"$f":"F19*(1-E19)","v":6.0299999999999994},{"$f":"+F19*E19","v":2.97}]
["Fertilizer"]
["fert (P) - dry",65.02,"lb",{"$f":"IF(A21=\"\",0,VLOOKUP(A21,'Universal Input Prices'!$A$26:$B$30, 2))","v":0.86057692307692313},0.33,{"$f":"D21*B21","v":55.954711538461538},{"$f":"F21*(1-E21)","v":37.489656730769227},{"$f":"+F21*E21","v":18.465054807692308}]
["fert (N) - dry",120,"lb",{"$f":"IF(A22=\"\",0,VLOOKUP(A22,'Universal Input Prices'!$A$26:$B$30, 2))","v":0.49456521739130432},0.33,{"$f":"D22*B22","v":59.347826086956516},{"$f":"F22*(1-E22)","v":39.763043478260862},{"$f":"+F22*E22","v":19.584782608695651}]
[null,0,"lb",{"$f":"IF(A23=\"\",0,VLOOKUP(A23,'Universal Input Prices'!$A$26:$B$30, 2))","v":0},0,{"$f":"D23*B23","v":0},{"$f":"F23*(1-E23)","v":0},{"$f":"F23*E23","v":0}]
["Field Operations"]
["preplant herbicide & application",1,"acre",60.72,0.33,{"$f":"D25*B25","v":60.72},{"$f":"F25*(1-E25)","v":40.682399999999994},{"$f":"+F25*E25","v":20.037600000000001}]
["post emergence herbicide & application",1,"acre",49.44,0.33,{"$f":"D26*B26","v":49.44},33.124799999999993,16.315200000000001]
["fertilizer application",1,"acre",8.25,0.33,8.25,5.5274999999999999,2.7225000000000001]
["insecticide & application",1,"acre",15.88,0.33,15.88,10.6396,5.2404000000000002]
["harvest aids",1,"acre",35.5,0.33,35.5,23.784999999999997,11.715]
["strip & module",{"$f":"B9/100","v":12.5},"cwt.",{"$f":"'Universal Input Prices'!$B$37","v":12},0,150,150,0]
["ginning",{"$f":"B9/B11/100","v":45.787545787545788},"cwt.",{"$f":"'Universal Input Prices'!$B$38","v":3.25},0.33,148.80952380952382,99.702380952380949,49.107142857142861]
["hoeing",1,"acre",0,0,0,0,0]
["scouting",1,"acre",12,0,{"$f":"D33*B33","v":12},{"$f":"F33*(1-E33)","v":12},{"$f":"+F33*E33","v":0}]
["other ",1,"acre",0,0,0,0,0]
["other ",1,"acre",0,0,0,0,0]
["other ",1,"acre",0,0,0,0,0]
["Crop Insurance",1,"acre",68,0.33,68,45.559999999999995,22.44]
["Operator Labor & Hand Labor",0.77,"hours",{"$f":"'Universal Input Prices'!$B$31","v":18.54},0,14.2758,14.2758,0]
["Irrigation Labor",0.78,"hours",{"$f":"'Universal Input Prices'!$B$31","v":18.54},0,14.4612,14.4612,0]
["Diesel Fuel - Tractors",1.97,"gallons",{"$f":"'Universal Input Prices'!$B$32","v":2.65},0,5.2204999999999995,5.2204999999999995,0]
["Gasoline - Pickup",3.4820000000000002,"gallons",{"$f":"'Universal Input Prices'!$B$33","v":2.25},0,7.8345000000000002,7.8345000000000002,0]
["Irrigation Fuel",12,"acin",{"$f":"'Universal Input Prices'!$B$34","v":5},0.33,60,40.199999999999996,19.8]
["Pumping Days",75.430000000000007]
["Calculated GPM capacity per acre needed",{"$f":"B42*18.85694/B43","v":2.9999109107782052}]
["Repair & Maintenance"]
["Implements",1,"acre",3.72,0,{"$f":"D46*B46","v":3.72},{"$f":"F46*(1-E46)","v":3.72},{"$f":"+F46*E46","v":0}]
["Tractors",1,"acre",0,0,{"$f":"D47*B47","v":0},{"$f":"F47*(1-E47)","v":0},{"$f":"+F47*E47","v":0}]
["Irrigation-Above Ground",{"$f":"Cotton_Inches","v":12},"acin",3.75,0,{"$f":"D48*B48","v":45},{"$f":"F48*(1-E48)","v":45},{"$f":"+F48*E48","v":0}]
["Tractors/Self Propelled Equipment",1,"acre",3.64,1,{"$f":"D49*B49","v":3.64},{"$f":"F49*(1-E49)","v":0},{"$f":"+F49*E49","v":3.64}]
["Pickup",1,"acre",4.26,0,{"$f":"D50*B50","v":4.26},{"$f":"F50*(1-E50)","v":4.26},{"$f":"+F50*E50","v":0}]
["Interest-operating capital",{"$f":"'Universal Input Prices'!$B$35","v":8.4000000000000005E-2},null,null,null,{"$f":"(SUM(F18:F28,F32:F50))*$B51/2","v":24.969190580267558},{"$f":"(SUM(G18:G28,G32:G50))*$B51/2","v":19.458138008779265},{"$f":"(SUM(H18:H28,H32:H50))*$B51/2","v":5.5110525714882943}]
[]
["Total Variable Costs",null,null,null,null,{"$f":"SUM(F18:F51)","v":953.78325201520954},{"$f":"SUM(G18:G51)","v":756.23451917019031},{"$f":"SUM(H18:H51)","v":197.54873284501912}]
["Returns Above Variable Costs",null,null,null,null,{"$f":"F14-F53","v":141.52924798479046},{"$f":"G14-G53","v":266.37485582980969},{"$f":"H14-H53","v":-124.84560784501912}]
[]
["Fixed Costs"]
["Implements",1,"acre",6.08,0,{"$f":"D57*B57","v":6.08},{"$f":"F57*(1-E57)","v":6.08},{"$f":"+F57*E57","v":0}]
["Tractors",1,"acre",0,0,0,0,0]
["Irrigation Equipment",1,"acre",33.5,0,33.5,33.5,0]
["Tractors/Self Propelled Equipment",1,"acre",5.78,1,5.78,0,5.78]
["Pickup",1,"acre",7.08,0,7.08,7.08,0]
["Management",1,"acre",0,0,{"$f":"D62*B62","v":0},0,0]
["Irrigation Investment",1,"acre",39.5,0,{"$f":"D63*B63","v":39.5},39.5,0]
["Land cash rent value",1,"acre",125,1,125,{"$f":"IF($H$6=\"Cash\",D64,F64*(1-E64))","v":0},{"$f":"IF($H$6=\"Cash\",0,F64*E64)","v":125}]
["Property Tax",1,"acre",0,1,{"$f":"B65*D65","v":0},0,0]
["Total Fixed Expenses",null,null,null,null,{"$f":"SUM(F57:F65)","v":216.94},{"$f":"SUM(G57:G65)","v":86.16},{"$f":"SUM(H57:H65)","v":130.78}]
["Total Specified Expenses",null,null,null,null,{"$f":"F53+F66","v":1170.7232520152095},{"$f":"G53+G66","v":842.39451917019028},{"$f":"H53+H66","v":328.32873284501909}]
["Returns Above Total Specified Expenses",null,null,null,null,{"$f":"F14-F67","v":-75.410752015209482},{"$f":"G14-G67","v":180.21485582980972},{"$f":"H14-H67","v":-255.62560784501909}]
[]
["Return on Investment",null,null,null,null,{"$f":"(F68/F67)","v":-6.4413815891503093E-2},{"$f":"(G68/G67)","v":0.21393165758881277},-0.77856605978399696]

{"sheet":"Irr Peanuts","index":8,"n_rows":68,"n_cols":8,"rows_kept":68,"cut":false,"hidden":false,"merged":[[1,0,1,7],[2,0,2,7],[3,0,3,7]]}
[]
[" Estimated Costs and Returns per Acre"]
["Irrigated Peanuts"]
["Projected for 2026"]
[null,null,null,null,null,null,null,"Rental Agreement"]
["Item ","Quantity","Unit","Price","Landlord","Total",null,"Share"]
[null,null,null,null,"Share",null,"Tenant","Landlord"]
["Income"]
["peanuts",2.25,"ton",{"$f":"'Universal Input Prices'!$B$10","v":500},0.33,{"$f":"D9*B9","v":1125},{"$f":"F9*(1-E9)","v":753.74999999999989},{"$f":"IF(H6=\"Cash\", D62,F9*E9)","v":371.25}]
["other income",1,"unit",0,0.33,{"$f":"D10*B10","v":0},{"$f":"F10*(1-E10)","v":0},{"$f":"IF(H7=\"Cash\", D59,F10*E10)","v":0}]
["other income",1,"unit",0,0.33,{"$f":"D11*B11","v":0},{"$f":"F11*(1-E11)","v":0},{"$f":"IF(H8=\"Cash\", D60,F11*E11)","v":0}]
["Total Income",null,null,null,null,{"$f":"SUM(F8:F11)","v":1125},{"$f":"SUM(G8:G11)","v":753.74999999999989},371.25]
[]
["Variable Costs"]
["Seed"]
["peanut seed",100,"lb",0.95,0,{"$f":"D16*B16","v":95},{"$f":"F16*(1-E16)","v":95},{"$f":"F16*E16","v":0}]
["innoculant",1,"acre",6.8,0,{"$f":"D17*B17","v":6.8},{"$f":"F17*(1-E17)","v":6.8},{"$f":"F17*E17","v":0}]
["Fertilizer"]
["fert (P) - dry",50,"lb",{"$f":"IF(A19=\"\",0,VLOOKUP(A19,'Universal Input Prices'!$A$26:$B$30, 2))","v":0.86057692307692313},0.33,{"$f":"D19*B19","v":43.028846153846153},{"$f":"F19*(1-E19)","v":28.82932692307692},{"$f":"F19*E19","v":14.199519230769232}]
["fert (N) - dry",80,"lb",{"$f":"IF(A20=\"\",0,VLOOKUP(A20,'Universal Input Prices'!$A$26:$B$27, 2))","v":0.49456521739130432},0.33,{"$f":"D20*B20","v":39.565217391304344},{"$f":"F20*(1-E20)","v":26.508695652173909},{"$f":"F20*E20","v":13.056521739130433}]
[null,0,"lb",{"$f":"IF(A21=\"\",0,VLOOKUP(A21,'Universal Input Prices'!$A$26:$B$30, 2))","v":0},0,{"$f":"D21*B21","v":0},{"$f":"F21*(1-E21)","v":0},{"$f":"F21*E21","v":0}]
["Field Operations"]
["herbicide & application",1,"acre",49,0.33,{"$f":"D23*B23","v":49},{"$f":"F23*(1-E23)","v":32.83},{"$f":"F23*E23","v":16.170000000000002}]
["fertilizer application",1,"acre",8.25,0.33,8.25,5.5274999999999999,2.7225000000000001]
["fungicide & application",3,"appl",26,0.33,78,52.259999999999991,25.740000000000002]
["digging",1,"acre",30,0.33,30,20.099999999999998,9.9]
["custom harvest & haul",{"$f":"$B$9","v":2.25},"ton",60,0,135,135,0]
["drying",{"$f":"$B$9","v":2.25},"ton",20,0,45,45,0]
["insecticide & application",1,"appl",15.88,0.33,15.88,10.6396,5.2404000000000002]
["hoeing",1,"acre",28.5,0,28.5,28.5,0]
["scouting",1,"acre",0,0,0,0,0]
["other ",1,"acre",0,0,0,0,{"$f":"+F32*E32","v":0}]
["other ",1,"acre",0,0,0,0,{"$f":"+F33*E33","v":0}]
["other ",1,"acre",0,0,0,0,{"$f":"+F34*E34","v":0}]
["Crop Insurance",1,"acre",65,0.33,65,43.55,21.45]
["Operator Labor & Hand Labor",1.1200000000000001,"hour",{"$f":"'Universal Input Prices'!$B$31","v":18.54},0,20.764800000000001,20.764800000000001,0]
["Irrigation Labor",1.3540000000000001,"hours",{"$f":"'Universal Input Prices'!$B$31","v":18.54},0,25.103159999999999,25.103159999999999,0]
["Diesel Fuel - Tractors",2.99,"gallons",{"$f":"'Universal Input Prices'!$B$32","v":2.65},0,7.9235000000000007,7.9235000000000007,0]
["Gasoline - Pickup",2.0492307689999998,"gallons",{"$f":"'Universal Input Prices'!$B$33","v":2.25},0,4.6107692302499999,4.6107692302499999,0]
["Irrigation Fuel",21,"acin",{"$f":"'Universal Input Prices'!$B$34","v":5},0.33,105,70.349999999999994,34.65]
["Pumping Days",79.2]
["Calculated GPM capacity per acre needed",{"$f":"B40*18.85694/B41","v":4.9999462121212117}]
["Repair & Maintenance",null,null,null,null,null,0,0]
["Implements",1,"acre",12.67,0,{"$f":"D44*B44","v":12.67},12.67,0]
["Tractors",1,"acre",0,0,{"$f":"D45*B45","v":0},0,0]
["Irrigation-Above Ground",{"$f":"B40","v":21},"acin",3.75,0,{"$f":"D46*B46","v":78.75},78.75,0]
["Tractors/Self Propelled Equipment",1,"acre",5.31,1,{"$f":"D47*B47","v":5.31},0,5.31]
["Pickup",1,"acre",2.5099999999999998,0,{"$f":"D48*B48","v":2.5099999999999998},2.5099999999999998,0]
["Interest-operating capital",{"$f":"'Universal Input Prices'!$B$35","v":8.4000000000000005E-2},null,null,null,{"$f":"(SUM(F16:F25,F29:F48))*$B49/2","v":29.049984296566819},{"$f":"(SUM(G16:G25,G29:G48))*$B49/2","v":23.231348775831037},{"$f":"(SUM(H16:H25,H29:H48))*$B49/2","v":5.8186355207357865}]
[]
["Total Variable Costs",null,null,null,null,{"$f":"SUM(F16:F49)","v":930.71627707196717},{"$f":"SUM(G16:G49)","v":776.45870058133175},{"$f":"SUM(H16:H49)","v":154.25757649063547}]
["Returns Above Variable Costs",null,null,null,null,{"$f":"F12-F51","v":194.28372292803283},{"$f":"G12-G51","v":-22.708700581331868},{"$f":"H12-H51","v":216.99242350936453}]
[]
["Fixed Costs"]
["Implements",1,"acre",20.02,0,{"$f":"D55*B55","v":20.02},{"$f":"F55*(1-E55)","v":20.02},{"$f":"F55*E55","v":0}]
["Tractors",1,"acre",0,0,0,0,0]
["Irrigation Equipment",1,"acre",47.34,0,47.34,47.34,0]
["Tractors/Self Propelled Equipment",1,"acre",8.9,1,8.9,0,8.9]
["Pickup",1,"acre",4.1500000000000004,0,4.1500000000000004,4.1500000000000004,0]
["Management",1,"acre",0,0,0,0,0]
["Irrigation Investment",1,"acre",48.02,0,{"$f":"B61*D61","v":48.02},48.02,0]
["Land cash rent value",1,"acre",125,1,{"$f":"D62*B62","v":125},{"$f":"IF($H$6=\"Cash\",D62,F62*(1-E62))","v":0},{"$f":"IF($H$6=\"Cash\",0,F62*E62)","v":125}]
["Property Tax",1,"acre",0,1,{"$f":"B63*D63","v":0},0,0]
["Total Fixed Expenses",null,null,null,null,{"$f":"SUM(F55:F63)","v":253.43},{"$f":"SUM(G55:G63)","v":119.53},{"$f":"SUM(H55:H63)","v":133.9}]
["Total Specified Expenses",null,null,null,null,{"$f":"F51+F64","v":1184.1462770719672},{"$f":"G51+G64","v":895.98870058133173},{"$f":"H51+H64","v":288.15757649063551}]
["Returns Above Total Specified Expenses",null,null,null,null,{"$f":"F12-F65","v":-59.146277071967233},{"$f":"G12-G65","v":-142.23870058133184},{"$f":"H12-H65","v":83.092423509364494}]
[]
["Return on Investment",null,null,null,null,{"$f":"(F66/F65)","v":-4.9948455032276878E-2},{"$f":"(G66/G65)","v":-0.15875055175254454},0.28835758726637128]

{"sheet":"Irr Sorghum","index":9,"n_rows":63,"n_cols":8,"rows_kept":63,"cut":false,"hidden":false,"merged":[[1,0,1,7],[2,0,2,7],[3,0,3,7]]}
[]
[" Estimated Costs and Returns per Acre"]
["Irrigated Sorghum"]
["Projected for 2026"]
[null,null,null,null,null,null,null,"Rental Agreement"]
["Item ","Quantity","Unit","Price","Landlord","Total",null,"Share"]
[null,null,null,null,"Share",null,"Tenant","Landlord"]
["Income"]
["sorghum grain",62,"cwt",{"$f":"'Universal Input Prices'!$B$11","v":7},0.33,{"$f":"D9*B9","v":434},{"$f":"F9*(1-E9)","v":290.77999999999997},{"$f":"IF(H6=\"Cash\", D57,F9*E9)","v":143.22}]
["other income",1,"unit",0,0.33,{"$f":"D10*B10","v":0},{"$f":"F10*(1-E10)","v":0},{"$f":"IF(H7=\"Cash\", D59,F10*E10)","v":0}]
["other income",1,"unit",0,0.33,{"$f":"D11*B11","v":0},{"$f":"F11*(1-E11)","v":0},{"$f":"IF(H8=\"Cash\", D60,F11*E11)","v":0}]
["Total Income",null,null,null,null,{"$f":"SUM(F8:F11)","v":434},{"$f":"SUM(G8:G11)","v":290.77999999999997},{"$f":"SUM(H8:H11)","v":143.22}]
[]
["Variable Costs"]
["Seed",4,"lb",3.2,0,{"$f":"D15*B15","v":12.8},{"$f":"F15*(1-E15)","v":12.8},{"$f":"F15*E15","v":0}]
["Fertilizer"]
["fert (N) - NH3 ",60,"lb",{"$f":"IF(A17=\"\",0,VLOOKUP(A17,'Universal Input Prices'!$A$26:$B$30, 2))","v":0.43292682926829268},0.33,{"$f":"D17*B17","v":25.975609756097562},{"$f":"F17*(1-E17)","v":17.403658536585365},{"$f":"F17*E17","v":8.5719512195121954}]
["fert (P) - liquid",40.048999999999999,"lb",{"$f":"IF(A18=\"\",0,VLOOKUP(A18,'Universal Input Prices'!$A$26:$B$30, 2))","v":0.99264705882352944},0.33,{"$f":"D18*B18","v":39.754522058823532},{"$f":"F18*(1-E18)","v":26.635529779411765},{"$f":"F18*E18","v":13.118992279411767}]
["fert (N) - liquid",50.01,"lb",{"$f":"IF(A19=\"\",0,VLOOKUP(A19,'Universal Input Prices'!$A$26:$B$27, 2))","v":0.7109375},0.33,{"$f":"D19*B19","v":35.553984374999999},{"$f":"F19*(1-E19)","v":23.821169531249996},{"$f":"F19*E19","v":11.732814843750001}]
["Field Operations"]
["herbicide & application",1,"acre",58.3,0.33,{"$f":"D21*B21","v":58.3},{"$f":"F21*(1-E21)","v":39.060999999999993},{"$f":"F21*E21","v":19.239000000000001}]
["fertilizer application",1,"acre",18.5,0.33,18.5,12.395,6.1050000000000004]
["insecticide & application - headwrm",0.67,"acre",26.9,0.33,18.023,12.075409999999998,5.9475899999999999]
["custom harvest & haul",60,"cwt",1,0,60,60,0]
["hoeing",1,"acre",0,0,0,0,0]
["scouting",1,"acre",0,0,{"$f":"D26*B26","v":0},{"$f":"F26*(1-E26)","v":0},{"$f":"F26*E26","v":0}]
["insecticide sugar cane aphid",1,"acre",20.55,0.33,20.55,13.7685,6.7815000000000003]
["other ",1,"acre",0,0,0,0,0]
["other ",1,"acre",0,0,0,0,0]
["Crop Insurance",1,"acre",30,0.33,30,20.099999999999998,9.9]
["Operator Labor & Hand Labor",0.35,"hours",{"$f":"'Universal Input Prices'!$B$31","v":18.54},0,6.488999999999999,6.488999999999999,0]
["Irrigation Labor",0.91100000000000003,"hours",{"$f":"'Universal Input Prices'!$B$31","v":18.54},0,16.889939999999999,16.889939999999999,0]
["Diesel Fuel - Tractors",1.0900000000000001,"gallons",{"$f":"'Universal Input Prices'!$B$32","v":2.65},0,2.8885000000000001,2.8885000000000001,0]
["Gasoline - Pickup",2.0492308000000001,"gallons",{"$f":"'Universal Input Prices'!$B$33","v":2.25},0,4.6107693000000003,4.6107693000000003,0]
["Irrigation Fuel",10,"acin",{"$f":"'Universal Input Prices'!$B$34","v":5},0.33,50,33.5,16.5]
["Pumping Days",75.430000000000007]
["Calculated GPM capacity per acre needed",{"$f":"B35*18.85694/B36","v":2.4999257589818376}]
["Repair & Maintenance"]
["Implements",1,"acre",6.25,0,{"$f":"D39*B39","v":6.25},{"$f":"F39*(1-E39)","v":6.25},{"$f":"F39*E39","v":0}]
["Tractors",1,"acre",0,0,{"$f":"D40*B40","v":0},{"$f":"F40*(1-E40)","v":0},{"$f":"F40*E40","v":0}]
["Irrigation-Above Ground",{"$f":"Sorghum_Inches","v":10},"acin",3.75,0,{"$f":"D41*B41","v":37.5},{"$f":"F41*(1-E41)","v":37.5},{"$f":"F41*E41","v":0}]
["Tractors/Self Propelled Equipment",1,"acre",2.5499999999999998,1,{"$f":"D42*B42","v":2.5499999999999998},{"$f":"F42*(1-E42)","v":0},{"$f":"F42*E42","v":2.5499999999999998}]
["Pickup",1,"acre",2.5099999999999998,0,{"$f":"D43*B43","v":2.5099999999999998},{"$f":"F43*(1-E43)","v":2.5099999999999998},{"$f":"F43*E43","v":0}]
["Interest-operating capital",{"$f":"'Universal Input Prices'!$B$35","v":8.4000000000000005E-2},null,null,null,{"$f":"(SUM(F15:F23,F25:F43))*$B44/2","v":16.344103670576686},{"$f":"(SUM(G15:G23,G25:G43))*$B44/2","v":12.125336040184379},{"$f":"(SUM(H15:H23,H25:H43))*$B44/2","v":4.218767630392307}]
[]
["Total Variable Costs",null,null,null,null,{"$f":"SUM(F15:F44)","v":465.48942916049782},{"$f":"SUM(G15:G44)","v":360.82381318743154},{"$f":"SUM(H15:H44)","v":104.66561597306628}]
["Returns Above Variable Costs",null,null,null,null,{"$f":"F12-F46","v":-31.489429160497821},{"$f":"G12-G46","v":-70.043813187431567},{"$f":"H12-H46","v":38.554384026933718}]
[]
["Fixed Costs"]
["Implements",1,"acre",10.49,0,{"$f":"D50*B50","v":10.49},{"$f":"F50*(1-E50)","v":10.49},{"$f":"F50*E50","v":0}]
["Tractors",1,"acre",0,0,0,0,0]
["Irrigation Equipment",1,"acre",47.34,0,47.34,47.34,0]
["Tractors/Self Propelled Equipment",1,"acre",4.3,1,4.3,0,4.3]
["Pickup",1,"acre",4.16,0,4.16,4.16,0]
["Management",1,"acre",0,0,0,0,0]
["Irrigation Investment",1,"acre",48.02,0,{"$f":"B56*D56","v":48.02},48.02,0]
["Land cash rent value",1,"acre",125,1,{"$f":"D57*B57","v":125},{"$f":"IF($H$6=\"Cash\",D57,F57*(1-E57))","v":0},{"$f":"IF($H$6=\"Cash\",0,F57*E57)","v":125}]
["Property Tax",1,"acre",0,1,{"$f":"B58*D58","v":0},0,0]
["Total Fixed Expenses",null,null,null,null,{"$f":"SUM(F50:F58)","v":239.31},{"$f":"SUM(G50:G58)","v":110.01000000000002},{"$f":"SUM(H50:H58)","v":129.30000000000001}]
["Total Specified Expenses",null,null,null,null,{"$f":"F46+F59","v":704.79942916049777},{"$f":"G46+G59","v":470.83381318743159},{"$f":"H46+H59","v":233.96561597306629}]
["Returns Above Total Specified Expenses",null,null,null,null,{"$f":"F12-F60","v":-270.79942916049777},{"$f":"G12-G60","v":-180.05381318743162},{"$f":"H12-H60","v":-90.745615973066293}]
[]
["Return on Investment",null,null,null,null,{"$f":"(F61/F60)","v":-0.38422197572301242},{"$f":"(G61/G60)","v":-0.38241478870965245},-0.38785876974124595]

{"sheet":"Irr Sorghum Seed","index":10,"n_rows":63,"n_cols":8,"rows_kept":63,"cut":false,"hidden":false,"merged":[[1,0,1,7],[2,0,2,7],[3,0,3,7]]}
[]
[" Estimated Costs and Returns per Acre"]
["Irrigated Sorghum Seed"]
["Projected for 2026"]
[null,null,null,null,null,null,null,"Rental Agreement"]
["Item ","Quantity","Unit","Price","Landlord","Total",null,"Share"]
[null,null,null,null,"Share",null,"Tenant","Landlord"]
["Income"]
["seed sorghum",45,"cwt",{"$f":"'Universal Input Prices'!B12","v":22.5},0.33,{"$f":"D9*B9","v":1012.5},{"$f":"F9*(1-E9)","v":678.37499999999989},{"$f":"IF(H6=\"Cash\", D57,F9*E9)","v":334.125}]
["other income",1,"unit",0,0.33,{"$f":"D10*B10","v":0},{"$f":"F10*(1-E10)","v":0},{"$f":"IF(H7=\"Cash\", D59,F10*E10)","v":0}]
["other income",1,"unit",0,0.33,{"$f":"D11*B11","v":0},{"$f":"F11*(1-E11)","v":0},{"$f":"IF(H8=\"Cash\", D60,F11*E11)","v":0}]
["Total Income",null,null,null,null,{"$f":"SUM(F8:F11)","v":1012.5},{"$f":"SUM(G8:G11)","v":678.37499999999989},{"$f":"SUM(H8:H11)","v":334.125}]
[]
["Variable Costs"]
["Seed",0,"lb",3.2,0,{"$f":"D15*B15","v":0},{"$f":"F15*(1-E15)","v":0},{"$f":"F15*E15","v":0}]
["Fertilizer"]
["fert (N) - NH3 ",65,"lb",{"$f":"IF(A17=\"\",0,VLOOKUP(A17,'Universal Input Prices'!$A$26:$B$30, 2))","v":0.43292682926829268},0.33,{"$f":"D17*B17","v":28.140243902439025},{"$f":"F17*(1-E17)","v":18.853963414634144},{"$f":"F17*E17","v":9.2862804878048788}]
["fert (P) - liquid",50.16,"lb",{"$f":"IF(A18=\"\",0,VLOOKUP(A18,'Universal Input Prices'!$A$26:$B$30, 2))","v":0.99264705882352944},0.33,{"$f":"D18*B18","v":49.791176470588233},{"$f":"F18*(1-E18)","v":33.360088235294114},{"$f":"F18*E18","v":16.431088235294119}]
["fert (N) - liquid",59.99,"lb",{"$f":"IF(A19=\"\",0,VLOOKUP(A19,'Universal Input Prices'!$A$26:$B$30, 2))","v":0.7109375},0.33,{"$f":"D19*B19","v":42.649140625000001},{"$f":"F19*(1-E19)","v":28.574924218749999},{"$f":"F19*E19","v":14.074216406250001}]
["Field Operations"]
["herbicide & application",1,"acre",58.3,0.33,{"$f":"D21*B21","v":58.3},{"$f":"F21*(1-E21)","v":39.060999999999993},{"$f":"F21*E21","v":19.239000000000001}]
["fertilizer application",1,"acre",18.5,0.33,18.5,12.395,6.1050000000000004]
["insecticide & application-headwrm",0.67,"acre",26.9,0.33,18.023,12.075409999999998,5.9475899999999999]
["custom harvest & haul",{"$f":"B9","v":45},"cwt",1,0,45,45,0]
["hoeing",1,"acre",0,0,0,0,0]
["scouting",1,"acre",0,0,{"$f":"D26*B26","v":0},{"$f":"F26*(1-E26)","v":0},{"$f":"F26*E26","v":0}]
["insecticide sugar cane aphid",1,"acre",20.55,0.33,20.55,13.7685,6.7815000000000003]
["other ",1,"acre",0,0,0,0,0]
["other ",1,"acre",0,0,0,0,0]
["Crop Insurance",1,"acre",30,0.33,30,20.099999999999998,9.9]
["Operator Labor & Hand Labor",0.35,"hours",{"$f":"'Universal Input Prices'!$B$31","v":18.54},0,6.488999999999999,6.488999999999999,0]
["Irrigation Labor",1.0344,"hours",{"$f":"'Universal Input Prices'!$B$31","v":18.54},0,19.177775999999998,19.177775999999998,0]
["Diesel Fuel - Tractors",1.0900000000000001,"gallons",{"$f":"'Universal Input Prices'!$B$32","v":2.65},0,2.8885000000000001,2.8885000000000001,0]
["Gasoline - Pickup",2.0485000000000002,"gallons",{"$f":"'Universal Input Prices'!$B$33","v":2.25},0,4.6091250000000006,4.6091250000000006,0]
["Irrigation Fuel",16,"acin",{"$f":"'Universal Input Prices'!$B$34","v":5},0.33,80,53.599999999999994,26.400000000000002]
["Pumping Days",98.06]
["Calculated GPM capacity per acre needed",{"$f":"B35*18.85694/B36","v":3.0768003263308179}]
["Repair & Maintenance"]
["Implements",1,"acre",6.25,0,{"$f":"D39*B39","v":6.25},{"$f":"F39*(1-E39)","v":6.25},{"$f":"F39*E39","v":0}]
["Tractors",1,"acre",0,0,{"$f":"D40*B40","v":0},{"$f":"F40*(1-E40)","v":0},{"$f":"F40*E40","v":0}]
["Irrigation-Above Ground",{"$f":"Sorghum_Seed_Inches","v":16},"acin",3.75,0,{"$f":"D41*B41","v":60},{"$f":"F41*(1-E41)","v":60},{"$f":"F41*E41","v":0}]
["Tractors/Self Propelled Equipment",1,"acre",2.5499999999999998,1,{"$f":"D42*B42","v":2.5499999999999998},{"$f":"F42*(1-E42)","v":0},{"$f":"F42*E42","v":2.5499999999999998}]
["Pickup",1,"acre",2.5099999999999998,0,{"$f":"D43*B43","v":2.5099999999999998},{"$f":"F43*(1-E43)","v":2.5099999999999998},{"$f":"F43*E43","v":0}]
["Interest-operating capital",{"$f":"'Universal Input Prices'!$B$35","v":8.4000000000000005E-2},null,null,null,{"$f":"(SUM(F15:F23,F25:F43))*$B44/2","v":18.917974403917146},{"$f":"(SUM(G15:G23,G25:G43))*$B44/2","v":14.015958048484485},{"$f":"(SUM(H15:H23,H25:H43))*$B44/2","v":4.902016355432659}]
[]
["Total Variable Costs",null,null,null,null,{"$f":"SUM(F15:F44)","v":514.34593640194441},{"$f":"SUM(G15:G44)","v":392.7292449171627},{"$f":"SUM(H15:H44)","v":121.61669148478168}]
["Returns Above Variable Costs",null,null,null,null,{"$f":"F12-F46","v":498.15406359805559},{"$f":"G12-G46","v":285.64575508283718},{"$f":"H12-H46","v":212.50830851521832}]
[]
["Fixed Costs"]
["Implements",1,"acre",10.49,0,{"$f":"D50*B50","v":10.49},{"$f":"F50*(1-E50)","v":10.49},{"$f":"F50*E50","v":0}]
["Tractors",1,"acre",0,0,0,0,0]
["Irrigation Equipment",1,"acre",40.42,0,40.42,40.42,0]
["Tractors/Self Propelled Equipment",1,"acre",4.3,1,4.3,0,4.3]
["Pickup",1,"acre",4.16,0,4.16,4.16,0]
["Management",1,"acre",0,0,0,0,0]
["Irrigation Investment",1,"acre",43.76,0,{"$f":"B56*D56","v":43.76},43.76,0]
["Land cash rent value",1,"acre",125,1,{"$f":"D57*B57","v":125},{"$f":"IF($H$6=\"Cash\",D57,F57*(1-E57))","v":0},{"$f":"IF($H$6=\"Cash\",0,F57*E57)","v":125}]
["Property Tax",1,"acre",0,1,{"$f":"B58*D58","v":0},0,0]
["Total Fixed Expenses",null,null,null,null,{"$f":"SUM(F50:F58)","v":228.13},{"$f":"SUM(G50:G58)","v":98.830000000000013},{"$f":"SUM(H50:H58)","v":129.30000000000001}]
["Total Specified Expenses",null,null,null,null,{"$f":"F46+F59","v":742.47593640194441},{"$f":"G46+G59","v":491.55924491716269},{"$f":"H46+H59","v":250.91669148478169}]
["Returns Above Total Specified Expenses",null,null,null,null,{"$f":"F12-F60","v":270.02406359805559},{"$f":"G12-G60","v":186.8157550828372},{"$f":"H12-H60","v":83.208308515218306}]
[]
["Return on Investment",null,null,null,null,{"$f":"(F61/F60)","v":0.36368055900450924},{"$f":"(G61/G60)","v":0.38004728222397544},0.33161727114620815]

{"sheet":"Irr Sorghum Silage","index":11,"n_rows":63,"n_cols":8,"rows_kept":63,"cut":false,"hidden":false,"merged":[[1,0,1,7],[2,0,2,7],[3,0,3,7]]}
[]
[" Estimated Costs and Returns per Acre"]
["Irrigated Sorghum Silage"]
["Projected for 2026"]
[null,null,null,null,null,null,null,"Rental Agreement"]
["Item ","Quantity","Unit","Price","Landlord","Total",null,"Share"]
[null,null,null,null,"Share",null,"Tenant","Landlord"]
["Income"]
["sorghum silage",20,"ton",{"$f":"'Universal Input Prices'!$B$13","v":50},0.33,{"$f":"D9*B9","v":1000},{"$f":"F9*(1-E9)","v":669.99999999999989},{"$f":"IF(H6=\"Cash\", D57,F9*E9)","v":330}]
["other income",1,"unit",0,0.33,{"$f":"D10*B10","v":0},{"$f":"F10*(1-E10)","v":0},{"$f":"IF(H7=\"Cash\", D59,F10*E10)","v":0}]
["other income",1,"unit",0,0.33,{"$f":"D11*B11","v":0},{"$f":"F11*(1-E11)","v":0},{"$f":"IF(H8=\"Cash\", D60,F11*E11)","v":0}]
["Total Income",null,null,null,null,{"$f":"SUM(F6:F11)","v":1000},{"$f":"SUM(G7:G11)","v":669.99999999999989},{"$f":"SUM(H7:H11)","v":330}]
[]
["Variable Costs"]
["Seed",5,"lb",3.2,0,{"$f":"D15*B15","v":16},{"$f":"F15*(1-E15)","v":16},{"$f":"F15*E15","v":0}]
["Fertilizer"]
["fert (P) - dry",50,"lb",{"$f":"IF(A17=\"\",0,VLOOKUP(A17,'Universal Input Prices'!$A$26:$B$30, 2))","v":0.86057692307692313},0.33,{"$f":"D17*B17","v":43.028846153846153},{"$f":"F17*(1-E17)","v":28.82932692307692},{"$f":"F17*E17","v":14.199519230769232}]
["fert (N) - NH3 ",100.04,"lb",{"$f":"IF(A18=\"\",0,VLOOKUP(A18,'Universal Input Prices'!$A$26:$B$30, 2))","v":0.43292682926829268},0.33,{"$f":"D18*B18","v":43.31},{"$f":"F18*(1-E18)","v":29.017699999999998},{"$f":"F18*E18","v":14.292300000000001}]
["fert (N) - liquid",45,"lb",{"$f":"IF(A19=\"\",0,VLOOKUP(A19,'Universal Input Prices'!$A$26:$B$30, 2))","v":0.7109375},0,{"$f":"D19*B19","v":31.9921875},{"$f":"F19*(1-E19)","v":31.9921875},{"$f":"F19*E19","v":0}]
["Field Operations"]
["herbicide & application",1,"acre",58.3,0.33,{"$f":"D21*B21","v":58.3},{"$f":"F21*(1-E21)","v":39.060999999999993},{"$f":"F21*E21","v":19.239000000000001}]
["fertilizer application - NH3",1,"acre",18.5,0.33,18.5,12.395,6.1050000000000004]
["insecticide & application - headwrm",0.33,"acre",26.9,0.33,8.8770000000000007,5.9475899999999999,2.9294100000000003]
["custom harvest & haul",20,"ton",12.5,0,250,250,0]
["crop consultant",1,"acre",0,0,0,0,0]
["insecticide sugar cane aphid",1,"acre",20.55,0.33,{"$f":"D26*B26","v":20.55},{"$f":"F26*(1-E26)","v":13.7685},{"$f":"F26*E26","v":6.7815000000000003}]
["fertilizer application  ",1,"acre",8.25,0,8.25,8.25,0]
["other ",1,"acre",0,0,0,0,0]
["other ",1,"acre",0,0,0,0,0]
["Crop Insurance",1,"acre",26,0.33,26,17.419999999999998,8.58]
["Operator Labor & Hand Labor",0.5,"hour",{"$f":"'Universal Input Prices'!$B$31","v":18.54},0,9.27,9.27,0]
["Irrigation Labor",0.84440000000000004,"hours",{"$f":"'Universal Input Prices'!$B$31","v":18.54},0,15.655176000000001,15.655176000000001,0]
["Diesel Fuel - Tractors",1.41,"gallons",{"$f":"'Universal Input Prices'!$B$32","v":2.65},0,3.7364999999999995,3.7364999999999995,0]
["Gasoline - Pickup",3.0699900000000002,"gallons",{"$f":"'Universal Input Prices'!$B$33","v":2.25},0,6.9074775000000006,6.9074775000000006,0]
["Irrigation Fuel",14,"acin",{"$f":"'Universal Input Prices'!$B$34","v":5},0.33,70,46.899999999999991,23.1]
["Pumping Days",70.040000000000006]
["Calculated GPM capacity per acre needed",{"$f":"B35*18.85694/B36","v":3.7692341519131922}]
["Repair & Maintenance",null,null,null,null,null,0,0]
["Implements",1,"acre",6.92,0,{"$f":"D39*B39","v":6.92},6.92,0]
["Tractors",1,"acre",0,0,{"$f":"D40*B40","v":0},0,0]
["Irrigation-Above Ground",{"$f":"B35","v":14},"acin",3.75,0,{"$f":"D41*B41","v":52.5},52.5,0]
["Tractors/Self Propelled Equipment",1,"acre",2.68,1,{"$f":"D42*B42","v":2.68},0,2.68]
["Pickup",1,"acre",3.76,0,{"$f":"D43*B43","v":3.76},3.76,0]
["Interest-operating capital",{"$f":"'Universal Input Prices'!$B$35","v":8.4000000000000005E-2},null,null,null,{"$f":"(SUM(F15:F23,F25:F43))*$B44/2","v":18.74196186046154},{"$f":"(SUM(G15:G23,G25:G43))*$B44/2","v":14.629879232769232},4.1120826276923079]
[]
["Total Variable Costs",null,null,null,null,{"$f":"SUM(F15:F44)","v":714.97914901430761},{"$f":"SUM(G15:G44)","v":612.9603371558461},{"$f":"SUM(H15:H44)","v":102.01881185846153}]
["Returns Above Variable Costs",null,null,null,null,{"$f":"F12-F46","v":285.02085098569239},{"$f":"G12-G46","v":57.039662844153781},{"$f":"H12-H46","v":227.98118814153847}]
[]
["Fixed Costs"]
["Implements",1,"acre",11.22,0,{"$f":"D50*B50","v":11.22},{"$f":"F50*(1-E50)","v":11.22},{"$f":"F50*E50","v":0}]
["Tractors",1,"acre",0,0,0,0,0]
["Irrigation Equipment",1,"acre",36.270000000000003,0,36.270000000000003,36.270000000000003,0]
["Tractors/Self Propelled Equipment",1,"acre",4.5199999999999996,1,4.5199999999999996,0,4.5199999999999996]
["Pickup",1,"acre",6.24,0,6.24,6.24,0]
["Management",1,"acre",0,0,0,0,0]
["Irrigation Investment",1,"acre",41.21,0,{"$f":"B56*D56","v":41.21},41.21,0]
["Land cash rent value",1,"acre",125,1,{"$f":"D57*B57","v":125},{"$f":"IF($H$6=\"Cash\",D57,F57*(1-E57))","v":0},{"$f":"IF($H$6=\"Cash\",0,F57*E57)","v":125}]
["Property Tax",1,"acre",0,1,{"$f":"B58*D58","v":0},0,0]
["Total Fixed Expenses",null,null,null,null,{"$f":"SUM(F50:F58)","v":224.46},{"$f":"SUM(G50:G58)","v":94.94},{"$f":"SUM(H50:H58)","v":129.52000000000001}]
["Total Specified Expenses",null,null,null,null,{"$f":"F46+F59","v":939.43914901430765},{"$f":"G46+G59","v":707.90033715584605},{"$f":"H46+H59","v":231.53881185846154}]
["Returns Above Total Specified Expenses",null,null,null,null,{"$f":"F12-F60","v":60.560850985692355},{"$f":"G12-G60","v":-37.900337155846159},{"$f":"H12-H60","v":98.461188141538457}]
[]
["Return on Investment",null,null,null,null,{"$f":"(F61/F60)","v":6.44649002005451E-2},{"$f":"(G61/G60)","v":-5.3539086177186418E-2},0.42524701302228007]

{"sheet":"Irr Sorghum Sudangrass","index":12,"n_rows":63,"n_cols":8,"rows_kept":63,"cut":false,"hidden":false,"merged":[[1,0,1,7],[2,0,2,7],[3,0,3,7]]}
[]
[" Estimated Costs and Returns per Acre"]
["Irrigated Sorghum Sudangrass"]
["Projected for 2026"]
[null,null,null,null,null,null,null,"Rental Agreement"]
["Item ","Quantity","Unit","Price","Landlord","Total",null,"Share"]
[null,null,null,null,"Share",null,"Tenant","Landlord"]
["Income"]
["grazing",800,"lb",{"$f":"Grazing_Price","v":0.65},0.33,{"$f":"D9*B9","v":520},{"$f":"F9*(1-E9)","v":348.4},{"$f":"IF(H6=\"Cash\", 0,F9*E9)","v":171.6}]
["other income",1,"unit",0,0.33,{"$f":"D10*B10","v":0},{"$f":"F10*(1-E10)","v":0},{"$f":"IF(H7=\"Cash\", D59,F10*E10)","v":0}]
["other income",1,"unit",0,0.33,{"$f":"D11*B11","v":0},{"$f":"F11*(1-E11)","v":0},{"$f":"IF(H8=\"Cash\", D60,F11*E11)","v":0}]
["Total Income",null,null,null,null,{"$f":"SUM(F9:F11)","v":520},{"$f":"SUM(G9:G11)","v":348.4},{"$f":"SUM(H9:H11)","v":171.6}]
[]
["Variable Costs"]
["Seed",22,"bu",0.9,0,{"$f":"D15*B15","v":19.8},{"$f":"F15*(1-E15)","v":19.8},{"$f":"F15*E15","v":0}]
["Fertilizer"]
["fert (N) - NH3 ",150.05000000000001,"lb",{"$f":"IF(A17=\"\",0,VLOOKUP(A17,'Universal Input Prices'!$A$26:$B$30, 2))","v":0.43292682926829268},0.33,{"$f":"D17*B17","v":64.960670731707324},{"$f":"F17*(1-E17)","v":43.523649390243904},{"$f":"F17*E17","v":21.437021341463417}]
["fert (P) - liquid",50.16,"lb",{"$f":"IF(A18=\"\",0,VLOOKUP(A18,'Universal Input Prices'!$A$26:$B$30, 2))","v":0.99264705882352944},0.33,{"$f":"D18*B18","v":49.791176470588233},{"$f":"F18*(1-E18)","v":33.360088235294114},{"$f":"F18*E18","v":16.431088235294119}]
[null,0,"lb",{"$f":"IF(A19=\"\",0,VLOOKUP(A19,'Universal Input Prices'!$A$26:$B$30, 2))","v":0},0,{"$f":"D19*B19","v":0},{"$f":"F19*(1-E19)","v":0},{"$f":"F19*E19","v":0}]
["Field Operations"]
["herbicide & application",1,"acre",30.7,0.33,{"$f":"D21*B21","v":30.7},{"$f":"F21*(1-E21)","v":20.568999999999999},{"$f":"F21*E21","v":10.131}]
["fertilizer application",1,"acre",18.5,0.33,18.5,12.395,6.1050000000000004]
["insecticide & application",1,"acre",0,0.33,0,0,0]
["custom harvest & haul",0,"bu.",0,0.33,0,0,0]
["hoeing",0,"acre",0,0,0,0,0]
["scouting",1,"acre",0,0,{"$f":"D26*B26","v":0},{"$f":"F26*(1-E26)","v":0},{"$f":"F26*E26","v":0}]
["other ",1,"acre",0,0,0,0,0]
["other ",1,"acre",0,0,0,0,0]
["other ",1,"acre",0,0,0,0,0]
["Crop Insurance",1,"acre",25,0.33,25,16.75,8.25]
["Operator Labor & Hand Labor",0.54,"hours",{"$f":"'Universal Input Prices'!$B$31","v":18.54},0,10.0116,10.0116,0]
["Irrigation Labor",0.58399999999999996,"hours",{"$f":"'Universal Input Prices'!$B$31","v":18.54},0,10.827359999999999,10.827359999999999,0]
["Diesel Fuel - Tractors",1.53,"gallons",{"$f":"'Universal Input Prices'!$B$32","v":2.65},0,4.0545,4.0545,0]
["Gasoline - Pickup",2.0492300000000001,"gallons",{"$f":"'Universal Input Prices'!$B$33","v":2.25},0,4.6107675000000006,4.6107675000000006,0]
["Irrigation Fuel",9,"acin",{"$f":"'Universal Input Prices'!$B$34","v":5},0.33,45,30.15,14.850000000000001]
["Pumping Days",48.49]
["Calculated GPM capacity per acre needed",{"$f":"B35*18.85694/B36","v":3.4999476180655806}]
["Repair & Maintenance"]
["Implements",1,"acre",5.57,0,{"$f":"D39*B39","v":5.57},5.57,0]
["Tractors",1,"acre",0,0,{"$f":"D40*B40","v":0},0,0]
["Irrigation-Above Ground",{"$f":"B35","v":9},"acin",3.75,0,{"$f":"D41*B41","v":33.75},33.75,0]
["Tractors/Self Propelled Equipment",1,"acre",3.03,1,{"$f":"D42*B42","v":3.03},0,3.03]
["Pickup",1,"acre",2.5099999999999998,0,{"$f":"D43*B43","v":2.5099999999999998},2.5099999999999998,0]
["Interest-operating capital",{"$f":"'Universal Input Prices'!$B$35","v":8.4000000000000005E-2},null,null,null,{"$f":"(SUM(F15:F23,F25:F43))*$B44/2","v":13.780875137496412},{"$f":"(SUM(G15:G23,G25:G43))*$B44/2","v":10.411042535272596},3.3698326022238168]
[]
["Total Variable Costs",null,null,null,null,{"$f":"SUM(F15:F44)","v":341.89694983979194},{"$f":"SUM(G15:G44)","v":258.29300766081059},{"$f":"SUM(H15:H44)","v":83.603942178981356}]
["Returns Above Variable Costs",null,null,null,null,{"$f":"F12-F46","v":178.10305016020806},{"$f":"G12-G46","v":90.106992339189389},{"$f":"H12-H46","v":87.996057821018638}]
[]
["Fixed Costs"]
["Implements",1,"acre",9.42,0,{"$f":"D50*B50","v":9.42},{"$f":"F50*(1-E50)","v":9.42},{"$f":"F50*E50","v":0}]
["Tractors",1,"acre",0,0,0,0,0]
["Irrigation Equipment",1,"acre",30.74,0,30.74,30.74,0]
["Tractors/Self Propelled Equipment",1,"acre",5.0999999999999996,1,5.0999999999999996,0,5.0999999999999996]
["Pickup",1,"acre",4.16,0,4.16,4.16,0]
["Management",1,"acre",0,0,0,0,0]
["Irrigation Investment",1,"acre",37.799999999999997,0,{"$f":"B56*D56","v":37.799999999999997},37.799999999999997,0]
["Land cash rent value",1,"acre",125,1,{"$f":"D57*B57","v":125},{"$f":"IF($H$6=\"Cash\",D57,F57*(1-E57))","v":0},{"$f":"IF($H$6=\"Cash\",0,F57*E57)","v":125}]
["Property Tax",1,"acre",0,1,{"$f":"B58*D58","v":0},0,0]
["Total Fixed Expenses",null,null,null,null,{"$f":"SUM(F50:F58)","v":212.22},{"$f":"SUM(G50:G58)","v":82.11999999999999},{"$f":"SUM(H50:H58)","v":130.1}]
["Total Specified Expenses",null,null,null,null,{"$f":"F46+F59","v":554.11694983979191},{"$f":"G46+G59","v":340.41300766081059},{"$f":"H46+H59","v":213.70394217898135}]
["Returns Above Total Specified Expenses",null,null,null,null,{"$f":"F12-F60","v":-34.116949839791914},{"$f":"G12-G60","v":7.9869923391893849},{"$f":"H12-H60","v":-42.103942178981356}]
[]
["Return on Investment",null,null,null,null,{"$f":"(F61/F60)","v":-6.1569944484924921E-2},{"$f":"(G61/G60)","v":2.3462653187294381E-2},-0.19701996018266457]

{"sheet":"Irr Soybeans","index":13,"n_rows":66,"n_cols":8,"rows_kept":66,"cut":false,"hidden":false,"merged":[[1,0,1,7],[2,0,2,7],[3,0,3,7]]}
[]
[" Estimated Costs and Returns per Acre"]
["Irrigated Soybeans"]
["Projected for 2026"]
[null,null,null,null,null,null,null,"Rental Agreement"]
["Item ","Quantity","Unit","Price","Landlord","Total",null,"Share"]
[null,null,null,null,"Share",null,"Tenant","Landlord"]
["Income"]
["soybeans",60,"bu",{"$f":"'Universal Input Prices'!$B$14","v":9.75},0.33,{"$f":"D9*B9","v":585},{"$f":"F9*(1-E9)","v":391.94999999999993},{"$f":"IF(H6=\"Cash\", D60,F9*E9)","v":193.05}]
["other income",1,"unit",0,0.33,{"$f":"D10*B10","v":0},{"$f":"F10*(1-E10)","v":0},{"$f":"IF(H7=\"Cash\", D59,F10*E10)","v":0}]
["other income",1,"unit",0,0.33,{"$f":"D11*B11","v":0},{"$f":"F11*(1-E11)","v":0},{"$f":"IF(H8=\"Cash\", D60,F11*E11)","v":0}]
["Total Income",null,null,null,null,{"$f":"SUM(F8:F11)","v":585},{"$f":"SUM(G8:G11)","v":391.94999999999993},{"$f":"SUM(H8:H11)","v":193.05}]
[]
["Variable Costs"]
["Seed"]
["soybean seed",1,"bag",76,0,{"$f":"D16*B16","v":76},{"$f":"F16*(1-E16)","v":76},{"$f":"F16*E16","v":0}]
["tech fee",{"$f":"B16","v":1},"lb",0,0,{"$f":"D17*B17","v":0},{"$f":"F17*(1-E17)","v":0},{"$f":"+F17*E17","v":0}]
["innoculant",1,"acre",7.3,0,{"$f":"D18*B18","v":7.3},{"$f":"F18*(1-E18)","v":7.3},{"$f":"F18*E18","v":0}]
["Fertilizer"]
["fert (P) - liquid",50.049900000000001,"lb",{"$f":"IF(A20=\"\",0,VLOOKUP(A20,'Universal Input Prices'!$A$26:$B$30, 2))","v":0.99264705882352944},0.33,{"$f":"D20*B20","v":49.681886029411764},{"$f":"F20*(1-E20)","v":33.286863639705878},{"$f":"F20*E20","v":16.395022389705883}]
[null,0,"lb",{"$f":"IF(A21=\"\",0,VLOOKUP(A21,'Universal Input Prices'!$A$26:$B$30, 2))","v":0},0,{"$f":"D21*B21","v":0},{"$f":"F21*(1-E21)","v":0},{"$f":"F21*E21","v":0}]
[null,0,"lb",{"$f":"IF(A22=\"\",0,VLOOKUP(A22,'Universal Input Prices'!$A$26:$B$30, 2))","v":0},0,{"$f":"D22*B22","v":0},{"$f":"F22*(1-E22)","v":0},{"$f":"F22*E22","v":0}]
["Field Operations"]
["herbicide & application",2,"acre",30.54,0.33,{"$f":"D24*B24","v":61.08},{"$f":"F24*(1-E24)","v":40.923599999999993},{"$f":"F24*E24","v":20.156400000000001}]
["fertilizer application",1,"acre",0,0.33,0,0,0]
["insecticide & application",0.5,"acre",14.9,0.33,7.45,4.9914999999999994,2.4585000000000004]
["custom harvest & haul",{"$f":"$B$9","v":60},"bu.",1.1000000000000001,0,66,66,0]
["crop consultant",1,"acre",0,0,0,0,0]
["scouting",1,"acre",0,0,{"$f":"D29*B29","v":0},{"$f":"F29*(1-E29)","v":0},{"$f":"F29*E29","v":0}]
["other ",1,"acre",0,0,0,0,0]
["other ",1,"acre",0,0,0,0,0]
["other ",1,"acre",0,0,0,0,0]
["Crop Insurance",1,"acre",25,0.33,25,16.75,8.25]
["Operator Labor & Hand Labor",0.26,"hour",{"$f":"'Universal Input Prices'!$B$31","v":18.54},0,4.8204000000000002,4.8204000000000002,0]
["Irrigation Labor",0.90498999999999996,"hours",{"$f":"'Universal Input Prices'!$B$31","v":18.54},0,16.778514599999998,16.778514599999998,0]
["Diesel Fuel - Tractors",0.78,"gallons",{"$f":"'Universal Input Prices'!$B$32","v":2.65},0,2.0670000000000002,2.0670000000000002,0]
["Gasoline - Pickup",2.0489999999999999,"gallons",{"$f":"'Universal Input Prices'!$B$33","v":2.25},0,4.6102499999999997,4.6102499999999997,0]
["Irrigation Fuel",16,"acin",{"$f":"'Universal Input Prices'!$B$34","v":5},0.33,80,53.599999999999994,26.400000000000002]
["Pumping Days",67.88]
["Calculated GPM capacity per acre needed",{"$f":"B38*18.85694/B39","v":4.4447707719505019}]
["Repair & Maintenance",null,null,null,null,null,0,0]
["Implements",1,"acre",5.53,0,{"$f":"D42*B42","v":5.53},5.53,0]
["Tractors",1,"acre",0,0,{"$f":"D43*B43","v":0},0,0]
["Irrigation-Above Ground",16,"acin",3.75,0,{"$f":"D44*B44","v":60},60,0]
["Tractors/Self Propelled Equipment",1,"acre",1.74,1,{"$f":"D45*B45","v":1.74},0,1.74]
["Pickup",1,"acre",2.5099999999999998,0,{"$f":"D46*B46","v":2.5099999999999998},2.5099999999999998,0]
["Interest-operating capital",{"$f":"'Universal Input Prices'!$B$35","v":8.4000000000000005E-2},null,null,null,{"$f":"(SUM(F16:F26,F28:F46))*$B47/2","v":16.991858126435293},{"$f":"(SUM(G16:G26,G28:G46))*$B47/2","v":13.825061386067647},3.1667967403676469]
[]
["Total Variable Costs",null,null,null,null,{"$f":"SUM(F16:F47)","v":487.55990875584706},{"$f":"SUM(G16:G47)","v":408.99318962577354},{"$f":"SUM(H16:H47)","v":78.566719130073523}]
["Returns Above Variable Costs",null,null,null,null,{"$f":"F12-F49","v":97.440091244152939},{"$f":"G12-G49","v":-17.043189625773607},{"$f":"H12-H49","v":114.48328086992649}]
[]
["Fixed Costs"]
["Implements",1,"acre",9.4600000000000009,0,{"$f":"D53*B53","v":9.4600000000000009},{"$f":"F53*(1-E53)","v":9.4600000000000009},{"$f":"F53*E53","v":0}]
["Tractors",1,"acre",0,0,0,0,0]
["Irrigation Equipment",1,"acre",40.42,0,40.42,40.42,0]
["Tractors/Self Propelled Equipment",1,"acre",2.91,1,2.91,0,2.91]
["Pickup",1,"acre",4.16,0,4.16,4.16,0]
["Management",1,"acre",0,0,0,0,0]
["Irrigation Investment",1,"acre",43.76,0,43.76,43.76,0]
["Land cash rent value",1,"acre",125,1,125,{"$f":"IF($H$6=\"Cash\",D60,F60*(1-E60))","v":0},{"$f":"IF($H$6=\"Cash\",0,F60*E60)","v":125}]
["Property Tax",1,"acre",0,1,0,0,0]
["Total Fixed Expenses",null,null,null,null,{"$f":"SUM(F53:F61)","v":225.71},{"$f":"SUM(G53:G61)","v":97.800000000000011},{"$f":"SUM(H53:H61)","v":127.91}]
["Total Specified Expenses",null,null,null,null,{"$f":"F49+F62","v":713.26990875584704},{"$f":"G49+G62","v":506.79318962577355},{"$f":"H49+H62","v":206.47671913007352}]
["Returns Above Total Specified Expenses",null,null,null,null,{"$f":"F12-F63","v":-128.26990875584704},{"$f":"G12-G63","v":-114.84318962577362},{"$f":"H12-H63","v":-13.426719130073508}]
[]
["Return on Investment",null,null,null,null,{"$f":"(F64/F63)","v":-0.17983361863615915},{"$f":"(G64/G63)","v":-0.22660760242373457},-6.5027762871489245E-2]

{"sheet":"Irr Sunflowers-Confection","index":14,"n_rows":66,"n_cols":8,"rows_kept":66,"cut":false,"hidden":false,"merged":[[1,0,1,7],[2,0,2,7],[3,0,3,7]]}
[]
[" Estimated Costs and Returns per Acre"]
["Irrigated Sunflowers-Confectionary"]
["Projected for 2026"]
[null,null,null,null,null,null,null,"Rental Agreement"]
["Item ","Quantity","Unit","Price","Landlord","Total",null,"Share"]
[null,null,null,null,"Share",null,"Tenant","Landlord"]
["Income"]
["Confectionary sunflower",18,"cwt",{"$f":"'Universal Input Prices'!$B$15","v":28},0.33,{"$f":"D9*B9","v":504},{"$f":"F9*(1-E9)","v":337.67999999999995},{"$f":"IF(H6=\"Cash\", D60,F9*E9)","v":166.32000000000002}]
["Expected % Large",0.66700000000000004]
["other income",1,"unit",0,0.33,{"$f":"D11*B11","v":0},{"$f":"F11*(1-E11)","v":0},{"$f":"IF(H8=\"Cash\", D60,F11*E11)","v":0}]
["other income",1,"unit",0,0.33,{"$f":"D12*B12","v":0},{"$f":"F12*(1-E12)","v":0},{"$f":"IF(H9=\"Cash\", D61,F12*E12)","v":0}]
["Total Income",null,null,null,null,{"$f":"SUM(F8:F12)","v":504},{"$f":"SUM(G8:G12)","v":337.67999999999995},{"$f":"SUM(H8:H12)","v":166.32000000000002}]
[]
["Variable Costs"]
["Seed",1,"acre",34,0,{"$f":"D16*B16","v":34},{"$f":"F16*(1-E16)","v":34},{"$f":"F16*E16","v":0}]
["Fertilizer"]
["fert (P) - liquid",25,"lb",{"$f":"IF(A18=\"\",0,VLOOKUP(A18,'Universal Input Prices'!$A$26:$B$30, 2))","v":0.99264705882352944},0.33,{"$f":"D18*B18","v":24.816176470588236},{"$f":"F18*(1-E18)","v":16.626838235294116},{"$f":"F18*E18","v":8.1893382352941178}]
["fert (N) - liquid",70.010000000000005,"lb",{"$f":"IF(A19=\"\",0,VLOOKUP(A19,'Universal Input Prices'!$A$26:$B$27, 2))","v":0.7109375},0.33,{"$f":"D19*B19","v":49.772734375000006},{"$f":"F19*(1-E19)","v":33.347732031249997},{"$f":"F19*E19","v":16.425002343750002}]
[null,0,"lb",{"$f":"IF(A20=\"\",0,VLOOKUP(A20,'Universal Input Prices'!$A$26:$B$30, 2))","v":0},0,{"$f":"D20*B20","v":0},{"$f":"F20*(1-E20)","v":0},{"$f":"F20*E20","v":0}]
["Field Operations"]
["herbicide (2-4D/Prowl H2O)",1,"acre",17.09,0.33,{"$f":"D22*B22","v":17.09},{"$f":"F22*(1-E22)","v":11.450299999999999},{"$f":"F22*E22","v":5.6397000000000004}]
["herbicide (glyphosphate)",3,"acre",11.75,0.33,35.25,23.617499999999996,11.6325]
["seed insecticide ",1,"acre",12.88,0.33,12.88,8.6295999999999999,4.2504000000000008]
["custom harvest",1,"acre",45,0,45,45,0]
["custom haul",{"$f":"B9","v":18},"cwt",0.7,0,12.6,12.6,0]
["insecticide (ammo)",1,"acre",3.91,0.33,3.91,2.6196999999999999,1.2903]
["herbicide application",3,"acre",8.25,0,24.75,24.75,0]
["pesticide application",1,"acre",8.25,0,8.25,8.25,0]
["other ",1,"acre",0,0,0,0,0]
["other ",1,"acre",0,0,0,0,0]
["other ",1,"acre",0,0,0,0,0]
["Crop Insurance",1,"acre",25,0.33,25,16.75,8.25]
["Operator Labor & Hand Labor",0.18,"hours",{"$f":"'Universal Input Prices'!$B$31","v":18.54},0,3.3371999999999997,3.3371999999999997,0]
["Irrigation Labor",0.45450000000000002,"hours",{"$f":"'Universal Input Prices'!$B$31","v":18.54},0,8.4264299999999999,8.4264299999999999,0]
["Diesel Fuel - Tractors",0.64,"gallons",{"$f":"'Universal Input Prices'!$B$32","v":2.65},0,1.696,1.696,0]
["Gasoline - Pickup",4.5039999999999996,"gallons",{"$f":"'Universal Input Prices'!$B$33","v":2.25},0,10.133999999999999,10.133999999999999,0]
["Irrigation Fuel",7,"acin",{"$f":"'Universal Input Prices'!$B$34","v":5},0.33,35,23.449999999999996,11.55]
["Pumping Days",66]
["Calculated GPM capacity per acre needed",{"$f":"B38*18.85694/B39","v":1.9999784848484849}]
["Repair & Maintenance"]
["Implements",1,"acre",3.06,0,{"$f":"D42*B42","v":3.06},{"$f":"F42*(1-E42)","v":3.06},{"$f":"F42*E42","v":0}]
["Tractors",1,"acre",0,0,{"$f":"D43*B43","v":0},{"$f":"F43*(1-E43)","v":0},{"$f":"F43*E43","v":0}]
["Irrigation-Above Ground",{"$f":"B38","v":7},"acin",3.75,0,{"$f":"D44*B44","v":26.25},{"$f":"F44*(1-E44)","v":26.25},{"$f":"F44*E44","v":0}]
["Tractors/Self Propelled Equipment",1,"acre",1.64,1,{"$f":"D45*B45","v":1.64},{"$f":"F45*(1-E45)","v":0},{"$f":"F45*E45","v":1.64}]
["Pickup",1,"acre",5.52,0,{"$f":"D46*B46","v":5.52},{"$f":"F46*(1-E46)","v":5.52},{"$f":"F46*E46","v":0}]
["Interest-operating capital",{"$f":"'Universal Input Prices'!$B$35","v":8.4000000000000005E-2},null,null,null,{"$f":"(SUM(F16:F24,F27:F46))*$B47/2","v":13.892866715514705},{"$f":"(SUM(G16:G24,G27:G46))*$B47/2","v":11.000442611194849},2.8924241043198533]
[]
["Total Variable Costs",null,null,null,null,{"$f":"SUM(F16:F47)","v":402.2754075611029},{"$f":"SUM(G16:G47)","v":330.51574287773889},{"$f":"SUM(H16:H47)","v":71.75966468336398}]
["Returns Above Variable Costs",null,null,null,null,{"$f":"F13-F49","v":101.7245924388971},{"$f":"G13-G49","v":7.1642571222610627},{"$f":"H13-H49","v":94.560335316636042}]
[]
["Fixed Costs"]
["Implements",1,"acre",5.34,0,{"$f":"D53*B53","v":5.34},{"$f":"F53*(1-E53)","v":5.34},{"$f":"F53*E53","v":0}]
["Tractors",1,"acre",0,0,0,0,0]
["Irrigation Equipment",1,"acre",28.8,0,28.8,28.8,0]
["Tractors/Self Propelled Equipment",1,"acre",2.8,1,2.8,0,2.8]
["Pickup",1,"acre",9.15,0,9.15,9.15,0]
["Management",1,"acre",0,0,0,0,0]
["Irrigation Investment",1,"acre",36.61,0,{"$f":"B59*D59","v":36.61},36.61,0]
["Land cash rent value",1,"acre",125,1,{"$f":"D60*B60","v":125},{"$f":"IF($H$6=\"Cash\",D60,F60*(1-E60))","v":0},{"$f":"IF($H$6=\"Cash\",0,F60*E60)","v":125}]
["Property Tax",1,"acre",0,1,{"$f":"B61*D61","v":0},0,0]
["Total Fixed Expenses",null,null,null,null,{"$f":"SUM(F53:F61)","v":207.7},{"$f":"SUM(G53:G61)","v":79.900000000000006},{"$f":"SUM(H53:H61)","v":127.8}]
["Total Specified Expenses",null,null,null,null,{"$f":"F49+F62","v":609.97540756110288},{"$f":"G49+G62","v":410.41574287773892},{"$f":"H49+H62","v":199.55966468336396}]
["Returns Above Total Specified Expenses",null,null,null,null,{"$f":"F13-F63","v":-105.97540756110288},{"$f":"G13-G63","v":-72.735742877738971},{"$f":"H13-H63","v":-33.239664683363941}]
[]
["Return on Investment",null,null,null,null,{"$f":"(F64/F63)","v":-0.17373718062639606},{"$f":"(G64/G63)","v":-0.17722454398979193},-0.16656504577768477]

{"sheet":"Irr Sunflowers-Oilseed","index":15,"n_rows":65,"n_cols":8,"rows_kept":65,"cut":false,"hidden":false,"merged":[[1,0,1,7],[2,0,2,7],[3,0,3,7]]}
[]
[" Estimated Costs and Returns per Acre"]
["Irrigated Sunflowers-Oilseed"]
["Projected for 2026"]
[null,null,null,null,null,null,null,"Rental Agreement"]
["Item ","Quantity","Unit","Price","Landlord","Total",null,"Share"]
[null,null,null,null,"Share",null,"Tenant","Landlord"]
["Income"]
["oilseed sunflower",20,"cwt",{"$f":"'Universal Input Prices'!$B$16","v":23},0.33,{"$f":"D9*B9","v":460},{"$f":"F9*(1-E9)","v":308.2},{"$f":"IF(H6=\"Cash\", D59,F9*E9)","v":151.80000000000001}]
["other income",1,"unit",0,0.33,{"$f":"D10*B10","v":0},{"$f":"F10*(1-E10)","v":0},{"$f":"IF(H7=\"Cash\", D59,F10*E10)","v":0}]
["other income",1,"unit",0,0.33,{"$f":"D11*B11","v":0},{"$f":"F11*(1-E11)","v":0},{"$f":"IF(H8=\"Cash\", D60,F11*E11)","v":0}]
["Total Income",null,null,null,null,{"$f":"SUM(F8:F11)","v":460},{"$f":"SUM(G8:G11)","v":308.2},{"$f":"SUM(H8:H11)","v":151.80000000000001}]
[]
["Variable Costs"]
["Seed",1,"acre",34,0,{"$f":"D15*B15","v":34},{"$f":"F15*(1-E15)","v":34},{"$f":"F15*E15","v":0}]
["Fertilizer"]
["fert (P) - liquid",25,"lb",{"$f":"IF(A17=\"\",0,VLOOKUP(A17,'Universal Input Prices'!$A$26:$B$30, 2))","v":0.99264705882352944},0.33,{"$f":"D17*B17","v":24.816176470588236},{"$f":"F17*(1-E17)","v":16.626838235294116},{"$f":"F17*E17","v":8.1893382352941178}]
["fert (N) - liquid",70.010000000000005,"lb",{"$f":"IF(A18=\"\",0,VLOOKUP(A18,'Universal Input Prices'!$A$26:$B$27, 2))","v":0.7109375},0.33,{"$f":"D18*B18","v":49.772734375000006},{"$f":"F18*(1-E18)","v":33.347732031249997},{"$f":"F18*E18","v":16.425002343750002}]
[null,0,"lb",{"$f":"IF(A19=\"\",0,VLOOKUP(A19,'Universal Input Prices'!$A$26:$B$30, 2))","v":0},0,{"$f":"D19*B19","v":0},{"$f":"F19*(1-E19)","v":0},{"$f":"F19*E19","v":0}]
["Field Operations"]
["herbicide (glyphosphate)",3,"acre",11.75,0.33,{"$f":"D21*B21","v":35.25},{"$f":"F21*(1-E21)","v":23.617499999999996},{"$f":"F21*E21","v":11.6325}]
["herbicide (2-4D/Prowl H2O)",1,null,17.09,0.33,17.09,11.450299999999999,5.6397000000000004]
["seed insecticide ",1,"acre",12.35,0.33,12.35,8.2744999999999997,4.0754999999999999]
["custom harvest",1,"acre",45,0.33,45,30.15,14.850000000000001]
["custom haul",{"$f":"B9","v":20},"cwt",0.7,0.33,14,9.379999999999999,4.62]
["insecticide (ammo)",1,"acre",3.91,0.33,{"$f":"D26*B26","v":3.91},{"$f":"F26*(1-E26)","v":2.6196999999999999},{"$f":"F26*E26","v":1.2903}]
["herbicide application",3,"acre",8.25,0,{"$f":"D27*B27","v":24.75},{"$f":"F27*(1-E27)","v":24.75},{"$f":"F27*E27","v":0}]
["pesticide application",1,"acre",8.25,0,{"$f":"D28*B28","v":8.25},{"$f":"F28*(1-E28)","v":8.25},{"$f":"F28*E28","v":0}]
["other ",1,"acre",0,0,0,0,0]
["other ",1,"acre",0,0,0,0,0]
["other ",1,"acre",0,0,0,0,0]
["Crop Insurance",1,"acre",25,0.33,25,16.75,8.25]
["Operator Labor & Hand Labor",0.18,"hours",{"$f":"'Universal Input Prices'!$B$31","v":18.54},0,3.3371999999999997,3.3371999999999997,0]
["Irrigation Labor",0.45440000000000003,"hours",{"$f":"'Universal Input Prices'!$B$31","v":18.54},0,8.4245760000000001,8.4245760000000001,0]
["Diesel Fuel - Tractors",0.64,"gallons",{"$f":"'Universal Input Prices'!$B$32","v":2.65},0,1.696,1.696,0]
["Gasoline - Pickup",4.51,"gallons",{"$f":"'Universal Input Prices'!$B$33","v":2.25},0,10.147499999999999,10.147499999999999,0]
["Irrigation Fuel",7,"acin",{"$f":"'Universal Input Prices'!$B$34","v":5},0.33,35,23.449999999999996,11.55]
["Pumping Days",66]
["Calculated GPM capacity per acre needed",{"$f":"B37*18.85694/B38","v":1.9999784848484849}]
["Repair & Maintenance"]
["Implements",1,"acre",3.06,0,{"$f":"D41*B41","v":3.06},{"$f":"F41*(1-E41)","v":3.06},{"$f":"F41*E41","v":0}]
["Tractors",1,"acre",0,0,{"$f":"D42*B42","v":0},{"$f":"F42*(1-E42)","v":0},{"$f":"F42*E42","v":0}]
["Irrigation-Above Ground",{"$f":"B37","v":7},"acin",3.75,0,{"$f":"D43*B43","v":26.25},{"$f":"F43*(1-E43)","v":26.25},{"$f":"F43*E43","v":0}]
["Tractors/Self Propelled Equipment",1,"acre",1.64,1,{"$f":"D44*B44","v":1.64},{"$f":"F44*(1-E44)","v":0},{"$f":"F44*E44","v":1.64}]
["Pickup",1,"acre",5.52,0,{"$f":"D45*B45","v":5.52},{"$f":"F45*(1-E45)","v":5.52},{"$f":"F45*E45","v":0}]
["Interest-operating capital",{"$f":"'Universal Input Prices'!$B$35","v":8.4000000000000005E-2},null,null,null,{"$f":"(SUM(F15:F23,F26:F45))*$B46/2","v":13.871095847514706},{"$f":"(SUM(G15:G23,G26:G45))*$B46/2","v":10.986017543194851},2.8850783043198529]
[]
["Total Variable Costs",null,null,null,null,{"$f":"SUM(F15:F46)","v":403.13528269310291},{"$f":"SUM(G15:G46)","v":312.08786380973896},{"$f":"SUM(H15:H46)","v":91.04741888336396}]
["Returns Above Variable Costs",null,null,null,null,{"$f":"F12-F48","v":56.864717306897091},{"$f":"G12-G48","v":-3.8878638097389739},{"$f":"H12-H48","v":60.752581116636051}]
[]
["Fixed Costs"]
["Implements",1,"acre",5.34,0,{"$f":"D52*B52","v":5.34},{"$f":"F52*(1-E52)","v":5.34},{"$f":"F52*E52","v":0}]
["Tractors",1,"acre",0,0,0,0,0]
["Irrigation Equipment",1,"acre",28.8,0,28.8,28.8,0]
["Tractors/Self Propelled Equipment",1,"acre",2.8,1,2.8,0,2.8]
["Pickup",1,"acre",9.15,0,9.15,9.15,0]
["Management",1,"acre",0,0,0,0,0]
["Irrigation Investment",1,"acre",36.61,0,{"$f":"B58*D58","v":36.61},36.61,0]
["Land cash rent value",1,"acre",125,1,{"$f":"D59*B59","v":125},{"$f":"IF($H$6=\"Cash\",D59,F59*(1-E59))","v":0},{"$f":"IF($H$6=\"Cash\",0,F59*E59)","v":125}]
["Property Tax",1,"acre",0,1,{"$f":"B60*D60","v":0},0,0]
["Total Fixed Expenses",null,null,null,null,{"$f":"SUM(F52:F60)","v":207.7},{"$f":"SUM(G52:G60)","v":79.900000000000006},{"$f":"SUM(H52:H60)","v":127.8}]
["Total Specified Expenses",null,null,null,null,{"$f":"F48+F61","v":610.83528269310295},{"$f":"G48+G61","v":391.987863809739},{"$f":"H48+H61","v":218.84741888336396}]
["Returns Above Total Specified Expenses",null,null,null,null,{"$f":"F12-F62","v":-150.83528269310295},{"$f":"G12-G62","v":-83.787863809739008},{"$f":"H12-H62","v":-67.047418883363946}]
[]
["Return on Investment",null,null,null,null,{"$f":"(F63/F62)","v":-0.24693282619184576},{"$f":"(G63/G62)","v":-0.21375116820047144},-0.30636604820592961]

{"sheet":"Irr Triticale Silage","index":16,"n_rows":63,"n_cols":8,"rows_kept":63,"cut":false,"hidden":false,"merged":[[1,0,1,7],[2,0,2,7],[3,0,3,7]]}
[]
[" Estimated Costs and Returns per Acre"]
["Irrigated Triticale Silage"]
["Projected for 2026"]
[null,null,null,null,null,null,null,"Rental Agreement"]
["Item ","Quantity","Unit","Price","Landlord","Total",null,"Share"]
[null,null,null,null,"Share",null,"Tenant","Landlord"]
["Income"]
["triticale silage",10,"ton",{"$f":"'Universal Input Prices'!$B$17","v":50},0.33,{"$f":"D9*B9","v":500},{"$f":"F9*(1-E9)","v":334.99999999999994},{"$f":"IF(H6=\"Cash\", D57,F9*E9)","v":165}]
["other income",1,"unit",0,0.33,{"$f":"D10*B10","v":0},{"$f":"F10*(1-E10)","v":0},{"$f":"IF(H7=\"Cash\", D59,F10*E10)","v":0}]
["other income",1,"unit",0,0.33,{"$f":"D11*B11","v":0},{"$f":"F11*(1-E11)","v":0},{"$f":"IF(H8=\"Cash\", D60,F11*E11)","v":0}]
["Total Income",null,null,null,null,{"$f":"SUM(F6:F11)","v":500},{"$f":"SUM(G7:G11)","v":334.99999999999994},{"$f":"SUM(H7:H11)","v":165}]
[]
["Variable Costs"]
["Seed",0.6,"cwt",25,0,{"$f":"D15*B15","v":15},{"$f":"F15*(1-E15)","v":15},{"$f":"F15*E15","v":0}]
["Fertilizer"]
["fert (N) - NH3 ",55,"lb",{"$f":"IF(A17=\"\",0,VLOOKUP(A17,'Universal Input Prices'!$A$26:$B$30, 2))","v":0.43292682926829268},0.33,{"$f":"D17*B17","v":23.810975609756099},{"$f":"F17*(1-E17)","v":15.953353658536585},{"$f":"F17*E17","v":7.8576219512195129}]
["fert (P) - liquid",35,"lb",{"$f":"IF(A18=\"\",0,VLOOKUP(A18,'Universal Input Prices'!$A$26:$B$30, 2))","v":0.99264705882352944},0.33,{"$f":"D18*B18","v":34.742647058823529},{"$f":"F18*(1-E18)","v":23.277573529411761},{"$f":"F18*E18","v":11.465073529411764}]
["fert (N) - liquid",25,"lb",{"$f":"IF(A19=\"\",0,VLOOKUP(A19,'Universal Input Prices'!$A$26:$B$30, 2))","v":0.7109375},0,{"$f":"D19*B19","v":17.7734375},{"$f":"F19*(1-E19)","v":17.7734375},{"$f":"F19*E19","v":0}]
["Field Operations"]
["herbicide & application",1,"acre",0,0.33,{"$f":"D21*B21","v":0},{"$f":"F21*(1-E21)","v":0},{"$f":"F21*E21","v":0}]
["fertilizer application",1,"acre",18.5,0.33,18.5,12.395,6.1050000000000004]
["insecticide & application",1,"acre",14.75,0.33,14.75,9.8824999999999985,4.8675000000000006]
["custom harvest & haul",{"$f":"$B$9","v":10},"ton",12.5,0,125,125,0]
["crop consultant",1,"acre",0,0,0,0,0]
["scouting",1,"acre",0,0,{"$f":"D26*B26","v":0},{"$f":"F26*(1-E26)","v":0},{"$f":"F26*E26","v":0}]
["other ",1,"acre",0,0,0,0,0]
["other ",1,"acre",0,0,0,0,0]
["other ",1,"acre",0,0,0,0,0]
["Crop Insurance",1,"acre",0,0.33,0,0,0]
["Operator Labor & Hand Labor",0.54,"hour",{"$f":"'Universal Input Prices'!$B$31","v":18.54},0,10.0116,10.0116,0]
["Irrigation Labor",0.97399999999999998,"hours",{"$f":"'Universal Input Prices'!$B$31","v":18.54},0,18.057959999999998,18.057959999999998,0]
["Diesel Fuel - Tractors",1.53,"gallons",{"$f":"'Universal Input Prices'!$B$32","v":2.65},0,4.0545,4.0545,0]
["Gasoline - Pickup",2.0485000000000002,"gallons",{"$f":"'Universal Input Prices'!$B$33","v":2.25},0,4.6091250000000006,4.6091250000000006,0]
["Irrigation Fuel",12,"acin",{"$f":"'Universal Input Prices'!$B$34","v":5},0.33,60,40.199999999999996,19.8]
["Pumping Days",70.040000000000006]
["Calculated GPM capacity per acre needed",{"$f":"B35*18.85694/B36","v":3.2307721302113079}]
["Repair & Maintenance",null,null,null,null,null,0,0]
["Implements",1,"acre",5.57,0,{"$f":"D39*B39","v":5.57},5.57,0]
["Tractors",1,"acre",0,0,{"$f":"D40*B40","v":0},0,0]
["Irrigation-Above Ground",{"$f":"B35","v":12},"acin",3.75,0,{"$f":"D41*B41","v":45},45,0]
["Tractors/Self Propelled Equipment",1,"acre",3.03,1,{"$f":"D42*B42","v":3.03},0,3.03]
["Pickup",1,"acre",2.5099999999999998,0,{"$f":"D43*B43","v":2.5099999999999998},2.5099999999999998,0]
["Interest-operating capital",{"$f":"'Universal Input Prices'!$B$35","v":8.4000000000000005E-2},null,null,null,{"$f":"(SUM(F15:F23,F25:F43))*$B44/2","v":11.651650297080343},{"$f":"(SUM(G15:G23,G25:G43))*$B44/2","v":9.4203920868938287},2.2312582101865139]
[]
["Total Variable Costs",null,null,null,null,{"$f":"SUM(F15:F44)","v":414.07189546565991},{"$f":"SUM(G15:G44)","v":358.71544177484213},{"$f":"SUM(H15:H44)","v":55.356453690817787}]
["Returns Above Variable Costs",null,null,null,null,{"$f":"F12-F46","v":85.928104534340093},{"$f":"G12-G46","v":-23.715441774842191},{"$f":"H12-H46","v":109.64354630918221}]
[]
["Fixed Costs"]
["Implements",1,"acre",9.42,0,{"$f":"D50*B50","v":9.42},{"$f":"F50*(1-E50)","v":9.42},{"$f":"F50*E50","v":0}]
["Tractors",1,"acre",0,0,0,0,0]
["Irrigation Equipment",1,"acre",33.5,0,33.5,33.5,0]
["Tractors/Self Propelled Equipment",1,"acre",5.0999999999999996,1,5.0999999999999996,0,5.0999999999999996]
["Pickup",1,"acre",4.16,0,4.16,4.16,0]
["Management",1,"acre",0,0,0,0,0]
["Irrigation Investment",1,"acre",39.5,0,{"$f":"B56*D56","v":39.5},39.5,0]
["Land cash rent value",1,"acre",125,1,{"$f":"D57*B57","v":125},{"$f":"IF($H$6=\"Cash\",D57,F57*(1-E57))","v":0},{"$f":"IF($H$6=\"Cash\",0,F57*E57)","v":125}]
["Property Tax",1,"acre",0,1,{"$f":"B58*D58","v":0},0,0]
["Total Fixed Expenses",null,null,null,null,{"$f":"SUM(F50:F58)","v":216.68},{"$f":"SUM(G50:G58)","v":86.58},{"$f":"SUM(H50:H58)","v":130.1}]
["Total Specified Expenses",null,null,null,null,{"$f":"F46+F59","v":630.75189546565991},{"$f":"G46+G59","v":445.29544177484212},{"$f":"H46+H59","v":185.4564536908178}]
["Returns Above Total Specified Expenses",null,null,null,null,{"$f":"F12-F60","v":-130.75189546565991},{"$f":"G12-G60","v":-110.29544177484217},{"$f":"H12-H60","v":-20.456453690817796}]
[]
["Return on Investment",null,null,null,null,{"$f":"(F61/F60)","v":-0.2072952874269697},{"$f":"(G61/G60)","v":-0.24769048013433662},-0.11030327218982416]

{"sheet":"Irr Wheat","index":17,"n_rows":64,"n_cols":8,"rows_kept":64,"cut":false,"hidden":false,"merged":[[1,0,1,7],[2,0,2,7],[3,0,3,7]]}
[]
[" Estimated Costs and Returns per Acre"]
["Irrigated Wheat"]
["Projected for 2026"]
[null,null,null,null,null,null,null,"Rental Agreement"]
["Item ","Quantity","Unit","Price","Landlord","Total",null,"Share"]
[null,null,null,null,"Share",null,"Tenant","Landlord"]
["Income"]
["wheat",50,"bu",{"$f":"'Universal Input Prices'!$B$18","v":5.0999999999999996},0.33,{"$f":"D9*B9","v":254.99999999999997},{"$f":"F9*(1-E9)","v":170.84999999999997},{"$f":"IF(H6=\"Cash\", D58,F9*E9)","v":84.149999999999991}]
["grazing",136,"lb",{"$f":"Grazing_Price","v":0.65},0.33,{"$f":"D10*B10","v":88.4},{"$f":"F10*(1-E10)","v":59.227999999999994},{"$f":"IF(H6=\"Cash\", 0,F10*E10)","v":29.172000000000004}]
["other income",1,"unit",0,0.33,{"$f":"D11*B11","v":0},{"$f":"F11*(1-E11)","v":0},{"$f":"IF(H8=\"Cash\", D60,F11*E11)","v":0}]
["other income",1,"unit",0,0.33,{"$f":"D12*B12","v":0},{"$f":"F12*(1-E12)","v":0},{"$f":"IF(H9=\"Cash\", D61,F12*E12)","v":0}]
["Total Income",null,null,null,null,{"$f":"SUM(F8:F12)","v":343.4},{"$f":"SUM(G8:G12)","v":230.07799999999997},{"$f":"SUM(H8:H12)","v":113.322}]
[]
["Variable Costs"]
["Seed",1.2,"bu",12.5,0,{"$f":"D16*B16","v":15},{"$f":"F16*(1-E16)","v":15},{"$f":"F16*E16","v":0}]
["Fertilizer"]
["fert (N) - NH3 ",45,"lb",{"$f":"IF(A18=\"\",0,VLOOKUP(A18,'Universal Input Prices'!$A$26:$B$30, 2))","v":0.43292682926829268},0.33,{"$f":"D18*B18","v":19.48170731707317},{"$f":"F18*(1-E18)","v":13.052743902439023},{"$f":"F18*E18","v":6.4289634146341461}]
["fert (P) - liquid",25.1,"lb",{"$f":"IF(A19=\"\",0,VLOOKUP(A19,'Universal Input Prices'!$A$26:$B$30, 2))","v":0.99264705882352944},0.33,{"$f":"D19*B19","v":24.915441176470591},{"$f":"F19*(1-E19)","v":16.693345588235292},{"$f":"F19*E19","v":8.2220955882352946}]
["fert (N) - liquid",20,"lb",{"$f":"IF(A20=\"\",0,VLOOKUP(A20,'Universal Input Prices'!$A$26:$B$27, 2))","v":0.7109375},0.33,{"$f":"D20*B20","v":14.21875},{"$f":"F20*(1-E20)","v":9.5265624999999989},{"$f":"F20*E20","v":4.6921875000000002}]
["Field Operations"]
["herbicide & application",1,"acre",0,0.33,{"$f":"D22*B22","v":0},{"$f":"F22*(1-E22)","v":0},{"$f":"F22*E22","v":0}]
["fertilizer application",1,"acre",18.5,0.33,18.5,12.395,6.1050000000000004]
["insecticide & application",1,"acre",14.75,0.33,14.75,9.8824999999999985,4.8675000000000006]
["custom harvest & haul",{"$f":"B9","v":50},"bu.",1.1399999999999999,0,56.999999999999993,56.999999999999993,0]
["hoeing",0,"acre",0,0,0,0,0]
["scouting",1,"acre",0,0,{"$f":"D27*B27","v":0},{"$f":"F27*(1-E27)","v":0},{"$f":"F27*E27","v":0}]
["other ",1,"acre",0,0,0,0,0]
["other ",1,"acre",0,0,0,0,0]
["other ",1,"acre",0,0,0,0,0]
["Crop Insurance",1,"acre",36,0.33,36,24.119999999999997,11.88]
["Operator Labor & Hand Labor",0.54,"hours",{"$f":"'Universal Input Prices'!$B$31","v":18.54},0,10.0116,10.0116,0]
["Irrigation Labor",0.97399999999999998,"hours",{"$f":"'Universal Input Prices'!$B$31","v":18.54},0,18.057959999999998,18.057959999999998,0]
["Diesel Fuel - Tractors",1.53,"gallons",{"$f":"'Universal Input Prices'!$B$32","v":2.65},0,4.0545,4.0545,0]
["Gasoline - Pickup",2.0492300000000001,"gallons",{"$f":"'Universal Input Prices'!$B$33","v":2.25},0,4.6107675000000006,4.6107675000000006,0]
["Irrigation Fuel",10,"acin",{"$f":"'Universal Input Prices'!$B$34","v":5},0.33,50,33.5,16.5]
["Pumping Days",70.709999999999994]
["Calculated GPM capacity per acre needed",{"$f":"B36*18.85694/B37","v":2.6667996040164055}]
["Repair & Maintenance"]
["Implements",1,"acre",5.57,0,{"$f":"D40*B40","v":5.57},5.57,0]
["Tractors",1,"acre",0,0,{"$f":"D41*B41","v":0},0,0]
["Irrigation-Above Ground",{"$f":"B36","v":10},"acin",3.75,0,{"$f":"D42*B42","v":37.5},37.5,0]
["Tractors/Self Propelled Equipment",1,"acre",3.03,1,{"$f":"D43*B43","v":3.03},0,3.03]
["Pickup",1,"acre",2.5099999999999998,0,{"$f":"D44*B44","v":2.5099999999999998},2.5099999999999998,0]
["Interest-operating capital",{"$f":"'Universal Input Prices'!$B$35","v":8.4000000000000005E-2},null,null,null,{"$f":"(SUM(F16:F24,F26:F44))*$B45/2","v":11.684850491728838},{"$f":"(SUM(G16:G24,G26:G44))*$B45/2","v":9.092369138608321},2.5924813531205166]
[]
["Total Variable Costs",null,null,null,null,{"$f":"SUM(F16:F45)","v":346.8955764852725},{"$f":"SUM(G16:G45)","v":282.5773486292826},{"$f":"SUM(H16:H45)","v":64.31822785598996}]
["Returns Above Variable Costs",null,null,null,null,{"$f":"F13-F47","v":-3.4955764852725224},{"$f":"G13-G47","v":-52.499348629282622},{"$f":"H13-H47","v":49.003772144010043}]
[]
["Fixed Costs"]
["Implements",1,"acre",9.42,0,{"$f":"D51*B51","v":9.42},{"$f":"F51*(1-E51)","v":9.42},{"$f":"F51*E51","v":0}]
["Tractors",1,"acre",0,0,0,0,0]
["Irrigation Equipment",1,"acre",33.5,0,33.5,33.5,0]
["Tractors/Self Propelled Equipment",1,"acre",5.1100000000000003,1,5.1100000000000003,0,5.1100000000000003]
["Pickup",1,"acre",4.16,0,4.16,4.16,0]
["Management",1,"acre",0,0,0,0,0]
["Irrigation Investment",1,"acre",39.5,0,{"$f":"B57*D57","v":39.5},39.5,0]
["Land cash rent value",1,"acre",125,1,{"$f":"D58*B58","v":125},{"$f":"IF($H$6=\"Cash\",D58,F58*(1-E58))","v":0},{"$f":"IF($H$6=\"Cash\",0,F58*E58)","v":125}]
["Property Tax",1,"acre",0,1,{"$f":"B59*D59","v":0},0,0]
["Total Fixed Expenses",null,null,null,null,{"$f":"SUM(F51:F59)","v":216.69},{"$f":"SUM(G51:G59)","v":86.58},{"$f":"SUM(H51:H59)","v":130.11000000000001}]
["Total Specified Expenses",null,null,null,null,{"$f":"F47+F60","v":563.58557648527244},{"$f":"G47+G60","v":369.15734862928258},{"$f":"H47+H60","v":194.42822785598997}]
["Returns Above Total Specified Expenses",null,null,null,null,{"$f":"F13-F61","v":-220.18557648527246},{"$f":"G13-G61","v":-139.07934862928261},{"$f":"H13-H61","v":-81.106227855989971}]
[]
["Return on Investment",null,null,null,null,{"$f":"(F62/F61)","v":-0.39068703258594895},{"$f":"(G62/G61)","v":-0.37674815128480543},-0.41715253361288729]

{"sheet":"Irr Other Crop","index":18,"n_rows":65,"n_cols":8,"rows_kept":65,"cut":false,"hidden":false,"merged":[[1,0,1,7],[2,0,2,7],[3,0,3,7]]}
[]
[" Estimated Costs and Returns per Acre"]
[{"$f":"'Universal Input Prices'!A19","v":"Irrigated Other Crop"}]
["Projected for 2026"]
[null,null,null,null,null,null,null,"Rental Agreement"]
["Item ","Quantity","Unit","Price","Landlord","Total",null,"Share"]
[null,null,null,null,"Share",null,"Tenant","Landlord"]
["Income"]
["other irrigated crop",0,{"$f":"'Universal Input Prices'!C19","v":"unit"},{"$f":"'Universal Input Prices'!B19","v":0},0.33,{"$f":"D9*B9","v":0},{"$f":"F9*(1-E9)","v":0},{"$f":"IF(H6=\"Cash\", D59,F9*E9)","v":0}]
["other income",1,"unit",0,0.33,{"$f":"D10*B10","v":0},{"$f":"F10*(1-E10)","v":0},{"$f":"IF(H7=\"Cash\", D59,F10*E10)","v":0}]
["other income",1,"unit",0,0.33,{"$f":"D11*B11","v":0},{"$f":"F11*(1-E11)","v":0},{"$f":"IF(H8=\"Cash\", D60,F11*E11)","v":0}]
["Total Income",null,null,null,null,{"$f":"F9+F10","v":0},{"$f":"G9+G10","v":0},{"$f":"H9+H10","v":0}]
[]
["Variable Costs"]
["Seed",0,"unit",0,0,{"$f":"D15*B15","v":0},{"$f":"F15*(1-E15)","v":0},{"$f":"F15*E15","v":0}]
["Fertilizer"]
["fert (N) - NH3 ",0,"lb",{"$f":"IF(A17=\"\",0,VLOOKUP(A17,'Universal Input Prices'!$A$26:$B$30, 2))","v":0.43292682926829268},0.33,{"$f":"D17*B17","v":0},{"$f":"F17*(1-E17)","v":0},{"$f":"F17*E17","v":0}]
["fert (N) - dry",0,"lb",{"$f":"IF(A18=\"\",0,VLOOKUP(A18,'Universal Input Prices'!$A$26:$B$30, 2))","v":0.49456521739130432},0.33,0,0,0]
["fert (N) - liquid",0,"lb",{"$f":"IF(A19=\"\",0,VLOOKUP(A19,'Universal Input Prices'!$A$26:$B$30, 2))","v":0.7109375},0.33,{"$f":"D19*B19","v":0},{"$f":"F19*(1-E19)","v":0},{"$f":"F19*E19","v":0}]
["fert (P) - dry",0,"lb",{"$f":"IF(A20=\"\",0,VLOOKUP(A20,'Universal Input Prices'!$A$26:$B$30, 2))","v":0.86057692307692313},0.33,{"$f":"D20*B20","v":0},{"$f":"F20*(1-E20)","v":0},{"$f":"F20*E20","v":0}]
["fert (P) - liquid",0,"lb",{"$f":"IF(A21=\"\",0,VLOOKUP(A21,'Universal Input Prices'!$A$26:$B$30, 2))","v":0.99264705882352944},0.33,{"$f":"D21*B21","v":0},{"$f":"F21*(1-E21)","v":0},{"$f":"F21*E21","v":0}]
["Field Operations"]
["herbicide & application",1,"acre",0,0.33,{"$f":"D23*B23","v":0},{"$f":"F23*(1-E23)","v":0},{"$f":"F23*E23","v":0}]
["fertilizer application",0,"acre",11.75,0.33,0,0,0]
["insecticide & application",0,"acre",0,0.33,0,0,0]
["custom harvest & haul",{"$f":"B9","v":0},{"$f":"C9","v":"unit"},0,0,0,0,0]
["crop consulting",1,"acre",0,0,0,0,0]
["scouting",1,"acre",0,0,{"$f":"D28*B28","v":0},{"$f":"F28*(1-E28)","v":0},{"$f":"F28*E28","v":0}]
["other ",1,"acre",0,0,0,0,0]
["other ",1,"acre",0,0,0,0,0]
["other ",1,"acre",0,0,0,0,0]
["Crop Insurance",1,"acre",0,0.33,0,0,0]
["Operator Labor & Hand Labor",0,"hours",{"$f":"'Universal Input Prices'!$B$31","v":18.54},0,0,0,0]
["Irrigation Labor",0,"hours",{"$f":"'Universal Input Prices'!$B$31","v":18.54},0,0,0,0]
["Diesel Fuel - Tractors",0,"gallons",{"$f":"'Universal Input Prices'!$B$32","v":2.65},0,0,0,0]
["Gasoline - Pickup",0,"gallons",{"$f":"'Universal Input Prices'!$B$33","v":2.25},0,0,0,0]
["Irrigation Fuel",0,"acin",{"$f":"'Universal Input Prices'!$B$34","v":5},0.33,0,0,0]
["Pumping Days",70.709999999999994]
["Calculated GPM capacity per acre needed",{"$f":"B37*18.85694/B38","v":0}]
["Repair & Maintenance"]
["Implements",0,"acre",4.47,0,{"$f":"D41*B41","v":0},0,0]
["Tractors",0,"acre",5.55,0,{"$f":"D42*B42","v":0},0,0]
["Irrigation-Above Ground",{"$f":"Other_Inches","v":0},"acin",3.75,0,{"$f":"D43*B43","v":0},0,0]
["Self Propelled Equipment",0,"acre",0.16,1,{"$f":"D44*B44","v":0},0,0]
["Pickup",1,"acre",0,0,{"$f":"D45*B45","v":0},0,0]
["Interest-operating capital",{"$f":"'Universal Input Prices'!$B$35","v":8.4000000000000005E-2},null,null,null,{"$f":"(SUM(F15:F25,F27:F45))*$B46/2","v":0},{"$f":"(SUM(G15:G25,G27:G45))*$B46/2","v":0},0]
[]
["Total Variable Costs",null,null,null,null,{"$f":"SUM(F15:F46)","v":0},{"$f":"SUM(G15:G46)","v":0},{"$f":"SUM(H15:H46)","v":0}]
["Returns Above Variable Costs",null,null,null,null,{"$f":"F12-F48","v":0},{"$f":"G12-G48","v":0},{"$f":"H12-H48","v":0}]
[]
["Fixed Costs"]
["Implements",0,"acre",7.04,0,{"$f":"D52*B52","v":0},{"$f":"F52*(1-E52)","v":0},{"$f":"F52*E52","v":0}]
["Tractors",0,"acre",7.89,0,0,0,0]
["Irrigation-Above Ground",0,"acre",35.56,0,0,0,0]
["Self Propelled Equipment",0,"acre",0.24,1,0,0,0]
["Pickup",1,"acre",0,0,0,0,0]
["Management",1,"acre",0,0,0,0,0]
["Whole Farm Insurance",1,"acre",0,0,{"$f":"B58*D58","v":0},0,0]
["Land cash rent value",0,"acre",85,1,{"$f":"D59*B59","v":0},{"$f":"IF($H$6=\"Cash\",D59,F59*(1-E59))","v":0},{"$f":"IF($H$6=\"Cash\",0,F59*E59)","v":0}]
["Property Tax",1,"acre",0,1,{"$f":"B60*D60","v":0},0,0]
["Total Fixed Expenses",null,null,null,null,{"$f":"SUM(F52:F60)","v":0},{"$f":"SUM(G52:G60)","v":0},{"$f":"SUM(H52:H60)","v":0}]
["Total Specified Expenses",null,null,null,null,{"$f":"F48+F61","v":0},{"$f":"G48+G61","v":0},{"$f":"H48+H61","v":0}]
["Returns Above Total Specified Expenses",null,null,null,null,{"$f":"F12-F62","v":0},{"$f":"G12-G62","v":0},{"$f":"H12-H62","v":0}]
[]
["Return on Investment",null,null,null,null,{"$f":"IF(F62=0,\"-\",(F63/F62))","v":"-"},{"$f":"IF(G62=0,\"-\",(G63/G62))","v":"-"},"-"]

{"sheet":"Dry Cotton","index":19,"n_rows":67,"n_cols":8,"rows_kept":67,"cut":false,"hidden":false,"merged":[[1,0,1,7],[2,0,2,7],[3,0,3,7]]}
[]
[" Estimated Costs and Returns per Acre"]
["Dryland Cotton"]
["Projected for 2026"]
[null,null,null,null,null,null,null,"Rental Agreement"]
["Item ","Quantity","Unit","Price","Landlord","Total",null,"Share"]
[null,null,null,null,"Share",null,"Tenant","Landlord"]
["Income"]
["cotton lint",400,"lb",{"$f":"'Universal Input Prices'!$B$8","v":0.7},0.33,{"$f":"D9*B9","v":280},{"$f":"F9*(1-E9)","v":187.59999999999997},{"$f":"IF(H6=\"Cash\", D61,F9*E9)","v":92.4}]
["cotton seed",{"$f":"B9/500*'Universal Input Prices'!B39/2000","v":0.3},"tons",{"$f":"'Universal Input Prices'!$B$9","v":235},0.33,{"$f":"D10*B10","v":70.5},{"$f":"F10*(1-E10)","v":47.234999999999992},{"$f":"IF(H6=\"Cash\", 0,F10*E10)","v":23.265000000000001}]
["Expected Turnout",0.22220000000000001]
["other income",1,"unit",0,0.33,{"$f":"D12*B12","v":0},{"$f":"F12*(1-E12)","v":0},{"$f":"IF(H9=\"Cash\", D61,F12*E12)","v":0}]
["other income",1,"unit",0,0.33,{"$f":"D13*B13","v":0},{"$f":"F13*(1-E13)","v":0},{"$f":"IF(H10=\"Cash\", D62,F13*E13)","v":0}]
["Total Income",null,null,null,null,{"$f":"SUM(F9:F13)","v":350.5},{"$f":"SUM(G9:G13)","v":234.83499999999995},{"$f":"SUM(H9:H13)","v":115.66500000000001}]
[]
["Variable Costs"]
["Seed"]
["cotton seed",0.18,"bag",335,0,{"$f":"D18*B18","v":60.3},{"$f":"F18*(1-E18)","v":60.3},{"$f":"F18*E18","v":0}]
["Boll Weevil  Assess.-Dry",1,"acre",4,0.33,{"$f":"D19","v":4},{"$f":"F19*(1-E19)","v":2.6799999999999997},{"$f":"F19*E19","v":1.32}]
["Fertilizer"]
["fert (P) - dry",20.010000000000002,"lb",{"$f":"IF(A21=\"\",0,VLOOKUP(A21,'Universal Input Prices'!$A$26:$B$30, 2))","v":0.86057692307692313},0.33,{"$f":"D21*B21","v":17.220144230769233},{"$f":"F21*(1-E21)","v":11.537496634615385},{"$f":"F21*E21","v":5.6826475961538474}]
["fert (N) - dry",30,"lb",{"$f":"IF(A22=\"\",0,VLOOKUP(A22,'Universal Input Prices'!$A$26:$B$30, 2))","v":0.49456521739130432},0.33,{"$f":"D22*B22","v":14.836956521739129},{"$f":"F22*(1-E22)","v":9.9407608695652154},{"$f":"F22*E22","v":4.8961956521739127}]
[null,0,"lb",{"$f":"IF(A23=\"\",0,VLOOKUP(A23,'Universal Input Prices'!$A$26:$B$30, 2))","v":0},0,{"$f":"D23*B23","v":0},{"$f":"F23*(1-E23)","v":0},{"$f":"F23*E23","v":0}]
["Field Operations"]
["preplant herbicide & application",1,"acre",60.72,0.33,{"$f":"D25*B25","v":60.72},{"$f":"F25*(1-E25)","v":40.682399999999994},{"$f":"F25*E25","v":20.037600000000001}]
["post emergence herbicide & application",1,"acre",33.799999999999997,0.33,33.799999999999997,22.645999999999997,11.154]
["clean-up herbicide & application",1,"acre",0,0.33,0,0,0]
["fertilizer application",1,"acre",8.25,0.33,8.25,5.5274999999999999,2.7225000000000001]
["insecticide & application",0.5,"acre",15.88,0.33,7.94,5.3197999999999999,2.6202000000000001]
["harvest aids",0.5,"acre",35.5,0.33,17.75,11.892499999999998,5.8574999999999999]
["strip (field cleaner)",{"$f":"B9/100","v":4},"cwt.",{"$f":"'Universal Input Prices'!$B$37","v":12},0,48,48,0]
["ginning",{"$f":"B9/B11/100","v":18.001800180018002},"cwt.",{"$f":"'Universal Input Prices'!$B$38","v":3.25},0.33,58.505850585058504,39.198919891989192,19.306930693069308]
["hoeing",1,"acre",0,0,0,0,0]
["scouting",1,"acre",0,0,{"$f":"D34*B34","v":0},{"$f":"F34*(1-E34)","v":0},{"$f":"F34*E34","v":0}]
["other ",1,"acre",0,0,0,0,0]
["other ",1,"acre",0,0,0,0,0]
["other ",1,"acre",0,0,0,0,0]
["Crop Insurance",1,"acre",29,0.33,29,19.43,9.57]
["Operator Labor & Hand Labor",0.65,"hours",{"$f":"'Universal Input Prices'!$B$31","v":18.54},0,12.051,12.051,0]
["Diesel Fuel - Tractors",1.74,"gallons",{"$f":"'Universal Input Prices'!$B$32","v":2.65},0,4.6109999999999998,4.6109999999999998,0]
["Gasoline - Pickup",2.0339999999999998,"gallons",{"$f":"'Universal Input Prices'!$B$33","v":2.25},0,4.5764999999999993,4.5764999999999993,0]
["Repair & Maintenance"]
["Implements",1,"acre",5.62,0,{"$f":"D43*B43","v":5.62},{"$f":"F43*(1-E43)","v":5.62},{"$f":"F43*E43","v":0}]
["Tractors",1,"acre",0,0,{"$f":"D44*B44","v":0},{"$f":"F44*(1-E44)","v":0},{"$f":"F44*E44","v":0}]
["Other Fixed Expenses",1,"acre",0,0,{"$f":"D45*B45","v":0},{"$f":"F45*(1-E45)","v":0},{"$f":"F45*E45","v":0}]
["Tractors/Self Propelled Equipment",1,"acre",3.29,1,{"$f":"D46*B46","v":3.29},{"$f":"F46*(1-E46)","v":0},{"$f":"F46*E46","v":3.29}]
["Pickup",1,"acre",2.4900000000000002,0,{"$f":"D47*B47","v":2.4900000000000002},{"$f":"F47*(1-E47)","v":2.4900000000000002},{"$f":"F47*E47","v":0}]
["Interest-operating capital",{"$f":"'Universal Input Prices'!$B$35","v":8.4000000000000005E-2},null,null,null,{"$f":"(SUM(F18:F29,F33:F47))*$B48/2","v":11.285635231605351},{"$f":"(SUM(G18:G29,G33:G47))*$B48/2","v":8.7113232151755842},{"$f":"(SUM(H18:H29,H33:H47))*$B48/2","v":2.5743120164297659}]
[]
["Total Variable Costs",null,null,null,null,{"$f":"SUM(F18:F48)","v":404.24708656917221},{"$f":"SUM(G18:G48)","v":315.21520061134532},{"$f":"SUM(H18:H48)","v":89.03188595782683}]
["Returns Above Variable Costs",null,null,null,null,{"$f":"F14-F50","v":-53.747086569172211},{"$f":"G14-G50","v":-80.380200611345373},{"$f":"H14-H50","v":26.633114042173176}]
[]
["Fixed Costs"]
["Implements",1,"acre",9.39,0,{"$f":"D54*B54","v":9.39},{"$f":"F54*(1-E54)","v":9.39},{"$f":"F54*E54","v":0}]
["Tractors",1,"acre",0,0,0,0,0]
["Other Fixed Expenses",1,"acre",0,1,0,0,0]
["Tractors/Self Propelled Equipment",1,"acre",5.37,1,5.37,0,5.37]
["Pickup",1,"acre",4.12,0,4.12,4.12,0]
["Management",1,"acre",0,0,0,0,0]
["Whole Farm Insurance",1,"acre",0,0,0,0,0]
["Land cash rent value",1,"acre",30,1,30,{"$f":"IF($H$6=\"Cash\",D61,F61*(1-E61))","v":0},{"$f":"IF($H$6=\"Cash\",0,F61*E61)","v":30}]
["Property Tax",1,"acre",0,1,0,0,0]
["Total Fixed Expenses",null,null,null,null,{"$f":"SUM(F54:F62)","v":48.88},{"$f":"SUM(G54:G62)","v":13.510000000000002},{"$f":"SUM(H54:H62)","v":35.369999999999997}]
["Total Specified Expenses",null,null,null,null,{"$f":"F50+F63","v":453.12708656917221},{"$f":"G50+G63","v":328.72520061134531},{"$f":"H50+H63","v":124.40188595782683}]
["Returns Above Total Specified Expenses",null,null,null,null,{"$f":"F14-F64","v":-102.62708656917221},{"$f":"G14-G64","v":-93.890200611345364},{"$f":"H14-H64","v":-8.7368859578268285}]
[]
["Return on Investment",null,null,null,null,{"$f":"(F65/F64)","v":-0.22648632052920908},{"$f":"(G65/G64)","v":-0.28561911419244235},-7.0231137498901725E-2]

{"sheet":"Dry Sorghum","index":20,"n_rows":60,"n_cols":8,"rows_kept":60,"cut":false,"hidden":false,"merged":[[1,0,1,7],[2,0,2,7],[3,0,3,7]]}
[]
[" Estimated Costs and Returns per Acre"]
["Dryland Sorghum"]
["Projected for 2026"]
[null,null,null,null,null,null,null,"Rental Agreement"]
["Item ","Quantity","Unit","Price","Landlord","Total",null,"Share"]
[null,null,null,null,"Share",null,"Tenant","Landlord"]
["Income"]
["sorghum grain",25,"cwt",{"$f":"'Universal Input Prices'!$B$11","v":7},0.33,{"$f":"B9*D9","v":175},{"$f":"F9*(1-E9)","v":117.24999999999999},{"$f":"IF(H6=\"Cash\", D54,F9*E9)","v":57.75}]
["other income",1,"unit",0,0.33,{"$f":"D10*B10","v":0},{"$f":"F10*(1-E10)","v":0},{"$f":"IF(H7=\"Cash\", D59,F10*E10)","v":0}]
["other income",1,"unit",0,0.33,{"$f":"D11*B11","v":0},{"$f":"F11*(1-E11)","v":0},{"$f":"IF(H8=\"Cash\", D60,F11*E11)","v":0}]
["Total Income",null,null,null,null,{"$f":"SUM(F9:F11)","v":175},{"$f":"SUM(G9:G11)","v":117.24999999999999},{"$f":"SUM(H9:H11)","v":57.75}]
[]
["Variable Costs"]
["Seed",2.25,"lb",3.2,0,{"$f":"D15*B15","v":7.2},{"$f":"F15*(1-E15)","v":7.2},{"$f":"F15*E15","v":0}]
["Fertilizer"]
["fert (N) - NH3 ",40,"lb",{"$f":"IF(A17=\"\",0,VLOOKUP(A17,'Universal Input Prices'!$A$26:$B$30, 2))","v":0.43292682926829268},0.33,{"$f":"D17*B17","v":17.317073170731707},{"$f":"F17*(1-E17)","v":11.602439024390243},{"$f":"F17*E17","v":5.7146341463414636}]
[null,0,"lb",{"$f":"IF(A18=\"\",0,VLOOKUP(A18,'Universal Input Prices'!$A$26:$B$30, 2))","v":0},0,{"$f":"D18*B18","v":0},{"$f":"F18*(1-E18)","v":0},{"$f":"F18*E18","v":0}]
[null,0,"lb",{"$f":"IF(A19=\"\",0,VLOOKUP(A19,'Universal Input Prices'!$A$26:$B$30, 2))","v":0},0,{"$f":"D19*B19","v":0},{"$f":"F19*(1-E19)","v":0},{"$f":"F19*E19","v":0}]
["Field Operations"]
["herbicide & application",1,"acre",50,0.33,{"$f":"D21*B21","v":50},{"$f":"F21*(1-E21)","v":33.5},{"$f":"F21*E21","v":16.5}]
["fertilizer application",1,"acre",18.5,0.33,18.5,12.395,6.1050000000000004]
["insecticide headworm",0.67,"acre",26.9,0.33,18.023,12.075409999999998,5.9475899999999999]
["custom harvest & haul",1,"acre",35,0,35,35,0]
["custom harvest & haul",{"$f":"B9","v":25},"cwt",0.35,0,{"$f":"D25*B25","v":8.75},8.75,0]
["hoeing",1,"acre",0,0,0,0,0]
["scouting",1,"acre",0,0,{"$f":"D27*B27","v":0},{"$f":"F27*(1-E27)","v":0},{"$f":"F27*E27","v":0}]
["insecticide sugar cane aphid",1,"acre",20.55,0.33,20.55,13.7685,6.7815000000000003]
["other ",1,"acre",0,0,0,0,0]
["other ",1,"acre",0,0,0,0,0]
["Crop Insurance",1,"acre",20,0.33,20,13.399999999999999,6.6000000000000005]
["Operator Labor & Hand Labor",0.28000000000000003,"hours",{"$f":"'Universal Input Prices'!$B$31","v":18.54},0,5.1912000000000003,5.1912000000000003,0]
["Diesel Fuel - Tractors",0.88,"gallons",{"$f":"'Universal Input Prices'!$B$32","v":2.65},0,2.3319999999999999,2.3319999999999999,0]
["Gasoline - Pickup",2.032,"gallons",{"$f":"'Universal Input Prices'!$B$33","v":2.25},0,4.5720000000000001,4.5720000000000001,0]
["Repair & Maintenance"]
["Implements",1,"acre",3.94,0,{"$f":"D36*B36","v":3.94},{"$f":"F36*(1-E36)","v":3.94},{"$f":"F36*E36","v":0}]
["Tractors",1,"acre",0,0,{"$f":"D37*B37","v":0},{"$f":"F37*(1-E37)","v":0},{"$f":"F37*E37","v":0}]
["Other Fixed Expenses",1,"acre",0,0,{"$f":"D38*B38","v":0},{"$f":"F38*(1-E38)","v":0},{"$f":"F38*E38","v":0}]
["Tractors/Self Propelled Equipment",1,"acre",2.06,1,{"$f":"D39*B39","v":2.06},{"$f":"F39*(1-E39)","v":0},{"$f":"F39*E39","v":2.06}]
["Pickup",1,"acre",2.4900000000000002,0,{"$f":"D40*B40","v":2.4900000000000002},{"$f":"F40*(1-E40)","v":2.4900000000000002},{"$f":"F40*E40","v":0}]
["Interest-operating capital",{"$f":"'Universal Input Prices'!$B$35","v":8.4000000000000005E-2},null,null,null,{"$f":"(SUM(F15:F23,F26:F40))*$B41/2","v":7.2313614731707325},{"$f":"(SUM(G15:G23,G26:G40))*$B41/2","v":5.1435950590243893},{"$f":"(SUM(H15:H23,H26:H40))*$B41/2","v":2.0877664141463419}]
[]
["Total Variable Costs",null,null,null,null,{"$f":"SUM(F15:F41)","v":223.15663464390246},{"$f":"SUM(G15:G41)","v":171.36014408341464},{"$f":"SUM(H15:H41)","v":51.796490560487811}]
["Returns Above Variable Costs",null,null,null,null,{"$f":"F12-F43","v":-48.156634643902464},{"$f":"G12-G43","v":-54.110144083414653},{"$f":"H12-H43","v":5.9535094395121888}]
[]
["Fixed Costs"]
["Implements",1,"acre",6.99,0,{"$f":"D47*B47","v":6.99},{"$f":"F47*(1-E47)","v":6.99},{"$f":"F47*E47","v":0}]
["Tractors",1,"acre",0,0,0,0,0]
["Other Fixed Expenses",1,"acre",0,1,0,0,0]
["Tractors/Self Propelled Equipment",1,"acre",3.46,1,3.46,0,3.46]
["Pickup",1,"acre",4.12,0,4.12,4.12,0]
["Management",1,"acre",0,0,0,0,0]
["Whole Farm Insurance",1,"acre",0,0,{"$f":"B53*D53","v":0},0,0]
["Land cash rent value",1,"acre",30,1,{"$f":"D54*B54","v":30},{"$f":"IF($H$6=\"Cash\",D54,F54*(1-E54))","v":0},{"$f":"IF($H$6=\"Cash\",0,F54*E54)","v":30}]
["Property Tax",1,"acre",0,1,{"$f":"B55*D55","v":0},0,0]
["Total Fixed Expenses",null,null,null,null,{"$f":"SUM(F47:F55)","v":44.57},{"$f":"SUM(G47:G55)","v":11.11},{"$f":"SUM(H47:H55)","v":33.46}]
["Total Specified Expenses",null,null,null,null,{"$f":"F43+F56","v":267.72663464390246},{"$f":"G43+G56","v":182.47014408341465},{"$f":"H43+H56","v":85.256490560487805}]
["Returns Above Total Specified Expenses",null,null,null,null,{"$f":"F12-F57","v":-92.726634643902457},{"$f":"G12-G57","v":-65.220144083414667},{"$f":"H12-H57","v":-27.506490560487805}]
[]
["Return on Investment",null,null,null,null,{"$f":"(F58/F57)","v":-0.34634818746082618},{"$f":"(G58/G57)","v":-0.35742912579495656},-0.32263221696854261]

{"sheet":"Dry Canola","index":21,"n_rows":62,"n_cols":8,"rows_kept":62,"cut":false,"hidden":false,"merged":[[1,0,1,7],[2,0,2,7],[3,0,3,7]]}
[]
[" Estimated Costs and Returns per Acre"]
["Dryland Canola"]
["Projected for 2026"]
[null,null,null,null,null,null,null,"Rental Agreement"]
["Item ","Quantity","Unit","Price","Landlord","Total",null,"Share"]
[null,null,null,null,"Share",null,"Tenant","Landlord"]
["Income"]
["canola",11,"cwt",{"$f":"'Universal Input Prices'!$B$5","v":18},0.33,{"$f":"D9*B9","v":198},{"$f":"F9*(1-E9)","v":132.66},{"$f":"IF(H6=\"Cash\", D56,F9*E9)","v":65.34}]
["other income",1,"unit",0,0.33,{"$f":"D10*B10","v":0},{"$f":"F10*(1-E10)","v":0},{"$f":"IF(H7=\"Cash\", D59,F10*E10)","v":0}]
["other income",1,"unit",0,0.33,{"$f":"D11*B11","v":0},{"$f":"F11*(1-E11)","v":0},{"$f":"IF(H8=\"Cash\", D60,F11*E11)","v":0}]
["Total Income",null,null,null,null,{"$f":"SUM(F8:F11)","v":198},{"$f":"SUM(G8:G11)","v":132.66},{"$f":"SUM(H8:H11)","v":65.34}]
[]
["Variable Costs"]
["Seed"]
["canola seed",5,"lb",6.29,0,{"$f":"D16*B16","v":31.45},{"$f":"F16*(1-E16)","v":31.45},{"$f":"F16*E16","v":0}]
["seed treatment",1,"acre",7.14,0,{"$f":"D17*B17","v":7.14},{"$f":"F17*(1-E17)","v":7.14},{"$f":"F17*E17","v":0}]
["Fertilizer"]
["fert (N) - dry",35.009,"lb",{"$f":"IF(A19=\"\",0,VLOOKUP(A19,'Universal Input Prices'!$A$26:$B$26, 2))","v":0.49456521739130432},0.33,{"$f":"D19*B19","v":17.314233695652174},{"$f":"F19*(1-E19)","v":11.600536576086956},{"$f":"F19*E19","v":5.713697119565218}]
[null,0,"lb",{"$f":"IF(A20=\"\",0,VLOOKUP(A20,'Universal Input Prices'!$A$26:$B$30, 2))","v":0},0,{"$f":"D20*B20","v":0},{"$f":"F20*(1-E20)","v":0},{"$f":"F20*E20","v":0}]
[null,0,"lb",{"$f":"IF(A21=\"\",0,VLOOKUP(A21,'Universal Input Prices'!$A$26:$B$30, 2))","v":0},0,{"$f":"D21*B21","v":0},{"$f":"F21*(1-E21)","v":0},{"$f":"F21*E21","v":0}]
["Field Operations"]
["herbicide & application",1,"acre",36.630000000000003,0.33,{"$f":"D23*B23","v":36.630000000000003},{"$f":"F23*(1-E23)","v":24.542099999999998},{"$f":"F23*E23","v":12.087900000000001}]
["fertilizer application",1,"acre",7.5,0.33,7.5,5.0249999999999995,2.4750000000000001]
["insecticide & application",1,"acre",15.65,0.33,15.65,10.485499999999998,5.1645000000000003]
["custom harvest & haul",1,"acre",35,0,35,35,0]
["custom harvest & haul",{"$f":"B9","v":11},"cwt",0.7,0,7.6999999999999993,7.6999999999999993,0]
["hoeing",0,"acre",0,0,0,0,0]
["scouting",1,"acre",0,0,0,0,0]
["other ",1,"acre",0,0,0,0,0]
["other ",1,"acre",0,0,0,0,0]
["other ",1,"acre",0,0,0,0,0]
["Crop Insurance",1,"acre",0,0.33,0,0,0]
["Operator Labor & Hand Labor",0.57999999999999996,"hours",{"$f":"'Universal Input Prices'!$B$31","v":18.54},0,10.7532,10.7532,0]
["Diesel Fuel - Tractors",1.73,"gallons",{"$f":"'Universal Input Prices'!$B$32","v":2.65},0,4.5845000000000002,4.5845000000000002,0]
["Gasoline - Pickup",2.0339999999999998,"gallons",{"$f":"'Universal Input Prices'!$B$33","v":2.25},0,4.5764999999999993,4.5764999999999993,0]
["Repair & Maintenance"]
["Implements",1,"acre",4.79,0,{"$f":"D38*B38","v":4.79},{"$f":"F38*(1-E38)","v":4.79},{"$f":"F38*E38","v":0}]
["Tractors",1,"acre",0,0,{"$f":"D39*B39","v":0},{"$f":"F39*(1-E39)","v":0},{"$f":"F39*E39","v":0}]
["Other Fixed Expenses",1,"acre",0,0,0,{"$f":"F40*(1-E40)","v":0},{"$f":"F40*E40","v":0}]
["Tractors/Self Propelled Equipment",1,"acre",3.75,1,{"$f":"D41*B41","v":3.75},{"$f":"F41*(1-E41)","v":0},{"$f":"F41*E41","v":3.75}]
["Pickup",1,"acre",2.4900000000000002,0,{"$f":"D42*B42","v":2.4900000000000002},{"$f":"F42*(1-E42)","v":2.4900000000000002},{"$f":"F42*E42","v":0}]
["Interest-operating capital",{"$f":"'Universal Input Prices'!$B$35","v":8.4000000000000005E-2},null,null,null,{"$f":"(SUM(F16:F25,F28:F42))*$B43/2","v":6.1583942152173918},{"$f":"(SUM(G16:G25,G28:G42))*$B43/2","v":4.9323681361956524},{"$f":"(SUM(H16:H25,H28:H42))*$B43/2","v":1.2260260790217394}]
[]
["Total Variable Costs",null,null,null,null,{"$f":"SUM(F15:F43)","v":195.48682791086955},{"$f":"SUM(G15:G43)","v":165.0697047122826},{"$f":"SUM(H15:H43)","v":30.41712319858696}]
["Returns Above Variable Costs",null,null,null,null,{"$f":"F12-F45","v":2.5131720891304496},{"$f":"G12-G45","v":-32.409704712282604},{"$f":"H12-H45","v":34.92287680141304}]
[]
["Fixed Costs"]
["Implements",1,"acre",8.51,0,{"$f":"D49*B49","v":8.51},{"$f":"F49*(1-E49)","v":8.51},{"$f":"F49*E49","v":0}]
["Tractors",1,"acre",0,0,0,0,0]
["Other Fixed Expenses",1,"acre",0,1,0,0,0]
["Tractors/Self Propelled Equipment",1,"acre",6.35,1,6.35,0,6.35]
["Pickup",1,"acre",4.1399999999999997,0,4.1399999999999997,4.1399999999999997,0]
["Management",1,"acre",0,0,0,0,0]
["Whole Farm Insurance",1,"acre",0,0,{"$f":"B55*D55","v":0},0,0]
["Land cash rent value",1,"acre",30,1,{"$f":"D56*B56","v":30},{"$f":"IF($H$6=\"Cash\",D56,F56*(1-E56))","v":0},{"$f":"IF($H$6=\"Cash\",0,F56*E56)","v":30}]
["Property Tax",1,"acre",0,1,{"$f":"B57*D57","v":0},0,0]
["Total Fixed Expenses",null,null,null,null,{"$f":"SUM(F49:F57)","v":49},{"$f":"SUM(G49:G57)","v":12.649999999999999},{"$f":"SUM(H49:H57)","v":36.35}]
["Total Specified Expenses",null,null,null,null,{"$f":"F45+F58","v":244.48682791086955},{"$f":"G45+G58","v":177.71970471228261},{"$f":"H45+H58","v":66.767123198586958}]
["Returns Above Total Specified Expenses",null,null,null,null,{"$f":"F12-F59","v":-46.48682791086955},{"$f":"G12-G59","v":-45.05970471228261},{"$f":"H12-H59","v":-1.4271231985869548}]
[]
["Return on Investment",null,null,null,null,{"$f":"(F60/F59)","v":-0.19014041904873849},{"$f":"(G60/G59)","v":-0.25354366183103633},-2.1374639646255689E-2]

{"sheet":"Dry Sorghum Sudangrass","index":22,"n_rows":59,"n_cols":8,"rows_kept":59,"cut":false,"hidden":false,"merged":[[1,0,1,7],[2,0,2,7],[3,0,3,7]]}
[]
[" Estimated Costs and Returns per Acre"]
["Dryland Sorghum Sudangrass"]
["Projected for 2026"]
[null,null,null,null,null,null,null,"Rental Agreement"]
["Item ","Quantity","Unit","Price","Landlord","Total",null,"Share"]
[null,null,null,null,"Share",null,"Tenant","Landlord"]
["Income"]
["grazing",336,"lb",{"$f":"Grazing_Price","v":0.65},0.33,{"$f":"D9*B9","v":218.4},{"$f":"F9*(1-E9)","v":146.32799999999997},{"$f":"IF(H6=\"Cash\", 0,F9*E9)","v":72.072000000000003}]
["other income",1,"unit",0,0.33,{"$f":"D10*B10","v":0},{"$f":"F10*(1-E10)","v":0},{"$f":"IF(H7=\"Cash\", D59,F10*E10)","v":0}]
["other income",1,"unit",0,0.33,{"$f":"D11*B11","v":0},{"$f":"F11*(1-E11)","v":0},{"$f":"IF(H8=\"Cash\", D60,F11*E11)","v":0}]
["Total Income",null,null,null,null,{"$f":"SUM(F9:F11)","v":218.4},{"$f":"SUM(G9:G11)","v":146.32799999999997},{"$f":"SUM(H9:H11)","v":72.072000000000003}]
[]
["Variable Costs"]
["Seed",15,"bu",0.9,0,{"$f":"D15*B15","v":13.5},{"$f":"F15*(1-E15)","v":13.5},{"$f":"F15*E15","v":0}]
["Fertilizer"]
["fert (N) - NH3 ",50.03,"lb",{"$f":"IF(A17=\"\",0,VLOOKUP(A17,'Universal Input Prices'!$A$26:$B$30, 2))","v":0.43292682926829268},0.33,{"$f":"D17*B17","v":21.659329268292684},{"$f":"F17*(1-E17)","v":14.511750609756097},{"$f":"F17*E17","v":7.1475786585365864}]
[null,0,"lb",{"$f":"IF(A18=\"\",0,VLOOKUP(A18,'Universal Input Prices'!$A$26:$B$30, 2))","v":0},0,{"$f":"D18*B18","v":0},{"$f":"F18*(1-E18)","v":0},{"$f":"F18*E18","v":0}]
[null,0,"lb",{"$f":"IF(A19=\"\",0,VLOOKUP(A19,'Universal Input Prices'!$A$26:$B$30, 2))","v":0},0,{"$f":"D19*B19","v":0},{"$f":"F19*(1-E19)","v":0},{"$f":"F19*E19","v":0}]
["Field Operations"]
["herbicide & application",1,"lb",30.7,0.33,{"$f":"D21*B21","v":30.7},{"$f":"F21*(1-E21)","v":20.568999999999999},{"$f":"F21*E21","v":10.131}]
["fertilizer application",1,"acre",18.5,0.33,18.5,12.395,6.1050000000000004]
["insecticide & application",1,"acre",0,0.33,0,0,0]
["custom harvest and haul",0,"bu",0,0,0,0,0]
["hoeing",0,"acre",0,0,0,0,0]
["scouting",1,"acre",0,0,{"$f":"D26*B26","v":0},{"$f":"F26*(1-E26)","v":0},{"$f":"F26*E26","v":0}]
["other ",1,"acre",0,0,0,0,0]
["other ",1,"acre",0,0,0,0,0]
["other ",1,"acre",0,0,0,0,0]
["Crop Insurance",1,"acre",20,0.33,20,13.399999999999999,6.6000000000000005]
["Operator Labor & Hand Labor",0.56000000000000005,"hours",{"$f":"'Universal Input Prices'!$B$31","v":18.54},0,10.382400000000001,10.382400000000001,0]
["Diesel Fuel - Tractors",1.5,"gallons",{"$f":"'Universal Input Prices'!$B$32","v":2.65},0,3.9749999999999996,3.9749999999999996,0]
["Gasoline - Pickup",2.0339999999999998,"gallons",{"$f":"'Universal Input Prices'!$B$33","v":2.25},0,4.5764999999999993,4.5764999999999993,0]
["Repair & Maintenance"]
["Implements",1,"acre",3.07,0,{"$f":"D35*B35","v":3.07},3.07,0]
["Tractors",1,"acre",0,0,{"$f":"D36*B36","v":0},0,0]
["Other Fixed Expenses",15,"acre",0,0,{"$f":"D37*B37","v":0},0,0]
["Tractors/Self Propelled Equipment",1,"acre",2.74,1,{"$f":"D38*B38","v":2.74},0,2.74]
["Pickup",1,"acre",2.4900000000000002,0,{"$f":"D39*B39","v":2.4900000000000002},2.4900000000000002,0]
["Interest-operating capital",{"$f":"'Universal Input Prices'!$B$35","v":8.4000000000000005E-2},null,null,null,{"$f":"(SUM(F15:F23,F25:F39))*$B40/2","v":5.5269156292682924},{"$f":"(SUM(G15:G23,G25:G39))*$B40/2","v":4.1525253256097558},{"$f":"(SUM(H15:H23,H25:H39))*$B40/2","v":1.3743903036585368}]
[]
["Total Variable Costs",null,null,null,null,{"$f":"SUM(F15:F40)","v":137.12014489756098},{"$f":"SUM(G15:G40)","v":103.02217593536584},{"$f":"SUM(H15:H40)","v":34.097968962195125}]
["Returns Above Variable Costs",null,null,null,null,{"$f":"F12-F42","v":81.279855102439029},{"$f":"G12-G42","v":43.305824064634137},{"$f":"H12-H42","v":37.974031037804878}]
[]
["Fixed Costs"]
["Implements",1,"acre",5.29,0,{"$f":"D46*B46","v":5.29},{"$f":"F46*(1-E46)","v":5.29},{"$f":"F46*E46","v":0}]
["Tractors",1,"acre",0,0,0,0,0]
["Other Fixed Expenses",1,"acre",0,1,0,0,0]
["Tractors/Self Propelled Equipment",1,"acre",4.5999999999999996,1,4.5999999999999996,0,4.5999999999999996]
["Pickup",1,"acre",4.12,0,4.12,4.12,0]
["Management",1,"acre",0,0,0,0,0]
["Whole Farm Insurance",1,"acre",0,0,{"$f":"B52*D52","v":0},0,0]
["Land cash rent value",1,"acre",30,1,{"$f":"D53*B53","v":30},{"$f":"IF($H$6=\"Cash\",D53,F53*(1-E53))","v":0},{"$f":"IF($H$6=\"Cash\",0,F53*E53)","v":30}]
["Property Tax",1,"acre",0,1,{"$f":"B54*D54","v":0},0,0]
["Total Fixed Expenses",null,null,null,null,{"$f":"SUM(F46:F54)","v":44.010000000000005},{"$f":"SUM(G46:G54)","v":9.41},{"$f":"SUM(H46:H54)","v":34.6}]
["Total Specified Expenses",null,null,null,null,{"$f":"F42+F55","v":181.13014489756097},{"$f":"G42+G55","v":112.43217593536583},{"$f":"H42+H55","v":68.69796896219512}]
["Returns Above Total Specified Expenses",null,null,null,null,{"$f":"F12-F56","v":37.269855102439038},{"$f":"G12-G56","v":33.895824064634141},{"$f":"H12-H56","v":3.3740310378048832}]
[]
["Return on Investment",null,null,null,null,{"$f":"(F57/F56)","v":0.20576285147630829},{"$f":"(G57/G56)","v":0.30147796911908847},4.9113985300811902E-2]

{"sheet":"Dry Sunflowers-Oilseed","index":23,"n_rows":61,"n_cols":8,"rows_kept":61,"cut":false,"hidden":false,"merged":[[1,0,1,7],[2,0,2,7],[3,0,3,7]]}
[]
[" Estimated Costs and Returns per Acre"]
["Dryland Sunflowers-Oilseed"]
["Projected for 2026"]
[null,null,null,null,null,null,null,"Rental Agreement"]
["Item ","Quantity","Unit","Price","Landlord","Total",null,"Share"]
[null,null,null,null,"Share",null,"Tenant","Landlord"]
["Income"]
["oilseed sunflowers",10,"cwt",{"$f":"'Universal Input Prices'!$B$16","v":23},0.33,{"$f":"D9*B9","v":230},{"$f":"F9*(1-E9)","v":154.1},{"$f":"IF(H6=\"Cash\", D55,F9*E9)","v":75.900000000000006}]
["other income",1,"unit",0,0.33,{"$f":"D10*B10","v":0},{"$f":"F10*(1-E10)","v":0},{"$f":"IF(H7=\"Cash\", D59,F10*E10)","v":0}]
["other income",1,"unit",0,0.33,{"$f":"D11*B11","v":0},{"$f":"F11*(1-E11)","v":0},{"$f":"IF(H8=\"Cash\", D60,F11*E11)","v":0}]
["Total Income",null,null,null,null,{"$f":"SUM(F8:F11)","v":230},{"$f":"SUM(G8:G11)","v":154.1},{"$f":"SUM(H8:H11)","v":75.900000000000006}]
[]
["Variable Costs"]
["Seed",1,"acre",20,0,{"$f":"D15*B15","v":20},{"$f":"F15*(1-E15)","v":20},{"$f":"F15*E15","v":0}]
["Fertilizer"]
["fert (N) - liquid",40.01,"lb",{"$f":"IF(A17=\"\",0,VLOOKUP(A17,'Universal Input Prices'!$A$26:$B$27, 2))","v":0.7109375},0.33,{"$f":"D17*B17","v":28.444609374999999},{"$f":"F17*(1-E17)","v":19.057888281249998},{"$f":"F17*E17","v":9.3867210937499994}]
[null,0,"lb",{"$f":"IF(A18=\"\",0,VLOOKUP(A18,'Universal Input Prices'!$A$26:$B$30, 2))","v":0},0,{"$f":"D18*B18","v":0},{"$f":"F18*(1-E18)","v":0},{"$f":"F18*E18","v":0}]
[null,0,"lb",{"$f":"IF(A19=\"\",0,VLOOKUP(A19,'Universal Input Prices'!$A$26:$B$30, 2))","v":0},0,{"$f":"D19*B19","v":0},{"$f":"F19*(1-E19)","v":0},{"$f":"F19*E19","v":0}]
["Field Operations"]
["herbicide (glyphosphate)",3,"acre",11.75,0.33,{"$f":"D21*B21","v":35.25},{"$f":"F21*(1-E21)","v":23.617499999999996},{"$f":"F21*E21","v":11.6325}]
["herbicide (2-4D/Prowl H2O)",1,"acre",17.09,0.33,{"$f":"D22","v":17.09},{"$f":"F22*(1-E22)","v":11.450299999999999},{"$f":"F22*E22","v":5.6397000000000004}]
["seed insecticide ",1,"acre",10.1,0.33,{"$f":"D23*B23","v":10.1},6.7669999999999995,3.3330000000000002]
["custom harvest",1,"acre",35,0,35,35,0]
["custom haul",{"$f":"B9","v":10},"cwt",0.7,0,7,7,0]
["insecticide (ammo)",1,"acre",3.91,0,{"$f":"D26*B26","v":3.91},{"$f":"F26*(1-E26)","v":3.91},{"$f":"F26*E26","v":0}]
["pesticide application",1,"acre",8.25,0,{"$f":"D27*B27","v":8.25},{"$f":"F27*(1-E27)","v":8.25},{"$f":"F27*E27","v":0}]
["herbicide application",3,"acre",8.25,0,{"$f":"D28*B28","v":24.75},{"$f":"F28*(1-E28)","v":24.75},{"$f":"F28*E28","v":0}]
["other ",1,"acre",0,0,0,0,0]
["other ",1,"acre",0,0,0,0,0]
["other ",1,"acre",0,0,0,0,0]
["Crop Insurance",1,"acre",15,0.33,15,10.049999999999999,4.95]
["Operator Labor & Hand Labor",0.18,"hours",{"$f":"'Universal Input Prices'!$B$31","v":18.54},0,{"$f":"B33*D33","v":3.3371999999999997},3.3371999999999997,0]
["Diesel Fuel - Tractors",0.64,"gallons",{"$f":"'Universal Input Prices'!$B$32","v":2.65},0,1.696,1.696,0]
["Gasoline - Pickup",2.0339999999999998,"gallons",{"$f":"'Universal Input Prices'!$B$33","v":2.25},0,4.5764999999999993,4.5764999999999993,0]
["Repair & Maintenance"]
["Implements",1,"acre",3.06,0,{"$f":"D37*B37","v":3.06},{"$f":"F37*(1-E37)","v":3.06},{"$f":"F37*E37","v":0}]
["Tractors",1,"acre",0,0,{"$f":"D38*B38","v":0},{"$f":"F38*(1-E38)","v":0},{"$f":"F38*E38","v":0}]
["Other Fixed Expenses",1,"acre",0,0,0,{"$f":"F39*(1-E39)","v":0},{"$f":"F39*E39","v":0}]
["Tractors/Self Propelled Equipment",1,"acre",1.64,1,{"$f":"D40*B40","v":1.64},{"$f":"F40*(1-E40)","v":0},{"$f":"F40*E40","v":1.64}]
["Pickup",1,"acre",2.4900000000000002,0,{"$f":"D41*B41","v":2.4900000000000002},{"$f":"F41*(1-E41)","v":2.4900000000000002},{"$f":"F41*E41","v":0}]
["Interest-operating capital",{"$f":"'Universal Input Prices'!$B$35","v":8.4000000000000005E-2},null,null,null,{"$f":"(SUM(F15:F23,F26:F41))*$B42/2","v":7.5429609937500004},{"$f":"(SUM(G15:G23,G26:G41))*$B42/2","v":6.0065203078125},{"$f":"(SUM(H15:H23,H26:H41))*$B42/2","v":1.5364406859375004}]
[]
["Total Variable Costs",null,null,null,null,{"$f":"SUM(F15:F42)","v":229.13727036874999},{"$f":"SUM(G15:G42)","v":191.01890858906251},{"$f":"SUM(H15:H42)","v":38.118361779687504}]
["Returns Above Variable Costs",null,null,null,null,{"$f":"F12-F44","v":0.86272963125000501},{"$f":"G12-G44","v":-36.918908589062511},{"$f":"H12-H44","v":37.781638220312502}]
[]
["Fixed Costs"]
["Implements",1,"acre",5.34,0,{"$f":"D48*B48","v":5.34},{"$f":"F48*(1-E48)","v":5.34},{"$f":"F48*E48","v":0}]
["Tractors",1,"acre",0,0,0,0,0]
["Other Fixed Expenses",1,"acre",0,1,0,0,0]
["Tractors/Self Propelled Equipment",1,"acre",2.8,1,2.8,0,2.8]
["Pickup",1,"acre",4.12,0,4.12,4.12,0]
["Management",1,"acre",0,0,0,0,0]
["Whole Farm Insurance",1,"acre",0,0,{"$f":"B54*D54","v":0},0,0]
["Land cash rent value",1,"acre",30,1,{"$f":"D55*B55","v":30},{"$f":"IF($H$6=\"Cash\",D55,F55*(1-E55))","v":0},{"$f":"IF($H$6=\"Cash\",0,F55*E55)","v":30}]
["Property Tax",1,"acre",0,1,{"$f":"B56*D56","v":0},0,0]
["Total Fixed Expenses",null,null,null,null,{"$f":"SUM(F48:F56)","v":42.260000000000005},{"$f":"SUM(G48:G56)","v":9.4600000000000009},{"$f":"SUM(H48:H56)","v":32.799999999999997}]
["Total Specified Expenses",null,null,null,null,{"$f":"F44+F57","v":271.39727036875001},{"$f":"G44+G57","v":200.47890858906251},{"$f":"H44+H57","v":70.918361779687501}]
["Returns Above Total Specified Expenses",null,null,null,null,{"$f":"F12-F58","v":-41.397270368750014},{"$f":"G12-G58","v":-46.378908589062519},{"$f":"H12-H58","v":4.9816382203125045}]
[]
["Return on Investment",null,null,null,null,{"$f":"(F59/F58)","v":-0.15253384941014017},{"$f":"(G59/G58)","v":-0.23134058797241877},7.0244688333160984E-2]

{"sheet":"Dry Wheat","index":24,"n_rows":61,"n_cols":8,"rows_kept":61,"cut":false,"hidden":false,"merged":[[1,0,1,7],[2,0,2,7],[3,0,3,7]]}
[]
[" Estimated Costs and Returns per Acre"]
["Dryland Wheat"]
["Projected for 2026"]
[null,null,null,null,null,null,null,"Rental Agreement"]
["Item ","Quantity","Unit","Price","Landlord","Total",null,"Share"]
[null,null,null,null,"Share",null,"Tenant","Landlord"]
["Income"]
["wheat",20,"bu",{"$f":"'Universal Input Prices'!$B$18","v":5.0999999999999996},0.33,{"$f":"D9*B9","v":102},{"$f":"F9*(1-E9)","v":68.339999999999989},{"$f":"IF(H6=\"Cash\", D55,F9*E9)","v":33.660000000000004}]
["grazing",73,"lb",{"$f":"Grazing_Price","v":0.65},0.33,{"$f":"D10*B10","v":47.45},{"$f":"F10*(1-E10)","v":31.791499999999999},{"$f":"IF(H6=\"Cash\", 0,F10*E10)","v":15.658500000000002}]
["other income",1,"unit",0,0.33,{"$f":"D11*B11","v":0},{"$f":"F11*(1-E11)","v":0},{"$f":"IF(H8=\"Cash\", D60,F11*E11)","v":0}]
["other income",1,"unit",0,0.33,{"$f":"D12*B12","v":0},{"$f":"F12*(1-E12)","v":0},{"$f":"IF(H9=\"Cash\", D61,F12*E12)","v":0}]
["Total Income",null,null,null,null,{"$f":"SUM(F8:F12)","v":149.44999999999999},{"$f":"SUM(G8:G12)","v":100.13149999999999},49.318500000000007]
[]
["Variable Costs"]
["Seed",1,"bu",12.5,0,{"$f":"D16*B16","v":12.5},{"$f":"F16*(1-E16)","v":12.5},{"$f":"F16*E16","v":0}]
["Fertilizer"]
["fert (N) - NH3 ",30,"lb",{"$f":"IF(A18=\"\",0,VLOOKUP(A18,'Universal Input Prices'!$A$26:$B$30, 2))","v":0.43292682926829268},0.33,{"$f":"D18*B18","v":12.987804878048781},{"$f":"F18*(1-E18)","v":8.7018292682926823},{"$f":"F18*E18","v":4.2859756097560977}]
[null,0,"lb",{"$f":"IF(A19=\"\",0,VLOOKUP(A19,'Universal Input Prices'!$A$26:$B$30, 2))","v":0},0,{"$f":"D19*B19","v":0},{"$f":"F19*(1-E19)","v":0},{"$f":"F19*E19","v":0}]
[null,0,"lb",{"$f":"IF(A20=\"\",0,VLOOKUP(A20,'Universal Input Prices'!$A$26:$B$30, 2))","v":0},0,{"$f":"D20*B20","v":0},{"$f":"F20*(1-E20)","v":0},{"$f":"F20*E20","v":0}]
["Field Operations"]
["herbicide & application",1,"acre",0,0.33,{"$f":"D22*B22","v":0},{"$f":"F22*(1-E22)","v":0},{"$f":"F22*E22","v":0}]
["fertilizer application",1,"acre",18.5,0.33,18.5,12.395,6.1050000000000004]
["insecticide & application",1,"acre",0,0.33,0,0,0]
["custom harvest & haul",1,"acre",35,0,35,35,0]
["custom harvest & haul",{"$f":"B9","v":20},"bu",0.35,0,{"$f":"D26*B26","v":7},7,0]
["hoeing",0,"acre",0,0,0,0,0]
["scouting",1,"acre",0,0,{"$f":"D28*B28","v":0},{"$f":"F28*(1-E28)","v":0},{"$f":"F28*E28","v":0}]
["other ",1,"acre",0,0,0,0,0]
["other ",1,"acre",0,0,0,0,0]
["other ",1,"acre",0,0,0,0,0]
["Crop Insurance",1,"acre",25,0.33,25,16.75,8.25]
["Operator Labor & Hand Labor",0.57999999999999996,"hours",{"$f":"'Universal Input Prices'!$B$31","v":18.54},0,10.7532,10.7532,0]
["Diesel Fuel - Tractors",1.73,"gallons",{"$f":"'Universal Input Prices'!$B$32","v":2.65},0,4.5845000000000002,4.5845000000000002,0]
["Gasoline - Pickup",2.0299999999999998,"gallons",{"$f":"'Universal Input Prices'!$B$33","v":2.25},0,4.5674999999999999,4.5674999999999999,0]
["Repair & Maintenance"]
["Implements",1,"acre",4.79,0,{"$f":"D37*B37","v":4.79},{"$f":"F37*(1-E37)","v":4.79},{"$f":"F37*E37","v":0}]
["Tractors",1,"acre",0,0,{"$f":"D38*B38","v":0},{"$f":"F38*(1-E38)","v":0},{"$f":"F38*E38","v":0}]
["Other Fixed Expenses",1,"acre",0,0,0,{"$f":"F39*(1-E39)","v":0},{"$f":"F39*E39","v":0}]
["Tractors/Self Propelled Equipment",1,"acre",3.75,1,{"$f":"D40*B40","v":3.75},{"$f":"F40*(1-E40)","v":0},{"$f":"F40*E40","v":3.75}]
["Pickup",1,"acre",2.4900000000000002,0,{"$f":"D41*B41","v":2.4900000000000002},{"$f":"F41*(1-E41)","v":2.4900000000000002},{"$f":"F41*E41","v":0}]
["Interest-operating capital",{"$f":"'Universal Input Prices'!$B$35","v":8.4000000000000005E-2},null,null,null,{"$f":"(SUM(F16:F24,F27:F41))*$B42/2","v":4.196766204878049},{"$f":"(SUM(G16:G24,G27:G41))*$B42/2","v":3.2563452292682924},{"$f":"(SUM(H16:H24,H27:H41))*$B42/2","v":0.94042097560975613}]
[]
["Total Variable Costs",null,null,null,null,{"$f":"SUM(F16:F42)","v":146.11977108292686},{"$f":"SUM(G16:G42)","v":122.78837449756097},{"$f":"SUM(H16:H42)","v":23.331396585365852}]
["Returns Above Variable Costs",null,null,null,null,{"$f":"F13-F44","v":3.3302289170731285},{"$f":"G13-G44","v":-22.656874497560977},{"$f":"H13-H44","v":25.987103414634156}]
[]
["Fixed Costs"]
["Implements",1,"acre",8.48,0,{"$f":"B48*D48","v":8.48},{"$f":"F48*(1-E48)","v":8.48},{"$f":"F48*E48","v":0}]
["Tractors",1,"acre",0,0,{"$f":"B49*-D49","v":0},0,0]
["Other Fixed Expenses",1,"acre",0,1,{"$f":"D50*B50","v":0},0,0]
["Tractors/Self Propelled Equipment",1,"acre",6.32,1,6.32,0,6.32]
["Pickup",1,"acre",4.12,0,{"$f":"B52*D52","v":4.12},4.12,0]
["Management",1,"acre",0,0,0,0,0]
["Whole Farm Insurance",1,"acre",0,0,{"$f":"B54*D54","v":0},0,0]
["Land cash rent value",1,"acre",30,1,{"$f":"B55*D55","v":30},{"$f":"IF($H$6=\"Cash\",D55,F55*(1-E55))","v":0},{"$f":"IF($H$6=\"Cash\",0,F55*E55)","v":30}]
["Property Tax",1,"acre",0,1,{"$f":"B56*D56","v":0},0,0]
["Total Fixed Expenses",null,null,null,null,{"$f":"SUM(F48:F56)","v":48.92},{"$f":"SUM(G48:G56)","v":12.600000000000001},{"$f":"SUM(H48:H56)","v":36.32}]
["Total Specified Expenses",null,null,null,null,{"$f":"F44+F57","v":195.03977108292685},{"$f":"G44+G57","v":135.38837449756096},{"$f":"H44+H57","v":59.651396585365852}]
["Returns Above Total Specified Expenses",null,null,null,null,{"$f":"F13-F58","v":-45.589771082926859},{"$f":"G13-G58","v":-35.256874497560972},{"$f":"H13-H58","v":-10.332896585365845}]
[]
["Return on Investment",null,null,null,null,{"$f":"(F59/F58)","v":-0.23374602436106756},{"$f":"(G59/G58)","v":-0.26041286505139427},-0.17322136910204031]

{"sheet":"Dry Other Crop","index":25,"n_rows":61,"n_cols":8,"rows_kept":61,"cut":false,"hidden":false,"merged":[[1,0,1,7],[2,0,2,7],[3,0,3,7]]}
[]
[" Estimated Costs and Returns per Acre"]
[{"$f":"'Universal Input Prices'!A20","v":"Dryland Other Crop"}]
["Projected for 2026"]
[null,null,null,null,null,null,null,"Rental Agreement"]
["Item ","Quantity","Unit","Price","Landlord","Total",null,"Share"]
[null,null,null,null,"Share",null,"Tenant","Landlord"]
["Income"]
["other dryland crop",0,{"$f":"'Universal Input Prices'!C20","v":"unit"},{"$f":"'Universal Input Prices'!B20","v":0},0.33,{"$f":"D9*B9","v":0},{"$f":"F9*(1-E9)","v":0},{"$f":"IF(H6=\"Cash\", D55,F9*E9)","v":0}]
["other income",1,"unit",0,0.33,{"$f":"D10*B10","v":0},{"$f":"F10*(1-E10)","v":0},{"$f":"IF(H7=\"Cash\", D59,F10*E10)","v":0}]
["other income",1,"unit",0,0.33,{"$f":"D11*B11","v":0},{"$f":"F11*(1-E11)","v":0},{"$f":"IF(H8=\"Cash\", D60,F11*E11)","v":0}]
["Total Income",null,null,null,null,{"$f":"F9+F10","v":0},{"$f":"G9+G10","v":0},{"$f":"H9+H10","v":0}]
[]
["Variable Costs"]
["Seed",0,"unit",0,0,{"$f":"D15*B15","v":0},{"$f":"F15*(1-E15)","v":0},{"$f":"F15*E15","v":0}]
["Fertilizer"]
["fert (N) - NH3 ",0,"lb",{"$f":"IF(A17=\"\",0,VLOOKUP(A17,'Universal Input Prices'!$A$26:$B$30, 2))","v":0.43292682926829268},0.33,{"$f":"D17*B17","v":0},{"$f":"F17*(1-E17)","v":0},{"$f":"F17*E17","v":0}]
["fert (N) - dry",0,"lb",{"$f":"IF(A18=\"\",0,VLOOKUP(A18,'Universal Input Prices'!$A$26:$B$30, 2))","v":0.49456521739130432},0.33,0,0,0]
["fert (N) - liquid",0,"lb",{"$f":"IF(A19=\"\",0,VLOOKUP(A19,'Universal Input Prices'!$A$26:$B$30, 2))","v":0.7109375},0.33,{"$f":"D19*B19","v":0},{"$f":"F19*(1-E19)","v":0},{"$f":"F19*E19","v":0}]
["fert (P) - dry",0,"lb",{"$f":"IF(A20=\"\",0,VLOOKUP(A20,'Universal Input Prices'!$A$26:$B$30, 2))","v":0.86057692307692313},0.33,{"$f":"D20*B20","v":0},{"$f":"F20*(1-E20)","v":0},{"$f":"F20*E20","v":0}]
["fert (P) - liquid",0,"lb",{"$f":"IF(A21=\"\",0,VLOOKUP(A21,'Universal Input Prices'!$A$26:$B$30, 2))","v":0.99264705882352944},0.33,{"$f":"D21*B21","v":0},{"$f":"F21*(1-E21)","v":0},{"$f":"F21*E21","v":0}]
["Field Operations"]
["herbicide & application",1,"acre",0,0.33,{"$f":"D23*B23","v":0},{"$f":"F23*(1-E23)","v":0},{"$f":"F23*E23","v":0}]
["fertilizer application",0,"acre",11.75,0.33,0,0,0]
["insecticide & application",0,"acre",0,0.33,0,0,0]
["custom harvest & haul",{"$f":"B9","v":0},{"$f":"C9","v":"unit"},0,0,0,0,0]
["crop consulting",1,"acre",0,0,0,0,0]
["scouting",1,"acre",0,0,{"$f":"D28*B28","v":0},{"$f":"F28*(1-E28)","v":0},{"$f":"F28*E28","v":0}]
["other ",1,"acre",0,0,0,0,0]
["other ",1,"acre",0,0,0,0,0]
["other ",1,"acre",0,0,0,0,0]
["Crop Insurance",1,"acre",0,0.33,0,0,0]
["Operator Labor & Hand Labor",0,"hours",{"$f":"'Universal Input Prices'!$B$31","v":18.54},0,0,0,0]
["Diesel Fuel - Tractors",0,"gallons",{"$f":"'Universal Input Prices'!$B$32","v":2.65},0,0,0,0]
["Gasoline - Pickup",0,"gallons",{"$f":"'Universal Input Prices'!$B$33","v":2.25},0,0,0,0]
["Repair & Maintenance"]
["Implements",0,"acre",4.47,0,{"$f":"D37*B37","v":0},0,0]
["Tractors",0,"acre",5.55,0,{"$f":"D38*B38","v":0},0,0]
["Other Fixed Expenses",{"$f":"0","v":0},"acre",4.04,0,{"$f":"D39*B39","v":0},0,0]
["Self Propelled Equipment",0,"acre",0.16,1,{"$f":"D40*B40","v":0},0,0]
["Pickup",1,"acre",0,0,{"$f":"D41*B41","v":0},0,0]
["Interest-operating capital",{"$f":"'Universal Input Prices'!$B$35","v":8.4000000000000005E-2},null,null,null,{"$f":"(SUM(F15:F25,F27:F41))*$B42/2","v":0},{"$f":"(SUM(G15:G25,G27:G41))*$B42/2","v":0},{"$f":"(SUM(H15:H25,H27:H41))*$B42/2","v":0}]
[]
["Total Variable Costs",null,null,null,null,{"$f":"SUM(F15:F42)","v":0},{"$f":"SUM(G15:G42)","v":0},{"$f":"SUM(H15:H42)","v":0}]
["Returns Above Variable Costs",null,null,null,null,{"$f":"F12-F44","v":0},{"$f":"G12-G44","v":0},{"$f":"H12-H44","v":0}]
[]
["Fixed Costs"]
["Implements",0,"acre",7.04,0,{"$f":"D48*B48","v":0},{"$f":"F48*(1-E48)","v":0},{"$f":"F48*E48","v":0}]
["Tractors",0,"acre",7.89,0,0,0,0]
["Other Fixed Expenses",1,"acre",0,0,0,0,0]
["Self Propelled Equipment",1,"acre",0,1,0,0,0]
["Pickup",1,"acre",0,0,0,0,0]
["Management",1,"acre",0,0,0,0,0]
["Whole Farm Insurance",1,"acre",0,0,{"$f":"B54*D54","v":0},0,0]
["Land cash rent value",0,"acre",30,1,{"$f":"D55*B55","v":0},{"$f":"IF($H$6=\"Cash\",D55,F55*(1-E55))","v":0},{"$f":"IF($H$6=\"Cash\",0,F55*E55)","v":0}]
["Property Tax",1,"acre",0,1,{"$f":"B56*D56","v":0},0,0]
["Total Fixed Expenses",null,null,null,null,{"$f":"SUM(F48:F56)","v":0},{"$f":"SUM(G48:G56)","v":0},{"$f":"SUM(H48:H56)","v":0}]
["Total Specified Expenses",null,null,null,null,{"$f":"F44+F57","v":0},{"$f":"G44+G57","v":0},{"$f":"H44+H57","v":0}]
["Returns Above Total Specified Expenses",null,null,null,null,{"$f":"F12-F58","v":0},{"$f":"G12-G58","v":0},{"$f":"H12-H58","v":0}]
[]
["Return on Investment",null,null,null,null,{"$f":"IF(F58=0,\"-\",(F59/F58))","v":"-"},{"$f":"IF(G58=0,\"-\",(G59/G58))","v":"-"},"-"]

{"sheet":"Break-Even Comparison","index":26,"n_rows":212,"n_cols":11,"rows_kept":212,"cut":false,"hidden":false,"merged":[[205,4,205,5],[205,6,205,8],[187,4,187,5],[187,6,187,8],[196,4,196,5],[196,6,196,8],[169,4,169,5],[169,6,169,8],[178,4,178,5],[178,6,178,8],[151,4,151,5],[151,6,151,8],[160,4,160,5],[160,6,160,8],[106,4,106,5],[106,6,106,8],[142,4,142,5],[142,6,142,8],[115,4,115,5],[115,6,115,8],[133,4,133,5],[133,6,133,8],[124,4,124,5],[124,6,124,8],[79,4,79,5],[79,6,79,8],[97,4,97,5],[97,6,97,8],[88,4,88,5],[88,6,88,8],[52,4,52,5],[52,6,52,8],[43,4,43,5],[43,6,43,8],[70,4,70,5],[70,6,70,8],[61,6,61,8],[61,4,61,5],[4,2,4,8],[34,4,34,5],[25,4,25,5],[25,6,25,8],[16,4,16,5],[16,6,16,8],[7,4,7,5],[34,6,34,8],[7,6,7,8]]}
[]
["HIDE IF",null,null,null,null,"Tenant",null,"Tenant","Landlord"]
[null,null,null,null,null,{"$f":"_xlfn.XLOOKUP(F2,PGM_ShowHide_Lookup,PGM_ShowHide_Return,\"\")","v":"Yes"},null,{"$f":"_xlfn.XLOOKUP(H2,PGM_ShowHide_Lookup,PGM_ShowHide_Return,\"\")","v":"Yes"},{"$f":"_xlfn.XLOOKUP(I2,PGM_ShowHide_Lookup,PGM_ShowHide_Return,\"\")","v":"Yes"}]
[]
[]
["PARAMETER","DISPLAY?"]
["Irrigated Alfalfa",{"$f":"_xlfn.XLOOKUP(A7,PGM_ShowHide_Lookup,PGM_ShowHide_Return,\"\")","v":"Yes"},{"$f":"'Irr Alfalfa'!$A$3","v":"Irrigated Alfalfa"}]
["Irrigated Alfalfa","Yes",null,null,"BE Price to Cover Variable Costs",null,"BE Price to Cover Total Costs"]
["Irrigated Alfalfa","Yes","Yield","TON","Total","Tenant","Total","Tenant","Landlord"]
["Irrigated Alfalfa","Yes",0.75,{"$f":"'Irr Alfalfa'!$B$9*$C10","v":4.125},{"$f":"('Irr Alfalfa'!F$48+(D10-D$12)*('Irr Alfalfa'!$D$26))/D10","v":163.37010799629232},{"$f":"('Irr Alfalfa'!G$48+(J10-J$12)*('Irr Alfalfa'!$D$26))/J10","v":221.72507799271028},{"$f":"('Irr Alfalfa'!F$63+(D10-D$12)*('Irr Alfalfa'!$D$26))/D10","v":266.28404739023165},{"$f":"('Irr Alfalfa'!G$63+(J10-J$12)*('Irr Alfalfa'!$D$26))/J10","v":302.96252711075641},{"$f":"IF($K10=0,\"N/A\",('Irr Alfalfa'!H$63+(K10-K$12)*('Irr Alfalfa'!$D$26))/K10)","v":191.81561886674226},{"$f":"'Irr Alfalfa'!$B$9*(1-'Irr Alfalfa'!$E$9)*$C10","v":2.7637499999999999},{"$f":"'Irr Alfalfa'!$B$9*'Irr Alfalfa'!$E$9*$C10","v":1.3612500000000001}]
["Irrigated Alfalfa","Yes",0.9,{"$f":"'Irr Alfalfa'!$B$9*$C11","v":4.95},{"$f":"('Irr Alfalfa'!F$48+(D11-D$12)*('Irr Alfalfa'!$D$26))/D11","v":146.97508999691024},{"$f":"('Irr Alfalfa'!G$48+(J11-J$12)*('Irr Alfalfa'!$D$26))/J11","v":195.60423166059192},{"$f":"('Irr Alfalfa'!F$63+(D11-D$12)*('Irr Alfalfa'!$D$26))/D11","v":232.73670615852637},{"$f":"('Irr Alfalfa'!G$63+(J11-J$12)*('Irr Alfalfa'!$D$26))/J11","v":263.30210592563037},{"$f":"IF($K11=0,\"N/A\",('Irr Alfalfa'!H$63+(K11-K$12)*('Irr Alfalfa'!$D$26))/K11)","v":170.67968238895187},{"$f":"'Irr Alfalfa'!$B$9*(1-'Irr Alfalfa'!$E$9)*$C11","v":3.3164999999999996},{"$f":"'Irr Alfalfa'!$B$9*'Irr Alfalfa'!$E$9*$C11","v":1.6335000000000002}]
["Irrigated Alfalfa","Yes",1,{"$f":"'Irr Alfalfa'!$B$9*$C12","v":5.5},{"$f":"('Irr Alfalfa'!F$48+(D12-D$12)*('Irr Alfalfa'!$D$26))/D12","v":138.77758099721925},{"$f":"('Irr Alfalfa'!G$48+(J12-J$12)*('Irr Alfalfa'!$D$26))/J12","v":182.54380849453273},{"$f":"('Irr Alfalfa'!F$63+(D12-D$12)*('Irr Alfalfa'!$D$26))/D12","v":215.96303554267377},{"$f":"('Irr Alfalfa'!G$63+(J12-J$12)*('Irr Alfalfa'!$D$26))/J12","v":243.47189533306732},{"$f":"IF($K12=0,\"N/A\",('Irr Alfalfa'!H$63+(K12-K$12)*('Irr Alfalfa'!$D$26))/K12)","v":160.11171415005671},{"$f":"'Irr Alfalfa'!$B$9*(1-'Irr Alfalfa'!$E$9)*$C12","v":3.6849999999999996},{"$f":"'Irr Alfalfa'!$B$9*'Irr Alfalfa'!$E$9*$C12","v":1.8150000000000002}]
["Irrigated Alfalfa","Yes",1.1000000000000001,{"$f":"'Irr Alfalfa'!$B$9*$C13","v":6.0500000000000007},{"$f":"('Irr Alfalfa'!F$48+(D13-D$12)*('Irr Alfalfa'!$D$26))/D13","v":132.07052817929019},{"$f":"('Irr Alfalfa'!G$48+(J13-J$12)*('Irr Alfalfa'!$D$26))/J13","v":171.85800772230246},{"$f":"('Irr Alfalfa'!F$63+(D13-D$12)*('Irr Alfalfa'!$D$26))/D13","v":202.23912322061247},{"$f":"('Irr Alfalfa'!G$63+(J13-J$12)*('Irr Alfalfa'!$D$26))/J13","v":227.24717757551574},{"$f":"IF($K13=0,\"N/A\",('Irr Alfalfa'!H$63+(K13-K$12)*('Irr Alfalfa'!$D$26))/K13)","v":151.46519468186972},{"$f":"'Irr Alfalfa'!$B$9*(1-'Irr Alfalfa'!$E$9)*$C13","v":4.0534999999999997},{"$f":"'Irr Alfalfa'!$B$9*'Irr Alfalfa'!$E$9*$C13","v":1.9965000000000004}]
["Irrigated Alfalfa","Yes",1.25,{"$f":"'Irr Alfalfa'!$B$9*$C14","v":6.875},{"$f":"('Irr Alfalfa'!F$48+(D14-D$12)*('Irr Alfalfa'!$D$26))/D14","v":124.02206479777539},{"$f":"('Irr Alfalfa'!G$48+(J14-J$12)*('Irr Alfalfa'!$D$26))/J14","v":159.03504679562619},{"$f":"('Irr Alfalfa'!F$63+(D14-D$12)*('Irr Alfalfa'!$D$26))/D14","v":185.77042843413901},{"$f":"('Irr Alfalfa'!G$63+(J14-J$12)*('Irr Alfalfa'!$D$26))/J14","v":207.77751626645389},{"$f":"IF($K14=0,\"N/A\",('Irr Alfalfa'!H$63+(K14-K$12)*('Irr Alfalfa'!$D$26))/K14)","v":141.08937132004536},{"$f":"'Irr Alfalfa'!$B$9*(1-'Irr Alfalfa'!$E$9)*$C14","v":4.6062499999999993},{"$f":"'Irr Alfalfa'!$B$9*'Irr Alfalfa'!$E$9*$C14","v":2.2687500000000003}]
["Irrigated Alfalfa","Yes"]
["Irrigated Canola","Yes",{"$f":"'Irr Canola'!$A$3","v":"Irrigated Canola"}]
["Irrigated Canola","Yes",null,null,"BE Price to Cover Variable Costs",null,"BE Price to Cover Total Costs"]
["Irrigated Canola","Yes","Yield","CWT","Total","Tenant","Total","Tenant","Landlord"]
["Irrigated Canola","Yes",0.75,{"$f":"'Irr Canola'!$B$9*$C19","v":16.5},{"$f":"('Irr Canola'!F$49+(D19-D$21)*('Irr Canola'!$D$27))/D19","v":20.531126245638994},{"$f":"('Irr Canola'!G$49+(J19-J$21)*('Irr Canola'!$D$27))/J19","v":25.415347632789608},{"$f":"('Irr Canola'!F$63+(D19-D$21)*('Irr Canola'!$D$27))/D19","v":33.543247457760209},{"$f":"('Irr Canola'!G$63+(J19-J$21)*('Irr Canola'!$D$27))/J19","v":33.017337682540855},{"$f":"IF($K19=0,\"N/A\",('Irr Canola'!H$63+(K19-K$21)*('Irr Canola'!$D$27))/K19)","v":34.61100366805406},{"$f":"'Irr Canola'!$B$9*(1-'Irr Canola'!$E$9)*$C19","v":11.055},{"$f":"'Irr Canola'!$B$9*'Irr Canola'!$E$9*$C19","v":5.4450000000000003}]
["Irrigated Canola","Yes",0.9,{"$f":"'Irr Canola'!$B$9*$C20","v":19.8},{"$f":"('Irr Canola'!F$49+(D20-D$21)*('Irr Canola'!$D$27))/D20","v":17.225938538032494},{"$f":"('Irr Canola'!G$49+(J20-J$21)*('Irr Canola'!$D$27))/J20","v":21.296123027324679},{"$f":"('Irr Canola'!F$63+(D20-D$21)*('Irr Canola'!$D$27))/D20","v":28.06937288146684},{"$f":"('Irr Canola'!G$63+(J20-J$21)*('Irr Canola'!$D$27))/J20","v":27.631114735450716},{"$f":"IF($K20=0,\"N/A\",('Irr Canola'!H$63+(K20-K$21)*('Irr Canola'!$D$27))/K20)","v":28.95916972337838},{"$f":"'Irr Canola'!$B$9*(1-'Irr Canola'!$E$9)*$C20","v":13.265999999999998},{"$f":"'Irr Canola'!$B$9*'Irr Canola'!$E$9*$C20","v":6.5340000000000007}]
["Irrigated Canola","Yes",1,{"$f":"'Irr Canola'!$B$9*$C21","v":22},{"$f":"('Irr Canola'!F$49+(D21-D$21)*('Irr Canola'!$D$27))/D21","v":15.573344684229248},{"$f":"('Irr Canola'!G$49+(J21-J$21)*('Irr Canola'!$D$27))/J21","v":19.236510724592208},{"$f":"('Irr Canola'!F$63+(D21-D$21)*('Irr Canola'!$D$27))/D21","v":25.332435593320156},{"$f":"('Irr Canola'!G$63+(J21-J$21)*('Irr Canola'!$D$27))/J21","v":24.938003261905642},{"$f":"IF($K21=0,\"N/A\",('Irr Canola'!H$63+(K21-K$21)*('Irr Canola'!$D$27))/K21)","v":26.133252751040544},{"$f":"'Irr Canola'!$B$9*(1-'Irr Canola'!$E$9)*$C21","v":14.739999999999998},{"$f":"'Irr Canola'!$B$9*'Irr Canola'!$E$9*$C21","v":7.2600000000000007}]
["Irrigated Canola","Yes",1.1000000000000001,{"$f":"'Irr Canola'!$B$9*$C22","v":24.200000000000003},{"$f":"('Irr Canola'!F$49+(D22-D$21)*('Irr Canola'!$D$27))/D22","v":14.221222440208406},{"$f":"('Irr Canola'!G$49+(J22-J$21)*('Irr Canola'!$D$27))/J22","v":17.551373385992914},{"$f":"('Irr Canola'!F$63+(D22-D$21)*('Irr Canola'!$D$27))/D22","v":23.093123266654683},{"$f":"('Irr Canola'!G$63+(J22-J$21)*('Irr Canola'!$D$27))/J22","v":22.734548419914219},{"$f":"IF($K22=0,\"N/A\",('Irr Canola'!H$63+(K22-K$21)*('Irr Canola'!$D$27))/K22)","v":23.821138864582309},{"$f":"'Irr Canola'!$B$9*(1-'Irr Canola'!$E$9)*$C22","v":16.213999999999999},{"$f":"'Irr Canola'!$B$9*'Irr Canola'!$E$9*$C22","v":7.9860000000000015}]
["Irrigated Canola","Yes",1.25,{"$f":"'Irr Canola'!$B$9*$C23","v":27.5},{"$f":"('Irr Canola'!F$49+(D23-D$21)*('Irr Canola'!$D$27))/D23","v":12.598675747383398},{"$f":"('Irr Canola'!G$49+(J23-J$21)*('Irr Canola'!$D$27))/J23","v":15.529208579673767},{"$f":"('Irr Canola'!F$63+(D23-D$21)*('Irr Canola'!$D$27))/D23","v":20.405948474656125},{"$f":"('Irr Canola'!G$63+(J23-J$21)*('Irr Canola'!$D$27))/J23","v":20.090402609524514},{"$f":"IF($K23=0,\"N/A\",('Irr Canola'!H$63+(K23-K$21)*('Irr Canola'!$D$27))/K23)","v":21.046602200832432},{"$f":"'Irr Canola'!$B$9*(1-'Irr Canola'!$E$9)*$C23","v":18.424999999999997},{"$f":"'Irr Canola'!$B$9*'Irr Canola'!$E$9*$C23","v":9.0750000000000011}]
["Irrigated Canola","Yes"]
["Irrigated Corn","Yes",{"$f":"'Irr Corn'!$A$3","v":"Irrigated Corn"}]
["Irrigated Corn","Yes",null,null,"BE Price to Cover Variable Costs",null,"BE Price to Cover Total Costs"]
["Irrigated Corn","Yes","Yield","BU","Total","Tenant","Total","Tenant","Landlord"]
["Irrigated Corn","Yes",0.75,{"$f":"'Irr Corn'!$B$9*$C28","v":168.75},{"$f":"('Irr Corn'!F$47+(D28-D$30)*('Irr Corn'!$D$25))/D28","v":5.4469228271314902},{"$f":"('Irr Corn'!G$47+(J28-J$30)*('Irr Corn'!$D$25))/J28","v":6.0821146474656391},{"$f":"('Irr Corn'!F$61+(D28-D$30)*('Irr Corn'!$D$25))/D28","v":7.3283450493537128},{"$f":"('Irr Corn'!G$61+(J28-J$30)*('Irr Corn'!$D$25))/J28","v":7.0602462118658602},{"$f":"IF($K28=0,\"N/A\",('Irr Corn'!H$61+(K28-K$30)*('Irr Corn'!$D$25))/K28)","v":7.9944951745246184},{"$f":"'Irr Corn'!$B$9*(1-'Irr Corn'!$E$9)*$C28","v":113.06249999999997},{"$f":"'Irr Corn'!$B$9*'Irr Corn'!$E$9*$C28","v":55.6875}]
["Irrigated Corn","Yes",0.9,{"$f":"'Irr Corn'!$B$9*$C29","v":202.5},{"$f":"('Irr Corn'!F$47+(D29-D$30)*('Irr Corn'!$D$25))/D29","v":4.6224356892762417},{"$f":"('Irr Corn'!G$47+(J29-J$30)*('Irr Corn'!$D$25))/J29","v":5.151762206221365},{"$f":"('Irr Corn'!F$61+(D29-D$30)*('Irr Corn'!$D$25))/D29","v":6.190287541128094},{"$f":"('Irr Corn'!G$61+(J29-J$30)*('Irr Corn'!$D$25))/J29","v":5.9668718432215497},{"$f":"IF($K29=0,\"N/A\",('Irr Corn'!H$61+(K29-K$30)*('Irr Corn'!$D$25))/K29)","v":6.7454126454371819},{"$f":"'Irr Corn'!$B$9*(1-'Irr Corn'!$E$9)*$C29","v":135.67499999999998},{"$f":"'Irr Corn'!$B$9*'Irr Corn'!$E$9*$C29","v":66.825000000000003}]
["Irrigated Corn","Yes",1,{"$f":"'Irr Corn'!$B$9*$C30","v":225},{"$f":"('Irr Corn'!F$47+(D30-D$30)*('Irr Corn'!$D$25))/D30","v":4.2101921203486183},{"$f":"('Irr Corn'!G$47+(J30-J$30)*('Irr Corn'!$D$25))/J30","v":4.6865859855992289},{"$f":"('Irr Corn'!F$61+(D30-D$30)*('Irr Corn'!$D$25))/D30","v":5.621258787015285},{"$f":"('Irr Corn'!G$61+(J30-J$30)*('Irr Corn'!$D$25))/J30","v":5.4201846588993954},{"$f":"IF($K30=0,\"N/A\",('Irr Corn'!H$61+(K30-K$30)*('Irr Corn'!$D$25))/K30)","v":6.1208713808934636},{"$f":"'Irr Corn'!$B$9*(1-'Irr Corn'!$E$9)*$C30","v":150.74999999999997},{"$f":"'Irr Corn'!$B$9*'Irr Corn'!$E$9*$C30","v":74.25}]
["Irrigated Corn","Yes",1.1000000000000001,{"$f":"'Irr Corn'!$B$9*$C31","v":247.50000000000003},{"$f":"('Irr Corn'!F$47+(D31-D$30)*('Irr Corn'!$D$25))/D31","v":3.8729019275896523},{"$f":"('Irr Corn'!G$47+(J31-J$30)*('Irr Corn'!$D$25))/J31","v":4.3059872596356623},{"$f":"('Irr Corn'!F$61+(D31-D$30)*('Irr Corn'!$D$25))/D31","v":5.1556898063775307},{"$f":"('Irr Corn'!G$61+(J31-J$30)*('Irr Corn'!$D$25))/J31","v":4.9728951444539948},{"$f":"IF($K31=0,\"N/A\",('Irr Corn'!H$61+(K31-K$30)*('Irr Corn'!$D$25))/K31)","v":5.6098830735395113},{"$f":"'Irr Corn'!$B$9*(1-'Irr Corn'!$E$9)*$C31","v":165.82499999999999},{"$f":"'Irr Corn'!$B$9*'Irr Corn'!$E$9*$C31","v":81.675000000000011}]
["Irrigated Corn","Yes",1.25,{"$f":"'Irr Corn'!$B$9*$C32","v":281.25},{"$f":"('Irr Corn'!F$47+(D32-D$30)*('Irr Corn'!$D$25))/D32","v":3.4681536962788941},{"$f":"('Irr Corn'!G$47+(J32-J$30)*('Irr Corn'!$D$25))/J32","v":3.849268788479383},{"$f":"('Irr Corn'!F$61+(D32-D$30)*('Irr Corn'!$D$25))/D32","v":4.5970070296122278},{"$f":"('Irr Corn'!G$61+(J32-J$30)*('Irr Corn'!$D$25))/J32","v":4.4361477271195158},{"$f":"IF($K32=0,\"N/A\",('Irr Corn'!H$61+(K32-K$30)*('Irr Corn'!$D$25))/K32)","v":4.9966971047147712},{"$f":"'Irr Corn'!$B$9*(1-'Irr Corn'!$E$9)*$C32","v":188.43749999999997},{"$f":"'Irr Corn'!$B$9*'Irr Corn'!$E$9*$C32","v":92.8125}]
["Irrigated Corn","Yes"]
["Irrigated Corn Silage","Yes",{"$f":"'Irr Corn Silage'!$A$3","v":"Irrigated Corn Silage"}]
["Irrigated Corn Silage","Yes",null,null,"BE Price to Cover Variable Costs",null,"BE Price to Cover Total Costs"]
["Irrigated Corn Silage","Yes","Yield","TON","Total","Tenant","Total","Tenant","Landlord"]
["Irrigated Corn Silage","Yes",0.75,{"$f":"'Irr Corn Silage'!$B$9*$C37","v":20.25},{"$f":"('Irr Corn Silage'!F$47+(D37-D$39)*('Irr Corn Silage'!$D$25))/D37","v":53.784698483204224},{"$f":"('Irr Corn Silage'!G$47+(J37-J$39)*('Irr Corn Silage'!$D$25))/J37","v":69.854921410169396},{"$f":"('Irr Corn Silage'!F$61+(D37-D$39)*('Irr Corn Silage'!$D$25))/D37","v":69.63951329801904},{"$f":"('Irr Corn Silage'!G$61+(J37-J$39)*('Irr Corn Silage'!$D$25))/J37","v":78.230082641052022},{"$f":"IF($K37=0,\"N/A\",('Irr Corn Silage'!H$61+(K37-K$39)*('Irr Corn Silage'!$D$25))/K37)","v":52.198054328830843},{"$f":"'Irr Corn Silage'!$B$9*(1-'Irr Corn Silage'!$E$9)*$C37","v":13.567499999999997},{"$f":"'Irr Corn Silage'!$B$9*'Irr Corn Silage'!$E$9*$C37","v":6.6825000000000001}]
["Irrigated Corn Silage","Yes",0.9,{"$f":"'Irr Corn Silage'!$B$9*$C38","v":24.3},{"$f":"('Irr Corn Silage'!F$47+(D38-D$39)*('Irr Corn Silage'!$D$25))/D38","v":46.903915402670187},{"$f":"('Irr Corn Silage'!G$47+(J38-J$39)*('Irr Corn Silage'!$D$25))/J38","v":60.29576784180783},{"$f":"('Irr Corn Silage'!F$61+(D38-D$39)*('Irr Corn Silage'!$D$25))/D38","v":60.116261081682531},{"$f":"('Irr Corn Silage'!G$61+(J38-J$39)*('Irr Corn Silage'!$D$25))/J38","v":67.275068867543354},{"$f":"IF($K38=0,\"N/A\",('Irr Corn Silage'!H$61+(K38-K$39)*('Irr Corn Silage'!$D$25))/K38)","v":45.581711940692372},{"$f":"'Irr Corn Silage'!$B$9*(1-'Irr Corn Silage'!$E$9)*$C38","v":16.280999999999999},{"$f":"'Irr Corn Silage'!$B$9*'Irr Corn Silage'!$E$9*$C38","v":8.0190000000000001}]
["Irrigated Corn Silage",{"$f":"_xlfn.XLOOKUP(A39,PGM_ShowHide_Lookup,PGM_ShowHide_Return,\"\")","v":"Yes"},1,{"$f":"'Irr Corn Silage'!$B$9*$C39","v":27},{"$f":"('Irr Corn Silage'!F$47+(D39-D$39)*('Irr Corn Silage'!$D$25))/D39","v":43.463523862403171},{"$f":"('Irr Corn Silage'!G$47+(J39-J$39)*('Irr Corn Silage'!$D$25))/J39","v":55.516191057627054},{"$f":"('Irr Corn Silage'!F$61+(D39-D$39)*('Irr Corn Silage'!$D$25))/D39","v":55.35463497351428},{"$f":"('Irr Corn Silage'!G$61+(J39-J$39)*('Irr Corn Silage'!$D$25))/J39","v":61.79756198078902},{"$f":"IF($K39=0,\"N/A\",('Irr Corn Silage'!H$61+(K39-K$39)*('Irr Corn Silage'!$D$25))/K39)","v":42.273540746623134},{"$f":"'Irr Corn Silage'!$B$9*(1-'Irr Corn Silage'!$E$9)*$C39","v":18.089999999999996},{"$f":"'Irr Corn Silage'!$B$9*'Irr Corn Silage'!$E$9*$C39","v":8.91}]
["Irrigated Corn Silage","Yes",1.1000000000000001,{"$f":"'Irr Corn Silage'!$B$9*$C40","v":29.700000000000003},{"$f":"('Irr Corn Silage'!F$47+(D40-D$39)*('Irr Corn Silage'!$D$25))/D40","v":40.648658056730149},{"$f":"('Irr Corn Silage'!G$47+(J40-J$39)*('Irr Corn Silage'!$D$25))/J40","v":51.605628234206407},{"$f":"('Irr Corn Silage'!F$61+(D40-D$39)*('Irr Corn Silage'!$D$25))/D40","v":51.458759066831156},{"$f":"('Irr Corn Silage'!G$61+(J40-J$39)*('Irr Corn Silage'!$D$25))/J40","v":57.315965437080919},{"$f":"IF($K40=0,\"N/A\",('Irr Corn Silage'!H$61+(K40-K$39)*('Irr Corn Silage'!$D$25))/K40)","v":39.566855224202847},{"$f":"'Irr Corn Silage'!$B$9*(1-'Irr Corn Silage'!$E$9)*$C40","v":19.898999999999997},{"$f":"'Irr Corn Silage'!$B$9*'Irr Corn Silage'!$E$9*$C40","v":9.8010000000000002}]
["Irrigated Corn Silage","Yes",1.25,{"$f":"'Irr Corn Silage'!$B$9*$C41","v":33.75},{"$f":"('Irr Corn Silage'!F$47+(D41-D$39)*('Irr Corn Silage'!$D$25))/D41","v":37.270819089922533},{"$f":"('Irr Corn Silage'!G$47+(J41-J$39)*('Irr Corn Silage'!$D$25))/J41","v":46.912952846101639},{"$f":"('Irr Corn Silage'!F$61+(D41-D$39)*('Irr Corn Silage'!$D$25))/D41","v":46.783707978811421},{"$f":"('Irr Corn Silage'!G$61+(J41-J$39)*('Irr Corn Silage'!$D$25))/J41","v":51.938049584631216},{"$f":"IF($K41=0,\"N/A\",('Irr Corn Silage'!H$61+(K41-K$39)*('Irr Corn Silage'!$D$25))/K41)","v":36.31883259729851},{"$f":"'Irr Corn Silage'!$B$9*(1-'Irr Corn Silage'!$E$9)*$C41","v":22.612499999999997},{"$f":"'Irr Corn Silage'!$B$9*'Irr Corn Silage'!$E$9*$C41","v":11.137499999999999}]
["Irrigated Corn Silage","Yes"]
["Irrigated Cotton","Yes",{"$f":"'Irr Cotton'!$A$3","v":"Irrigated Cotton"}]
["Irrigated Cotton","Yes",null,null,"BE Price to Cover Variable Costs",null,"BE Price to Cover Total Costs"]
["Irrigated Cotton","Yes","Yield","LB","Total","Tenant","Total","Tenant","Landlord"]
["Irrigated Cotton","Yes",0.75,{"$f":"'Irr Cotton'!$B$9*$C46","v":937.5},{"$f":"('Irr Cotton'!F$53-D46/500*'Universal Input Prices'!$B$39/2000*Cottonseed_Price+(D46-D$48)/100*'Irr Cotton'!$D$30+(D46-D$48)/'Irr Cotton'!$B$11/100*'Irr Cotton'!D$31)/D46","v":0.76143626246701712},{"$f":"('Irr Cotton'!G$53-J46/500*'Universal Input Prices'!$B$39/2000*Cottonseed_Price+(J46-J$48)/100*'Irr Cotton'!$D$30+(J46-J$48)/'Irr Cotton'!$B$11/100*'Irr Cotton'!$D$31)/J46","v":0.55071761409899667},{"$f":"('Irr Cotton'!F$67-D46/500*'Universal Input Prices'!$B$39/2000*Cottonseed_Price+(D46-D$48)/100*'Irr Cotton'!$D$30+(D46-D$48)/'Irr Cotton'!$B$11/100*'Irr Cotton'!$D$31)/D46","v":0.99283892913368377},{"$f":"('Irr Cotton'!G$67-J46/500*'Universal Input Prices'!$B$39/2000*Cottonseed_Price+(J46-J$48)/100*'Irr Cotton'!$D$30+(J46-J$48)/100*'Irr Cotton'!$B$11*'Irr Cotton'!$D$31)/J46","v":0.67934665378153636},{"$f":"IF($K46=0,\"N/A\",('Irr Cotton'!H$67-K46/500*'Universal Input Prices'!$B$39/2000*Cottonseed_Price+(K46-K$48)/100*'Irr Cotton'!$D$30+(K46-K$48)/100*'Irr Cotton'!$B$11*'Irr Cotton'!$D$31)/K46)","v":"N/A"},{"$f":"'Irr Cotton'!$B$9*(1-'Irr Cotton'!$E$9)*$C46","v":937.5},{"$f":"'Irr Cotton'!$B$9*'Irr Cotton'!$E$9*$C46","v":0}]
["Irrigated Cotton","Yes",0.9,{"$f":"'Irr Cotton'!$B$9*$C47","v":1125},{"$f":"('Irr Cotton'!F$53-D47/500*'Universal Input Prices'!$B$39/2000*Cottonseed_Price+(D47-D$48)/100*'Irr Cotton'!$D$30+(D47-D$48)/'Irr Cotton'!$B$11/100*'Irr Cotton'!D$31)/D47","v":0.64499648856378411},{"$f":"('Irr Cotton'!G$53-J47/500*'Universal Input Prices'!$B$39/2000*Cottonseed_Price+(J47-J$48)/100*'Irr Cotton'!$D$30+(J47-J$48)/'Irr Cotton'!$B$11/100*'Irr Cotton'!$D$31)/J47","v":0.46939761492376703},{"$f":"('Irr Cotton'!F$67-D47/500*'Universal Input Prices'!$B$39/2000*Cottonseed_Price+(D47-D$48)/100*'Irr Cotton'!$D$30+(D47-D$48)/'Irr Cotton'!$B$11/100*'Irr Cotton'!$D$31)/D47","v":0.83783204411933965},{"$f":"('Irr Cotton'!G$67-J47/500*'Universal Input Prices'!$B$39/2000*Cottonseed_Price+(J47-J$48)/100*'Irr Cotton'!$D$30+(J47-J$48)/100*'Irr Cotton'!$B$11*'Irr Cotton'!$D$31)/J47","v":0.55822596148461356},{"$f":"IF($K47=0,\"N/A\",('Irr Cotton'!H$67-K47/500*'Universal Input Prices'!$B$39/2000*Cottonseed_Price+(K47-K$48)/100*'Irr Cotton'!$D$30+(K47-K$48)/100*'Irr Cotton'!$B$11*'Irr Cotton'!$D$31)/K47)","v":"N/A"},{"$f":"'Irr Cotton'!$B$9*(1-'Irr Cotton'!$E$9)*$C47","v":1125},{"$f":"'Irr Cotton'!$B$9*'Irr Cotton'!$E$9*$C47","v":0}]
["Irrigated Cotton","Yes",1,{"$f":"'Irr Cotton'!$B$9*$C48","v":1250},{"$f":"('Irr Cotton'!F$53-D48/500*'Universal Input Prices'!$B$39/2000*Cottonseed_Price+(D48-D$48)/100*'Irr Cotton'!$D$30+(D48-D$48)/'Irr Cotton'!$B$11/100*'Irr Cotton'!D$31)/D48","v":0.5867766016121676},{"$f":"('Irr Cotton'!G$53-J48/500*'Universal Input Prices'!$B$39/2000*Cottonseed_Price+(J48-J$48)/100*'Irr Cotton'!$D$30+(J48-J$48)/'Irr Cotton'!$B$11/100*'Irr Cotton'!$D$31)/J48","v":0.42873761533615223},{"$f":"('Irr Cotton'!F$67-D48/500*'Universal Input Prices'!$B$39/2000*Cottonseed_Price+(D48-D$48)/100*'Irr Cotton'!$D$30+(D48-D$48)/'Irr Cotton'!$B$11/100*'Irr Cotton'!$D$31)/D48","v":0.76032860161216753},{"$f":"('Irr Cotton'!G$67-J48/500*'Universal Input Prices'!$B$39/2000*Cottonseed_Price+(J48-J$48)/100*'Irr Cotton'!$D$30+(J48-J$48)/100*'Irr Cotton'!$B$11*'Irr Cotton'!$D$31)/J48","v":0.49766561533615222},{"$f":"IF($K48=0,\"N/A\",('Irr Cotton'!H$67-K48/500*'Universal Input Prices'!$B$39/2000*Cottonseed_Price+(K48-K$48)/100*'Irr Cotton'!$D$30+(K48-K$48)/100*'Irr Cotton'!$B$11*'Irr Cotton'!$D$31)/K48)","v":"N/A"},{"$f":"'Irr Cotton'!$B$9*(1-'Irr Cotton'!$E$9)*$C48","v":1250},{"$f":"'Irr Cotton'!$B$9*'Irr Cotton'!$E$9*$C48","v":0}]
["Irrigated Cotton","Yes",1.1000000000000001,{"$f":"'Irr Cotton'!$B$9*$C49","v":1375},{"$f":"('Irr Cotton'!F$53-D49/500*'Universal Input Prices'!$B$39/2000*Cottonseed_Price+(D49-D$48)/100*'Irr Cotton'!$D$30+(D49-D$48)/'Irr Cotton'!$B$11/100*'Irr Cotton'!D$31)/D49","v":0.53914214865175414},{"$f":"('Irr Cotton'!G$53-J49/500*'Universal Input Prices'!$B$39/2000*Cottonseed_Price+(J49-J$48)/100*'Irr Cotton'!$D$30+(J49-J$48)/'Irr Cotton'!$B$11/100*'Irr Cotton'!$D$31)/J49","v":0.39547034294628564},{"$f":"('Irr Cotton'!F$67-D49/500*'Universal Input Prices'!$B$39/2000*Cottonseed_Price+(D49-D$48)/100*'Irr Cotton'!$D$30+(D49-D$48)/'Irr Cotton'!$B$11/100*'Irr Cotton'!$D$31)/D49","v":0.69691669410629953},{"$f":"('Irr Cotton'!G$67-J49/500*'Universal Input Prices'!$B$39/2000*Cottonseed_Price+(J49-J$48)/100*'Irr Cotton'!$D$30+(J49-J$48)/100*'Irr Cotton'!$B$11*'Irr Cotton'!$D$31)/J49","v":0.44811624121468385},{"$f":"IF($K49=0,\"N/A\",('Irr Cotton'!H$67-K49/500*'Universal Input Prices'!$B$39/2000*Cottonseed_Price+(K49-K$48)/100*'Irr Cotton'!$D$30+(K49-K$48)/100*'Irr Cotton'!$B$11*'Irr Cotton'!$D$31)/K49)","v":"N/A"},{"$f":"'Irr Cotton'!$B$9*(1-'Irr Cotton'!$E$9)*$C49","v":1375},{"$f":"'Irr Cotton'!$B$9*'Irr Cotton'!$E$9*$C49","v":0}]
["Irrigated Cotton","Yes",1.25,{"$f":"'Irr Cotton'!$B$9*$C50","v":1562.5},{"$f":"('Irr Cotton'!F$53-D50/500*'Universal Input Prices'!$B$39/2000*Cottonseed_Price+(D50-D$48)/100*'Irr Cotton'!$D$30+(D50-D$48)/'Irr Cotton'!$B$11/100*'Irr Cotton'!D$31)/D50","v":0.48198080509925795},{"$f":"('Irr Cotton'!G$53-J50/500*'Universal Input Prices'!$B$39/2000*Cottonseed_Price+(J50-J$48)/100*'Irr Cotton'!$D$30+(J50-J$48)/'Irr Cotton'!$B$11/100*'Irr Cotton'!$D$31)/J50","v":0.3555496160784456},{"$f":"('Irr Cotton'!F$67-D50/500*'Universal Input Prices'!$B$39/2000*Cottonseed_Price+(D50-D$48)/100*'Irr Cotton'!$D$30+(D50-D$48)/'Irr Cotton'!$B$11/100*'Irr Cotton'!$D$31)/D50","v":0.6208224050992579},{"$f":"('Irr Cotton'!G$67-J50/500*'Universal Input Prices'!$B$39/2000*Cottonseed_Price+(J50-J$48)/100*'Irr Cotton'!$D$30+(J50-J$48)/100*'Irr Cotton'!$B$11*'Irr Cotton'!$D$31)/J50","v":0.38865699226892175},{"$f":"IF($K50=0,\"N/A\",('Irr Cotton'!H$67-K50/500*'Universal Input Prices'!$B$39/2000*Cottonseed_Price+(K50-K$48)/100*'Irr Cotton'!$D$30+(K50-K$48)/100*'Irr Cotton'!$B$11*'Irr Cotton'!$D$31)/K50)","v":"N/A"},{"$f":"'Irr Cotton'!$B$9*(1-'Irr Cotton'!$E$9)*$C50","v":1562.5},{"$f":"'Irr Cotton'!$B$9*'Irr Cotton'!$E$9*$C50","v":0}]
["Irrigated Cotton","Yes"]
["Irrigated Peanuts","Yes",{"$f":"'Irr Peanuts'!$A$3","v":"Irrigated Peanuts"}]
["Irrigated Peanuts","Yes",null,null,"BE Price to Cover Variable Costs",null,"BE Price to Cover Total Costs"]
["Irrigated Peanuts","Yes","Yield","TON","Total","Tenant","Total","Tenant","Landlord"]
["Irrigated Peanuts","Yes",0.75,{"$f":"'Irr Peanuts'!$B$9*$C55","v":1.6875},{"$f":"('Irr Peanuts'!$F$51+($D55-$D$57)*(SUM('Irr Peanuts'!$D$27:$D$28)))/$D55","v":524.86890493153612},{"$f":"('Irr Peanuts'!$G$51+($J55-$J$57)*(SUM('Irr Peanuts'!$D$27:$D$28)))/$J55","v":660.08508619686631},{"$f":"('Irr Peanuts'!$F$65+($D55-$D$57)*(SUM('Irr Peanuts'!$D$27:$D$28)))/$D55","v":675.04964567227682},{"$f":"('Irr Peanuts'!$G$65+($J55-$J$57)*(SUM('Irr Peanuts'!$D$27:$D$28)))/$J55","v":765.80537364849704},{"$f":"IF($K55=0, \"N/A\", ('Irr Peanuts'!$H$65+($K55-$K$57)*(SUM('Irr Peanuts'!$D$27:$D$28)))/$K55)","v":490.78801614479994},{"$f":"'Irr Peanuts'!$B$9*(1-'Irr Peanuts'!$E$9)*$C55","v":1.1306249999999998},{"$f":"'Irr Peanuts'!$B$9*'Irr Peanuts'!$E$9*$C55","v":0.55687500000000001}]
["Irrigated Peanuts","Yes",0.9,{"$f":"'Irr Peanuts'!$B$9*$C56","v":2.0249999999999999},{"$f":"('Irr Peanuts'!$F$51+($D56-$D$57)*(SUM('Irr Peanuts'!$D$27:$D$28)))/$D56","v":450.72408744294677},{"$f":"('Irr Peanuts'!$G$51+($J56-$J$57)*(SUM('Irr Peanuts'!$D$27:$D$28)))/$J56","v":563.40423849738852},{"$f":"('Irr Peanuts'!$F$65+($D56-$D$57)*(SUM('Irr Peanuts'!$D$27:$D$28)))/$D56","v":575.87470472689745},{"$f":"('Irr Peanuts'!$G$65+($J56-$J$57)*(SUM('Irr Peanuts'!$D$27:$D$28)))/$J56","v":651.50447804041414},{"$f":"IF($K56=0, \"N/A\", ('Irr Peanuts'!$H$65+($K56-$K$57)*(SUM('Irr Peanuts'!$D$27:$D$28)))/$K56)","v":422.32334678733332},{"$f":"'Irr Peanuts'!$B$9*(1-'Irr Peanuts'!$E$9)*$C56","v":1.3567499999999999},{"$f":"'Irr Peanuts'!$B$9*'Irr Peanuts'!$E$9*$C56","v":0.66825000000000001}]
["Irrigated Peanuts","Yes",1,{"$f":"'Irr Peanuts'!$B$9*$C57","v":2.25},{"$f":"('Irr Peanuts'!$F$51+($D57-$D$57)*(SUM('Irr Peanuts'!$D$27:$D$28)))/$D57","v":413.65167869865206},{"$f":"('Irr Peanuts'!$G$51+($J57-$J$57)*(SUM('Irr Peanuts'!$D$27:$D$28)))/$J57","v":515.06381464764968},{"$f":"('Irr Peanuts'!$F$65+($D57-$D$57)*(SUM('Irr Peanuts'!$D$27:$D$28)))/$D57","v":526.28723425420765},{"$f":"('Irr Peanuts'!$G$65+($J57-$J$57)*(SUM('Irr Peanuts'!$D$27:$D$28)))/$J57","v":594.35403023637264},{"$f":"IF($K57=0, \"N/A\", ('Irr Peanuts'!$H$65+($K57-$K$57)*(SUM('Irr Peanuts'!$D$27:$D$28)))/$K57)","v":388.09101210859995},{"$f":"'Irr Peanuts'!$B$9*(1-'Irr Peanuts'!$E$9)*$C57","v":1.5074999999999998},{"$f":"'Irr Peanuts'!$B$9*'Irr Peanuts'!$E$9*$C57","v":0.74250000000000005}]
["Irrigated Peanuts","Yes",1.1000000000000001,{"$f":"'Irr Peanuts'!$B$9*$C58","v":2.4750000000000001},{"$f":"('Irr Peanuts'!$F$51+($D58-$D$57)*(SUM('Irr Peanuts'!$D$27:$D$28)))/$D58","v":383.31970790786551},{"$f":"('Irr Peanuts'!$G$51+($J58-$J$57)*(SUM('Irr Peanuts'!$D$27:$D$28)))/$J58","v":475.51255877059054},{"$f":"('Irr Peanuts'!$F$65+($D58-$D$57)*(SUM('Irr Peanuts'!$D$27:$D$28)))/$D58","v":485.7156675038251},{"$f":"('Irr Peanuts'!$G$65+($J58-$J$57)*(SUM('Irr Peanuts'!$D$27:$D$28)))/$J58","v":547.59457294215701},{"$f":"IF($K58=0, \"N/A\", ('Irr Peanuts'!$H$65+($K58-$K$57)*(SUM('Irr Peanuts'!$D$27:$D$28)))/$K58)","v":360.08273828054541},{"$f":"'Irr Peanuts'!$B$9*(1-'Irr Peanuts'!$E$9)*$C58","v":1.65825},{"$f":"'Irr Peanuts'!$B$9*'Irr Peanuts'!$E$9*$C58","v":0.81675000000000009}]
["Irrigated Peanuts","Yes",1.25,{"$f":"'Irr Peanuts'!$B$9*$C59","v":2.8125},{"$f":"('Irr Peanuts'!$F$51+($D59-$D$57)*(SUM('Irr Peanuts'!$D$27:$D$28)))/$D59","v":346.92134295892168},{"$f":"('Irr Peanuts'!$G$51+($J59-$J$57)*(SUM('Irr Peanuts'!$D$27:$D$28)))/$J59","v":428.05105171811965},{"$f":"('Irr Peanuts'!$F$65+($D59-$D$57)*(SUM('Irr Peanuts'!$D$27:$D$28)))/$D59","v":437.02978740336613},{"$f":"('Irr Peanuts'!$G$65+($J59-$J$57)*(SUM('Irr Peanuts'!$D$27:$D$28)))/$J59","v":491.48322418909811},{"$f":"IF($K59=0, \"N/A\", ('Irr Peanuts'!$H$65+($K59-$K$57)*(SUM('Irr Peanuts'!$D$27:$D$28)))/$K59)","v":326.47280968688},{"$f":"'Irr Peanuts'!$B$9*(1-'Irr Peanuts'!$E$9)*$C59","v":1.8843749999999999},{"$f":"'Irr Peanuts'!$B$9*'Irr Peanuts'!$E$9*$C59","v":0.92812500000000009}]
["Irrigated Peanuts","Yes"]
["Irrigated Sorghum","Yes",{"$f":"'Irr Sorghum'!$A$3","v":"Irrigated Sorghum"}]
["Irrigated Sorghum","Yes",null,null,"BE Price to Cover Variable Costs",null,"BE Price to Cover Total Costs"]
["Irrigated Sorghum","Yes","Yield","CWT","Total","Tenant","Total","Tenant","Landlord"]
["Irrigated Sorghum","Yes",0.75,{"$f":"'Irr Sorghum'!$B$9*$C64","v":46.5},{"$f":"('Irr Sorghum'!$F$46-'Irr Sorghum'!$F$10+($D64-$D$66)*'Irr Sorghum'!$D$24)/$D64","v":9.677192024956943},{"$f":"('Irr Sorghum'!$G$46-'Irr Sorghum'!$F$10+($J64-$J$66)*'Irr Sorghum'!$D$24)/$J64","v":11.248236661448615},{"$f":"('Irr Sorghum'!$F$60-'Irr Sorghum'!$F$10+($D64-$D$66)*'Irr Sorghum'!$D$24)/$D64","v":14.823643637860167},{"$f":"('Irr Sorghum'!$G$60-'Irr Sorghum'!$F$10+($J64-$J$66)*'Irr Sorghum'!$D$24)/$J64","v":14.77929106684101},{"$f":"IF($K64=0, \"N/A\", ('Irr Sorghum'!$H$60-'Irr Sorghum'!$F$10+($K64-$K$66)*'Irr Sorghum'!$D$24)/$K64)","v":14.913692797202103},{"$f":"'Irr Sorghum'!$B$9*(1-'Irr Sorghum'!$E$9)*$C64","v":31.154999999999994},{"$f":"'Irr Sorghum'!$B$9*'Irr Sorghum'!$E$9*$C64","v":15.345000000000001}]
["Irrigated Sorghum","Yes",0.9,{"$f":"'Irr Sorghum'!$B$9*$C65","v":55.800000000000004},{"$f":"('Irr Sorghum'!$F$46-'Irr Sorghum'!$F$10+($D65-$D$66)*'Irr Sorghum'!$D$24)/$D65","v":8.2309933541307849},{"$f":"('Irr Sorghum'!$G$46-'Irr Sorghum'!$F$10+($J65-$J$66)*'Irr Sorghum'!$D$24)/$J65","v":9.5401972178738461},{"$f":"('Irr Sorghum'!$F$60-'Irr Sorghum'!$F$10+($D65-$D$66)*'Irr Sorghum'!$D$24)/$D65","v":12.519703031550137},{"$f":"('Irr Sorghum'!$G$60-'Irr Sorghum'!$F$10+($J65-$J$66)*'Irr Sorghum'!$D$24)/$J65","v":12.482742555700842},{"$f":"IF($K65=0, \"N/A\", ('Irr Sorghum'!$H$60-'Irr Sorghum'!$F$10+($K65-$K$66)*'Irr Sorghum'!$D$24)/$K65)","v":12.59474399766842},{"$f":"'Irr Sorghum'!$B$9*(1-'Irr Sorghum'!$E$9)*$C65","v":37.385999999999996},{"$f":"'Irr Sorghum'!$B$9*'Irr Sorghum'!$E$9*$C65","v":18.414000000000001}]
["Irrigated Sorghum","Yes",1,{"$f":"'Irr Sorghum'!$B$9*$C66","v":62},{"$f":"('Irr Sorghum'!$F$46-'Irr Sorghum'!$F$10+($D66-$D$66)*'Irr Sorghum'!$D$24)/$D66","v":7.5078940187177068},{"$f":"('Irr Sorghum'!$G$46-'Irr Sorghum'!$F$10+($J66-$J$66)*'Irr Sorghum'!$D$24)/$J66","v":8.6861774960864615},{"$f":"('Irr Sorghum'!$F$60-'Irr Sorghum'!$F$10+($D66-$D$66)*'Irr Sorghum'!$D$24)/$D66","v":11.367732728395126},{"$f":"('Irr Sorghum'!$G$60-'Irr Sorghum'!$F$10+($J66-$J$66)*'Irr Sorghum'!$D$24)/$J66","v":11.334468300130757},{"$f":"IF($K66=0, \"N/A\", ('Irr Sorghum'!$H$60-'Irr Sorghum'!$F$10+($K66-$K$66)*'Irr Sorghum'!$D$24)/$K66)","v":11.435269597901577},{"$f":"'Irr Sorghum'!$B$9*(1-'Irr Sorghum'!$E$9)*$C66","v":41.539999999999992},{"$f":"'Irr Sorghum'!$B$9*'Irr Sorghum'!$E$9*$C66","v":20.46}]
["Irrigated Sorghum","Yes",1.1000000000000001,{"$f":"'Irr Sorghum'!$B$9*$C67","v":68.2},{"$f":"('Irr Sorghum'!$F$46-'Irr Sorghum'!$F$10+($D67-$D$66)*'Irr Sorghum'!$D$24)/$D67","v":6.9162672897433692},{"$f":"('Irr Sorghum'!$G$46-'Irr Sorghum'!$F$10+($J67-$J$66)*'Irr Sorghum'!$D$24)/$J67","v":7.9874340873513274},{"$f":"('Irr Sorghum'!$F$60-'Irr Sorghum'!$F$10+($D67-$D$66)*'Irr Sorghum'!$D$24)/$D67","v":10.425211571268296},{"$f":"('Irr Sorghum'!$G$60-'Irr Sorghum'!$F$10+($J67-$J$66)*'Irr Sorghum'!$D$24)/$J67","v":10.394971181937052},{"$f":"IF($K67=0, \"N/A\", ('Irr Sorghum'!$H$60-'Irr Sorghum'!$F$10+($K67-$K$66)*'Irr Sorghum'!$D$24)/$K67)","v":10.48660872536507},{"$f":"'Irr Sorghum'!$B$9*(1-'Irr Sorghum'!$E$9)*$C67","v":45.693999999999996},{"$f":"'Irr Sorghum'!$B$9*'Irr Sorghum'!$E$9*$C67","v":22.506000000000004}]
["Irrigated Sorghum","Yes",1.25,{"$f":"'Irr Sorghum'!$B$9*$C68","v":77.5},{"$f":"('Irr Sorghum'!$F$46-'Irr Sorghum'!$F$10+($D68-$D$66)*'Irr Sorghum'!$D$24)/$D68","v":6.2063152149741656},{"$f":"('Irr Sorghum'!$G$46-'Irr Sorghum'!$F$10+($J68-$J$66)*'Irr Sorghum'!$D$24)/$J68","v":7.1489419968691692},{"$f":"('Irr Sorghum'!$F$60-'Irr Sorghum'!$F$10+($D68-$D$66)*'Irr Sorghum'!$D$24)/$D68","v":9.2941861827160999},{"$f":"('Irr Sorghum'!$G$60-'Irr Sorghum'!$F$10+($J68-$J$66)*'Irr Sorghum'!$D$24)/$J68","v":9.2675746401046055},{"$f":"IF($K68=0, \"N/A\", ('Irr Sorghum'!$H$60-'Irr Sorghum'!$F$10+($K68-$K$66)*'Irr Sorghum'!$D$24)/$K68)","v":9.348215678321262},{"$f":"'Irr Sorghum'!$B$9*(1-'Irr Sorghum'!$E$9)*$C68","v":51.92499999999999},{"$f":"'Irr Sorghum'!$B$9*'Irr Sorghum'!$E$9*$C68","v":25.575000000000003}]
["Irrigated Sorghum","Yes"]
["Irrigated Sorghum Seed","Yes",{"$f":"'Irr Sorghum Seed'!$A$3","v":"Irrigated Sorghum Seed"}]
["Irrigated Sorghum Seed",{"$f":"_xlfn.XLOOKUP(A71,PGM_ShowHide_Lookup,PGM_ShowHide_Return,\"\")","v":"Yes"},null,null,"BE Price to Cover Variable Costs",null,"BE Price to Cover Total Costs"]
["Irrigated Sorghum Seed","Yes","Yield","CWT","Total","Tenant","Total","Tenant","Landlord"]
["Irrigated Sorghum Seed","Yes",0.75,{"$f":"'Irr Sorghum Seed'!$B$9*$C73","v":33.75},{"$f":"('Irr Sorghum Seed'!$F$46-'Irr Sorghum'!$F$10+($D73-$D$75)*'Irr Sorghum Seed'!$D$24)/$D73","v":14.906546263761316},{"$f":"('Irr Sorghum Seed'!$G$46-'Irr Sorghum'!$F$10+($J73-$J$75)*'Irr Sorghum Seed'!$D$24)/$J73","v":17.034460803412394},{"$f":"('Irr Sorghum Seed'!$F$60-'Irr Sorghum'!$F$10+($D73-$D$75)*'Irr Sorghum Seed'!$D$24)/$D73","v":21.665953671168722},{"$f":"('Irr Sorghum Seed'!$G$60-'Irr Sorghum'!$F$10+($J73-$J$75)*'Irr Sorghum Seed'!$D$24)/$J73","v":21.405052290421789},{"$f":"IF($K73=0, \"N/A\", ('Irr Sorghum Seed'!$H$60-'Irr Sorghum'!$F$10+($K73-$K$75)*'Irr Sorghum Seed'!$D$24)/$K73)","v":22.195662535109467},{"$f":"'Irr Sorghum Seed'!$B$9*(1-'Irr Sorghum Seed'!$E$9)*$C73","v":22.612499999999997},{"$f":"'Irr Sorghum Seed'!$B$9*'Irr Sorghum Seed'!$E$9*$C73","v":11.137500000000001}]
["Irrigated Sorghum Seed","Yes",0.9,{"$f":"'Irr Sorghum Seed'!$B$9*$C74","v":40.5},{"$f":"('Irr Sorghum Seed'!$F$46-'Irr Sorghum'!$F$10+($D74-$D$75)*'Irr Sorghum Seed'!$D$24)/$D74","v":12.58878855313443},{"$f":"('Irr Sorghum Seed'!$G$46-'Irr Sorghum'!$F$10+($J74-$J$75)*'Irr Sorghum Seed'!$D$24)/$J74","v":14.362050669510328},{"$f":"('Irr Sorghum Seed'!$F$60-'Irr Sorghum'!$F$10+($D74-$D$75)*'Irr Sorghum Seed'!$D$24)/$D74","v":18.221628059307271},{"$f":"('Irr Sorghum Seed'!$G$60-'Irr Sorghum'!$F$10+($J74-$J$75)*'Irr Sorghum Seed'!$D$24)/$J74","v":18.004210242018157},{"$f":"IF($K74=0, \"N/A\", ('Irr Sorghum Seed'!$H$60-'Irr Sorghum'!$F$10+($K74-$K$75)*'Irr Sorghum Seed'!$D$24)/$K74)","v":18.66305211259122},{"$f":"'Irr Sorghum Seed'!$B$9*(1-'Irr Sorghum Seed'!$E$9)*$C74","v":27.134999999999998},{"$f":"'Irr Sorghum Seed'!$B$9*'Irr Sorghum Seed'!$E$9*$C74","v":13.365000000000002}]
["Irrigated Sorghum Seed","Yes",1,{"$f":"'Irr Sorghum Seed'!$B$9*$C75","v":45},{"$f":"('Irr Sorghum Seed'!$F$46-'Irr Sorghum'!$F$10+($D75-$D$75)*'Irr Sorghum Seed'!$D$24)/$D75","v":11.429909697820987},{"$f":"('Irr Sorghum Seed'!$G$46-'Irr Sorghum'!$F$10+($J75-$J$75)*'Irr Sorghum Seed'!$D$24)/$J75","v":13.025845602559293},{"$f":"('Irr Sorghum Seed'!$F$60-'Irr Sorghum'!$F$10+($D75-$D$75)*'Irr Sorghum Seed'!$D$24)/$D75","v":16.499465253376542},{"$f":"('Irr Sorghum Seed'!$G$60-'Irr Sorghum'!$F$10+($J75-$J$75)*'Irr Sorghum Seed'!$D$24)/$J75","v":16.303789217816341},{"$f":"IF($K75=0, \"N/A\", ('Irr Sorghum Seed'!$H$60-'Irr Sorghum'!$F$10+($K75-$K$75)*'Irr Sorghum Seed'!$D$24)/$K75)","v":16.896746901332097},{"$f":"'Irr Sorghum Seed'!$B$9*(1-'Irr Sorghum Seed'!$E$9)*$C75","v":30.15},{"$f":"'Irr Sorghum Seed'!$B$9*'Irr Sorghum Seed'!$E$9*$C75","v":14.850000000000001}]
["Irrigated Sorghum Seed","Yes",1.1000000000000001,{"$f":"'Irr Sorghum Seed'!$B$9*$C76","v":49.500000000000007},{"$f":"('Irr Sorghum Seed'!$F$46-'Irr Sorghum'!$F$10+($D76-$D$75)*'Irr Sorghum Seed'!$D$24)/$D76","v":10.481736088928168},{"$f":"('Irr Sorghum Seed'!$G$46-'Irr Sorghum'!$F$10+($J76-$J$75)*'Irr Sorghum Seed'!$D$24)/$J76","v":11.932586911417539},{"$f":"('Irr Sorghum Seed'!$F$60-'Irr Sorghum'!$F$10+($D76-$D$75)*'Irr Sorghum Seed'!$D$24)/$D76","v":15.090422957615036},{"$f":"('Irr Sorghum Seed'!$G$60-'Irr Sorghum'!$F$10+($J76-$J$75)*'Irr Sorghum Seed'!$D$24)/$J76","v":14.91253565256031},{"$f":"IF($K76=0, \"N/A\", ('Irr Sorghum Seed'!$H$60-'Irr Sorghum'!$F$10+($K76-$K$75)*'Irr Sorghum Seed'!$D$24)/$K76)","v":15.451588092120089},{"$f":"'Irr Sorghum Seed'!$B$9*(1-'Irr Sorghum Seed'!$E$9)*$C76","v":33.164999999999999},{"$f":"'Irr Sorghum Seed'!$B$9*'Irr Sorghum Seed'!$E$9*$C76","v":16.335000000000004}]
["Irrigated Sorghum Seed","Yes",1.25,{"$f":"'Irr Sorghum Seed'!$B$9*$C77","v":56.25},{"$f":"('Irr Sorghum Seed'!$F$46-'Irr Sorghum'!$F$10+($D77-$D$75)*'Irr Sorghum Seed'!$D$24)/$D77","v":9.3439277582567897},{"$f":"('Irr Sorghum Seed'!$G$46-'Irr Sorghum'!$F$10+($J77-$J$75)*'Irr Sorghum Seed'!$D$24)/$J77","v":10.620676482047436},{"$f":"('Irr Sorghum Seed'!$F$60-'Irr Sorghum'!$F$10+($D77-$D$75)*'Irr Sorghum Seed'!$D$24)/$D77","v":13.399572202701235},{"$f":"('Irr Sorghum Seed'!$G$60-'Irr Sorghum'!$F$10+($J77-$J$75)*'Irr Sorghum Seed'!$D$24)/$J77","v":13.243031374253073},{"$f":"IF($K77=0, \"N/A\", ('Irr Sorghum Seed'!$H$60-'Irr Sorghum'!$F$10+($K77-$K$75)*'Irr Sorghum Seed'!$D$24)/$K77)","v":13.717397521065681},{"$f":"'Irr Sorghum Seed'!$B$9*(1-'Irr Sorghum Seed'!$E$9)*$C77","v":37.6875},{"$f":"'Irr Sorghum Seed'!$B$9*'Irr Sorghum Seed'!$E$9*$C77","v":18.5625}]
["Irrigated Sorghum Seed","Yes"]
["Irrigated Sorghum Silage","Yes",{"$f":"'Irr Sorghum Silage'!$A$3","v":"Irrigated Sorghum Silage"}]
["Irrigated Sorghum Silage","Yes",null,null,"BE Price to Cover Variable Costs",null,"BE Price to Cover Total Costs"]
["Irrigated Sorghum Silage","Yes","Yield","TON","Total","Tenant","Total","Tenant","Landlord"]
["Irrigated Sorghum Silage","Yes",0.75,{"$f":"'Irr Sorghum Silage'!$B$9*$C82","v":15},{"$f":"('Irr Sorghum Silage'!F$46+(D82-D$84)*('Irr Sorghum Silage'!$D$24))/D82","v":43.498609934287174},{"$f":"('Irr Sorghum Silage'!G$46+(J82-J$84)*('Irr Sorghum Silage'!$D$24))/J82","v":56.824411657298128},{"$f":"('Irr Sorghum Silage'!F$60+(D82-D$84)*('Irr Sorghum Silage'!$D$24))/D82","v":58.46260993428718},{"$f":"('Irr Sorghum Silage'!G$60+(J82-J$84)*('Irr Sorghum Silage'!$D$24))/J82","v":66.271177826452345},{"$f":"IF($K82=0,\"N/A\",('Irr Sorghum Silage'!H$60+(K82-K$84)*('Irr Sorghum Silage'!$D$24))/K82)","v":42.608850880497279},{"$f":"'Irr Sorghum Silage'!$B$9*(1-'Irr Sorghum Silage'!$E$9)*$C82","v":10.049999999999999},{"$f":"'Irr Sorghum Silage'!$B$9*'Irr Sorghum Silage'!$E$9*$C82","v":4.95}]
["Irrigated Sorghum Silage","Yes",0.9,{"$f":"'Irr Sorghum Silage'!$B$9*$C83","v":18},{"$f":"('Irr Sorghum Silage'!F$46+(D83-D$84)*('Irr Sorghum Silage'!$D$24))/D83","v":38.332174945239309},{"$f":"('Irr Sorghum Silage'!G$46+(J83-J$84)*('Irr Sorghum Silage'!$D$24))/J83","v":49.437009714415105},{"$f":"('Irr Sorghum Silage'!F$60+(D83-D$84)*('Irr Sorghum Silage'!$D$24))/D83","v":50.802174945239315},{"$f":"('Irr Sorghum Silage'!G$60+(J83-J$84)*('Irr Sorghum Silage'!$D$24))/J83","v":57.309314855376961},{"$f":"IF($K83=0,\"N/A\",('Irr Sorghum Silage'!H$60+(K83-K$84)*('Irr Sorghum Silage'!$D$24))/K83)","v":37.590709067081065},{"$f":"'Irr Sorghum Silage'!$B$9*(1-'Irr Sorghum Silage'!$E$9)*$C83","v":12.059999999999999},{"$f":"'Irr Sorghum Silage'!$B$9*'Irr Sorghum Silage'!$E$9*$C83","v":5.94}]
["Irrigated Sorghum Silage","Yes",1,{"$f":"'Irr Sorghum Silage'!$B$9*$C84","v":20},{"$f":"('Irr Sorghum Silage'!F$46+(D84-D$84)*('Irr Sorghum Silage'!$D$24))/D84","v":35.74895745071538},{"$f":"('Irr Sorghum Silage'!G$46+(J84-J$84)*('Irr Sorghum Silage'!$D$24))/J84","v":45.743308742973596},{"$f":"('Irr Sorghum Silage'!F$60+(D84-D$84)*('Irr Sorghum Silage'!$D$24))/D84","v":46.971957450715379},{"$f":"('Irr Sorghum Silage'!G$60+(J84-J$84)*('Irr Sorghum Silage'!$D$24))/J84","v":52.828383369839266},{"$f":"IF($K84=0,\"N/A\",('Irr Sorghum Silage'!H$60+(K84-K$84)*('Irr Sorghum Silage'!$D$24))/K84)","v":35.081638160372961},{"$f":"'Irr Sorghum Silage'!$B$9*(1-'Irr Sorghum Silage'!$E$9)*$C84","v":13.399999999999999},{"$f":"'Irr Sorghum Silage'!$B$9*'Irr Sorghum Silage'!$E$9*$C84","v":6.6000000000000005}]
["Irrigated Sorghum Silage","Yes",1.1000000000000001,{"$f":"'Irr Sorghum Silage'!$B$9*$C85","v":22},{"$f":"('Irr Sorghum Silage'!F$46+(D85-D$84)*('Irr Sorghum Silage'!$D$24))/D85","v":33.635415864286706},{"$f":"('Irr Sorghum Silage'!G$46+(J85-J$84)*('Irr Sorghum Silage'!$D$24))/J85","v":42.721189766339627},{"$f":"('Irr Sorghum Silage'!F$60+(D85-D$84)*('Irr Sorghum Silage'!$D$24))/D85","v":43.838143137013986},{"$f":"('Irr Sorghum Silage'!G$60+(J85-J$84)*('Irr Sorghum Silage'!$D$24))/J85","v":49.16216669985387},{"$f":"IF($K85=0,\"N/A\",('Irr Sorghum Silage'!H$60+(K85-K$84)*('Irr Sorghum Silage'!$D$24))/K85)","v":33.028761963975413},{"$f":"'Irr Sorghum Silage'!$B$9*(1-'Irr Sorghum Silage'!$E$9)*$C85","v":14.74},{"$f":"'Irr Sorghum Silage'!$B$9*'Irr Sorghum Silage'!$E$9*$C85","v":7.2600000000000016}]
["Irrigated Sorghum Silage","Yes",1.25,{"$f":"'Irr Sorghum Silage'!$B$9*$C86","v":25},{"$f":"('Irr Sorghum Silage'!F$46+(D86-D$84)*('Irr Sorghum Silage'!$D$24))/D86","v":31.099165960572304},{"$f":"('Irr Sorghum Silage'!G$46+(J86-J$84)*('Irr Sorghum Silage'!$D$24))/J86","v":39.09464699437887},{"$f":"('Irr Sorghum Silage'!F$60+(D86-D$84)*('Irr Sorghum Silage'!$D$24))/D86","v":40.077565960572308},{"$f":"('Irr Sorghum Silage'!G$60+(J86-J$84)*('Irr Sorghum Silage'!$D$24))/J86","v":44.762706695871408},{"$f":"IF($K86=0,\"N/A\",('Irr Sorghum Silage'!H$60+(K86-K$84)*('Irr Sorghum Silage'!$D$24))/K86)","v":30.565310528298369},{"$f":"'Irr Sorghum Silage'!$B$9*(1-'Irr Sorghum Silage'!$E$9)*$C86","v":16.75},{"$f":"'Irr Sorghum Silage'!$B$9*'Irr Sorghum Silage'!$E$9*$C86","v":8.25}]
["Irrigated Sorghum Silage","Yes"]
["Irrigated Sorghum Sudangrass","Yes",{"$f":"'Irr Sorghum Sudangrass'!$A$3","v":"Irrigated Sorghum Sudangrass"}]
["Irrigated Sorghum Sudangrass","Yes",null,null,"BE Price to Cover Variable Costs",null,"BE Price to Cover Total Costs"]
["Irrigated Sorghum Sudangrass","Yes","Yield","LB","Total","Tenant","Total","Tenant","Landlord"]
["Irrigated Sorghum Sudangrass","Yes",0.75,{"$f":"'Irr Sorghum Sudangrass'!$B$9*$C91","v":600},{"$f":"('Irr Sorghum Sudangrass'!F$46+(D91-D$93)*('Irr Sorghum Sudangrass'!$D$24))/D91","v":0.56982824973298662},{"$f":"('Irr Sorghum Sudangrass'!G$46+(J91-J$93)*('Irr Sorghum Sudangrass'!$D$24))/J91","v":0.64251991955425525},{"$f":"('Irr Sorghum Sudangrass'!F$60+(D91-D$93)*('Irr Sorghum Sudangrass'!$D$24))/D91","v":0.92352824973298653},{"$f":"('Irr Sorghum Sudangrass'!G$60+(J91-J$93)*('Irr Sorghum Sudangrass'!$D$24))/J91","v":0.84679852651942933},{"$f":"IF($K91=0,\"N/A\",('Irr Sorghum Sudangrass'!H$60+(K91-K$93)*('Irr Sorghum Sudangrass'!$D$24))/K91)","v":1.0793128392877847},{"$f":"'Irr Sorghum Sudangrass'!$B$9*(1-'Irr Sorghum Sudangrass'!$E$9)*$C91","v":402},{"$f":"'Irr Sorghum Sudangrass'!$B$9*'Irr Sorghum Sudangrass'!$E$9*$C91","v":198}]
["Irrigated Sorghum Sudangrass","Yes",0.9,{"$f":"'Irr Sorghum Sudangrass'!$B$9*$C92","v":720},{"$f":"('Irr Sorghum Sudangrass'!F$46+(D92-D$93)*('Irr Sorghum Sudangrass'!$D$24))/D92","v":0.47485687477748884},{"$f":"('Irr Sorghum Sudangrass'!G$46+(J92-J$93)*('Irr Sorghum Sudangrass'!$D$24))/J92","v":0.5354332662952126},{"$f":"('Irr Sorghum Sudangrass'!F$60+(D92-D$93)*('Irr Sorghum Sudangrass'!$D$24))/D92","v":0.76960687477748879},{"$f":"('Irr Sorghum Sudangrass'!G$60+(J92-J$93)*('Irr Sorghum Sudangrass'!$D$24))/J92","v":0.70566543876619103},{"$f":"IF($K92=0,\"N/A\",('Irr Sorghum Sudangrass'!H$60+(K92-K$93)*('Irr Sorghum Sudangrass'!$D$24))/K92)","v":0.89942736607315388},{"$f":"'Irr Sorghum Sudangrass'!$B$9*(1-'Irr Sorghum Sudangrass'!$E$9)*$C92","v":482.40000000000003},{"$f":"'Irr Sorghum Sudangrass'!$B$9*'Irr Sorghum Sudangrass'!$E$9*$C92","v":237.6}]
["Irrigated Sorghum Sudangrass","Yes",1,{"$f":"'Irr Sorghum Sudangrass'!$B$9*$C93","v":800},{"$f":"('Irr Sorghum Sudangrass'!F$46+(D93-D$93)*('Irr Sorghum Sudangrass'!$D$24))/D93","v":0.42737118729973994},{"$f":"('Irr Sorghum Sudangrass'!G$46+(J93-J$93)*('Irr Sorghum Sudangrass'!$D$24))/J93","v":0.48188993966569138},{"$f":"('Irr Sorghum Sudangrass'!F$60+(D93-D$93)*('Irr Sorghum Sudangrass'!$D$24))/D93","v":0.69264618729973992},{"$f":"('Irr Sorghum Sudangrass'!G$60+(J93-J$93)*('Irr Sorghum Sudangrass'!$D$24))/J93","v":0.63509889488957205},{"$f":"IF($K93=0,\"N/A\",('Irr Sorghum Sudangrass'!H$60+(K93-K$93)*('Irr Sorghum Sudangrass'!$D$24))/K93)","v":0.80948462946583843},{"$f":"'Irr Sorghum Sudangrass'!$B$9*(1-'Irr Sorghum Sudangrass'!$E$9)*$C93","v":536},{"$f":"'Irr Sorghum Sudangrass'!$B$9*'Irr Sorghum Sudangrass'!$E$9*$C93","v":264}]
["Irrigated Sorghum Sudangrass","Yes",1.1000000000000001,{"$f":"'Irr Sorghum Sudangrass'!$B$9*$C94","v":880.00000000000011},{"$f":"('Irr Sorghum Sudangrass'!F$46+(D94-D$93)*('Irr Sorghum Sudangrass'!$D$24))/D94","v":0.3885192611815817},{"$f":"('Irr Sorghum Sudangrass'!G$46+(J94-J$93)*('Irr Sorghum Sudangrass'!$D$24))/J94","v":0.43808176333244669},{"$f":"('Irr Sorghum Sudangrass'!F$60+(D94-D$93)*('Irr Sorghum Sudangrass'!$D$24))/D94","v":0.62967835209067258},{"$f":"('Irr Sorghum Sudangrass'!G$60+(J94-J$93)*('Irr Sorghum Sudangrass'!$D$24))/J94","v":0.57736263171779267},{"$f":"IF($K94=0,\"N/A\",('Irr Sorghum Sudangrass'!H$60+(K94-K$93)*('Irr Sorghum Sudangrass'!$D$24))/K94)","v":0.73589511769621674},{"$f":"'Irr Sorghum Sudangrass'!$B$9*(1-'Irr Sorghum Sudangrass'!$E$9)*$C94","v":589.6},{"$f":"'Irr Sorghum Sudangrass'!$B$9*'Irr Sorghum Sudangrass'!$E$9*$C94","v":290.40000000000003}]
["Irrigated Sorghum Sudangrass","Yes",1.25,{"$f":"'Irr Sorghum Sudangrass'!$B$9*$C95","v":1000},{"$f":"('Irr Sorghum Sudangrass'!F$46+(D95-D$93)*('Irr Sorghum Sudangrass'!$D$24))/D95","v":0.34189694983979196},{"$f":"('Irr Sorghum Sudangrass'!G$46+(J95-J$93)*('Irr Sorghum Sudangrass'!$D$24))/J95","v":0.38551195173255309},{"$f":"('Irr Sorghum Sudangrass'!F$60+(D95-D$93)*('Irr Sorghum Sudangrass'!$D$24))/D95","v":0.55411694983979187},{"$f":"('Irr Sorghum Sudangrass'!G$60+(J95-J$93)*('Irr Sorghum Sudangrass'!$D$24))/J95","v":0.50807911591165755},{"$f":"IF($K95=0,\"N/A\",('Irr Sorghum Sudangrass'!H$60+(K95-K$93)*('Irr Sorghum Sudangrass'!$D$24))/K95)","v":0.6475877035726707},{"$f":"'Irr Sorghum Sudangrass'!$B$9*(1-'Irr Sorghum Sudangrass'!$E$9)*$C95","v":670},{"$f":"'Irr Sorghum Sudangrass'!$B$9*'Irr Sorghum Sudangrass'!$E$9*$C95","v":330}]
["Irrigated Sorghum Sudangrass","Yes"]
["Irrigated Soybeans","Yes",{"$f":"'Irr Soybeans'!$A$3","v":"Irrigated Soybeans"}]
["Irrigated Soybeans","Yes",null,null,"BE Price to Cover Variable Costs",null,"BE Price to Cover Total Costs"]
["Irrigated Soybeans","Yes","Yield","BU","Total","Tenant","Total","Tenant","Landlord"]
["Irrigated Soybeans","Yes",0.75,{"$f":"'Irr Soybeans'!$B$9*$C100","v":45},{"$f":"('Irr Soybeans'!F$49+(D100-D$102)*('Irr Soybeans'!$D$27))/D100","v":10.467997972352157},{"$f":"('Irr Soybeans'!G$49+(J100-J$102)*('Irr Soybeans'!$D$27))/J100","v":13.198613254586187},{"$f":"('Irr Soybeans'!F$63+(D100-D$102)*('Irr Soybeans'!$D$27))/D100","v":15.483775750129935},{"$f":"('Irr Soybeans'!G$63+(J100-J$102)*('Irr Soybeans'!$D$27))/J100","v":16.442394349113552},{"$f":"IF($K100=0,\"N/A\",('Irr Soybeans'!H$63+(K100-K$102)*('Irr Soybeans'!$D$27))/K100)","v":13.537489503708654},{"$f":"'Irr Soybeans'!$B$9*(1-'Irr Soybeans'!$E$9)*$C100","v":30.15},{"$f":"'Irr Soybeans'!$B$9*'Irr Soybeans'!$E$9*$C100","v":14.850000000000001}]
["Irrigated Soybeans","Yes",0.9,{"$f":"'Irr Soybeans'!$B$9*$C101","v":54},{"$f":"('Irr Soybeans'!F$49+(D101-D$102)*('Irr Soybeans'!$D$27))/D101","v":8.9066649769601298},{"$f":"('Irr Soybeans'!G$49+(J101-J$102)*('Irr Soybeans'!$D$27))/J101","v":11.182177712155157},{"$f":"('Irr Soybeans'!F$63+(D101-D$102)*('Irr Soybeans'!$D$27))/D101","v":13.086479791774945},{"$f":"('Irr Soybeans'!G$63+(J101-J$102)*('Irr Soybeans'!$D$27))/J101","v":13.885328624261293},{"$f":"IF($K101=0,\"N/A\",('Irr Soybeans'!H$63+(K101-K$102)*('Irr Soybeans'!$D$27))/K101)","v":11.464574586423879},{"$f":"'Irr Soybeans'!$B$9*(1-'Irr Soybeans'!$E$9)*$C101","v":36.18},{"$f":"'Irr Soybeans'!$B$9*'Irr Soybeans'!$E$9*$C101","v":17.82}]
["Irrigated Soybeans","Yes",1,{"$f":"'Irr Soybeans'!$B$9*$C102","v":60},{"$f":"('Irr Soybeans'!F$49+(D102-D$102)*('Irr Soybeans'!$D$27))/D102","v":8.1259984792641173},{"$f":"('Irr Soybeans'!G$49+(J102-J$102)*('Irr Soybeans'!$D$27))/J102","v":10.173959940939641},{"$f":"('Irr Soybeans'!F$63+(D102-D$102)*('Irr Soybeans'!$D$27))/D102","v":11.887831812597451},{"$f":"('Irr Soybeans'!G$63+(J102-J$102)*('Irr Soybeans'!$D$27))/J102","v":12.606795761835164},{"$f":"IF($K102=0,\"N/A\",('Irr Soybeans'!H$63+(K102-K$102)*('Irr Soybeans'!$D$27))/K102)","v":10.428117127781491},{"$f":"'Irr Soybeans'!$B$9*(1-'Irr Soybeans'!$E$9)*$C102","v":40.199999999999996},{"$f":"'Irr Soybeans'!$B$9*'Irr Soybeans'!$E$9*$C102","v":19.8}]
["Irrigated Soybeans",{"$f":"_xlfn.XLOOKUP(A103,PGM_ShowHide_Lookup,PGM_ShowHide_Return,\"\")","v":"Yes"},1.1000000000000001,{"$f":"'Irr Soybeans'!$B$9*$C103","v":66},{"$f":"('Irr Soybeans'!F$49+(D103-D$102)*('Irr Soybeans'!$D$27))/D103","v":7.4872713447855617},{"$f":"('Irr Soybeans'!G$49+(J103-J$102)*('Irr Soybeans'!$D$27))/J103","v":9.3490544917633098},{"$f":"('Irr Soybeans'!F$63+(D103-D$102)*('Irr Soybeans'!$D$27))/D103","v":10.907119829634047},{"$f":"('Irr Soybeans'!G$63+(J103-J$102)*('Irr Soybeans'!$D$27))/J103","v":11.560723419850149},{"$f":"IF($K103=0,\"N/A\",('Irr Soybeans'!H$63+(K103-K$102)*('Irr Soybeans'!$D$27))/K103)","v":9.5801064798013549},{"$f":"'Irr Soybeans'!$B$9*(1-'Irr Soybeans'!$E$9)*$C103","v":44.22},{"$f":"'Irr Soybeans'!$B$9*'Irr Soybeans'!$E$9*$C103","v":21.78}]
["Irrigated Soybeans","Yes",1.25,{"$f":"'Irr Soybeans'!$B$9*$C104","v":75},{"$f":"('Irr Soybeans'!F$49+(D104-D$102)*('Irr Soybeans'!$D$27))/D104","v":6.7207987834112943},{"$f":"('Irr Soybeans'!G$49+(J104-J$102)*('Irr Soybeans'!$D$27))/J104","v":8.3591679527517133},{"$f":"('Irr Soybeans'!F$63+(D104-D$102)*('Irr Soybeans'!$D$27))/D104","v":9.73026545007796},{"$f":"('Irr Soybeans'!G$63+(J104-J$102)*('Irr Soybeans'!$D$27))/J104","v":10.305436609468131},{"$f":"IF($K104=0,\"N/A\",('Irr Soybeans'!H$63+(K104-K$102)*('Irr Soybeans'!$D$27))/K104)","v":8.5624937022251917},{"$f":"'Irr Soybeans'!$B$9*(1-'Irr Soybeans'!$E$9)*$C104","v":50.249999999999993},{"$f":"'Irr Soybeans'!$B$9*'Irr Soybeans'!$E$9*$C104","v":24.75}]
["Irrigated Soybeans","Yes"]
["Irrigated Sunflowers-Confectionary","Yes",{"$f":"'Irr Sunflowers-Confection'!$A$3","v":"Irrigated Sunflowers-Confectionary"}]
["Irrigated Sunflowers-Confectionary","Yes",null,null,"BE Price to Cover Variable Costs",null,"BE Price to Cover Total Costs"]
["Irrigated Sunflowers-Confectionary","Yes","Yield","CWT","Total","Tenant","Total","Tenant","Landlord"]
["Irrigated Sunflowers-Confectionary","Yes",0.75,{"$f":"'Irr Sunflowers-Confection'!$B$9*$C109","v":13.5},{"$f":"('Irr Sunflowers-Confection'!F$49+(D109-D$111)*('Irr Sunflowers-Confection'!$D$26))/D109","v":29.564845004526141},{"$f":"('Irr Sunflowers-Confection'!G$49+(J109-J$111)*('Irr Sunflowers-Confection'!$D$26))/J109","v":36.307931771999883},{"$f":"('Irr Sunflowers-Confection'!F$63+(D109-D$111)*('Irr Sunflowers-Confection'!$D$26))/D109","v":44.950030189711327},{"$f":"('Irr Sunflowers-Confection'!G$63+(J109-J$111)*('Irr Sunflowers-Confection'!$D$26))/J109","v":45.141541501132004},{"$f":"IF($K109=0, \"N/A\", ('Irr Sunflowers-Confection'!H$63+(K109-K$111)*('Irr Sunflowers-Confection'!$D$26))/K109)","v":44.56120419379662},{"$f":"'Irr Sunflowers-Confection'!$B$9*(1-'Irr Sunflowers-Confection'!$E$9)*$C109","v":9.0449999999999982},{"$f":"'Irr Sunflowers-Confection'!$B$9*'Irr Sunflowers-Confection'!$E$9*$C109","v":4.4550000000000001}]
["Irrigated Sunflowers-Confectionary","Yes",0.9,{"$f":"'Irr Sunflowers-Confection'!$B$9*$C110","v":16.2},{"$f":"('Irr Sunflowers-Confection'!F$49+(D110-D$111)*('Irr Sunflowers-Confection'!$D$26))/D110","v":24.754037503771784},{"$f":"('Irr Sunflowers-Confection'!G$49+(J110-J$111)*('Irr Sunflowers-Confection'!$D$26))/J110","v":30.373276476666565},{"$f":"('Irr Sunflowers-Confection'!F$63+(D110-D$111)*('Irr Sunflowers-Confection'!$D$26))/D110","v":37.575025158092771},{"$f":"('Irr Sunflowers-Confection'!G$63+(J110-J$111)*('Irr Sunflowers-Confection'!$D$26))/J110","v":37.734617917610002},{"$f":"IF($K110=0, \"N/A\", ('Irr Sunflowers-Confection'!H$63+(K110-K$111)*('Irr Sunflowers-Confection'!$D$26))/K110)","v":37.25100349483052},{"$f":"'Irr Sunflowers-Confection'!$B$9*(1-'Irr Sunflowers-Confection'!$E$9)*$C110","v":10.853999999999999},{"$f":"'Irr Sunflowers-Confection'!$B$9*'Irr Sunflowers-Confection'!$E$9*$C110","v":5.3460000000000001}]
["Irrigated Sunflowers-Confectionary","Yes",1,{"$f":"'Irr Sunflowers-Confection'!$B$9*$C111","v":18},{"$f":"('Irr Sunflowers-Confection'!F$49+(D111-D$111)*('Irr Sunflowers-Confection'!$D$26))/D111","v":22.348633753394605},{"$f":"('Irr Sunflowers-Confection'!G$49+(J111-J$111)*('Irr Sunflowers-Confection'!$D$26))/J111","v":27.405948828999911},{"$f":"('Irr Sunflowers-Confection'!F$63+(D111-D$111)*('Irr Sunflowers-Confection'!$D$26))/D111","v":33.887522642283493},{"$f":"('Irr Sunflowers-Confection'!G$63+(J111-J$111)*('Irr Sunflowers-Confection'!$D$26))/J111","v":34.031156125849002},{"$f":"IF($K111=0, \"N/A\", ('Irr Sunflowers-Confection'!H$63+(K111-K$111)*('Irr Sunflowers-Confection'!$D$26))/K111)","v":33.595903145347464},{"$f":"'Irr Sunflowers-Confection'!$B$9*(1-'Irr Sunflowers-Confection'!$E$9)*$C111","v":12.059999999999999},{"$f":"'Irr Sunflowers-Confection'!$B$9*'Irr Sunflowers-Confection'!$E$9*$C111","v":5.94}]
["Irrigated Sunflowers-Confectionary","Yes",1.1000000000000001,{"$f":"'Irr Sunflowers-Confection'!$B$9*$C112","v":19.8},{"$f":"('Irr Sunflowers-Confection'!F$49+(D112-D$111)*('Irr Sunflowers-Confection'!$D$26))/D112","v":20.380576139449641},{"$f":"('Irr Sunflowers-Confection'!G$49+(J112-J$111)*('Irr Sunflowers-Confection'!$D$26))/J112","v":24.978135299090827},{"$f":"('Irr Sunflowers-Confection'!F$63+(D112-D$111)*('Irr Sunflowers-Confection'!$D$26))/D112","v":30.87047512934863},{"$f":"('Irr Sunflowers-Confection'!G$63+(J112-J$111)*('Irr Sunflowers-Confection'!$D$26))/J112","v":31.001051023499091},{"$f":"IF($K112=0, \"N/A\", ('Irr Sunflowers-Confection'!H$63+(K112-K$111)*('Irr Sunflowers-Confection'!$D$26))/K112)","v":30.605366495770422},{"$f":"'Irr Sunflowers-Confection'!$B$9*(1-'Irr Sunflowers-Confection'!$E$9)*$C112","v":13.266},{"$f":"'Irr Sunflowers-Confection'!$B$9*'Irr Sunflowers-Confection'!$E$9*$C112","v":6.5340000000000007}]
["Irrigated Sunflowers-Confectionary","Yes",1.25,{"$f":"'Irr Sunflowers-Confection'!$B$9*$C113","v":22.5},{"$f":"('Irr Sunflowers-Confection'!F$49+(D113-D$111)*('Irr Sunflowers-Confection'!$D$26))/D113","v":18.018907002715682},{"$f":"('Irr Sunflowers-Confection'!G$49+(J113-J$111)*('Irr Sunflowers-Confection'!$D$26))/J113","v":22.064759063199926},{"$f":"('Irr Sunflowers-Confection'!F$63+(D113-D$111)*('Irr Sunflowers-Confection'!$D$26))/D113","v":27.250018113826794},{"$f":"('Irr Sunflowers-Confection'!G$63+(J113-J$111)*('Irr Sunflowers-Confection'!$D$26))/J113","v":27.364924900679199},{"$f":"IF($K113=0, \"N/A\", ('Irr Sunflowers-Confection'!H$63+(K113-K$111)*('Irr Sunflowers-Confection'!$D$26))/K113)","v":27.016722516277973},{"$f":"'Irr Sunflowers-Confection'!$B$9*(1-'Irr Sunflowers-Confection'!$E$9)*$C113","v":15.074999999999999},{"$f":"'Irr Sunflowers-Confection'!$B$9*'Irr Sunflowers-Confection'!$E$9*$C113","v":7.4250000000000007}]
["Irrigated Sunflowers-Confectionary","Yes"]
["Irrigated Sunflowers-Oilseed","Yes",{"$f":"'Irr Sunflowers-Oilseed'!$A$3","v":"Irrigated Sunflowers-Oilseed"}]
["Irrigated Sunflowers-Oilseed","Yes",null,null,"BE Price to Cover Variable Costs",null,"BE Price to Cover Total Costs"]
["Irrigated Sunflowers-Oilseed","Yes","Yield","CWT","Total","Tenant","Total","Tenant","Landlord"]
["Irrigated Sunflowers-Oilseed","Yes",0.75,{"$f":"'Irr Sunflowers-Oilseed'!$B$9*$C118","v":15},{"$f":"('Irr Sunflowers-Oilseed'!F$48+(D118-D$120)*('Irr Sunflowers-Oilseed'!$D$25))/D118","v":26.642352179540193},{"$f":"('Irr Sunflowers-Oilseed'!G$48+(J118-J$120)*('Irr Sunflowers-Oilseed'!$D$25))/J118","v":30.820185453705371},{"$f":"('Irr Sunflowers-Oilseed'!F$62+(D118-D$120)*('Irr Sunflowers-Oilseed'!$D$25))/D118","v":40.489018846206861},{"$f":"('Irr Sunflowers-Oilseed'!G$62+(J118-J$120)*('Irr Sunflowers-Oilseed'!$D$25))/J118","v":38.770434209924282},{"$f":"IF($K118=0, \"N/A\", ('Irr Sunflowers-Oilseed'!H$62+(K118-K$120)*('Irr Sunflowers-Oilseed'!$D$25))/K118)","v":43.978266441083626},{"$f":"'Irr Sunflowers-Oilseed'!$B$9*(1-'Irr Sunflowers-Oilseed'!$E$9)*$C118","v":10.049999999999999},{"$f":"'Irr Sunflowers-Oilseed'!$B$9*'Irr Sunflowers-Oilseed'!$E$9*$C118","v":4.95}]
["Irrigated Sunflowers-Oilseed","Yes",0.9,{"$f":"'Irr Sunflowers-Oilseed'!$B$9*$C119","v":18},{"$f":"('Irr Sunflowers-Oilseed'!F$48+(D119-D$120)*('Irr Sunflowers-Oilseed'!$D$25))/D119","v":22.318626816283498},{"$f":"('Irr Sunflowers-Oilseed'!G$48+(J119-J$120)*('Irr Sunflowers-Oilseed'!$D$25))/J119","v":25.800154544754477},{"$f":"('Irr Sunflowers-Oilseed'!F$62+(D119-D$120)*('Irr Sunflowers-Oilseed'!$D$25))/D119","v":33.857515705172389},{"$f":"('Irr Sunflowers-Oilseed'!G$62+(J119-J$120)*('Irr Sunflowers-Oilseed'!$D$25))/J119","v":32.425361841603568},{"$f":"IF($K119=0, \"N/A\", ('Irr Sunflowers-Oilseed'!H$62+(K119-K$120)*('Irr Sunflowers-Oilseed'!$D$25))/K119)","v":36.765222034236359},{"$f":"'Irr Sunflowers-Oilseed'!$B$9*(1-'Irr Sunflowers-Oilseed'!$E$9)*$C119","v":12.059999999999999},{"$f":"'Irr Sunflowers-Oilseed'!$B$9*'Irr Sunflowers-Oilseed'!$E$9*$C119","v":5.94}]
["Irrigated Sunflowers-Oilseed","Yes",1,{"$f":"'Irr Sunflowers-Oilseed'!$B$9*$C120","v":20},{"$f":"('Irr Sunflowers-Oilseed'!F$48+(D120-D$120)*('Irr Sunflowers-Oilseed'!$D$25))/D120","v":20.156764134655145},{"$f":"('Irr Sunflowers-Oilseed'!G$48+(J120-J$120)*('Irr Sunflowers-Oilseed'!$D$25))/J120","v":23.29013909027903},{"$f":"('Irr Sunflowers-Oilseed'!F$62+(D120-D$120)*('Irr Sunflowers-Oilseed'!$D$25))/D120","v":30.541764134655146},{"$f":"('Irr Sunflowers-Oilseed'!G$62+(J120-J$120)*('Irr Sunflowers-Oilseed'!$D$25))/J120","v":29.252825657443211},{"$f":"IF($K120=0, \"N/A\", ('Irr Sunflowers-Oilseed'!H$62+(K120-K$120)*('Irr Sunflowers-Oilseed'!$D$25))/K120)","v":33.158699830812715},{"$f":"'Irr Sunflowers-Oilseed'!$B$9*(1-'Irr Sunflowers-Oilseed'!$E$9)*$C120","v":13.399999999999999},{"$f":"'Irr Sunflowers-Oilseed'!$B$9*'Irr Sunflowers-Oilseed'!$E$9*$C120","v":6.6000000000000005}]
["Irrigated Sunflowers-Oilseed","Yes",1.1000000000000001,{"$f":"'Irr Sunflowers-Oilseed'!$B$9*$C121","v":22},{"$f":"('Irr Sunflowers-Oilseed'!F$48+(D121-D$120)*('Irr Sunflowers-Oilseed'!$D$25))/D121","v":18.38796739514104},{"$f":"('Irr Sunflowers-Oilseed'!G$48+(J121-J$120)*('Irr Sunflowers-Oilseed'!$D$25))/J121","v":21.236490082071843},{"$f":"('Irr Sunflowers-Oilseed'!F$62+(D121-D$120)*('Irr Sunflowers-Oilseed'!$D$25))/D121","v":27.828876486050135},{"$f":"('Irr Sunflowers-Oilseed'!G$62+(J121-J$120)*('Irr Sunflowers-Oilseed'!$D$25))/J121","v":26.65711423403928},{"$f":"IF($K121=0, \"N/A\", ('Irr Sunflowers-Oilseed'!H$62+(K121-K$120)*('Irr Sunflowers-Oilseed'!$D$25))/K121)","v":30.207908937102466},{"$f":"'Irr Sunflowers-Oilseed'!$B$9*(1-'Irr Sunflowers-Oilseed'!$E$9)*$C121","v":14.74},{"$f":"'Irr Sunflowers-Oilseed'!$B$9*'Irr Sunflowers-Oilseed'!$E$9*$C121","v":7.2600000000000016}]
["Irrigated Sunflowers-Oilseed","Yes",1.25,{"$f":"'Irr Sunflowers-Oilseed'!$B$9*$C122","v":25},{"$f":"('Irr Sunflowers-Oilseed'!F$48+(D122-D$120)*('Irr Sunflowers-Oilseed'!$D$25))/D122","v":16.265411307724115},{"$f":"('Irr Sunflowers-Oilseed'!G$48+(J122-J$120)*('Irr Sunflowers-Oilseed'!$D$25))/J122","v":18.772111272223224},{"$f":"('Irr Sunflowers-Oilseed'!F$62+(D122-D$120)*('Irr Sunflowers-Oilseed'!$D$25))/D122","v":24.573411307724118},{"$f":"('Irr Sunflowers-Oilseed'!G$62+(J122-J$120)*('Irr Sunflowers-Oilseed'!$D$25))/J122","v":23.542260525954568},{"$f":"IF($K122=0, \"N/A\", ('Irr Sunflowers-Oilseed'!H$62+(K122-K$120)*('Irr Sunflowers-Oilseed'!$D$25))/K122)","v":26.666959864650178},{"$f":"'Irr Sunflowers-Oilseed'!$B$9*(1-'Irr Sunflowers-Oilseed'!$E$9)*$C122","v":16.75},{"$f":"'Irr Sunflowers-Oilseed'!$B$9*'Irr Sunflowers-Oilseed'!$E$9*$C122","v":8.25}]
["Irrigated Sunflowers-Oilseed","Yes"]
["Irrigated Triticale Silage","Yes",{"$f":"'Irr Triticale Silage'!$A$3","v":"Irrigated Triticale Silage"}]
["Irrigated Triticale Silage","Yes",null,null,"BE Price to Cover Variable Costs",null,"BE Price to Cover Total Costs"]
["Irrigated Triticale Silage","Yes","Yield","TONS","Total","Tenant","Total","Tenant","Landlord"]
["Irrigated Triticale Silage","Yes",0.75,{"$f":"'Irr Triticale Silage'!$B$9*$C127","v":7.5},{"$f":"('Irr Triticale Silage'!F$46+(D127-D$129)*('Irr Triticale Silage'!$D$24))/D127","v":51.042919395421322},{"$f":"('Irr Triticale Silage'!G$46+(J127-J$129)*('Irr Triticale Silage'!$D$24))/J127","v":67.219490900466099},{"$f":"('Irr Triticale Silage'!F$60+(D127-D$129)*('Irr Triticale Silage'!$D$24))/D127","v":79.933586062087983},{"$f":"('Irr Triticale Silage'!G$60+(J127-J$129)*('Irr Triticale Silage'!$D$24))/J127","v":84.449341646734766},{"$f":"IF($K127=0,\"N/A\",('Irr Triticale Silage'!H$60+(K127-K$129)*('Irr Triticale Silage'!$D$24))/K127)","v":70.765233814471827},{"$f":"'Irr Triticale Silage'!$B$9*(1-'Irr Triticale Silage'!$E$9)*$C127","v":5.0249999999999995},{"$f":"'Irr Triticale Silage'!$B$9*'Irr Triticale Silage'!$E$9*$C127","v":2.4750000000000001}]
["Irrigated Triticale Silage","Yes",0.9,{"$f":"'Irr Triticale Silage'!$B$9*$C128","v":9},{"$f":"('Irr Triticale Silage'!F$46+(D128-D$129)*('Irr Triticale Silage'!$D$24))/D128","v":44.619099496184432},{"$f":"('Irr Triticale Silage'!G$46+(J128-J$129)*('Irr Triticale Silage'!$D$24))/J128","v":58.099575750388418},{"$f":"('Irr Triticale Silage'!F$60+(D128-D$129)*('Irr Triticale Silage'!$D$24))/D128","v":68.694655051739986},{"$f":"('Irr Triticale Silage'!G$60+(J128-J$129)*('Irr Triticale Silage'!$D$24))/J128","v":72.457784705612298},{"$f":"IF($K128=0,\"N/A\",('Irr Triticale Silage'!H$60+(K128-K$129)*('Irr Triticale Silage'!$D$24))/K128)","v":61.054361512059863},{"$f":"'Irr Triticale Silage'!$B$9*(1-'Irr Triticale Silage'!$E$9)*$C128","v":6.0299999999999994},{"$f":"'Irr Triticale Silage'!$B$9*'Irr Triticale Silage'!$E$9*$C128","v":2.97}]
["Irrigated Triticale Silage","Yes",1,{"$f":"'Irr Triticale Silage'!$B$9*$C129","v":10},{"$f":"('Irr Triticale Silage'!F$46+(D129-D$129)*('Irr Triticale Silage'!$D$24))/D129","v":41.407189546565988},{"$f":"('Irr Triticale Silage'!G$46+(J129-J$129)*('Irr Triticale Silage'!$D$24))/J129","v":53.539618175349581},{"$f":"('Irr Triticale Silage'!F$60+(D129-D$129)*('Irr Triticale Silage'!$D$24))/D129","v":63.075189546565994},{"$f":"('Irr Triticale Silage'!G$60+(J129-J$129)*('Irr Triticale Silage'!$D$24))/J129","v":66.462006235051064},{"$f":"IF($K129=0,\"N/A\",('Irr Triticale Silage'!H$60+(K129-K$129)*('Irr Triticale Silage'!$D$24))/K129)","v":56.19892536085387},{"$f":"'Irr Triticale Silage'!$B$9*(1-'Irr Triticale Silage'!$E$9)*$C129","v":6.6999999999999993},{"$f":"'Irr Triticale Silage'!$B$9*'Irr Triticale Silage'!$E$9*$C129","v":3.3000000000000003}]
["Irrigated Triticale Silage","Yes",1.1000000000000001,{"$f":"'Irr Triticale Silage'!$B$9*$C130","v":11},{"$f":"('Irr Triticale Silage'!F$46+(D130-D$129)*('Irr Triticale Silage'!$D$24))/D130","v":38.779263224150903},{"$f":"('Irr Triticale Silage'!G$46+(J130-J$129)*('Irr Triticale Silage'!$D$24))/J130","v":49.808743795772337},{"$f":"('Irr Triticale Silage'!F$60+(D130-D$129)*('Irr Triticale Silage'!$D$24))/D130","v":58.477445042332718},{"$f":"('Irr Triticale Silage'!G$60+(J130-J$129)*('Irr Triticale Silage'!$D$24))/J130","v":61.556369304591875},{"$f":"IF($K130=0,\"N/A\",('Irr Triticale Silage'!H$60+(K130-K$129)*('Irr Triticale Silage'!$D$24))/K130)","v":52.22629578259442},{"$f":"'Irr Triticale Silage'!$B$9*(1-'Irr Triticale Silage'!$E$9)*$C130","v":7.37},{"$f":"'Irr Triticale Silage'!$B$9*'Irr Triticale Silage'!$E$9*$C130","v":3.6300000000000008}]
["Irrigated Triticale Silage","Yes",1.25,{"$f":"'Irr Triticale Silage'!$B$9*$C131","v":12.5},{"$f":"('Irr Triticale Silage'!F$46+(D131-D$129)*('Irr Triticale Silage'!$D$24))/D131","v":35.62575163725279},{"$f":"('Irr Triticale Silage'!G$46+(J131-J$129)*('Irr Triticale Silage'!$D$24))/J131","v":45.331694540279656},{"$f":"('Irr Triticale Silage'!F$60+(D131-D$129)*('Irr Triticale Silage'!$D$24))/D131","v":52.960151637252793},{"$f":"('Irr Triticale Silage'!G$60+(J131-J$129)*('Irr Triticale Silage'!$D$24))/J131","v":55.669604988040852},{"$f":"IF($K131=0,\"N/A\",('Irr Triticale Silage'!H$60+(K131-K$129)*('Irr Triticale Silage'!$D$24))/K131)","v":47.459140288683102},{"$f":"'Irr Triticale Silage'!$B$9*(1-'Irr Triticale Silage'!$E$9)*$C131","v":8.375},{"$f":"'Irr Triticale Silage'!$B$9*'Irr Triticale Silage'!$E$9*$C131","v":4.125}]
["Irrigated Triticale Silage","Yes"]
["Irrigated Wheat","Yes",{"$f":"'Irr Wheat'!$A$3","v":"Irrigated Wheat"}]
["Irrigated Wheat","Yes",null,null,"BE Price to Cover Variable Costs",null,"BE Price to Cover Total Costs"]
["Irrigated Wheat",{"$f":"_xlfn.XLOOKUP(A135,PGM_ShowHide_Lookup,PGM_ShowHide_Return,\"\")","v":"Yes"},"Yield","BU","Total","Tenant","Total","Tenant","Landlord"]
["Irrigated Wheat","Yes",0.75,{"$f":"'Irr Wheat'!$B$9*$C136","v":37.5},{"$f":"('Irr Wheat'!$F$47-'Irr Wheat'!$F$10+($D136-$D$138)*'Irr Wheat'!$D$25)/$D136","v":6.5132153729406008},{"$f":"('Irr Wheat'!$G$47-'Irr Wheat'!$G$10+($J136-$J$138)*'Irr Wheat'!$D$25)/$J136","v":8.5095263136032866},{"$f":"('Irr Wheat'!$F$61-'Irr Wheat'!$F$10+($D136-$D$138)*'Irr Wheat'!$D$25)/$D136","v":12.291615372940599},{"$f":"('Irr Wheat'!$G$61-'Irr Wheat'!$G$10+($J136-$J$138)*'Irr Wheat'!$D$25)/$J136","v":11.955496462857017},{"$f":"IF($K136=0, \"N/A\", ('Irr Wheat'!$H$61-'Irr Wheat'!$H$10+($K136-$K$138)*'Irr Wheat'!$D$25)/$K136)","v":12.974038614625453},{"$f":"'Irr Wheat'!$B$9*(1-'Irr Wheat'!$E$9)*$C136","v":25.125},{"$f":"'Irr Wheat'!$B$9*'Irr Wheat'!$E$9*$C136","v":12.375}]
["Irrigated Wheat","Yes",0.9,{"$f":"'Irr Wheat'!$B$9*$C137","v":45},{"$f":"('Irr Wheat'!$F$47-'Irr Wheat'!$F$10+($D137-$D$138)*'Irr Wheat'!$D$25)/$D137","v":5.6176794774505003},{"$f":"('Irr Wheat'!$G$47-'Irr Wheat'!$G$10+($J137-$J$138)*'Irr Wheat'!$D$25)/$J137","v":7.2812719280027389},{"$f":"('Irr Wheat'!$F$61-'Irr Wheat'!$F$10+($D137-$D$138)*'Irr Wheat'!$D$25)/$D137","v":10.433012810783833},{"$f":"('Irr Wheat'!$G$61-'Irr Wheat'!$G$10+($J137-$J$138)*'Irr Wheat'!$D$25)/$J137","v":10.152913719047513},{"$f":"IF($K137=0, \"N/A\", ('Irr Wheat'!$H$61-'Irr Wheat'!$H$10+($K137-$K$138)*'Irr Wheat'!$D$25)/$K137)","v":11.001698845521211},{"$f":"'Irr Wheat'!$B$9*(1-'Irr Wheat'!$E$9)*$C137","v":30.150000000000002},{"$f":"'Irr Wheat'!$B$9*'Irr Wheat'!$E$9*$C137","v":14.85}]
["Irrigated Wheat","Yes",1,{"$f":"'Irr Wheat'!$B$9*$C138","v":50},{"$f":"('Irr Wheat'!$F$47-'Irr Wheat'!$F$10+($D138-$D$138)*'Irr Wheat'!$D$25)/$D138","v":5.1699115297054501},{"$f":"('Irr Wheat'!$G$47-'Irr Wheat'!$G$10+($J138-$J$138)*'Irr Wheat'!$D$25)/$J138","v":6.6671447352024655},{"$f":"('Irr Wheat'!$F$61-'Irr Wheat'!$F$10+($D138-$D$138)*'Irr Wheat'!$D$25)/$D138","v":9.5037115297054484},{"$f":"('Irr Wheat'!$G$61-'Irr Wheat'!$G$10+($J138-$J$138)*'Irr Wheat'!$D$25)/$J138","v":9.2516223471427637},{"$f":"IF($K138=0, \"N/A\", ('Irr Wheat'!$H$61-'Irr Wheat'!$H$10+($K138-$K$138)*'Irr Wheat'!$D$25)/$K138)","v":10.015528960969089},{"$f":"'Irr Wheat'!$B$9*(1-'Irr Wheat'!$E$9)*$C138","v":33.5},{"$f":"'Irr Wheat'!$B$9*'Irr Wheat'!$E$9*$C138","v":16.5}]
["Irrigated Wheat","Yes",1.1000000000000001,{"$f":"'Irr Wheat'!$B$9*$C139","v":55.000000000000007},{"$f":"('Irr Wheat'!$F$47-'Irr Wheat'!$F$10+($D139-$D$138)*'Irr Wheat'!$D$25)/$D139","v":4.8035559360958633},{"$f":"('Irr Wheat'!$G$47-'Irr Wheat'!$G$10+($J139-$J$138)*'Irr Wheat'!$D$25)/$J139","v":6.164677032002241},{"$f":"('Irr Wheat'!$F$61-'Irr Wheat'!$F$10+($D139-$D$138)*'Irr Wheat'!$D$25)/$D139","v":8.7433741179140441},{"$f":"('Irr Wheat'!$G$61-'Irr Wheat'!$G$10+($J139-$J$138)*'Irr Wheat'!$D$25)/$J139","v":8.5142021337661493},{"$f":"IF($K139=0, \"N/A\", ('Irr Wheat'!$H$61-'Irr Wheat'!$H$10+($K139-$K$138)*'Irr Wheat'!$D$25)/$K139)","v":9.2086626917900798},{"$f":"'Irr Wheat'!$B$9*(1-'Irr Wheat'!$E$9)*$C139","v":36.85},{"$f":"'Irr Wheat'!$B$9*'Irr Wheat'!$E$9*$C139","v":18.150000000000002}]
["Irrigated Wheat","Yes",1.25,{"$f":"'Irr Wheat'!$B$9*$C140","v":62.5},{"$f":"('Irr Wheat'!$F$47-'Irr Wheat'!$F$10+($D140-$D$138)*'Irr Wheat'!$D$25)/$D140","v":4.3639292237643605},{"$f":"('Irr Wheat'!$G$47-'Irr Wheat'!$G$10+($J140-$J$138)*'Irr Wheat'!$D$25)/$J140","v":5.5617157881619725},{"$f":"('Irr Wheat'!$F$61-'Irr Wheat'!$F$10+($D140-$D$138)*'Irr Wheat'!$D$25)/$D140","v":7.8309692237643596},{"$f":"('Irr Wheat'!$G$61-'Irr Wheat'!$G$10+($J140-$J$138)*'Irr Wheat'!$D$25)/$J140","v":7.6292978777142109},{"$f":"IF($K140=0, \"N/A\", ('Irr Wheat'!$H$61-'Irr Wheat'!$H$10+($K140-$K$138)*'Irr Wheat'!$D$25)/$K140)","v":8.2404231687752709},{"$f":"'Irr Wheat'!$B$9*(1-'Irr Wheat'!$E$9)*$C140","v":41.875},{"$f":"'Irr Wheat'!$B$9*'Irr Wheat'!$E$9*$C140","v":20.625}]
["Irrigated Wheat","Yes"]
["Irrigated Other Crop","Yes",{"$f":"'Irr Other Crop'!$A$3","v":"Irrigated Other Crop"}]
["Irrigated Other Crop","Yes",null,null,"BE Price to Cover Variable Costs",null,"BE Price to Cover Total Costs"]
["Irrigated Other Crop","Yes","Yield","LB","Total","Tenant","Total","Tenant","Landlord"]
["Irrigated Other Crop","Yes",0.75,{"$f":"'Irr Other Crop'!$B$9*$C145","v":0},{"$f":"IF($D145=0, \"N/A\", ('Irr Other Crop'!$F$48-'Irr Other Crop'!$F$10+($D145-$D$147)*'Irr Other Crop'!$D$26)/$D145)","v":"N/A"},{"$f":"IF($D145=0, \"N/A\",('Irr Other Crop'!$G$48-'Irr Other Crop'!$G$10+($J145-$J$147)*'Irr Other Crop'!$D$26)/$J145)","v":"N/A"},{"$f":"IF($D145=0, \"N/A\",('Irr Other Crop'!$F$62-'Irr Other Crop'!$F$10+($D145-$D$147)*'Irr Other Crop'!$D$26)/$D145)","v":"N/A"},{"$f":"IF($D145=0, \"N/A\",('Irr Other Crop'!$G$62-'Irr Other Crop'!$G$10+($J145-$J$147)*'Irr Other Crop'!$D$26)/$J145)","v":"N/A"},{"$f":"IF($K145=0, \"N/A\", ('Irr Other Crop'!$H$62-'Irr Other Crop'!$H$10+($K145-$K$147)*'Irr Other Crop'!$D$26)/$K145)","v":"N/A"},{"$f":"'Irr Other Crop'!$B$9*(1-'Irr Other Crop'!$E$9)*$C145","v":0},{"$f":"'Irr Other Crop'!$B$9*'Irr Other Crop'!$E$9*$C145","v":0}]
["Irrigated Other Crop","Yes",0.9,{"$f":"'Irr Other Crop'!$B$9*$C146","v":0},{"$f":"IF($D146=0, \"N/A\", ('Irr Other Crop'!$F$48-'Irr Other Crop'!$F$10+($D146-$D$147)*'Irr Other Crop'!$D$26)/$D146)","v":"N/A"},{"$f":"IF($D146=0, \"N/A\",('Irr Other Crop'!$G$48-'Irr Other Crop'!$G$10+($J146-$J$147)*'Irr Other Crop'!$D$26)/$J146)","v":"N/A"},{"$f":"IF($D146=0, \"N/A\",('Irr Other Crop'!$F$62-'Irr Other Crop'!$F$10+($D146-$D$147)*'Irr Other Crop'!$D$26)/$D146)","v":"N/A"},{"$f":"IF($D146=0, \"N/A\",('Irr Other Crop'!$G$62-'Irr Other Crop'!$G$10+($J146-$J$147)*'Irr Other Crop'!$D$26)/$J146)","v":"N/A"},{"$f":"IF($K146=0, \"N/A\", ('Irr Other Crop'!$H$62-'Irr Other Crop'!$H$10+($K146-$K$147)*'Irr Other Crop'!$D$26)/$K146)","v":"N/A"},{"$f":"'Irr Other Crop'!$B$9*(1-'Irr Other Crop'!$E$9)*$C146","v":0},{"$f":"'Irr Other Crop'!$B$9*'Irr Other Crop'!$E$9*$C146","v":0}]
["Irrigated Other Crop","Yes",1,{"$f":"'Irr Other Crop'!$B$9*$C147","v":0},{"$f":"IF($D147=0, \"N/A\", ('Irr Other Crop'!$F$48-'Irr Other Crop'!$F$10+($D147-$D$147)*'Irr Other Crop'!$D$26)/$D147)","v":"N/A"},{"$f":"IF($D147=0, \"N/A\",('Irr Other Crop'!$G$48-'Irr Other Crop'!$G$10+($J147-$J$147)*'Irr Other Crop'!$D$26)/$J147)","v":"N/A"},{"$f":"IF($D147=0, \"N/A\",('Irr Other Crop'!$F$62-'Irr Other Crop'!$F$10+($D147-$D$147)*'Irr Other Crop'!$D$26)/$D147)","v":"N/A"},{"$f":"IF($D147=0, \"N/A\",('Irr Other Crop'!$G$62-'Irr Other Crop'!$G$10+($J147-$J$147)*'Irr Other Crop'!$D$26)/$J147)","v":"N/A"},{"$f":"IF($K147=0, \"N/A\", ('Irr Other Crop'!$H$62-'Irr Other Crop'!$H$10+($K147-$K$147)*'Irr Other Crop'!$D$26)/$K147)","v":"N/A"},{"$f":"'Irr Other Crop'!$B$9*(1-'Irr Other Crop'!$E$9)*$C147","v":0},{"$f":"'Irr Other Crop'!$B$9*'Irr Other Crop'!$E$9*$C147","v":0}]
["Irrigated Other Crop","Yes",1.1000000000000001,{"$f":"'Irr Other Crop'!$B$9*$C148","v":0},{"$f":"IF($D148=0, \"N/A\", ('Irr Other Crop'!$F$48-'Irr Other Crop'!$F$10+($D148-$D$147)*'Irr Other Crop'!$D$26)/$D148)","v":"N/A"},{"$f":"IF($D148=0, \"N/A\",('Irr Other Crop'!$G$48-'Irr Other Crop'!$G$10+($J148-$J$147)*'Irr Other Crop'!$D$26)/$J148)","v":"N/A"},{"$f":"IF($D148=0, \"N/A\",('Irr Other Crop'!$F$62-'Irr Other Crop'!$F$10+($D148-$D$147)*'Irr Other Crop'!$D$26)/$D148)","v":"N/A"},{"$f":"IF($D148=0, \"N/A\",('Irr Other Crop'!$G$62-'Irr Other Crop'!$G$10+($J148-$J$147)*'Irr Other Crop'!$D$26)/$J148)","v":"N/A"},{"$f":"IF($K148=0, \"N/A\", ('Irr Other Crop'!$H$62-'Irr Other Crop'!$H$10+($K148-$K$147)*'Irr Other Crop'!$D$26)/$K148)","v":"N/A"},{"$f":"'Irr Other Crop'!$B$9*(1-'Irr Other Crop'!$E$9)*$C148","v":0},{"$f":"'Irr Other Crop'!$B$9*'Irr Other Crop'!$E$9*$C148","v":0}]
["Irrigated Other Crop","Yes",1.25,{"$f":"'Irr Other Crop'!$B$9*$C149","v":0},{"$f":"IF($D149=0, \"N/A\", ('Irr Other Crop'!$F$48-'Irr Other Crop'!$F$10+($D149-$D$147)*'Irr Other Crop'!$D$26)/$D149)","v":"N/A"},{"$f":"IF($D149=0, \"N/A\",('Irr Other Crop'!$G$48-'Irr Other Crop'!$G$10+($J149-$J$147)*'Irr Other Crop'!$D$26)/$J149)","v":"N/A"},{"$f":"IF($D149=0, \"N/A\",('Irr Other Crop'!$F$62-'Irr Other Crop'!$F$10+($D149-$D$147)*'Irr Other Crop'!$D$26)/$D149)","v":"N/A"},{"$f":"IF($D149=0, \"N/A\",('Irr Other Crop'!$G$62-'Irr Other Crop'!$G$10+($J149-$J$147)*'Irr Other Crop'!$D$26)/$J149)","v":"N/A"},{"$f":"IF($K149=0, \"N/A\", ('Irr Other Crop'!$H$62-'Irr Other Crop'!$H$10+($K149-$K$147)*'Irr Other Crop'!$D$26)/$K149)","v":"N/A"},{"$f":"'Irr Other Crop'!$B$9*(1-'Irr Other Crop'!$E$9)*$C149","v":0},{"$f":"'Irr Other Crop'!$B$9*'Irr Other Crop'!$E$9*$C149","v":0}]
["Irrigated Other Crop","Yes"]
["Dryland Canola","Yes",{"$f":"'Dry Canola'!$A$3","v":"Dryland Canola"}]
["Dryland Canola","Yes",null,null,"BE Price to Cover Variable Costs",null,"BE Price to Cover Total Costs"]
["Dryland Canola","Yes","Yield","CWT","Total","Tenant","Total","Tenant","Landlord"]
["Dryland Canola","Yes",0.75,{"$f":"'Dry Canola'!$B$9*$C154","v":8.25},{"$f":"('Dry Canola'!$F$45+($D154-D$156)*'Dry Canola'!$D$27)/$D154","v":23.462039746772064},{"$f":"('Dry Canola'!$G$45+($J154-J$156)*'Dry Canola'!$D$27)/$J154","v":29.630023466717795},{"$f":"('Dry Canola'!$F$59+($D154-D$156)*'Dry Canola'!$D$27)/$D154","v":29.401433686166005},{"$f":"('Dry Canola'!$G$59+($J154-J$156)*'Dry Canola'!$D$27)/$J154","v":31.918580680648144},{"$f":"IF($K154=0, \"N/A\", ('Dry Canola'!$H$59+($K154-K$156)*'Dry Canola'!$D$27)/$K154)","v":24.290862515550764},{"$f":"'Dry Canola'!$B$9*(1-'Dry Canola'!$E$9)*$C154","v":5.5274999999999999},{"$f":"'Dry Canola'!$B$9*'Dry Canola'!$E$9*$C154","v":2.7225000000000001}]
["Dryland Canola","Yes",0.9,{"$f":"'Dry Canola'!$B$9*$C155","v":9.9},{"$f":"('Dry Canola'!$F$45+($D155-D$156)*'Dry Canola'!$D$27)/$D155","v":19.668366455643387},{"$f":"('Dry Canola'!$G$45+($J155-J$156)*'Dry Canola'!$D$27)/$J155","v":24.808352888931498},{"$f":"('Dry Canola'!$F$59+($D155-D$156)*'Dry Canola'!$D$27)/$D155","v":24.617861405138335},{"$f":"('Dry Canola'!$G$59+($J155-J$156)*'Dry Canola'!$D$27)/$J155","v":26.715483900540125},{"$f":"IF($K155=0, \"N/A\", ('Dry Canola'!$H$59+($K155-K$156)*'Dry Canola'!$D$27)/$K155)","v":20.359052096292302},{"$f":"'Dry Canola'!$B$9*(1-'Dry Canola'!$E$9)*$C155","v":6.6329999999999991},{"$f":"'Dry Canola'!$B$9*'Dry Canola'!$E$9*$C155","v":3.2670000000000003}]
["Dryland Canola","Yes",1,{"$f":"'Dry Canola'!$B$9*$C156","v":11},{"$f":"('Dry Canola'!$F$45+($D156-D$156)*'Dry Canola'!$D$27)/$D156","v":17.771529810079048},{"$f":"('Dry Canola'!$G$45+($J156-J$156)*'Dry Canola'!$D$27)/$J156","v":22.397517600038348},{"$f":"('Dry Canola'!$F$59+($D156-D$156)*'Dry Canola'!$D$27)/$D156","v":22.226075264624505},{"$f":"('Dry Canola'!$G$59+($J156-J$156)*'Dry Canola'!$D$27)/$J156","v":24.113935510486108},{"$f":"IF($K156=0, \"N/A\", ('Dry Canola'!$H$59+($K156-K$156)*'Dry Canola'!$D$27)/$K156)","v":18.393146886663072},{"$f":"'Dry Canola'!$B$9*(1-'Dry Canola'!$E$9)*$C156","v":7.3699999999999992},{"$f":"'Dry Canola'!$B$9*'Dry Canola'!$E$9*$C156","v":3.6300000000000003}]
["Dryland Canola","Yes",1.1000000000000001,{"$f":"'Dry Canola'!$B$9*$C157","v":12.100000000000001},{"$f":"('Dry Canola'!$F$45+($D157-D$156)*'Dry Canola'!$D$27)/$D157","v":16.219572554617319},{"$f":"('Dry Canola'!$G$45+($J157-J$156)*'Dry Canola'!$D$27)/$J157","v":20.425016000034859},{"$f":"('Dry Canola'!$F$59+($D157-D$156)*'Dry Canola'!$D$27)/$D157","v":20.269159331476821},{"$f":"('Dry Canola'!$G$59+($J157-J$156)*'Dry Canola'!$D$27)/$J157","v":21.985395918623734},{"$f":"IF($K157=0, \"N/A\", ('Dry Canola'!$H$59+($K157-K$156)*'Dry Canola'!$D$27)/$K157)","v":16.784678987875516},{"$f":"'Dry Canola'!$B$9*(1-'Dry Canola'!$E$9)*$C157","v":8.1069999999999993},{"$f":"'Dry Canola'!$B$9*'Dry Canola'!$E$9*$C157","v":3.9930000000000008}]
["Dryland Canola","Yes",1.25,{"$f":"'Dry Canola'!$B$9*$C158","v":13.75},{"$f":"('Dry Canola'!$F$45+($D158-D$156)*'Dry Canola'!$D$27)/$D158","v":14.35722384806324},{"$f":"('Dry Canola'!$G$45+($J158-J$156)*'Dry Canola'!$D$27)/$J158","v":18.058014080030677},{"$f":"('Dry Canola'!$F$59+($D158-D$156)*'Dry Canola'!$D$27)/$D158","v":17.920860211699605},{"$f":"('Dry Canola'!$G$59+($J158-J$156)*'Dry Canola'!$D$27)/$J158","v":19.431148408388889},{"$f":"IF($K158=0, \"N/A\", ('Dry Canola'!$H$59+($K158-K$156)*'Dry Canola'!$D$27)/$K158)","v":14.854517509330456},{"$f":"'Dry Canola'!$B$9*(1-'Dry Canola'!$E$9)*$C158","v":9.2124999999999986},{"$f":"'Dry Canola'!$B$9*'Dry Canola'!$E$9*$C158","v":4.5375000000000005}]
["Dryland Canola","Yes"]
["Dryland Cotton","Yes",{"$f":"'Dry Cotton'!$A$3","v":"Dryland Cotton"}]
["Dryland Cotton","Yes",null,null,"BE Price to Cover Variable Costs",null,"BE Price to Cover Total Costs"]
["Dryland Cotton","Yes","Yield","LB","Total","Tenant","Total","Tenant","Landlord"]
["Dryland Cotton","Yes",0.75,{"$f":"'Dry Cotton'!$B$9*$C163","v":300},{"$f":"('Dry Cotton'!F$50-D163/500*'Universal Input Prices'!$B$39/2000*Cottonseed_Price+(D163-D$165)/100*'Dry Cotton'!$D$31+(D163-D$165)/'Dry Cotton'!$B$11/100*'Dry Cotton'!$D$32)/D163","v":1.0824854130763588},{"$f":"('Dry Cotton'!G$50-J163/500*'Universal Input Prices'!$B$39/2000*Cottonseed_Price+(J163-J$165)/100*'Dry Cotton'!$D$31+(J163-J$165)/'Dry Cotton'!$B$11/100*'Dry Cotton'!$D$32)/J163","v":1.303229953424617},{"$f":"('Dry Cotton'!F$64-D163/500*'Universal Input Prices'!$B$39/2000*Cottonseed_Price+(D163-D$165)/100*'Dry Cotton'!$D$31+(D163-D$165)/'Dry Cotton'!$B$11/100*'Dry Cotton'!$D$32)/D163","v":1.245418746409692},{"$f":"('Dry Cotton'!G$64-J163/500*'Universal Input Prices'!$B$39/2000*Cottonseed_Price+(J163-J$165)/100*'Dry Cotton'!$D$31+(J163-J$165)/'Dry Cotton'!$B$11/100*'Dry Cotton'!$D$32)/J163","v":1.3704438837728758},{"$f":"IF($K163=0,\"N/A\",('Dry Cotton'!H$64-K163/500*'Universal Input Prices'!$B$39/2000*Cottonseed_Price+(K163-K$165)/100*'Dry Cotton'!$D$31+(K163-K$165)/'Dry Cotton'!$B$11/100*'Dry Cotton'!$D$32)/K163)","v":0.99157983115716675},{"$f":"'Dry Cotton'!$B$9*(1-'Dry Cotton'!$E$9)*$C163","v":201},{"$f":"'Dry Cotton'!$B$9*'Dry Cotton'!$E$9*$C163","v":99}]
["Dryland Cotton","Yes",0.9,{"$f":"'Dry Cotton'!$B$9*$C164","v":360},{"$f":"('Dry Cotton'!F$50-D164/500*'Universal Input Prices'!$B$39/2000*Cottonseed_Price+(D164-D$165)/100*'Dry Cotton'!$D$31+(D164-D$165)/'Dry Cotton'!$B$11/100*'Dry Cotton'!$D$32)/D164","v":0.91707361530740661},{"$f":"('Dry Cotton'!G$50-J164/500*'Universal Input Prices'!$B$39/2000*Cottonseed_Price+(J164-J$165)/100*'Dry Cotton'!$D$31+(J164-J$165)/'Dry Cotton'!$B$11/100*'Dry Cotton'!$D$32)/J164","v":1.1010273989309551},{"$f":"('Dry Cotton'!F$64-D164/500*'Universal Input Prices'!$B$39/2000*Cottonseed_Price+(D164-D$165)/100*'Dry Cotton'!$D$31+(D164-D$165)/'Dry Cotton'!$B$11/100*'Dry Cotton'!$D$32)/D164","v":1.0528513930851844},{"$f":"('Dry Cotton'!G$64-J164/500*'Universal Input Prices'!$B$39/2000*Cottonseed_Price+(J164-J$165)/100*'Dry Cotton'!$D$31+(J164-J$165)/'Dry Cotton'!$B$11/100*'Dry Cotton'!$D$32)/J164","v":1.1570390075545041},{"$f":"IF($K164=0,\"N/A\",('Dry Cotton'!H$64-K164/500*'Universal Input Prices'!$B$39/2000*Cottonseed_Price+(K164-K$165)/100*'Dry Cotton'!$D$31+(K164-K$165)/'Dry Cotton'!$B$11/100*'Dry Cotton'!$D$32)/K164)","v":0.84131896370808001},{"$f":"'Dry Cotton'!$B$9*(1-'Dry Cotton'!$E$9)*$C164","v":241.20000000000002},{"$f":"'Dry Cotton'!$B$9*'Dry Cotton'!$E$9*$C164","v":118.8}]
["Dryland Cotton","Yes",1,{"$f":"'Dry Cotton'!$B$9*$C165","v":400},{"$f":"('Dry Cotton'!F$50-D165/500*'Universal Input Prices'!$B$39/2000*Cottonseed_Price+(D165-D$165)/100*'Dry Cotton'!$D$31+(D165-D$165)/'Dry Cotton'!$B$11/100*'Dry Cotton'!$D$32)/D165","v":0.83436771642293051},{"$f":"('Dry Cotton'!G$50-J165/500*'Universal Input Prices'!$B$39/2000*Cottonseed_Price+(J165-J$165)/100*'Dry Cotton'!$D$31+(J165-J$165)/'Dry Cotton'!$B$11/100*'Dry Cotton'!$D$32)/J165","v":0.99992612168412431},{"$f":"('Dry Cotton'!F$64-D165/500*'Universal Input Prices'!$B$39/2000*Cottonseed_Price+(D165-D$165)/100*'Dry Cotton'!$D$31+(D165-D$165)/'Dry Cotton'!$B$11/100*'Dry Cotton'!$D$32)/D165","v":0.95656771642293048},{"$f":"('Dry Cotton'!G$64-J165/500*'Universal Input Prices'!$B$39/2000*Cottonseed_Price+(J165-J$165)/100*'Dry Cotton'!$D$31+(J165-J$165)/'Dry Cotton'!$B$11/100*'Dry Cotton'!$D$32)/J165","v":1.0503365694453184},{"$f":"IF($K165=0,\"N/A\",('Dry Cotton'!H$64-K165/500*'Universal Input Prices'!$B$39/2000*Cottonseed_Price+(K165-K$165)/100*'Dry Cotton'!$D$31+(K165-K$165)/'Dry Cotton'!$B$11/100*'Dry Cotton'!$D$32)/K165)","v":0.76618852998353659},{"$f":"'Dry Cotton'!$B$9*(1-'Dry Cotton'!$E$9)*$C165","v":268},{"$f":"'Dry Cotton'!$B$9*'Dry Cotton'!$E$9*$C165","v":132}]
["Dryland Cotton","Yes",1.1000000000000001,{"$f":"'Dry Cotton'!$B$9*$C166","v":440.00000000000006},{"$f":"('Dry Cotton'!F$50-D166/500*'Universal Input Prices'!$B$39/2000*Cottonseed_Price+(D166-D$165)/100*'Dry Cotton'!$D$31+(D166-D$165)/'Dry Cotton'!$B$11/100*'Dry Cotton'!$D$32)/D166","v":0.76669925369926828},{"$f":"('Dry Cotton'!G$50-J166/500*'Universal Input Prices'!$B$39/2000*Cottonseed_Price+(J166-J$165)/100*'Dry Cotton'!$D$31+(J166-J$165)/'Dry Cotton'!$B$11/100*'Dry Cotton'!$D$32)/J166","v":0.91720689484580809},{"$f":"('Dry Cotton'!F$64-D166/500*'Universal Input Prices'!$B$39/2000*Cottonseed_Price+(D166-D$165)/100*'Dry Cotton'!$D$31+(D166-D$165)/'Dry Cotton'!$B$11/100*'Dry Cotton'!$D$32)/D166","v":0.87779016279017741},{"$f":"('Dry Cotton'!G$64-J166/500*'Universal Input Prices'!$B$39/2000*Cottonseed_Price+(J166-J$165)/100*'Dry Cotton'!$D$31+(J166-J$165)/'Dry Cotton'!$B$11/100*'Dry Cotton'!$D$32)/J166","v":0.96303457462871167},{"$f":"IF($K166=0,\"N/A\",('Dry Cotton'!H$64-K166/500*'Universal Input Prices'!$B$39/2000*Cottonseed_Price+(K166-K$165)/100*'Dry Cotton'!$D$31+(K166-K$165)/'Dry Cotton'!$B$11/100*'Dry Cotton'!$D$32)/K166)","v":0.70471817511800094},{"$f":"'Dry Cotton'!$B$9*(1-'Dry Cotton'!$E$9)*$C166","v":294.8},{"$f":"'Dry Cotton'!$B$9*'Dry Cotton'!$E$9*$C166","v":145.20000000000002}]
["Dryland Cotton",{"$f":"_xlfn.XLOOKUP(A167,PGM_ShowHide_Lookup,PGM_ShowHide_Return,\"\")","v":"Yes"},1.25,{"$f":"'Dry Cotton'!$B$9*$C167","v":500},{"$f":"('Dry Cotton'!F$50-D167/500*'Universal Input Prices'!$B$39/2000*Cottonseed_Price+(D167-D$165)/100*'Dry Cotton'!$D$31+(D167-D$165)/'Dry Cotton'!$B$11/100*'Dry Cotton'!$D$32)/D167","v":0.68549709843087359},{"$f":"('Dry Cotton'!G$50-J167/500*'Universal Input Prices'!$B$39/2000*Cottonseed_Price+(J167-J$165)/100*'Dry Cotton'!$D$31+(J167-J$165)/'Dry Cotton'!$B$11/100*'Dry Cotton'!$D$32)/J167","v":0.81794382263982879},{"$f":"('Dry Cotton'!F$64-D167/500*'Universal Input Prices'!$B$39/2000*Cottonseed_Price+(D167-D$165)/100*'Dry Cotton'!$D$31+(D167-D$165)/'Dry Cotton'!$B$11/100*'Dry Cotton'!$D$32)/D167","v":0.78325709843087366},{"$f":"('Dry Cotton'!G$64-J167/500*'Universal Input Prices'!$B$39/2000*Cottonseed_Price+(J167-J$165)/100*'Dry Cotton'!$D$31+(J167-J$165)/'Dry Cotton'!$B$11/100*'Dry Cotton'!$D$32)/J167","v":0.85827218084878398},{"$f":"IF($K167=0,\"N/A\",('Dry Cotton'!H$64-K167/500*'Universal Input Prices'!$B$39/2000*Cottonseed_Price+(K167-K$165)/100*'Dry Cotton'!$D$31+(K167-K$165)/'Dry Cotton'!$B$11/100*'Dry Cotton'!$D$32)/K167)","v":0.63095374927935854},{"$f":"'Dry Cotton'!$B$9*(1-'Dry Cotton'!$E$9)*$C167","v":335},{"$f":"'Dry Cotton'!$B$9*'Dry Cotton'!$E$9*$C167","v":165}]
["Dryland Cotton","Yes"]
["Dryland Sorghum","Yes",{"$f":"'Dry Sorghum'!$A$3","v":"Dryland Sorghum"}]
["Dryland Sorghum","Yes",null,null,"BE Price to Cover Variable Costs",null,"BE Price to Cover Total Costs"]
["Dryland Sorghum","Yes","Yield","CWT","Total","Tenant","Total","Tenant","Landlord"]
["Dryland Sorghum","Yes",0.75,{"$f":"'Dry Sorghum'!$B$9*$C172","v":18.75},{"$f":"('Dry Sorghum'!$F$43-'Irr Sorghum'!$F$10+($D172-D$174)*'Dry Sorghum'!$D$25)/$D172","v":11.785020514341465},{"$f":"('Dry Sorghum'!$G$43-'Irr Sorghum'!$F$10+($J172-J$174)*'Dry Sorghum'!$D$25)/$J172","v":13.523941817585246},{"$f":"('Dry Sorghum'!$F$57-'Irr Sorghum'!$F$10+($D172-D$174)*'Dry Sorghum'!$D$25)/$D172","v":14.162087181008131},{"$f":"('Dry Sorghum'!$G$57-'Irr Sorghum'!$F$10+($J172-J$174)*'Dry Sorghum'!$D$25)/$J172","v":14.408319927037983},{"$f":"IF($K172=0, \"N/A\", ('Dry Sorghum'!$H$57-'Irr Sorghum'!$F$10+($K172-K$174)*'Dry Sorghum'!$D$25)/$K172)","v":13.662160090583889},{"$f":"'Dry Sorghum'!$B$9*(1-'Dry Sorghum'!$E$9)*$C172","v":12.5625},{"$f":"'Dry Sorghum'!$B$9*'Dry Sorghum'!$E$9*$C172","v":6.1875}]
["Dryland Sorghum","Yes",0.9,{"$f":"'Dry Sorghum'!$B$9*$C173","v":22.5},{"$f":"('Dry Sorghum'!$F$43-'Irr Sorghum'!$F$10+($D173-D$174)*'Dry Sorghum'!$D$25)/$D173","v":9.8791837619512215},{"$f":"('Dry Sorghum'!$G$43-'Irr Sorghum'!$F$10+($J173-J$174)*'Dry Sorghum'!$D$25)/$J173","v":11.328284847987703},{"$f":"('Dry Sorghum'!$F$57-'Irr Sorghum'!$F$10+($D173-D$174)*'Dry Sorghum'!$D$25)/$D173","v":11.86007265084011},{"$f":"('Dry Sorghum'!$G$57-'Irr Sorghum'!$F$10+($J173-J$174)*'Dry Sorghum'!$D$25)/$J173","v":12.065266605864984},{"$f":"IF($K173=0, \"N/A\", ('Dry Sorghum'!$H$57-'Irr Sorghum'!$F$10+($K173-K$174)*'Dry Sorghum'!$D$25)/$K173)","v":11.443466742153241},{"$f":"'Dry Sorghum'!$B$9*(1-'Dry Sorghum'!$E$9)*$C173","v":15.075000000000001},{"$f":"'Dry Sorghum'!$B$9*'Dry Sorghum'!$E$9*$C173","v":7.4249999999999998}]
["Dryland Sorghum","Yes",1,{"$f":"'Dry Sorghum'!$B$9*$C174","v":25},{"$f":"('Dry Sorghum'!$F$43-'Irr Sorghum'!$F$10+($D174-D$174)*'Dry Sorghum'!$D$25)/$D174","v":8.9262653857560981},{"$f":"('Dry Sorghum'!$G$43-'Irr Sorghum'!$F$10+($J174-J$174)*'Dry Sorghum'!$D$25)/$J174","v":10.230456363188933},{"$f":"('Dry Sorghum'!$F$57-'Irr Sorghum'!$F$10+($D174-D$174)*'Dry Sorghum'!$D$25)/$D174","v":10.709065385756098},{"$f":"('Dry Sorghum'!$G$57-'Irr Sorghum'!$F$10+($J174-J$174)*'Dry Sorghum'!$D$25)/$J174","v":10.893739945278487},{"$f":"IF($K174=0, \"N/A\", ('Dry Sorghum'!$H$57-'Irr Sorghum'!$F$10+($K174-K$174)*'Dry Sorghum'!$D$25)/$K174)","v":10.334120067937915},{"$f":"'Dry Sorghum'!$B$9*(1-'Dry Sorghum'!$E$9)*$C174","v":16.75},{"$f":"'Dry Sorghum'!$B$9*'Dry Sorghum'!$E$9*$C174","v":8.25}]
["Dryland Sorghum","Yes",1.1000000000000001,{"$f":"'Dry Sorghum'!$B$9*$C175","v":27.500000000000004},{"$f":"('Dry Sorghum'!$F$43-'Irr Sorghum'!$F$10+($D175-D$174)*'Dry Sorghum'!$D$25)/$D175","v":8.1466048961419073},{"$f":"('Dry Sorghum'!$G$43-'Irr Sorghum'!$F$10+($J175-J$174)*'Dry Sorghum'!$D$25)/$J175","v":9.3322330574444852},{"$f":"('Dry Sorghum'!$F$57-'Irr Sorghum'!$F$10+($D175-D$174)*'Dry Sorghum'!$D$25)/$D175","v":9.7673321688691797},{"$f":"('Dry Sorghum'!$G$57-'Irr Sorghum'!$F$10+($J175-J$174)*'Dry Sorghum'!$D$25)/$J175","v":9.935218132071352},{"$f":"IF($K175=0, \"N/A\", ('Dry Sorghum'!$H$57-'Irr Sorghum'!$F$10+($K175-K$174)*'Dry Sorghum'!$D$25)/$K175)","v":9.4264727890344684},{"$f":"'Dry Sorghum'!$B$9*(1-'Dry Sorghum'!$E$9)*$C175","v":18.425000000000001},{"$f":"'Dry Sorghum'!$B$9*'Dry Sorghum'!$E$9*$C175","v":9.0750000000000011}]
["Dryland Sorghum","Yes",1.25,{"$f":"'Dry Sorghum'!$B$9*$C176","v":31.25},{"$f":"('Dry Sorghum'!$F$43-'Irr Sorghum'!$F$10+($D176-D$174)*'Dry Sorghum'!$D$25)/$D176","v":7.2110123086048787},{"$f":"('Dry Sorghum'!$G$43-'Irr Sorghum'!$F$10+($J176-J$174)*'Dry Sorghum'!$D$25)/$J176","v":8.254365090551147},{"$f":"('Dry Sorghum'!$F$57-'Irr Sorghum'!$F$10+($D176-D$174)*'Dry Sorghum'!$D$25)/$D176","v":8.6372523086048787},{"$f":"('Dry Sorghum'!$G$57-'Irr Sorghum'!$F$10+($J176-J$174)*'Dry Sorghum'!$D$25)/$J176","v":8.7849919562227896},{"$f":"IF($K176=0, \"N/A\", ('Dry Sorghum'!$H$57-'Irr Sorghum'!$F$10+($K176-K$174)*'Dry Sorghum'!$D$25)/$K176)","v":8.3372960543503325},{"$f":"'Dry Sorghum'!$B$9*(1-'Dry Sorghum'!$E$9)*$C176","v":20.9375},{"$f":"'Dry Sorghum'!$B$9*'Dry Sorghum'!$E$9*$C176","v":10.3125}]
["Dryland Sorghum","Yes"]
["Dryland Sorghum Sudangrass","Yes",{"$f":"'Dry Sorghum Sudangrass'!$A$3","v":"Dryland Sorghum Sudangrass"}]
["Dryland Sorghum Sudangrass","Yes",null,null,"BE Price to Cover Variable Costs",null,"BE Price to Cover Total Costs"]
["Dryland Sorghum Sudangrass","Yes","Yield","LB","Total","Tenant","Total","Tenant","Landlord"]
["Dryland Sorghum Sudangrass","Yes",0.75,{"$f":"'Dry Sorghum Sudangrass'!$B$9*$C181","v":252},{"$f":"('Dry Sorghum Sudangrass'!$F$42+($D181-D$183)*'Dry Sorghum Sudangrass'!$D$24)/$D181","v":0.54412755911730548},{"$f":"('Dry Sorghum Sudangrass'!$G$42+($J181-J$183)*'Dry Sorghum Sudangrass'!$D$24)/$J181","v":0.61017635593085673},{"$f":"('Dry Sorghum Sudangrass'!$F$56+($D181-D$183)*'Dry Sorghum Sudangrass'!$D$24)/$D181","v":0.71877041626016258},{"$f":"('Dry Sorghum Sudangrass'!$G$56+($J181-J$183)*'Dry Sorghum Sudangrass'!$D$24)/$J181","v":0.66590959449991616},{"$f":"IF($K181=0, \"N/A\", ('Dry Sorghum Sudangrass'!$H$56+($K181-K$183)*'Dry Sorghum Sudangrass'!$D$24)/$K181)","v":0.82609390286429907},{"$f":"'Dry Sorghum Sudangrass'!$B$9*(1-'Dry Sorghum Sudangrass'!$E$9)*$C181","v":168.83999999999997},{"$f":"'Dry Sorghum Sudangrass'!$B$9*'Dry Sorghum Sudangrass'!$E$9*$C181","v":83.160000000000011}]
["Dryland Sorghum Sudangrass","Yes",0.9,{"$f":"'Dry Sorghum Sudangrass'!$B$9*$C182","v":302.40000000000003},{"$f":"('Dry Sorghum Sudangrass'!$F$42+($D182-D$183)*'Dry Sorghum Sudangrass'!$D$24)/$D182","v":0.45343963259775449},{"$f":"('Dry Sorghum Sudangrass'!$G$42+($J182-J$183)*'Dry Sorghum Sudangrass'!$D$24)/$J182","v":0.50848029660904726},{"$f":"('Dry Sorghum Sudangrass'!$F$56+($D182-D$183)*'Dry Sorghum Sudangrass'!$D$24)/$D182","v":0.59897534688346876},{"$f":"('Dry Sorghum Sudangrass'!$G$56+($J182-J$183)*'Dry Sorghum Sudangrass'!$D$24)/$J182","v":0.55492466208326352},{"$f":"IF($K182=0, \"N/A\", ('Dry Sorghum Sudangrass'!$H$56+($K182-K$183)*'Dry Sorghum Sudangrass'!$D$24)/$K182)","v":0.68841158572024919},{"$f":"'Dry Sorghum Sudangrass'!$B$9*(1-'Dry Sorghum Sudangrass'!$E$9)*$C182","v":202.60799999999998},{"$f":"'Dry Sorghum Sudangrass'!$B$9*'Dry Sorghum Sudangrass'!$E$9*$C182","v":99.792000000000016}]
["Dryland Sorghum Sudangrass","Yes",1,{"$f":"'Dry Sorghum Sudangrass'!$B$9*$C183","v":336},{"$f":"('Dry Sorghum Sudangrass'!$F$42+($D183-D$183)*'Dry Sorghum Sudangrass'!$D$24)/$D183","v":0.40809566933797908},{"$f":"('Dry Sorghum Sudangrass'!$G$42+($J183-J$183)*'Dry Sorghum Sudangrass'!$D$24)/$J183","v":0.45763226694814252},{"$f":"('Dry Sorghum Sudangrass'!$F$56+($D183-D$183)*'Dry Sorghum Sudangrass'!$D$24)/$D183","v":0.53907781219512196},{"$f":"('Dry Sorghum Sudangrass'!$G$56+($J183-J$183)*'Dry Sorghum Sudangrass'!$D$24)/$J183","v":0.49943219587493715},{"$f":"IF($K183=0, \"N/A\", ('Dry Sorghum Sudangrass'!$H$56+($K183-K$183)*'Dry Sorghum Sudangrass'!$D$24)/$K183)","v":0.6195704271482243},{"$f":"'Dry Sorghum Sudangrass'!$B$9*(1-'Dry Sorghum Sudangrass'!$E$9)*$C183","v":225.11999999999998},{"$f":"'Dry Sorghum Sudangrass'!$B$9*'Dry Sorghum Sudangrass'!$E$9*$C183","v":110.88000000000001}]
["Dryland Sorghum Sudangrass","Yes",1.1000000000000001,{"$f":"'Dry Sorghum Sudangrass'!$B$9*$C184","v":369.6},{"$f":"('Dry Sorghum Sudangrass'!$F$42+($D184-D$183)*'Dry Sorghum Sudangrass'!$D$24)/$D184","v":0.37099606303452642},{"$f":"('Dry Sorghum Sudangrass'!$G$42+($J184-J$183)*'Dry Sorghum Sudangrass'!$D$24)/$J184","v":0.41602933358922045},{"$f":"('Dry Sorghum Sudangrass'!$F$56+($D184-D$183)*'Dry Sorghum Sudangrass'!$D$24)/$D184","v":0.49007073835920173},{"$f":"('Dry Sorghum Sudangrass'!$G$56+($J184-J$183)*'Dry Sorghum Sudangrass'!$D$24)/$J184","v":0.45402926897721552},{"$f":"IF($K184=0, \"N/A\", ('Dry Sorghum Sudangrass'!$H$56+($K184-K$183)*'Dry Sorghum Sudangrass'!$D$24)/$K184)","v":0.56324584286202206},{"$f":"'Dry Sorghum Sudangrass'!$B$9*(1-'Dry Sorghum Sudangrass'!$E$9)*$C184","v":247.63200000000001},{"$f":"'Dry Sorghum Sudangrass'!$B$9*'Dry Sorghum Sudangrass'!$E$9*$C184","v":121.96800000000002}]
["Dryland Sorghum Sudangrass","Yes",1.25,{"$f":"'Dry Sorghum Sudangrass'!$B$9*$C185","v":420},{"$f":"('Dry Sorghum Sudangrass'!$F$42+($D185-D$183)*'Dry Sorghum Sudangrass'!$D$24)/$D185","v":0.3264765354703833},{"$f":"('Dry Sorghum Sudangrass'!$G$42+($J185-J$183)*'Dry Sorghum Sudangrass'!$D$24)/$J185","v":0.36610581355851401},{"$f":"('Dry Sorghum Sudangrass'!$F$56+($D185-D$183)*'Dry Sorghum Sudangrass'!$D$24)/$D185","v":0.43126224975609756},{"$f":"('Dry Sorghum Sudangrass'!$G$56+($J185-J$183)*'Dry Sorghum Sudangrass'!$D$24)/$J185","v":0.39954575669994968},{"$f":"IF($K185=0, \"N/A\", ('Dry Sorghum Sudangrass'!$H$56+($K185-K$183)*'Dry Sorghum Sudangrass'!$D$24)/$K185)","v":0.49565634171857942},{"$f":"'Dry Sorghum Sudangrass'!$B$9*(1-'Dry Sorghum Sudangrass'!$E$9)*$C185","v":281.39999999999998},{"$f":"'Dry Sorghum Sudangrass'!$B$9*'Dry Sorghum Sudangrass'!$E$9*$C185","v":138.60000000000002}]
["Dryland Sorghum Sudangrass","Yes"]
["Dryland Sunflowers-Oilseed","Yes",{"$f":"'Dry Sunflowers-Oilseed'!$A$3","v":"Dryland Sunflowers-Oilseed"}]
["Dryland Sunflowers-Oilseed","Yes",null,null,"BE Price to Cover Variable Costs",null,"BE Price to Cover Total Costs"]
["Dryland Sunflowers-Oilseed","Yes","Yield","CWT","Total","Tenant","Total","Tenant","Landlord"]
["Dryland Sunflowers-Oilseed","Yes",0.75,{"$f":"'Dry Sunflowers-Oilseed'!$B$9*$C190","v":7.5},{"$f":"('Dry Sunflowers-Oilseed'!$F$44+($D190-D$192)*'Dry Sunflowers-Oilseed'!$D$25)/$D190","v":30.318302715833333},{"$f":"('Dry Sunflowers-Oilseed'!$G$44+($J190-J$192)*'Dry Sunflowers-Oilseed'!$D$25)/$J190","v":37.780379818718906},{"$f":"('Dry Sunflowers-Oilseed'!$F$58+($D190-D$192)*'Dry Sunflowers-Oilseed'!$D$25)/$D190","v":35.952969382500001},{"$f":"('Dry Sunflowers-Oilseed'!$G$58+($J190-J$192)*'Dry Sunflowers-Oilseed'!$D$25)/$J190","v":39.662966883395526},{"$f":"IF($K190=0, \"N/A\", ('Dry Sunflowers-Oilseed'!$H$58+($K190-K$192)*'Dry Sunflowers-Oilseed'!$D$25)/$K190)","v":28.420550214015151},{"$f":"'Dry Sunflowers-Oilseed'!$B$9*(1-'Dry Sunflowers-Oilseed'!$E$9)*$C190","v":5.0249999999999995},{"$f":"'Dry Sunflowers-Oilseed'!$B$9*'Dry Sunflowers-Oilseed'!$E$9*$C190","v":2.4750000000000001}]
["Dryland Sunflowers-Oilseed","Yes",0.9,{"$f":"'Dry Sunflowers-Oilseed'!$B$9*$C191","v":9},{"$f":"('Dry Sunflowers-Oilseed'!$F$44+($D191-D$192)*'Dry Sunflowers-Oilseed'!$D$25)/$D191","v":25.381918929861111},{"$f":"('Dry Sunflowers-Oilseed'!$G$44+($J191-J$192)*'Dry Sunflowers-Oilseed'!$D$25)/$J191","v":31.600316515599093},{"$f":"('Dry Sunflowers-Oilseed'!$F$58+($D191-D$192)*'Dry Sunflowers-Oilseed'!$D$25)/$D191","v":30.077474485416669},{"$f":"('Dry Sunflowers-Oilseed'!$G$58+($J191-J$192)*'Dry Sunflowers-Oilseed'!$D$25)/$J191","v":33.169139069496275},{"$f":"IF($K191=0, \"N/A\", ('Dry Sunflowers-Oilseed'!$H$58+($K191-K$192)*'Dry Sunflowers-Oilseed'!$D$25)/$K191)","v":23.800458511679295},{"$f":"'Dry Sunflowers-Oilseed'!$B$9*(1-'Dry Sunflowers-Oilseed'!$E$9)*$C191","v":6.0299999999999994},{"$f":"'Dry Sunflowers-Oilseed'!$B$9*'Dry Sunflowers-Oilseed'!$E$9*$C191","v":2.97}]
["Dryland Sunflowers-Oilseed","Yes",1,{"$f":"'Dry Sunflowers-Oilseed'!$B$9*$C192","v":10},{"$f":"('Dry Sunflowers-Oilseed'!$F$44+($D192-D$192)*'Dry Sunflowers-Oilseed'!$D$25)/$D192","v":22.913727036874999},{"$f":"('Dry Sunflowers-Oilseed'!$G$44+($J192-J$192)*'Dry Sunflowers-Oilseed'!$D$25)/$J192","v":28.510284864039182},{"$f":"('Dry Sunflowers-Oilseed'!$F$58+($D192-D$192)*'Dry Sunflowers-Oilseed'!$D$25)/$D192","v":27.139727036875001},{"$f":"('Dry Sunflowers-Oilseed'!$G$58+($J192-J$192)*'Dry Sunflowers-Oilseed'!$D$25)/$J192","v":29.922225162546646},{"$f":"IF($K192=0, \"N/A\", ('Dry Sunflowers-Oilseed'!$H$58+($K192-K$192)*'Dry Sunflowers-Oilseed'!$D$25)/$K192)","v":21.490412660511364},{"$f":"'Dry Sunflowers-Oilseed'!$B$9*(1-'Dry Sunflowers-Oilseed'!$E$9)*$C192","v":6.6999999999999993},{"$f":"'Dry Sunflowers-Oilseed'!$B$9*'Dry Sunflowers-Oilseed'!$E$9*$C192","v":3.3000000000000003}]
["Dryland Sunflowers-Oilseed","Yes",1.1000000000000001,{"$f":"'Dry Sunflowers-Oilseed'!$B$9*$C193","v":11},{"$f":"('Dry Sunflowers-Oilseed'!$F$44+($D193-D$192)*'Dry Sunflowers-Oilseed'!$D$25)/$D193","v":20.894297306249999},{"$f":"('Dry Sunflowers-Oilseed'!$G$44+($J193-J$192)*'Dry Sunflowers-Oilseed'!$D$25)/$J193","v":25.982077149126525},{"$f":"('Dry Sunflowers-Oilseed'!$F$58+($D193-D$192)*'Dry Sunflowers-Oilseed'!$D$25)/$D193","v":24.736115488068183},{"$f":"('Dry Sunflowers-Oilseed'!$G$58+($J193-J$192)*'Dry Sunflowers-Oilseed'!$D$25)/$J193","v":27.265659238678765},{"$f":"IF($K193=0, \"N/A\", ('Dry Sunflowers-Oilseed'!$H$58+($K193-K$192)*'Dry Sunflowers-Oilseed'!$D$25)/$K193)","v":19.600375145919415},{"$f":"'Dry Sunflowers-Oilseed'!$B$9*(1-'Dry Sunflowers-Oilseed'!$E$9)*$C193","v":7.37},{"$f":"'Dry Sunflowers-Oilseed'!$B$9*'Dry Sunflowers-Oilseed'!$E$9*$C193","v":3.6300000000000008}]
["Dryland Sunflowers-Oilseed","Yes",1.25,{"$f":"'Dry Sunflowers-Oilseed'!$B$9*$C194","v":12.5},{"$f":"('Dry Sunflowers-Oilseed'!$F$44+($D194-D$192)*'Dry Sunflowers-Oilseed'!$D$25)/$D194","v":18.470981629499999},{"$f":"('Dry Sunflowers-Oilseed'!$G$44+($J194-J$192)*'Dry Sunflowers-Oilseed'!$D$25)/$J194","v":22.948227891231344},{"$f":"('Dry Sunflowers-Oilseed'!$F$58+($D194-D$192)*'Dry Sunflowers-Oilseed'!$D$25)/$D194","v":21.8517816295},{"$f":"('Dry Sunflowers-Oilseed'!$G$58+($J194-J$192)*'Dry Sunflowers-Oilseed'!$D$25)/$J194","v":24.077780130037315},{"$f":"IF($K194=0, \"N/A\", ('Dry Sunflowers-Oilseed'!$H$58+($K194-K$192)*'Dry Sunflowers-Oilseed'!$D$25)/$K194)","v":17.33233012840909},{"$f":"'Dry Sunflowers-Oilseed'!$B$9*(1-'Dry Sunflowers-Oilseed'!$E$9)*$C194","v":8.375},{"$f":"'Dry Sunflowers-Oilseed'!$B$9*'Dry Sunflowers-Oilseed'!$E$9*$C194","v":4.125}]
["Dryland Sunflowers-Oilseed","Yes"]
["Dryland Wheat","Yes",{"$f":"'Dry Wheat'!$A$3","v":"Dryland Wheat"}]
["Dryland Wheat","Yes",null,null,"BE Price to Cover Variable Costs",null,"BE Price to Cover Total Costs"]
["Dryland Wheat","Yes","Yield","BU","Total","Tenant","Total","Tenant","Landlord"]
["Dryland Wheat","Yes",0.75,{"$f":"'Dry Wheat'!$B$9*$C199","v":15},{"$f":"('Dry Wheat'!$F$44+($D199-D$201)*'Dry Wheat'!$D$26)/$D199","v":9.6246514055284571},{"$f":"('Dry Wheat'!$G$44+($J199-J$201)*'Dry Wheat'!$D$26)/$J199","v":12.101082039558307},{"$f":"('Dry Wheat'!$F$58+($D199-D$201)*'Dry Wheat'!$D$26)/$D199","v":12.88598473886179},{"$f":"('Dry Wheat'!$G$58+($J199-J$201)*'Dry Wheat'!$D$26)/$J199","v":13.354813382841886},{"$f":"IF($K199=0, \"N/A\", ('Dry Wheat'!$H$58+($K199-K$201)*'Dry Wheat'!$D$26)/$K199)","v":11.934120522296132},{"$f":"'Dry Wheat'!$B$9*(1-'Dry Wheat'!$E$9)*$C199","v":10.049999999999999},{"$f":"'Dry Wheat'!$B$9*'Dry Wheat'!$E$9*$C199","v":4.95}]
["Dryland Wheat","Yes",0.9,{"$f":"'Dry Wheat'!$B$9*$C200","v":18},{"$f":"('Dry Wheat'!$F$44+($D200-D$201)*'Dry Wheat'!$D$26)/$D200","v":8.0788761712737145},{"$f":"('Dry Wheat'!$G$44+($J200-J$201)*'Dry Wheat'!$D$26)/$J200","v":10.142568366298589},{"$f":"('Dry Wheat'!$F$58+($D200-D$201)*'Dry Wheat'!$D$26)/$D200","v":10.796653949051493},{"$f":"('Dry Wheat'!$G$58+($J200-J$201)*'Dry Wheat'!$D$26)/$J200","v":11.187344485701574},{"$f":"IF($K200=0, \"N/A\", ('Dry Wheat'!$H$58+($K200-K$201)*'Dry Wheat'!$D$26)/$K200)","v":10.003433768580109},{"$f":"'Dry Wheat'!$B$9*(1-'Dry Wheat'!$E$9)*$C200","v":12.059999999999999},{"$f":"'Dry Wheat'!$B$9*'Dry Wheat'!$E$9*$C200","v":5.94}]
["Dryland Wheat","Yes",1,{"$f":"'Dry Wheat'!$B$9*$C201","v":20},{"$f":"('Dry Wheat'!$F$44+($D201-D$201)*'Dry Wheat'!$D$26)/$D201","v":7.3059885541463432},{"$f":"('Dry Wheat'!$G$44+($J201-J$201)*'Dry Wheat'!$D$26)/$J201","v":9.1633115296687304},{"$f":"('Dry Wheat'!$F$58+($D201-D$201)*'Dry Wheat'!$D$26)/$D201","v":9.751988554146342},{"$f":"('Dry Wheat'!$G$58+($J201-J$201)*'Dry Wheat'!$D$26)/$J201","v":10.103610037131416},{"$f":"IF($K201=0, \"N/A\", ('Dry Wheat'!$H$58+($K201-K$201)*'Dry Wheat'!$D$26)/$K201)","v":9.0380903917220987},{"$f":"'Dry Wheat'!$B$9*(1-'Dry Wheat'!$E$9)*$C201","v":13.399999999999999},{"$f":"'Dry Wheat'!$B$9*'Dry Wheat'!$E$9*$C201","v":6.6000000000000005}]
["Dryland Wheat","Yes",1.1000000000000001,{"$f":"'Dry Wheat'!$B$9*$C202","v":22},{"$f":"('Dry Wheat'!$F$44+($D202-D$201)*'Dry Wheat'!$D$26)/$D202","v":6.6736259583148572},{"$f":"('Dry Wheat'!$G$44+($J202-J$201)*'Dry Wheat'!$D$26)/$J202","v":8.3621013906079344},{"$f":"('Dry Wheat'!$F$58+($D202-D$201)*'Dry Wheat'!$D$26)/$D202","v":8.897262321951219},{"$f":"('Dry Wheat'!$G$58+($J202-J$201)*'Dry Wheat'!$D$26)/$J202","v":9.2169182155740135},{"$f":"IF($K202=0, \"N/A\", ('Dry Wheat'!$H$58+($K202-K$201)*'Dry Wheat'!$D$26)/$K202)","v":8.2482639924746337},{"$f":"'Dry Wheat'!$B$9*(1-'Dry Wheat'!$E$9)*$C202","v":14.74},{"$f":"'Dry Wheat'!$B$9*'Dry Wheat'!$E$9*$C202","v":7.2600000000000016}]
["Dryland Wheat","Yes",1.25,{"$f":"'Dry Wheat'!$B$9*$C203","v":25},{"$f":"('Dry Wheat'!$F$44+($D203-D$201)*'Dry Wheat'!$D$26)/$D203","v":5.9147908433170748},{"$f":"('Dry Wheat'!$G$44+($J203-J$201)*'Dry Wheat'!$D$26)/$J203","v":7.400649223734983},{"$f":"('Dry Wheat'!$F$58+($D203-D$201)*'Dry Wheat'!$D$26)/$D203","v":7.8715908433170743},{"$f":"('Dry Wheat'!$G$58+($J203-J$201)*'Dry Wheat'!$D$26)/$J203","v":8.1528880297051334},{"$f":"IF($K203=0, \"N/A\", ('Dry Wheat'!$H$58+($K203-K$201)*'Dry Wheat'!$D$26)/$K203)","v":7.3004723133776794},{"$f":"'Dry Wheat'!$B$9*(1-'Dry Wheat'!$E$9)*$C203","v":16.75},{"$f":"'Dry Wheat'!$B$9*'Dry Wheat'!$E$9*$C203","v":8.25}]
["Dryland Wheat","Yes"]
["Dryland Other Crop","Yes",{"$f":"'Dry Other Crop'!$A$3","v":"Dryland Other Crop"}]
["Dryland Other Crop","Yes",null,null,"BE Price to Cover Variable Costs",null,"BE Price to Cover Total Costs"]
["Dryland Other Crop","Yes","Yield","LB","Total","Tenant","Total","Tenant","Landlord"]
["Dryland Other Crop","Yes",0.75,{"$f":"'Dry Other Crop'!$B$9*$C208","v":0},{"$f":"IF($D208=0, \"N/A\", ('Dry Other Crop'!$F$44-'Dry Other Crop'!$F$10+($D208-$D$210)*'Dry Other Crop'!$D$26)/$D208)","v":"N/A"},{"$f":"IF($D208=0, \"N/A\",('Dry Other Crop'!$G$44-'Dry Other Crop'!$G$10+($J208-$J$210)*'Dry Other Crop'!$D$26)/$J208)","v":"N/A"},{"$f":"IF($D208=0, \"N/A\",('Dry Other Crop'!$F$58-'Dry Other Crop'!$F$10+($D208-$D$210)*'Dry Other Crop'!$D$26)/$D208)","v":"N/A"},{"$f":"IF($D208=0, \"N/A\",('Dry Other Crop'!$G$58-'Dry Other Crop'!$G$10+($J208-$J$210)*'Dry Other Crop'!$D$26)/$J208)","v":"N/A"},{"$f":"IF($K208=0, \"N/A\", ('Dry Other Crop'!$H$58-'Dry Other Crop'!$H$10+($K208-$K$210)*'Dry Other Crop'!$D$26)/$K208)","v":"N/A"},{"$f":"'Dry Other Crop'!$B$9*(1-'Dry Other Crop'!$E$9)*$C208","v":0},{"$f":"'Dry Other Crop'!$B$9*'Dry Other Crop'!$E$9*$C208","v":0}]
["Dryland Other Crop","Yes",0.9,{"$f":"'Dry Other Crop'!$B$9*$C209","v":0},{"$f":"IF($D209=0, \"N/A\", ('Dry Other Crop'!$F$44-'Dry Other Crop'!$F$10+($D209-$D$210)*'Dry Other Crop'!$D$26)/$D209)","v":"N/A"},{"$f":"IF($D209=0, \"N/A\",('Dry Other Crop'!$G$44-'Dry Other Crop'!$G$10+($J209-$J$210)*'Dry Other Crop'!$D$26)/$J209)","v":"N/A"},{"$f":"IF($D209=0, \"N/A\",('Dry Other Crop'!$F$58-'Dry Other Crop'!$F$10+($D209-$D$210)*'Dry Other Crop'!$D$26)/$D209)","v":"N/A"},{"$f":"IF($D209=0, \"N/A\",('Dry Other Crop'!$G$58-'Dry Other Crop'!$G$10+($J209-$J$210)*'Dry Other Crop'!$D$26)/$J209)","v":"N/A"},{"$f":"IF($K209=0, \"N/A\", ('Dry Other Crop'!$H$58-'Dry Other Crop'!$H$10+($K209-$K$210)*'Dry Other Crop'!$D$26)/$K209)","v":"N/A"},{"$f":"'Dry Other Crop'!$B$9*(1-'Dry Other Crop'!$E$9)*$C209","v":0},{"$f":"'Dry Other Crop'!$B$9*'Dry Other Crop'!$E$9*$C209","v":0}]
["Dryland Other Crop","Yes",1,{"$f":"'Dry Other Crop'!$B$9*$C210","v":0},{"$f":"IF($D210=0, \"N/A\", ('Dry Other Crop'!$F$44-'Dry Other Crop'!$F$10+($D210-$D$210)*'Dry Other Crop'!$D$26)/$D210)","v":"N/A"},{"$f":"IF($D210=0, \"N/A\",('Dry Other Crop'!$G$44-'Dry Other Crop'!$G$10+($J210-$J$210)*'Dry Other Crop'!$D$26)/$J210)","v":"N/A"},{"$f":"IF($D210=0, \"N/A\",('Dry Other Crop'!$F$58-'Dry Other Crop'!$F$10+($D210-$D$210)*'Dry Other Crop'!$D$26)/$D210)","v":"N/A"},{"$f":"IF($D210=0, \"N/A\",('Dry Other Crop'!$G$58-'Dry Other Crop'!$G$10+($J210-$J$210)*'Dry Other Crop'!$D$26)/$J210)","v":"N/A"},{"$f":"IF($K210=0, \"N/A\", ('Dry Other Crop'!$H$58-'Dry Other Crop'!$H$10+($K210-$K$210)*'Dry Other Crop'!$D$26)/$K210)","v":"N/A"},{"$f":"'Dry Other Crop'!$B$9*(1-'Dry Other Crop'!$E$9)*$C210","v":0},{"$f":"'Dry Other Crop'!$B$9*'Dry Other Crop'!$E$9*$C210","v":0}]
["Dryland Other Crop","Yes",1.1000000000000001,{"$f":"'Dry Other Crop'!$B$9*$C211","v":0},{"$f":"IF($D211=0, \"N/A\", ('Dry Other Crop'!$F$44-'Dry Other Crop'!$F$10+($D211-$D$210)*'Dry Other Crop'!$D$26)/$D211)","v":"N/A"},{"$f":"IF($D211=0, \"N/A\",('Dry Other Crop'!$G$44-'Dry Other Crop'!$G$10+($J211-$J$210)*'Dry Other Crop'!$D$26)/$J211)","v":"N/A"},{"$f":"IF($D211=0, \"N/A\",('Dry Other Crop'!$F$58-'Dry Other Crop'!$F$10+($D211-$D$210)*'Dry Other Crop'!$D$26)/$D211)","v":"N/A"},{"$f":"IF($D211=0, \"N/A\",('Dry Other Crop'!$G$58-'Dry Other Crop'!$G$10+($J211-$J$210)*'Dry Other Crop'!$D$26)/$J211)","v":"N/A"},{"$f":"IF($K211=0, \"N/A\", ('Dry Other Crop'!$H$58-'Dry Other Crop'!$H$10+($K211-$K$210)*'Dry Other Crop'!$D$26)/$K211)","v":"N/A"},{"$f":"'Dry Other Crop'!$B$9*(1-'Dry Other Crop'!$E$9)*$C211","v":0},{"$f":"'Dry Other Crop'!$B$9*'Dry Other Crop'!$E$9*$C211","v":0}]
["Dryland Other Crop","Yes",1.25,{"$f":"'Dry Other Crop'!$B$9*$C212","v":0},{"$f":"IF($D212=0, \"N/A\", ('Dry Other Crop'!$F$44-'Dry Other Crop'!$F$10+($D212-$D$210)*'Dry Other Crop'!$D$26)/$D212)","v":"N/A"},{"$f":"IF($D212=0, \"N/A\",('Dry Other Crop'!$G$44-'Dry Other Crop'!$G$10+($J212-$J$210)*'Dry Other Crop'!$D$26)/$J212)","v":"N/A"},{"$f":"IF($D212=0, \"N/A\",('Dry Other Crop'!$F$58-'Dry Other Crop'!$F$10+($D212-$D$210)*'Dry Other Crop'!$D$26)/$D212)","v":"N/A"},{"$f":"IF($D212=0, \"N/A\",('Dry Other Crop'!$G$58-'Dry Other Crop'!$G$10+($J212-$J$210)*'Dry Other Crop'!$D$26)/$J212)","v":"N/A"},{"$f":"IF($K212=0, \"N/A\", ('Dry Other Crop'!$H$58-'Dry Other Crop'!$H$10+($K212-$K$210)*'Dry Other Crop'!$D$26)/$K212)","v":"N/A"},{"$f":"'Dry Other Crop'!$B$9*(1-'Dry Other Crop'!$E$9)*$C212","v":0},{"$f":"'Dry Other Crop'!$B$9*'Dry Other Crop'!$E$9*$C212","v":0}]

{"sheet":"Comparative Returns","index":27,"n_rows":57,"n_cols":22,"rows_kept":57,"cut":false,"hidden":false,"merged":[[32,6,32,8],[32,9,32,11],[6,3,6,5],[6,9,6,11],[6,16,6,18],[6,19,6,21],[6,6,6,8],[6,12,6,14]]}
[]
[]
[]
[]
["HIDE IF",null,null,null,"Tenant","Landlord",null,"Tenant","Landlord",null,"Tenant","Landlord",null,"Tenant","Landlord",null,null,null,null,null,"Tenant","Landlord"]
[null,null,{"$f":"_xlfn.XLOOKUP(C5,PGM_ShowHide_Lookup,PGM_ShowHide_Return,\"\")","v":""},"","Yes","Yes","","Yes","Yes","","Yes","Yes","","Yes","Yes","","","","","","Yes","Yes"]
[null,null,"Comparative Returns per acre","Total Revenue",null,null,"Total Variable Costs",null,null,"Return Over Variable Costs",null,null,"Total Costs",null,null,null,"Return Over Variable Costs\nper Acre-Inch Applied",null,null,"Return Over Total Costs"]
["PARAMETER","DISPLAY?",null,"Total","Tenant","Landlord","Total","Tenant","Landlord","Total","Tenant","Landlord","Total","Tenant","Landlord","ac-in","Total","Tenant","Landlord","Total","Tenant","Landlord"]
["Irrigated Alfalfa",{"$f":"_xlfn.XLOOKUP(A9,PGM_ShowHide_Lookup,PGM_ShowHide_Return,\"\")","v":"Yes"},{"$f":"'Irr Alfalfa'!A3","v":"Irrigated Alfalfa"},{"$f":"'Irr Alfalfa'!F$12","v":1292.5},{"$f":"'Irr Alfalfa'!G$12","v":865.97499999999991},{"$f":"'Irr Alfalfa'!H$12","v":426.52500000000003},{"$f":"'Irr Alfalfa'!F$48","v":763.27669548470578},{"$f":"'Irr Alfalfa'!G$48","v":672.67393430235302},{"$f":"'Irr Alfalfa'!H$48","v":90.602761182352936},{"$f":"D9-G9","v":529.22330451529422},{"$f":"E9-H9","v":193.30106569764689},{"$f":"F9-I9","v":335.9222388176471},{"$f":"'Irr Alfalfa'!F$63","v":1187.7966954847057},{"$f":"'Irr Alfalfa'!G$63","v":897.193934302353},{"$f":"'Irr Alfalfa'!H$63","v":290.60276118235294},{"$f":"'Irr Alfalfa'!B37","v":24},{"$f":"IF($P9=0,\"-\",J9/$P9)","v":22.050971021470591},{"$f":"IF($P9=0,\"-\",K9/$P9)","v":8.0542110707352865},{"$f":"IF($P9=0,\"-\",L9/$P9)","v":13.996759950735296},{"$f":"D9-M9","v":104.70330451529435},{"$f":"E9-N9","v":-31.218934302353091},{"$f":"F9-O9","v":135.9222388176471}]
["Irrigated Canola","Yes",{"$f":"'Irr Canola'!$A$3","v":"Irrigated Canola"},{"$f":"'Irr Canola'!F$12","v":396},{"$f":"'Irr Canola'!G$12","v":265.32},{"$f":"'Irr Canola'!H$12","v":130.68},{"$f":"'Irr Canola'!F$49","v":342.61358305304344},{"$f":"'Irr Canola'!G$49","v":283.54616808048911},{"$f":"'Irr Canola'!H$49","v":59.067414972554346},53.386416946956558,-18.226168080489117,71.612585027445661,{"$f":"'Irr Canola'!F$63","v":557.31358305304343},{"$f":"'Irr Canola'!G$63","v":367.58616808048913},{"$f":"'Irr Canola'!H$63","v":189.72741497255436},{"$f":"'Irr Canola'!B38","v":10},5.3386416946956556,-1.8226168080489118,7.1612585027445661,-161.31358305304343,-102.26616808048914,-59.04741497255435]
["Irrigated Corn","Yes",{"$f":"'Irr Corn'!$A$3","v":"Irrigated Corn"},{"$f":"'Irr Corn'!F$12","v":1136.25},{"$f":"'Irr Corn'!G$12","v":761.28749999999991},{"$f":"'Irr Corn'!H$12","v":374.96250000000003},{"$f":"'Irr Corn'!F$47","v":947.29322707843903},{"$f":"'Irr Corn'!G$47","v":706.5028373290836},{"$f":"'Irr Corn'!H$47","v":247.57470003133972},188.95677292156097,54.784662670916305,127.38779996866032,{"$f":"'Irr Corn'!F$61","v":1264.783227078439},{"$f":"'Irr Corn'!G$61","v":817.09283732908364},{"$f":"'Irr Corn'!H$61","v":454.47470003133969},{"$f":"'Irr Corn'!B36","v":22},8.5889442237073172,2.490211939587105,5.7903545440300146,-128.53322707843904,-55.805337329083727,-79.51220003133966]
["Irrigated Corn Silage","Yes",{"$f":"'Irr Corn Silage'!$A$3","v":"Irrigated Corn Silage"},{"$f":"'Irr Corn Silage'!F$12","v":1485},{"$f":"'Irr Corn Silage'!G$12","v":994.94999999999993},{"$f":"'Irr Corn Silage'!H$12","v":490.05},{"$f":"'Irr Corn Silage'!F$47","v":1173.5151442848855},{"$f":"'Irr Corn Silage'!G$47","v":1004.2878962324731},{"$f":"'Irr Corn Silage'!H$47","v":169.22724805241211},311.48485571511446,-9.3378962324732129,320.8227519475879,{"$f":"'Irr Corn Silage'!F$61","v":1494.5751442848855},{"$f":"'Irr Corn Silage'!G$61","v":1117.9178962324731},{"$f":"'Irr Corn Silage'!H$61","v":376.65724805241211},{"$f":"'Irr Corn Silage'!B36","v":20},15.574242785755724,-0.46689481162366064,16.041137597379397,-9.5751442848854822,-122.96789623247321,113.3927519475879]
["Irrigated Cotton","Yes",{"$f":"'Irr Cotton'!$A$3","v":"Irrigated Cotton"},{"$f":"'Irr Cotton'!F$14","v":1095.3125},{"$f":"'Irr Cotton'!G$14","v":1022.609375},{"$f":"'Irr Cotton'!H$14","v":72.703125},{"$f":"'Irr Cotton'!F$53","v":953.78325201520954},{"$f":"'Irr Cotton'!G$53","v":756.23451917019031},{"$f":"'Irr Cotton'!H$53","v":197.54873284501912},141.52924798479046,266.37485582980969,-124.84560784501912,{"$f":"'Irr Cotton'!F$67","v":1170.7232520152095},{"$f":"'Irr Cotton'!G$67","v":842.39451917019028},{"$f":"'Irr Cotton'!H$67","v":328.32873284501909},{"$f":"'Irr Cotton'!B42","v":12},11.794103998732538,22.197904652484141,-10.403800653751594,-75.410752015209482,180.21485582980972,-255.62560784501909]
["Irrigated Peanuts","Yes",{"$f":"'Irr Peanuts'!$A$3","v":"Irrigated Peanuts"},{"$f":"'Irr Peanuts'!F$12","v":1125},{"$f":"'Irr Peanuts'!G$12","v":753.74999999999989},{"$f":"'Irr Peanuts'!H$12","v":371.25},{"$f":"'Irr Peanuts'!F$51","v":930.71627707196717},{"$f":"'Irr Peanuts'!G$51","v":776.45870058133175},{"$f":"'Irr Peanuts'!H$51","v":154.25757649063547},194.28372292803283,-22.708700581331868,216.99242350936453,{"$f":"'Irr Peanuts'!F$65","v":1184.1462770719672},{"$f":"'Irr Peanuts'!G$65","v":895.98870058133173},{"$f":"'Irr Peanuts'!H$65","v":288.15757649063551},{"$f":"'Irr Peanuts'!B40","v":21},9.2516058537158496,-1.0813666943491367,10.332972548064978,-59.146277071967233,-142.23870058133184,83.092423509364494]
["Irrigated Sorghum","Yes",{"$f":"'Irr Sorghum'!$A$3","v":"Irrigated Sorghum"},{"$f":"'Irr Sorghum'!F$12","v":434},{"$f":"'Irr Sorghum'!G$12","v":290.77999999999997},{"$f":"'Irr Sorghum'!H$12","v":143.22},{"$f":"'Irr Sorghum'!F$46","v":465.48942916049782},{"$f":"'Irr Sorghum'!G$46","v":360.82381318743154},{"$f":"'Irr Sorghum'!H$46","v":104.66561597306628},-31.489429160497821,-70.043813187431567,38.554384026933718,{"$f":"'Irr Sorghum'!F$60","v":704.79942916049777},{"$f":"'Irr Sorghum'!G$60","v":470.83381318743159},{"$f":"'Irr Sorghum'!H$60","v":233.96561597306629},{"$f":"'Irr Sorghum'!B35","v":10},-3.1489429160497822,-7.0043813187431567,3.8554384026933719,-270.79942916049777,-180.05381318743162,-90.745615973066293]
["Irrigated Sorghum Seed","Yes",{"$f":"'Irr Sorghum Seed'!$A$3","v":"Irrigated Sorghum Seed"},{"$f":"'Irr Sorghum Seed'!F$12","v":1012.5},{"$f":"'Irr Sorghum Seed'!G$12","v":678.37499999999989},{"$f":"'Irr Sorghum Seed'!H$12","v":334.125},{"$f":"'Irr Sorghum Seed'!F$46","v":514.34593640194441},{"$f":"'Irr Sorghum Seed'!G$46","v":392.7292449171627},{"$f":"'Irr Sorghum Seed'!H$46","v":121.61669148478168},498.15406359805559,285.64575508283718,212.50830851521832,{"$f":"'Irr Sorghum Seed'!F$60","v":742.47593640194441},{"$f":"'Irr Sorghum Seed'!G$60","v":491.55924491716269},{"$f":"'Irr Sorghum Seed'!H$60","v":250.91669148478169},{"$f":"'Irr Sorghum Seed'!B35","v":16},31.134628974878474,17.852859692677324,13.281769282201145,270.02406359805559,186.8157550828372,83.208308515218306]
["Irrigated Sorghum Silage","Yes",{"$f":"'Irr Sorghum Silage'!$A$3","v":"Irrigated Sorghum Silage"},{"$f":"'Irr Sorghum Silage'!F$12","v":1000},{"$f":"'Irr Sorghum Silage'!G$12","v":669.99999999999989},{"$f":"'Irr Sorghum Silage'!H$12","v":330},{"$f":"'Irr Sorghum Silage'!F$46","v":714.97914901430761},{"$f":"'Irr Sorghum Silage'!G$46","v":612.9603371558461},{"$f":"'Irr Sorghum Silage'!H$46","v":102.01881185846153},285.02085098569239,57.039662844153781,227.98118814153847,{"$f":"'Irr Sorghum Silage'!F$60","v":939.43914901430765},{"$f":"'Irr Sorghum Silage'!G$60","v":707.90033715584605},{"$f":"'Irr Sorghum Silage'!H$60","v":231.53881185846154},{"$f":"'Irr Sorghum Silage'!B35","v":14},20.358632213263743,4.0742616317252702,16.284370581538461,60.560850985692355,-37.900337155846159,98.461188141538457]
["Irrigated Sorghum Sudangrass","Yes",{"$f":"'Irr Sorghum Sudangrass'!$A$3","v":"Irrigated Sorghum Sudangrass"},{"$f":"'Irr Sorghum Sudangrass'!F$12","v":520},{"$f":"'Irr Sorghum Sudangrass'!G$12","v":348.4},{"$f":"'Irr Sorghum Sudangrass'!H$12","v":171.6},{"$f":"'Irr Sorghum Sudangrass'!F$46","v":341.89694983979194},{"$f":"'Irr Sorghum Sudangrass'!G$46","v":258.29300766081059},{"$f":"'Irr Sorghum Sudangrass'!H$46","v":83.603942178981356},178.10305016020806,90.106992339189389,87.996057821018638,{"$f":"'Irr Sorghum Sudangrass'!F$60","v":554.11694983979191},{"$f":"'Irr Sorghum Sudangrass'!G$60","v":340.41300766081059},{"$f":"'Irr Sorghum Sudangrass'!H$60","v":213.70394217898135},{"$f":"'Irr Sorghum Sudangrass'!B35","v":9},19.789227795578672,10.01188803768771,9.7773397578909602,-34.116949839791914,7.9869923391893849,-42.103942178981356]
["Irrigated Soybeans","Yes",{"$f":"'Irr Soybeans'!$A$3","v":"Irrigated Soybeans"},{"$f":"'Irr Soybeans'!F$12","v":585},{"$f":"'Irr Soybeans'!G$12","v":391.94999999999993},{"$f":"'Irr Soybeans'!H$12","v":193.05},{"$f":"'Irr Soybeans'!F$49","v":487.55990875584706},{"$f":"'Irr Soybeans'!G$49","v":408.99318962577354},{"$f":"'Irr Soybeans'!H$49","v":78.566719130073523},97.440091244152939,-17.043189625773607,114.48328086992649,{"$f":"'Irr Soybeans'!F$63","v":713.26990875584704},{"$f":"'Irr Soybeans'!G$63","v":506.79318962577355},{"$f":"'Irr Soybeans'!H$63","v":206.47671913007352},{"$f":"'Irr Soybeans'!B38","v":16},6.0900057027595587,-1.0651993516108504,7.1552050543704055,-128.26990875584704,-114.84318962577362,-13.426719130073508]
["Irrigated Sunflowers-Confectionary","Yes",{"$f":"'Irr Sunflowers-Confection'!$A$3","v":"Irrigated Sunflowers-Confectionary"},{"$f":"'Irr Sunflowers-Confection'!F$13","v":504},{"$f":"'Irr Sunflowers-Confection'!G$13","v":337.67999999999995},{"$f":"'Irr Sunflowers-Confection'!H$13","v":166.32000000000002},{"$f":"'Irr Sunflowers-Confection'!F$49","v":402.2754075611029},{"$f":"'Irr Sunflowers-Confection'!G$49","v":330.51574287773889},{"$f":"'Irr Sunflowers-Confection'!H$49","v":71.75966468336398},101.7245924388971,7.1642571222610627,94.560335316636042,{"$f":"'Irr Sunflowers-Confection'!F$63","v":609.97540756110288},{"$f":"'Irr Sunflowers-Confection'!G$63","v":410.41574287773892},{"$f":"'Irr Sunflowers-Confection'!H$63","v":199.55966468336396},{"$f":"'Irr Sunflowers-Confection'!B38","v":7},14.532084634128157,1.0234653031801517,13.508619330948006,-105.97540756110288,-72.735742877738971,-33.239664683363941]
["Irrigated Sunflowers-Oilseed","Yes",{"$f":"'Irr Sunflowers-Oilseed'!$A$3","v":"Irrigated Sunflowers-Oilseed"},{"$f":"'Irr Sunflowers-Oilseed'!F$12","v":460},{"$f":"'Irr Sunflowers-Oilseed'!G$12","v":308.2},{"$f":"'Irr Sunflowers-Oilseed'!H$12","v":151.80000000000001},{"$f":"'Irr Sunflowers-Oilseed'!F$48","v":403.13528269310291},{"$f":"'Irr Sunflowers-Oilseed'!G$48","v":312.08786380973896},{"$f":"'Irr Sunflowers-Oilseed'!H$48","v":91.04741888336396},56.864717306897091,-3.8878638097389739,60.752581116636051,{"$f":"'Irr Sunflowers-Oilseed'!F$62","v":610.83528269310295},{"$f":"'Irr Sunflowers-Oilseed'!G$62","v":391.987863809739},{"$f":"'Irr Sunflowers-Oilseed'!H$62","v":218.84741888336396},{"$f":"'Irr Sunflowers-Oilseed'!B37","v":7},8.1235310438424424,-0.55540911567699625,8.6789401595194366,-150.83528269310295,-83.787863809739008,-67.047418883363946]
["Irrigated Triticale Silage","Yes",{"$f":"'Irr Triticale Silage'!$A$3","v":"Irrigated Triticale Silage"},{"$f":"'Irr Triticale Silage'!F$12","v":500},{"$f":"'Irr Triticale Silage'!G$12","v":334.99999999999994},{"$f":"'Irr Triticale Silage'!H$12","v":165},{"$f":"'Irr Triticale Silage'!F$46","v":414.07189546565991},{"$f":"'Irr Triticale Silage'!G$46","v":358.71544177484213},{"$f":"'Irr Triticale Silage'!H$46","v":55.356453690817787},{"$f":"D22-G22","v":85.928104534340093},{"$f":"E22-H22","v":-23.715441774842191},{"$f":"F22-I22","v":109.64354630918221},{"$f":"'Irr Triticale Silage'!F$60","v":630.75189546565991},{"$f":"'Irr Triticale Silage'!G$60","v":445.29544177484212},{"$f":"'Irr Triticale Silage'!H$60","v":185.4564536908178},{"$f":"'Irr Sorghum Sudangrass'!B36","v":48.49},{"$f":"IF($P22=0,\"-\",J22/$P22)","v":1.7720788726405463},{"$f":"IF($P22=0,\"-\",K22/$P22)","v":-0.48907902196003689},{"$f":"IF($P22=0,\"-\",L22/$P22)","v":2.2611578946005819},{"$f":"D22-M22","v":-130.75189546565991},{"$f":"E22-N22","v":-110.29544177484217},{"$f":"F22-O22","v":-20.456453690817796}]
["Irrigated Wheat","Yes",{"$f":"'Irr Wheat'!$A$3","v":"Irrigated Wheat"},{"$f":"'Irr Wheat'!F$13","v":343.4},{"$f":"'Irr Wheat'!G$13","v":230.07799999999997},{"$f":"'Irr Wheat'!H$13","v":113.322},{"$f":"'Irr Wheat'!F$47","v":346.8955764852725},{"$f":"'Irr Wheat'!G$47","v":282.5773486292826},{"$f":"'Irr Wheat'!H$47","v":64.31822785598996},-3.4955764852725224,-52.499348629282622,49.003772144010043,{"$f":"'Irr Wheat'!F$61","v":563.58557648527244},{"$f":"'Irr Wheat'!G$61","v":369.15734862928258},{"$f":"'Irr Wheat'!H$61","v":194.42822785598997},{"$f":"'Irr Wheat'!B36","v":10},-0.34955764852725224,-5.2499348629282618,4.9003772144010043,-220.18557648527246,-139.07934862928261,-81.106227855989971]
["Irrigated Other Crop","Yes",{"$f":"'Irr Other Crop'!$A$3","v":"Irrigated Other Crop"},{"$f":"'Irr Other Crop'!F$12","v":0},{"$f":"'Irr Other Crop'!G$12","v":0},{"$f":"'Irr Other Crop'!H$12","v":0},{"$f":"'Irr Other Crop'!F$48","v":0},{"$f":"'Irr Other Crop'!G$48","v":0},{"$f":"'Irr Other Crop'!H$48","v":0},0,0,0,{"$f":"'Irr Other Crop'!F$62","v":0},{"$f":"'Irr Other Crop'!G$62","v":0},{"$f":"'Irr Other Crop'!H$62","v":0},{"$f":"'Irr Other Crop'!B37","v":0},{"$f":"IF($P24=0,\"-\",J24/$P24)","v":"-"},"-","-",0,0,0]
["Dryland Canola","Yes",{"$f":"'Dry Canola'!$A$3","v":"Dryland Canola"},{"$f":"'Dry Canola'!F$12","v":198},{"$f":"'Dry Canola'!G$12","v":132.66},{"$f":"'Dry Canola'!H$12","v":65.34},{"$f":"'Dry Canola'!F$45","v":195.48682791086955},{"$f":"'Dry Canola'!G$45","v":165.0697047122826},{"$f":"'Dry Canola'!H$45","v":30.41712319858696},2.5131720891304496,-32.409704712282604,34.92287680141304,{"$f":"'Dry Canola'!F$59","v":244.48682791086955},{"$f":"'Dry Canola'!G$59","v":177.71970471228261},{"$f":"'Dry Canola'!H$59","v":66.767123198586958},{"$f":"'Dry Canola'!#REF!","v":{"$error":"#REF!"}},{"$error":"#REF!"},"-","-",-46.48682791086955,-45.05970471228261,-1.4271231985869548]
["Dryland Cotton","Yes",{"$f":"'Dry Cotton'!$A$3","v":"Dryland Cotton"},{"$f":"'Dry Cotton'!F$14","v":350.5},{"$f":"'Dry Cotton'!G$14","v":234.83499999999995},{"$f":"'Dry Cotton'!H$14","v":115.66500000000001},{"$f":"'Dry Cotton'!F$50","v":404.24708656917221},{"$f":"'Dry Cotton'!G$50","v":315.21520061134532},{"$f":"'Dry Cotton'!H$50","v":89.03188595782683},-53.747086569172211,-80.380200611345373,26.633114042173176,{"$f":"'Dry Cotton'!F$64","v":453.12708656917221},{"$f":"'Dry Cotton'!G$64","v":328.72520061134531},{"$f":"'Dry Cotton'!H$64","v":124.40188595782683},{"$f":"'Dry Cotton'!#REF!","v":{"$error":"#REF!"}},{"$error":"#REF!"},"-","-",-102.62708656917221,-93.890200611345364,-8.7368859578268285]
["Dryland Sorghum","Yes",{"$f":"'Dry Sorghum'!$A$3","v":"Dryland Sorghum"},{"$f":"'Dry Sorghum'!F$12","v":175},{"$f":"'Dry Sorghum'!G$12","v":117.24999999999999},{"$f":"'Dry Sorghum'!H$12","v":57.75},{"$f":"'Dry Sorghum'!F$43","v":223.15663464390246},{"$f":"'Dry Sorghum'!G$43","v":171.36014408341464},{"$f":"'Dry Sorghum'!H$43","v":51.796490560487811},-48.156634643902464,-54.110144083414653,5.9535094395121888,{"$f":"'Dry Sorghum'!F$57","v":267.72663464390246},{"$f":"'Dry Sorghum'!G$57","v":182.47014408341465},{"$f":"'Dry Sorghum'!H$57","v":85.256490560487805},{"$f":"'Dry Sorghum'!#REF!","v":{"$error":"#REF!"}},{"$error":"#REF!"},"-","-",-92.726634643902457,-65.220144083414667,-27.506490560487805]
["Dryland Sorghum Sudangrass","Yes",{"$f":"'Dry Sorghum Sudangrass'!$A$3","v":"Dryland Sorghum Sudangrass"},{"$f":"'Dry Sorghum Sudangrass'!F$12","v":218.4},{"$f":"'Dry Sorghum Sudangrass'!G$12","v":146.32799999999997},{"$f":"'Dry Sorghum Sudangrass'!H$12","v":72.072000000000003},{"$f":"'Dry Sorghum Sudangrass'!F$42","v":137.12014489756098},{"$f":"'Dry Sorghum Sudangrass'!G$42","v":103.02217593536584},{"$f":"'Dry Sorghum Sudangrass'!H$42","v":34.097968962195125},81.279855102439029,43.305824064634137,37.974031037804878,{"$f":"'Dry Sorghum Sudangrass'!F$56","v":181.13014489756097},{"$f":"'Dry Sorghum Sudangrass'!G$56","v":112.43217593536583},{"$f":"'Dry Sorghum Sudangrass'!H$56","v":68.69796896219512},{"$f":"'Dry Sorghum Sudangrass'!#REF!","v":{"$error":"#REF!"}},{"$error":"#REF!"},"-","-",37.269855102439038,33.895824064634141,3.3740310378048832]
["Dryland Sunflowers-Oilseed","Yes",{"$f":"'Dry Sunflowers-Oilseed'!$A$3","v":"Dryland Sunflowers-Oilseed"},{"$f":"'Dry Sunflowers-Oilseed'!F$12","v":230},{"$f":"'Dry Sunflowers-Oilseed'!G$12","v":154.1},{"$f":"'Dry Sunflowers-Oilseed'!H$12","v":75.900000000000006},{"$f":"'Dry Sunflowers-Oilseed'!F$44","v":229.13727036874999},{"$f":"'Dry Sunflowers-Oilseed'!G$44","v":191.01890858906251},{"$f":"'Dry Sunflowers-Oilseed'!H$44","v":38.118361779687504},0.86272963125000501,-36.918908589062511,37.781638220312502,{"$f":"'Dry Sunflowers-Oilseed'!F$58","v":271.39727036875001},{"$f":"'Dry Sunflowers-Oilseed'!G$58","v":200.47890858906251},{"$f":"'Dry Sunflowers-Oilseed'!H$58","v":70.918361779687501},{"$f":"'Dry Sunflowers-Oilseed'!#REF!","v":{"$error":"#REF!"}},{"$error":"#REF!"},"-","-",-41.397270368750014,-46.378908589062519,4.9816382203125045]
["Dryland Wheat","Yes",{"$f":"'Dry Wheat'!$A$3","v":"Dryland Wheat"},{"$f":"'Dry Wheat'!F$13","v":149.44999999999999},{"$f":"'Dry Wheat'!G$13","v":100.13149999999999},{"$f":"'Dry Wheat'!H$13","v":49.318500000000007},{"$f":"'Dry Wheat'!F$44","v":146.11977108292686},{"$f":"'Dry Wheat'!G$44","v":122.78837449756097},{"$f":"'Dry Wheat'!H$44","v":23.331396585365852},3.3302289170731285,-22.656874497560977,25.987103414634156,{"$f":"'Dry Wheat'!F$58","v":195.03977108292685},{"$f":"'Dry Wheat'!G$58","v":135.38837449756096},{"$f":"'Dry Wheat'!H$58","v":59.651396585365852},{"$f":"'Dry Wheat'!#REF!","v":{"$error":"#REF!"}},{"$error":"#REF!"},"-","-",-45.589771082926859,-35.256874497560972,-10.332896585365845]
["Dryland Other Crop","Yes",{"$f":"'Dry Other Crop'!$A$3","v":"Dryland Other Crop"},{"$f":"'Dry Other Crop'!F$12","v":0},{"$f":"'Dry Other Crop'!G$12","v":0},{"$f":"'Dry Other Crop'!H$12","v":0},{"$f":"'Dry Other Crop'!F$44","v":0},{"$f":"'Dry Other Crop'!G$44","v":0},{"$f":"'Dry Other Crop'!H$44","v":0},0,0,0,{"$f":"'Dry Other Crop'!F$58","v":0},{"$f":"'Dry Other Crop'!G$58","v":0},{"$f":"'Dry Other Crop'!H$58","v":0},{"$f":"'Dry Other Crop'!#REF!","v":{"$error":"#REF!"}},{"$error":"#REF!"},"-","-",0,0,0]
[]
[null,null,"Breakeven yields per acre",null,null,null,"Break-Even Yield to Cover \nVariable Costs",null,null,"Break-Even Yield to Cover \nTotal Costs"]
[null,null,null,"Price","unit",null,"Total","Tenant","Landlord","Total","Tenant","Landlord"]
["Irrigated Alfalfa",{"$f":"_xlfn.XLOOKUP(A35,PGM_ShowHide_Lookup,PGM_ShowHide_Return,\"\")","v":"Yes"},{"$f":"'Irr Alfalfa'!$A$3","v":"Irrigated Alfalfa"},{"$f":"'Irr Alfalfa'!$D$9","v":235},{"$f":"'Irr Alfalfa'!$C$9","v":"ton"},null,{"$f":"IF($D35=0, 0, G9/$D35)","v":3.2479859382327905},{"$f":"IF($D35=0, 0, IF('Irr Alfalfa'!$E$9=0,0,H9/$D35/(1-'Irr Alfalfa'!$E$9)))","v":4.2723019009358723},{"$f":"IF($D35=0, 0, IF('Irr Alfalfa'!$E$9=0,0,I9/$D35/('Irr Alfalfa'!$E$9)))","v":1.168314135168961},{"$f":"IF($D35=0, 0, M9/$D35)","v":5.054454023339173},{"$f":"IF($D35=0, 0, IF('Irr Alfalfa'!$E$9=0,0,N9/$D35/(1-'Irr Alfalfa'!$E$9)))","v":5.6982784014122139},{"$f":"IF($D35=0, 0, IF('Irr Alfalfa'!$E$9=0,0,O9/$D35/('Irr Alfalfa'!$E$9)))","v":3.7472954375545187}]
["Irrigated Canola","Yes",{"$f":"'Irr Canola'!$A$3","v":"Irrigated Canola"},{"$f":"'Irr Canola'!$D$9","v":18},{"$f":"'Irr Canola'!$C$9","v":"cwt"},null,{"$f":"IF($D36=0, 0, G10/$D36)","v":19.034087947391303},{"$f":"IF($D36=0, 0, IF('Irr Canola'!$E$9=0,0,H10/$D36/(1-'Irr Canola'!$E$9)))","v":23.511290885612699},{"$f":"IF($D36=0, 0, IF('Irr Canola'!$E$9=0,0,I10/$D36/('Irr Canola'!$E$9)))","v":9.9440092546387788},{"$f":"IF($D36=0, 0, M10/$D36)","v":30.96186572516908},{"$f":"IF($D36=0, 0, IF('Irr Canola'!$E$9=0,0,N10/$D36/(1-'Irr Canola'!$E$9)))","v":30.479781764551344},{"$f":"IF($D36=0, 0, IF('Irr Canola'!$E$9=0,0,O10/$D36/('Irr Canola'!$E$9)))","v":31.940642251271775}]
["Irrigated Corn","Yes",{"$f":"'Irr Corn'!$A$3","v":"Irrigated Corn"},{"$f":"'Irr Corn'!$D$9","v":5.05},{"$f":"'Irr Corn'!$C$9","v":"bu"},null,{"$f":"IF($D37=0, 0, G11/$D37)","v":187.58281724325525},{"$f":"IF($D37=0, 0, IF('Irr Corn'!$E$9=0,0,H11/$D37/(1-'Irr Corn'!$E$9)))","v":208.80828648709431},{"$f":"IF($D37=0, 0, IF('Irr Corn'!$E$9=0,0,I11/$D37/('Irr Corn'!$E$9)))","v":148.55967598640245},{"$f":"IF($D37=0, 0, M11/$D37)","v":250.45212417394833},{"$f":"IF($D37=0, 0, IF('Irr Corn'!$E$9=0,0,N11/$D37/(1-'Irr Corn'!$E$9)))","v":241.49337589155718},{"$f":"IF($D37=0, 0, IF('Irr Corn'!$E$9=0,0,O11/$D37/('Irr Corn'!$E$9)))","v":272.71209122792658}]
["Irrigated Corn Silage","Yes",{"$f":"'Irr Corn Silage'!$A$3","v":"Irrigated Corn Silage"},{"$f":"'Irr Corn Silage'!$D$9","v":55},{"$f":"'Irr Corn Silage'!$C$9","v":"ton"},null,{"$f":"IF($D38=0, 0, G12/$D38)","v":21.336638986997919},{"$f":"IF($D38=0, 0, IF('Irr Corn Silage'!$E$9=0,0,H12/$D38/(1-'Irr Corn Silage'!$E$9)))","v":27.253402882835097},{"$f":"IF($D38=0, 0, IF('Irr Corn Silage'!$E$9=0,0,I12/$D38/('Irr Corn Silage'!$E$9)))","v":9.3238153196921267},{"$f":"IF($D38=0, 0, M12/$D38)","v":27.174093532452464},{"$f":"IF($D38=0, 0, IF('Irr Corn Silage'!$E$9=0,0,N12/$D38/(1-'Irr Corn Silage'!$E$9)))","v":30.336984972387334},{"$f":"IF($D38=0, 0, IF('Irr Corn Silage'!$E$9=0,0,O12/$D38/('Irr Corn Silage'!$E$9)))","v":20.752465457433175}]
["Irrigated Cotton","Yes",{"$f":"'Irr Cotton'!$A$3","v":"Irrigated Cotton"},{"$f":"'Irr Cotton'!$D$9","v":0.7},{"$f":"'Irr Cotton'!$C$9","v":"lb"},null,{"$f":"IF($D39=0, 0, G13/($D39+Cottonseed_Price/2000*'Universal Input Prices'!$B$39/500))","v":1088.483026550881},{"$f":"IF($D39=0, 0, IF('Irr Cotton'!$E$9=0,0,H13/($D39+Cottonseed_Price/2000*'Universal Input Prices'!$B$39/500)/(1-'Irr Cotton'!$E$9)))","v":0},{"$f":"IF($D39=0, 0, IF('Irr Cotton'!$E$9=0,0,I13/($D39+Cottonseed_Price/2000*'Universal Input Prices'!$B$39/500)/('Irr Cotton'!$E$9)))","v":0},{"$f":"IF($D39=0, 0, M13/($D39+Cottonseed_Price/2000*'Universal Input Prices'!$B$39/500))","v":1336.0607726279138},{"$f":"IF($D39=0, 0, IF('Irr Cotton'!$E$9=0,0,N13/($D39+Cottonseed_Price/2000*'Universal Input Prices'!$B$39/500)/(1-'Irr Cotton'!$E$9)))","v":0},{"$f":"IF($D39=0, 0, IF('Irr Cotton'!$E$9=0,0,O13/($D39+Cottonseed_Price/2000*'Universal Input Prices'!$B$39/500)/('Irr Cotton'!$E$9)))","v":0}]
["Irrigated Peanuts","Yes",{"$f":"'Irr Peanuts'!$A$3","v":"Irrigated Peanuts"},{"$f":"'Irr Peanuts'!$D$9","v":500},{"$f":"'Irr Peanuts'!$C$9","v":"ton"},null,{"$f":"IF($D40=0, 0, G14/$D40)","v":1.8614325541439343},{"$f":"IF($D40=0, 0, IF('Irr Peanuts'!$E$9=0,0,H14/$D40/(1-'Irr Peanuts'!$E$9)))","v":2.3177871659144231},{"$f":"IF($D40=0, 0, IF('Irr Peanuts'!$E$9=0,0,I14/$D40/('Irr Peanuts'!$E$9)))","v":0.93489440297354831},{"$f":"IF($D40=0, 0, M14/$D40)","v":2.3682925541439346},{"$f":"IF($D40=0, 0, IF('Irr Peanuts'!$E$9=0,0,N14/$D40/(1-'Irr Peanuts'!$E$9)))","v":2.674593136063677},{"$f":"IF($D40=0, 0, IF('Irr Peanuts'!$E$9=0,0,O14/$D40/('Irr Peanuts'!$E$9)))","v":1.7464095544886999}]
["Irrigated Sorghum","Yes",{"$f":"'Irr Sorghum'!$A$3","v":"Irrigated Sorghum"},{"$f":"'Irr Sorghum'!$D$9","v":7},{"$f":"'Irr Sorghum'!$C$9","v":"cwt"},null,{"$f":"IF($D41=0, 0, (G15-'Irr Sorghum'!$F$10)/$D41)","v":66.498489880071119},{"$f":"IF($D41=0, 0, IF('Irr Sorghum'!$E$9=0,0,(H15-'Irr Sorghum'!$F$10)/$D41/(1-'Irr Sorghum'!$E$9)))","v":76.934714965337221},{"$f":"IF($D41=0, 0, IF('Irr Sorghum'!$E$9=0,0,(I15-'Irr Sorghum'!$F$10)/$D41/('Irr Sorghum'!$E$9)))","v":45.309790464530856},{"$f":"IF($D41=0, 0, (M15-'Irr Sorghum'!$F$10)/$D41)","v":100.68563273721396},{"$f":"IF($D41=0, 0, IF('Irr Sorghum'!$E$9=0,0,(N15-'Irr Sorghum'!$F$10)/$D41/(1-'Irr Sorghum'!$E$9)))","v":100.39100494401528},{"$f":"IF($D41=0, 0, IF('Irr Sorghum'!$E$9=0,0,(O15-'Irr Sorghum'!$F$10)/$D41/('Irr Sorghum'!$E$9)))","v":101.28381643855684}]
["Irrigated Sorghum Seed","Yes",{"$f":"'Irr Sorghum Seed'!$A$3","v":"Irrigated Sorghum Seed"},{"$f":"'Irr Sorghum Seed'!$D$9","v":22.5},{"$f":"'Irr Sorghum Seed'!$C$9","v":"cwt"},null,{"$f":"IF($D42=0, 0, (G16-'Irr Sorghum Seed'!$F$10)/$D42)","v":22.859819395641974},{"$f":"IF($D42=0, 0, IF('Irr Sorghum Seed'!$E$9=0,0,(H16-'Irr Sorghum Seed'!$F$10)/$D42/(1-'Irr Sorghum Seed'!$E$9)))","v":26.05169120511859},{"$f":"IF($D42=0, 0, IF('Irr Sorghum Seed'!$E$9=0,0,(I16-'Irr Sorghum Seed'!$F$10)/$D42/('Irr Sorghum Seed'!$E$9)))","v":16.379352388522786},{"$f":"IF($D42=0, 0, (M16-'Irr Sorghum Seed'!$F$10)/$D42)","v":32.998930506753084},{"$f":"IF($D42=0, 0, IF('Irr Sorghum Seed'!$E$9=0,0,(N16-'Irr Sorghum Seed'!$F$10)/$D42/(1-'Irr Sorghum Seed'!$E$9)))","v":32.607578435632689},{"$f":"IF($D42=0, 0, IF('Irr Sorghum Seed'!$E$9=0,0,(O16-'Irr Sorghum Seed'!$F$10)/$D42/('Irr Sorghum Seed'!$E$9)))","v":33.793493802664202}]
["Irrigated Sorghum Silage","Yes",{"$f":"'Irr Sorghum Silage'!$A$3","v":"Irrigated Sorghum Silage"},{"$f":"'Irr Sorghum Silage'!$D$9","v":50},{"$f":"'Irr Sorghum Silage'!$C$9","v":"ton"},null,{"$f":"IF($D43=0, 0, G17/$D43)","v":14.299582980286152},{"$f":"IF($D43=0, 0, IF('Irr Sorghum Silage'!$E$9=0,0,H17/$D43/(1-'Irr Sorghum Silage'!$E$9)))","v":18.297323497189439},{"$f":"IF($D43=0, 0, IF('Irr Sorghum Silage'!$E$9=0,0,I17/$D43/('Irr Sorghum Silage'!$E$9)))","v":6.1829582944522139},{"$f":"IF($D43=0, 0, M17/$D43)","v":18.788782980286154},{"$f":"IF($D43=0, 0, IF('Irr Sorghum Silage'!$E$9=0,0,N17/$D43/(1-'Irr Sorghum Silage'!$E$9)))","v":21.131353347935704},{"$f":"IF($D43=0, 0, IF('Irr Sorghum Silage'!$E$9=0,0,O17/$D43/('Irr Sorghum Silage'!$E$9)))","v":14.032655264149184}]
["Irrigated Sorghum Sudangrass","Yes",{"$f":"'Irr Sorghum Sudangrass'!$A$3","v":"Irrigated Sorghum Sudangrass"},{"$f":"'Irr Sorghum Sudangrass'!$D$9","v":0.65},{"$f":"'Irr Sorghum Sudangrass'!$C$9","v":"lb"},null,525.99530744583376,{"$f":"IF($D44=0, 0, IF('Irr Sorghum Sudangrass'!$E$9=0,0,H18/$D44/(1-'Irr Sorghum Sudangrass'!$E$9)))","v":593.095310357774},{"$f":"IF($D44=0, 0, IF('Irr Sorghum Sudangrass'!$E$9=0,0,I18/$D44/('Irr Sorghum Sudangrass'!$E$9)))","v":389.76196820037921},852.48761513814134,{"$f":"IF($D44=0, 0, IF('Irr Sorghum Sudangrass'!$E$9=0,0,N18/$D44/(1-'Irr Sorghum Sudangrass'!$E$9)))","v":781.66017832562716},{"$f":"IF($D44=0, 0, IF('Irr Sorghum Sudangrass'!$E$9=0,0,O18/$D44/('Irr Sorghum Sudangrass'!$E$9)))","v":996.28877472718568}]
["Irrigated Soybeans","Yes",{"$f":"'Irr Soybeans'!$A$3","v":"Irrigated Soybeans"},{"$f":"'Irr Soybeans'!$D$9","v":9.75},{"$f":"'Irr Soybeans'!$C$9","v":"bu"},null,50.006144487779189,{"$f":"IF($D45=0, 0, IF('Irr Soybeans'!$E$9=0,0,H19/$D45/(1-'Irr Soybeans'!$E$9)))","v":62.608984251936256},{"$f":"IF($D45=0, 0, IF('Irr Soybeans'!$E$9=0,0,I19/$D45/('Irr Soybeans'!$E$9)))","v":24.418560724187572},73.155888077522775,{"$f":"IF($D45=0, 0, IF('Irr Soybeans'!$E$9=0,0,N19/$D45/(1-'Irr Soybeans'!$E$9)))","v":77.580281611293316},{"$f":"IF($D45=0, 0, IF('Irr Soybeans'!$E$9=0,0,O19/$D45/('Irr Soybeans'!$E$9)))","v":64.173028478655326}]
["Irrigated Sunflowers-Confectionary","Yes",{"$f":"'Irr Sunflowers-Confection'!$A$3","v":"Irrigated Sunflowers-Confectionary"},{"$f":"'Irr Sunflowers-Confection'!$D$9","v":28},{"$f":"'Irr Sunflowers-Confection'!$C$9","v":"cwt"},null,14.36697884146796,{"$f":"IF($D46=0, 0, IF('Irr Sunflowers-Confection'!$E$9=0,0,H20/$D46/(1-'Irr Sunflowers-Confection'!$E$9)))","v":17.618109961499943},{"$f":"IF($D46=0, 0, IF('Irr Sunflowers-Confection'!$E$9=0,0,I20/$D46/('Irr Sunflowers-Confection'!$E$9)))","v":7.7661974765545425},21.784835984325102,{"$f":"IF($D46=0, 0, IF('Irr Sunflowers-Confection'!$E$9=0,0,N20/$D46/(1-'Irr Sunflowers-Confection'!$E$9)))","v":21.877171795188644},{"$f":"IF($D46=0, 0, IF('Irr Sunflowers-Confection'!$E$9=0,0,O20/$D46/('Irr Sunflowers-Confection'!$E$9)))","v":21.597366307723373}]
["Irrigated Sunflowers-Oilseed","Yes",{"$f":"'Irr Sunflowers-Oilseed'!$A$3","v":"Irrigated Sunflowers-Oilseed"},{"$f":"'Irr Sunflowers-Oilseed'!$D$9","v":23},{"$f":"'Irr Sunflowers-Oilseed'!$C$9","v":"cwt"},null,17.527620986656647,{"$f":"IF($D47=0, 0, IF('Irr Sunflowers-Oilseed'!$E$9=0,0,H21/$D47/(1-'Irr Sunflowers-Oilseed'!$E$9)))","v":20.252294861112201},{"$f":"IF($D47=0, 0, IF('Irr Sunflowers-Oilseed'!$E$9=0,0,I21/$D47/('Irr Sunflowers-Oilseed'!$E$9)))","v":11.995707362762049},26.558055769265344,{"$f":"IF($D47=0, 0, IF('Irr Sunflowers-Oilseed'!$E$9=0,0,N21/$D47/(1-'Irr Sunflowers-Oilseed'!$E$9)))","v":25.437239702124533},{"$f":"IF($D47=0, 0, IF('Irr Sunflowers-Oilseed'!$E$9=0,0,O21/$D47/('Irr Sunflowers-Oilseed'!$E$9)))","v":28.833652026793668}]
["Irrigated Triticale Silage","Yes",{"$f":"'Irr Triticale Silage'!$A$3","v":"Irrigated Triticale Silage"},{"$f":"'Irr Triticale Silage'!$D$9","v":50},{"$f":"'Irr Triticale Silage'!$C$9","v":"ton"},null,8.2814379093131976,{"$f":"IF($D48=0, 0, IF('Irr Triticale Silage'!$E$9=0,0,H22/$D48/(1-'Irr Triticale Silage'!$E$9)))","v":10.707923635069916},{"$f":"IF($D48=0, 0, IF('Irr Triticale Silage'!$E$9=0,0,I22/$D48/('Irr Triticale Silage'!$E$9)))","v":3.3549365873222898},12.615037909313198,{"$f":"IF($D48=0, 0, IF('Irr Triticale Silage'!$E$9=0,0,N22/$D48/(1-'Irr Triticale Silage'!$E$9)))","v":13.292401247010213},{"$f":"IF($D48=0, 0, IF('Irr Triticale Silage'!$E$9=0,0,O22/$D48/('Irr Triticale Silage'!$E$9)))","v":11.239785072170775}]
["Irrigated Wheat","Yes",{"$f":"'Irr Wheat'!$A$3","v":"Irrigated Wheat"},{"$f":"'Irr Wheat'!$D$9","v":5.0999999999999996},{"$f":"'Irr Wheat'!$C$9","v":"bu"},null,{"$f":"IF($D49=0, 0, (G23-'Irr Wheat'!$F$10)/$D49)","v":50.685407153975007},{"$f":"IF($D49=0, 0, IF('Irr Wheat'!$E$9=0,0,(H23-'Irr Wheat'!$G$10)/$D49/(1-'Irr Wheat'!$E$9)))","v":65.364164070612418},{"$f":"IF($D49=0, 0, IF('Irr Wheat'!$E$9=0,0,(I23-'Irr Wheat'!$H$10)/$D49/('Irr Wheat'!$E$9)))","v":20.883082505044538},{"$f":"IF($D49=0, 0, (M23-'Irr Wheat'!$F$10)/$D49)","v":93.17364244809265},{"$f":"IF($D49=0, 0, IF('Irr Wheat'!$E$9=0,0,(N23-'Irr Wheat'!$G$10)/$D49/(1-'Irr Wheat'!$E$9)))","v":90.70217987394868},{"$f":"IF($D49=0, 0, IF('Irr Wheat'!$E$9=0,0,(O23-'Irr Wheat'!$H$10)/$D49/('Irr Wheat'!$E$9)))","v":98.191460401657736}]
["Irrigated Other Crop","Yes",{"$f":"'Irr Other Crop'!$A$3","v":"Irrigated Other Crop"},{"$f":"'Irr Other Crop'!$D$9","v":0},{"$f":"'Irr Other Crop'!$C$9","v":"unit"},null,{"$f":"IF($D50=0, 0, (G24-'Irr Other Crop'!$F$10)/$D50)","v":0},{"$f":"IF($D50=0, 0, IF('Irr Other Crop'!$E$9=0,0,(H24-'Irr Other Crop'!$G$10)/$D50/(1-'Irr Other Crop'!$E$9)))","v":0},{"$f":"IF($D50=0, 0, IF('Irr Other Crop'!$E$9=0,0,(I24-'Irr Other Crop'!$H$10)/$D50/('Irr Other Crop'!$E$9)))","v":0},{"$f":"IF($D50=0, 0, (M24-'Irr Other Crop'!$F$10)/$D50)","v":0},{"$f":"IF($D50=0, 0, IF('Irr Other Crop'!$E$9=0,0,(N24-'Irr Other Crop'!$G$10)/$D50/(1-'Irr Other Crop'!$E$9)))","v":0},{"$f":"IF($D50=0, 0, IF('Irr Other Crop'!$E$9=0,0,(O24-'Irr Other Crop'!$H$10)/$D50/('Irr Other Crop'!$E$9)))","v":0}]
["Dryland Canola","Yes",{"$f":"'Dry Canola'!$A$3","v":"Dryland Canola"},{"$f":"'Dry Canola'!$D$9","v":18},{"$f":"'Dry Canola'!$C$9","v":"cwt"},null,{"$f":"IF($D51=0, 0, G25/$D51)","v":10.860379328381642},{"$f":"IF($D51=0, 0, IF('Dry Canola'!$E$9=0,0,H25/$D51/(1-'Dry Canola'!$E$9)))","v":13.6873718666901},{"$f":"IF($D51=0, 0, IF('Dry Canola'!$E$9=0,0,I25/$D51/('Dry Canola'!$E$9)))","v":5.1207278112099255},{"$f":"IF($D51=0, 0, M25/$D51)","v":13.582601550603863},{"$f":"IF($D51=0, 0, IF('Dry Canola'!$E$9=0,0,N25/$D51/(1-'Dry Canola'!$E$9)))","v":14.736293923074845},{"$f":"IF($D51=0, 0, IF('Dry Canola'!$E$9=0,0,O25/$D51/('Dry Canola'!$E$9)))","v":11.240256430738544}]
["Dryland Cotton","Yes",{"$f":"'Dry Cotton'!$A$3","v":"Dryland Cotton"},{"$f":"'Dry Cotton'!$D$9","v":0.7},{"$f":"'Dry Cotton'!$C$9","v":"lb"},null,{"$f":"IF($D52=0, 0, G26/($D52+Cottonseed_Price/2000*'Universal Input Prices'!$B$39/500))","v":461.3376166267301},{"$f":"IF($D52=0, 0, IF('Dry Cotton'!$E$9=0,0,H26/($D52+Cottonseed_Price/2000*'Universal Input Prices'!$B$39/500)/(1-'Dry Cotton'!$E$9)))","v":536.91349349346626},{"$f":"IF($D52=0, 0, IF('Dry Cotton'!$E$9=0,0,I26/($D52+Cottonseed_Price/2000*'Universal Input Prices'!$B$39/500)/('Dry Cotton'!$E$9)))","v":307.89568480638684},{"$f":"IF($D52=0, 0, M26/($D52+Cottonseed_Price/2000*'Universal Input Prices'!$B$39/500))","v":517.12078353115237},{"$f":"IF($D52=0, 0, IF('Dry Cotton'!$E$9=0,0,N26/($D52+Cottonseed_Price/2000*'Universal Input Prices'!$B$39/500)/(1-'Dry Cotton'!$E$9)))","v":559.92539546719252},{"$f":"IF($D52=0, 0, IF('Dry Cotton'!$E$9=0,0,O26/($D52+Cottonseed_Price/2000*'Universal Input Prices'!$B$39/500)/('Dry Cotton'!$E$9)))","v":430.21445020646462}]
["Dryland Sorghum","Yes",{"$f":"'Dry Sorghum'!$A$3","v":"Dryland Sorghum"},{"$f":"'Dry Sorghum'!$D$9","v":7},{"$f":"'Dry Sorghum'!$C$9","v":"cwt"},null,{"$f":"IF($D53=0, 0, (G27-'Dry Sorghum'!$F$10)/$D53)","v":31.879519234843208},{"$f":"IF($D53=0, 0, IF('Dry Sorghum'!$E$9=0,0,(H27-'Dry Sorghum'!$F$10)/$D53/(1-'Dry Sorghum'!$E$9)))","v":36.537344154246199},{"$f":"IF($D53=0, 0, IF('Dry Sorghum'!$E$9=0,0,(I27-'Dry Sorghum'!$F$10)/$D53/('Dry Sorghum'!$E$9)))","v":22.422723186358358},{"$f":"IF($D53=0, 0, (M27-'Dry Sorghum'!$F$10)/$D53)","v":38.246662091986067},{"$f":"IF($D53=0, 0, IF('Dry Sorghum'!$E$9=0,0,(N27-'Dry Sorghum'!$F$10)/$D53/(1-'Dry Sorghum'!$E$9)))","v":38.906214090280315},{"$f":"IF($D53=0, 0, IF('Dry Sorghum'!$E$9=0,0,(O27-'Dry Sorghum'!$F$10)/$D53/('Dry Sorghum'!$E$9)))","v":36.907571671206846}]
["Dryland Sorghum Sudangrass","Yes",{"$f":"'Dry Sorghum Sudangrass'!$A$3","v":"Dryland Sorghum Sudangrass"},{"$f":"'Dry Sorghum Sudangrass'!$D$9","v":0.65},{"$f":"'Dry Sorghum Sudangrass'!$C$9","v":"lb"},null,{"$f":"IF($D54=0, 0, G28/$D54)","v":210.95406907317073},{"$f":"IF($D54=0, 0, IF('Dry Sorghum Sudangrass'!$E$9=0,0,H28/$D54/(1-'Dry Sorghum Sudangrass'!$E$9)))","v":236.56067953011674},{"$f":"IF($D54=0, 0, IF('Dry Sorghum Sudangrass'!$E$9=0,0,I28/$D54/('Dry Sorghum Sudangrass'!$E$9)))","v":158.96489026664392},{"$f":"IF($D54=0, 0, M28/$D54)","v":278.66176138086303},{"$f":"IF($D54=0, 0, IF('Dry Sorghum Sudangrass'!$E$9=0,0,N28/$D54/(1-'Dry Sorghum Sudangrass'!$E$9)))","v":258.16802740612133},{"$f":"IF($D54=0, 0, IF('Dry Sorghum Sudangrass'!$E$9=0,0,O28/$D54/('Dry Sorghum Sudangrass'!$E$9)))","v":320.27025157200524}]
["Dryland Sunflowers-Oilseed","Yes",{"$f":"'Dry Sunflowers-Oilseed'!$A$3","v":"Dryland Sunflowers-Oilseed"},{"$f":"'Dry Sunflowers-Oilseed'!$D$9","v":23},{"$f":"'Dry Sunflowers-Oilseed'!$C$9","v":"cwt"},null,{"$f":"IF($D55=0, 0, G29/$D55)","v":9.9624900160326089},{"$f":"IF($D55=0, 0, IF('Dry Sunflowers-Oilseed'!$E$9=0,0,H29/$D55/(1-'Dry Sunflowers-Oilseed'!$E$9)))","v":12.395776027843123},{"$f":"IF($D55=0, 0, IF('Dry Sunflowers-Oilseed'!$E$9=0,0,I29/$D55/('Dry Sunflowers-Oilseed'!$E$9)))","v":5.0221820526597494},{"$f":"IF($D55=0, 0, M29/$D55)","v":11.799881320380436},{"$f":"IF($D55=0, 0, IF('Dry Sunflowers-Oilseed'!$E$9=0,0,N29/$D55/(1-'Dry Sunflowers-Oilseed'!$E$9)))","v":13.009663114150717},{"$f":"IF($D55=0, 0, IF('Dry Sunflowers-Oilseed'!$E$9=0,0,O29/$D55/('Dry Sunflowers-Oilseed'!$E$9)))","v":9.3436576784832006}]
["Dryland Wheat","Yes",{"$f":"'Dry Wheat'!$A$3","v":"Dryland Wheat"},{"$f":"'Dry Wheat'!$D$9","v":5.0999999999999996},{"$f":"'Dry Wheat'!$C$9","v":"bu"},null,{"$f":"IF($D56=0, 0, (G30-'Dry Wheat'!$F$10)/$D56)","v":19.347013937828798},{"$f":"IF($D56=0, 0, IF('Dry Wheat'!$E$9=0,0,(H30-'Dry Wheat'!$G$10)/$D56/(1-'Dry Wheat'!$E$9)))","v":26.630633449681294},{"$f":"IF($D56=0, 0, IF('Dry Wheat'!$E$9=0,0,(I30-'Dry Wheat'!$H$10)/$D56/('Dry Wheat'!$E$9)))","v":4.5590591713403743},{"$f":"IF($D56=0, 0, (M30-'Dry Wheat'!$F$10)/$D56)","v":28.939170800573898},{"$f":"IF($D56=0, 0, IF('Dry Wheat'!$E$9=0,0,(N30-'Dry Wheat'!$G$10)/$D56/(1-'Dry Wheat'!$E$9)))","v":30.318078576985947},{"$f":"IF($D56=0, 0, IF('Dry Wheat'!$E$9=0,0,(O30-'Dry Wheat'!$H$10)/$D56/('Dry Wheat'!$E$9)))","v":26.139570163616071}]
["Dryland Other Crop","Yes",{"$f":"'Dry Other Crop'!$A$3","v":"Dryland Other Crop"},{"$f":"'Dry Other Crop'!$D$9","v":0},{"$f":"'Dry Other Crop'!$C$9","v":"unit"},null,{"$f":"IF($D57=0, 0, (G31-'Dry Other Crop'!$F$10)/$D57)","v":0},{"$f":"IF($D57=0, 0, IF('Dry Other Crop'!$E$9=0,0,(H31-'Dry Other Crop'!$G$10)/$D57/(1-'Dry Other Crop'!$E$9)))","v":0},{"$f":"IF($D57=0, 0, IF('Dry Other Crop'!$E$9=0,0,(I31-'Dry Other Crop'!$H$10)/$D57/('Dry Other Crop'!$E$9)))","v":0},{"$f":"IF($D57=0, 0, (M31-'Dry Other Crop'!$F$10)/$D57)","v":0},{"$f":"IF($D57=0, 0, IF('Dry Other Crop'!$E$9=0,0,(N31-'Dry Other Crop'!$G$10)/$D57/(1-'Dry Other Crop'!$E$9)))","v":0},{"$f":"IF($D57=0, 0, IF('Dry Other Crop'!$E$9=0,0,(O31-'Dry Other Crop'!$H$10)/$D57/('Dry Other Crop'!$E$9)))","v":0}]

{"sheet":"Irrigation Analysis","index":28,"n_rows":37,"n_cols":25,"rows_kept":37,"cut":false,"hidden":false,"merged":[[4,3,4,7],[10,15,10,21]]}
[]
["HIDE IF",null,null,null,null,null,null,null,"Dryland Canola","Dryland Cotton","Dryland Sorghum","Dryland Sorghum Sudangrass","Dryland Sunflowers-Oilseed","Dryland Wheat","Dryland Other Crop","Dryland Canola","Dryland Cotton","Dryland Sorghum","Dryland Sorghum Sudangrass","Irrigated Sunflowers-Oilseed","Dryland Wheat","Dryland Other Crop"]
[null,null,{"$f":"_xlfn.XLOOKUP(C2,PGM_ShowHide_Lookup,PGM_ShowHide_Return,\"\")","v":""},"","","","","","Yes","Yes","Yes","Yes","Yes","Yes","Yes","Yes","Yes","Yes","Yes","Yes","Yes","Yes","","",""]
[null,null,"Irrigation Analysis"]
[null,null,"Farm Name","ABC Farm"]
[null,null,"Total Well GPM to Pivot",500]
[null,null,"Acres Available for Irrigation",120]
[null,null,"Minimum Planting Circle Size",0.25]
[null,null,"Allowed Inches per Gross Acre",22]
[null,null,"Gross Acres",160]
[null,null,null,null,null,null,null,null,null,null,null,null,null,null,null,"Total ROVC at Various Irrigated and Dryland Combinations"]
["PARAMETER","DISPLAY?","Commodity","Maximum Irr Acreage","Remaining Acres","ROVC/ Acre","ROVC/       Ac-In","ROVC (Irr. Land)",{"$f":"$C29","v":"Dryland Canola"},{"$f":"C30","v":"Dryland Cotton"},{"$f":"C31","v":"Dryland Sorghum"},{"$f":"C32","v":"Dryland Sorghum Sudangrass"},{"$f":"C33","v":"Dryland Sunflowers-Oilseed"},{"$f":"C34","v":"Dryland Wheat"},{"$f":"C35","v":"Dryland Other Crop"},"With Dryland Canola","With Dryland  Cotton","With Dryland Sorghum","With Dryland Sorg. Sudangrass","With Dryland Sunfl.-Oils.","With Dryland  Wheat","With Dryland Other Crop","Crop GPM \nper acre","Normal GPM/Acre by Crop","Limited Max Irr Acreage"]
["Irrigated Alfalfa",{"$f":"_xlfn.XLOOKUP(A13,PGM_ShowHide_Lookup,PGM_ShowHide_Return,\"\")","v":"Yes"},{"$f":"'Irr Alfalfa'!$A$3","v":"Irrigated Alfalfa"},{"$f":"IF((Y13)>$D$7,$D$7,IF($D$8=\"None\",(Y13),FLOOR((Y13),($D$7*$D$8))))","v":60},{"$f":"$D$7-D13","v":60},{"$f":"'Comparative Returns'!J9","v":529.22330451529422},{"$f":"'Comparative Returns'!Q9","v":22.050971021470591},{"$f":"IF(SUBTOTAL(102,$F13)=1,F13*D13,\"-\")","v":31753.398270917653},{"$f":"E13*$F$29","v":150.79032534782698},{"$f":"E13*$F$30","v":-3224.8251941503327},{"$f":"E13*$F$31","v":-2889.3980786341481},{"$f":"E13*$F$32","v":4876.7913061463414},{"$f":"E13*$F$33","v":51.763777875000301},{"$f":"E13*$F$34","v":199.81373502438771},{"$f":"E13*$F$35","v":0},{"$f":"IF(SUBTOTAL(102,$F13,$F$29)=2,IF($H13=($H13+I13),\"-\",($H13+I13)),\"-\")","v":31904.188596265478},{"$f":"IF(SUBTOTAL(102,$F13,$F$30)=2,IF($H13=($H13+J13),\"-\",($H13+J13)),\"-\")","v":28528.573076767319},{"$f":"IF(SUBTOTAL(102,$F13,$F$31)=2,IF($H13=($H13+K13),\"-\",($H13+K13)),\"-\")","v":28864.000192283504},{"$f":"IF(SUBTOTAL(102,$F13,$F$32)=2,IF($H13=($H13+L13),\"-\",($H13+L13)),\"-\")","v":36630.189577063997},{"$f":"IF(SUBTOTAL(102,$F13,$F$33)=2,IF($H13=($H13+M13),\"-\",($H13+M13)),\"-\")","v":31805.162048792652},{"$f":"IF(SUBTOTAL(102,$F13,$F$34)=2,IF($H13=($H13+N13),\"-\",($H13+N13)),\"-\")","v":31953.212005942041},{"$f":"IF(SUBTOTAL(102,$F13,$F$35)=2,IF($H13=($H13+O13),\"-\",($H13+O13)),\"-\")","v":"-"},{"$f":"Alfalfa_GPM","v":8.0001159625243066},"7 to 8",{"$f":"IF(Alfalfa_Inches=0,0,MIN(IF(W13=0,0,MIN($D$7,$D$6/W13)),$D$9*$D$10/Alfalfa_Inches))","v":62.499094055910803}]
["Irrigated Canola",{"$f":"_xlfn.XLOOKUP(A14,PGM_ShowHide_Lookup,PGM_ShowHide_Return,\"\")","v":"Yes"},{"$f":"'Irr Canola'!$A$3","v":"Irrigated Canola"},120,{"$f":"$D$7-D14","v":0},{"$f":"'Comparative Returns'!J10","v":53.386416946956558},{"$f":"'Comparative Returns'!Q10","v":5.3386416946956556},{"$f":"IF(SUBTOTAL(102,$F14)=1,F14*D14,\"-\")","v":6406.3700336347865},0,0,0,0,0,0,0,"-","-","-","-","-","-","-",{"$f":"Canola_GPM","v":2.000099703012304},"2 to 3.5",{"$f":"IF(Canola_Inches=0,0,MIN(IF(W14=0,0,MIN($D$7,$D$6/W14)),$D$9*$D$10/Canola_Inches))","v":120}]
["Irrigated Corn","Yes",{"$f":"'Irr Corn'!$A$3","v":"Irrigated Corn"},60,60,{"$f":"'Comparative Returns'!J11","v":188.95677292156097},{"$f":"'Comparative Returns'!Q11","v":8.5889442237073172},11337.406375293658,150.79032534782698,-3224.8251941503327,-2889.3980786341481,4876.7913061463414,51.763777875000301,199.81373502438771,0,11488.196700641485,8112.581181143325,8448.008296659511,16214.19768144,11389.170153168658,11537.220110318045,"-",{"$f":"Corn_GPM","v":6.0001833960080999},"4.5 to 7",{"$f":"IF(Corn_Inches=0,0,MIN(IF(W15=0,0,MIN($D$7,$D$6/W15)),$D$9*$D$10/Corn_Inches))","v":83.330786244408486}]
["Irrigated Corn Silage","Yes",{"$f":"'Irr Corn Silage'!$A$3","v":"Irrigated Corn Silage"},60,60,{"$f":"'Comparative Returns'!J12","v":311.48485571511446},{"$f":"'Comparative Returns'!Q12","v":15.574242785755724},18689.091342906868,150.79032534782698,-3224.8251941503327,-2889.3980786341481,4876.7913061463414,51.763777875000301,199.81373502438771,0,18839.881668254693,15464.266148756535,15799.693264272719,23565.882649053208,18740.855120781867,18888.905077931257,"-",{"$f":"Corn_Silage_GPM","v":5.9996627426026103},"4.5 to 7",{"$f":"IF(Corn_Silage_Inches=0,0,MIN(IF(W16=0,0,MIN($D$7,$D$6/W16)),$D$9*$D$10/Corn_Silage_Inches))","v":83.338017727160377}]
["Irrigated Cotton","Yes",{"$f":"'Irr Cotton'!$A$3","v":"Irrigated Cotton"},120,0,{"$f":"'Comparative Returns'!J13","v":141.52924798479046},{"$f":"'Comparative Returns'!Q13","v":11.794103998732538},16983.509758174856,0,0,0,0,0,0,0,"-","-","-","-","-","-","-",{"$f":"Cotton_GPM","v":2.9999109107782052},"2 to 3.5",{"$f":"IF(Cotton_Inches=0,0,MIN(IF(W17=0,0,MIN($D$7,$D$6/W17)),$D$9*$D$10/Cotton_Inches))","v":120}]
["Irrigated Peanuts","Yes",{"$f":"'Irr Peanuts'!$A$3","v":"Irrigated Peanuts"},90,30,{"$f":"'Comparative Returns'!J14","v":194.28372292803283},{"$f":"'Comparative Returns'!Q14","v":9.2516058537158496},17485.535063522955,75.395162673913489,-1612.4125970751663,-1444.699039317074,2438.3956530731707,25.88188893750015,99.906867512193855,0,17560.93022619687,15873.122466447789,16040.836024205881,19923.930716596125,17511.416952460455,17585.441931035148,"-",{"$f":"Peanuts_GPM","v":4.9999462121212117},"4.5 to 6",{"$f":"IF(Peanuts_Inches=0,0,MIN(IF(W18=0,0,MIN($D$7,$D$6/W18)),$D$9*$D$10/Peanuts_Inches))","v":100.00107576914843}]
["Irrigated Sorghum","Yes",{"$f":"'Irr Sorghum'!$A$3","v":"Irrigated Sorghum"},120,0,{"$f":"'Comparative Returns'!J15","v":-31.489429160497821},{"$f":"'Comparative Returns'!Q15","v":-3.1489429160497822},-3778.7314992597385,0,0,0,0,0,0,0,"-","-","-","-","-","-","-",{"$f":"Sorghum_GPM","v":2.4999257589818376},"3.5 to 4.5",{"$f":"IF(Sorghum_Inches=0,0,MIN(IF(W19=0,0,MIN($D$7,$D$6/W19)),$D$9*$D$10/Sorghum_Inches))","v":120}]
["Irrigated Sorghum Seed","Yes",{"$f":"'Irr Sorghum Seed'!$A$3","v":"Irrigated Sorghum Seed"},120,0,{"$f":"'Comparative Returns'!J16","v":498.15406359805559},{"$f":"'Comparative Returns'!Q16","v":31.134628974878474},59778.487631766671,0,0,0,0,0,0,0,"-","-","-","-","-","-","-",{"$f":"Sorghum_Seed_GPM","v":3.0768003263308179},"3.5 to 4.5",{"$f":"IF(Sorghum_Seed_Inches=0,0,MIN(IF(W20=0,0,MIN($D$7,$D$6/W20)),$D$9*$D$10/Sorghum_Seed_Inches))","v":120}]
["Irrigated Sorghum Silage","Yes",{"$f":"'Irr Sorghum Silage'!$A$3","v":"Irrigated Sorghum Silage"},120,0,{"$f":"'Comparative Returns'!J17","v":285.02085098569239},{"$f":"'Comparative Returns'!Q17","v":20.358632213263743},34202.50211828309,0,0,0,0,0,0,0,"-","-","-","-","-","-","-",{"$f":"Sorghum_Silage_GPM","v":3.7692341519131922},"3.5 to 4.5",{"$f":"IF(Sorghum_Silage_Inches=0,0,MIN(IF(W21=0,0,MIN($D$7,$D$6/W21)),$D$9*$D$10/Sorghum_Silage_Inches))","v":120}]
["Irrigated Sorghum Sudangrass","Yes",{"$f":"'Irr Sorghum Sudangrass'!$A$3","v":"Irrigated Sorghum Sudangrass"},120,0,{"$f":"'Comparative Returns'!J18","v":178.10305016020806},{"$f":"'Comparative Returns'!Q18","v":19.789227795578672},21372.366019224966,0,0,0,0,0,0,0,"-","-","-","-","-","-","-",{"$f":"Sorghum_Sudan_GPM","v":3.4999476180655806},"3.5 to 4.5",{"$f":"IF(Sorghum_Sudan_Inches=0,0,MIN(IF(W22=0,0,MIN($D$7,$D$6/W22)),$D$9*$D$10/Sorghum_Sudan_Inches))","v":120}]
["Irrigated Soybeans","Yes",{"$f":"'Irr Soybeans'!$A$3","v":"Irrigated Soybeans"},90,30,{"$f":"'Comparative Returns'!J19","v":97.440091244152939},{"$f":"'Comparative Returns'!Q19","v":6.0900057027595587},8769.6082119737639,75.395162673913489,-1612.4125970751663,-1444.699039317074,2438.3956530731707,25.88188893750015,99.906867512193855,0,8845.0033746476765,7157.1956148985973,7324.9091726566894,11208.003865046934,8795.4901009112637,8869.5150794859583,"-",{"$f":"Soybeans_GPM","v":4.4447707719505019},"4.5 to 6",{"$f":"IF(Soybeans_Inches=0,0,MIN(IF(W23=0,0,MIN($D$7,$D$6/W23)),$D$9*$D$10/Soybeans_Inches))","v":112.49174044145018}]
["Irrigated Sunflowers-Confectionary","Yes",{"$f":"'Irr Sunflowers-Confection'!$A$3","v":"Irrigated Sunflowers-Confectionary"},120,0,{"$f":"'Comparative Returns'!J20","v":101.7245924388971},{"$f":"'Comparative Returns'!Q20","v":14.532084634128157},12206.951092667652,0,0,0,0,0,0,0,"-","-","-","-","-","-","-",{"$f":"Sunflowers_Conf_GPM","v":1.9999784848484849},"2 to 3.5",{"$f":"IF(Sunflowers_Conf_Inches=0,0,MIN(IF(W24=0,0,MIN($D$7,$D$6/W24)),$D$9*$D$10/Sunflowers_Conf_Inches))","v":120}]
["Irrigated Sunflowers-Oilseed","Yes",{"$f":"'Irr Sunflowers-Oilseed'!$A$3","v":"Irrigated Sunflowers-Oilseed"},120,0,{"$f":"'Comparative Returns'!J21","v":56.864717306897091},{"$f":"'Comparative Returns'!Q21","v":8.1235310438424424},6823.766076827651,0,0,0,0,0,0,0,"-","-","-","-","-","-","-",{"$f":"Sunflowers_Oil_GPM","v":1.9999784848484849},"2 to 3.5",{"$f":"IF(Sunflowers_Oil_Inches=0,0,MIN(IF(W25=0,0,MIN($D$7,$D$6/W25)),$D$9*$D$10/Sunflowers_Oil_Inches))","v":120}]
["Irrigated Triticale Silage","Yes",{"$f":"'Irr Triticale Silage'!$A$3","v":"Irrigated Triticale Silage"},120,{"$f":"$D$7-D26","v":0},{"$f":"'Comparative Returns'!J22","v":85.928104534340093},{"$f":"'Comparative Returns'!Q22","v":1.7720788726405463},{"$f":"IF(SUBTOTAL(102,$F26)=1,F26*D26,\"-\")","v":10311.372544120812},{"$f":"E26*$F$29","v":0},{"$f":"E26*$F$30","v":0},{"$f":"E26*$F$31","v":0},{"$f":"E26*$F$32","v":0},{"$f":"E26*$F$33","v":0},{"$f":"E26*$F$34","v":0},{"$f":"E26*$F$35","v":0},"-","-","-","-","-","-","-",{"$f":"Triticale_Silage_GPM","v":3.2307721302113079},"3.5 to 4.5",{"$f":"IF(Triticale_Silage_Inches=0,0,MIN(IF(W26=0,0,MIN($D$7,$D$6/W26)),$D$9*$D$10/Triticale_Silage_Inches))","v":120}]
["Irrigated Wheat","Yes",{"$f":"'Irr Wheat'!$A$3","v":"Irrigated Wheat"},120,0,{"$f":"'Comparative Returns'!J23","v":-3.4955764852725224},{"$f":"'Comparative Returns'!Q23","v":-0.34955764852725224},-419.46917823270269,{"$f":"E27*$F$29","v":0},{"$f":"E27*$F$30","v":0},{"$f":"E27*$F$31","v":0},{"$f":"E27*$F$32","v":0},{"$f":"E27*$F$33","v":0},{"$f":"E27*$F$34","v":0},{"$f":"E27*$F$35","v":0},"-","-","-","-","-","-","-",{"$f":"Wheat_GPM","v":2.6667996040164055},"3.5 to 4.5",{"$f":"IF(Wheat_Inches=0,0,MIN(IF(W27=0,0,MIN($D$7,$D$6/W27)),$D$9*$D$10/Wheat_Inches))","v":120}]
["Irrigated Other Crop","Yes",{"$f":"'Irr Other Crop'!$A$3","v":"Irrigated Other Crop"},0,120,{"$f":"'Comparative Returns'!J24","v":0},{"$f":"'Comparative Returns'!Q24","v":"-"},0,{"$f":"E28*$F$29","v":301.58065069565396},{"$f":"E28*$F$30","v":-6449.6503883006653},{"$f":"E28*$F$31","v":-5778.7961572682962},{"$f":"E28*$F$32","v":9753.5826122926828},{"$f":"E28*$F$33","v":103.5275557500006},{"$f":"E28*$F$34","v":399.62747004877542},{"$f":"E28*$F$35","v":0},301.58065069565396,-6449.6503883006653,-5778.7961572682962,9753.5826122926828,103.5275557500006,399.62747004877542,"-",{"$f":"Other_GPM","v":0},"2 to 8",{"$f":"IF(Other_Inches=0,0,MIN(IF(W28=0,0,MIN($D$7,$D$6/W28)),$D$9*$D$10/Other_Inches))","v":0}]
["Dryland Canola","Yes",{"$f":"'Dry Canola'!$A$3","v":"Dryland Canola"},"-","-",{"$f":"'Comparative Returns'!J25","v":2.5131720891304496},"-",null,null,null,null,null,null,null,null,null,null,null,null,null,null,null,"-"]
["Dryland Cotton","Yes",{"$f":"'Dry Cotton'!$A$3","v":"Dryland Cotton"},"-","-",{"$f":"'Comparative Returns'!J26","v":-53.747086569172211},"-",null,null,null,null,null,null,null,null,null,null,null,null,null,null,null,"-","Min Planting Circle Size"]
["Dryland Sorghum","Yes",{"$f":"'Dry Sorghum'!$A$3","v":"Dryland Sorghum"},"-","-",{"$f":"'Comparative Returns'!J27","v":-48.156634643902464},"-",null,null,null,null,null,null,null,null,null,null,null,null,null,null,null,"-","None"]
["Dryland Sorghum Sudangrass","Yes",{"$f":"'Dry Sorghum Sudangrass'!$A$3","v":"Dryland Sorghum Sudangrass"},"-","-",{"$f":"'Comparative Returns'!J28","v":81.279855102439029},"-",null,null,null,null,null,null,null,null,null,null,null,null,null,null,null,"-",0.25]
["Dryland Sunflowers-Oilseed","Yes",{"$f":"'Dry Sunflowers-Oilseed'!$A$3","v":"Dryland Sunflowers-Oilseed"},"-","-",{"$f":"'Comparative Returns'!J29","v":0.86272963125000501},"-",null,null,null,null,null,null,null,null,null,null,null,null,null,null,null,"-",{"$f":"1/3","v":0.33333333333333331}]
["Dryland Wheat","Yes",{"$f":"'Dry Wheat'!$A$3","v":"Dryland Wheat"},"-","-",{"$f":"'Comparative Returns'!J30","v":3.3302289170731285},"-",null,null,null,null,null,null,null,null,null,null,null,null,null,null,null,"-",0.5]
["Dryland Other Crop","Yes",{"$f":"'Dry Other Crop'!$A$3","v":"Dryland Other Crop"},"-","-",{"$f":"'Comparative Returns'!J31","v":0},"-",null,null,null,null,null,null,null,null,null,null,null,null,null,null,null,"-"]
[]
[null,null,"Instructions"]

{"sheet":"Graphs","index":29,"n_rows":2,"n_cols":1,"rows_kept":2,"cut":false,"hidden":false,"merged":[]}
[]
["Irrigation Analysis Graphs"]

{"sheet":"PROGRAMMER","index":30,"n_rows":51,"n_cols":12,"rows_kept":51,"cut":false,"hidden":true,"merged":[[3,0,3,6],[24,0,24,6],[28,5,30,8],[32,5,34,8]]}
[]
[]
["PROGRAMMING  & MAINTENANCE"]
["The automation in this spreadsheet depends on a few key parameters.  This tab can be used to easily update those parameters so the spreadsheet continues to function as changes are made."]
[]
["Hiding Rows/Columns within Key Worksheets",null,null,null,null,null,null,null,null,null,null,"Include in Analysis?"]
[null,null,null,null,null,null,null,null,null,null,null,"Yes"]
[null,null,null,null,null,null,null,null,null,null,null,"No"]
[null,null,null,null,null,null,null,null,null,null,null,"Yes"]
[null,null,null,null,null,null,null,null,null,null,null,"No"]
[null,null,null,null,null,null,null,null,null,null,null,"Yes"]
[null,null,null,null,null,null,null,null,null,null,null,"No"]
[null,null,null,null,null,null,null,null,null,null,null,"Yes"]
[null,null,null,null,null,null,null,null,null,null,null,"No"]
[null,null,null,null,null,null,null,null,null,null,null,"Yes"]
["Hiding Unused Worksheets",null,null,null,null,null,null,null,null,null,null,"No"]
["The following section governs the mechanics to show/hide worksheets based on the crops selected by the user.",null,null,null,null,null,null,null,null,null,null,"Yes"]
[null,null,null,null,null,null,null,null,null,null,null,"No"]
["Make Sure",null,null,null,null,null,null,null,null,null,null,"Yes"]
["A) The 'Parameter' column, below, includes all of the selection critieria from the 'Menu' worksheet.  These should be populated via formula/reference, so that changes to the 'Menu' page are accurately reflected here.",null,null,null,null,null,null,null,null,null,null,"No"]
["B) The names of the worksheets exactly match the values in the 'Hides Worksheet' column, below.",null,null,null,null,null,null,null,null,null,null,"Yes"]
["C) The cells for users to input their selection on the 'Menu' worksheet are assigned a Defined Name.  This name should match the name of the corresponding worksheet for each crop, without spaces or hyphens.",null,null,null,null,null,null,null,null,null,null,"No"]
[]
["Show/Hide Mechanics",null,null,null,null,null,null,null,null,null,null,"Yes"]
["This table drives the show/hide mechanics of the workbook.  It defines…\nA) The list of drop-down parameters users can select throughout the crop pages.\nB) The worksheet that should be displayed/hidden based on those parameters.\nC) Whether or not a particular worksheet should be hidden based on the current values in the workbook.",null,null,null,null,null,null,null,null,null,null,"No"]
["Parameter","Hides Worksheet","Defined Name to Inspect","Display",null,"Errors",null,null,null,null,null,"Yes"]
[{"$f":"Menu!B5","v":"Irrigated Alfalfa"},"Irr Alfalfa",{"$f":"IF(T_ShowHideMechanics[[#This Row],[Hides Worksheet]]<>\"\",SUBSTITUTE(SUBSTITUTE(T_ShowHideMechanics[[#This Row],[Hides Worksheet]], \" \",\"\"),\"-\",\"\"),\"\")","v":"IrrAlfalfa"},{"$f":"IF(T_ShowHideMechanics[[#This Row],[Hides Worksheet]]<>\"\",INDIRECT(T_ShowHideMechanics[[#This Row],[Defined Name to Inspect]]),\"\")","v":"Yes"},null,"TO DO: Implement automated inspection to identify issues with how things are named / listed.",null,null,null,null,null,"No"]
[{"$f":"Menu!B6","v":"Irrigated Canola"},"Irr Canola",{"$f":"IF(T_ShowHideMechanics[[#This Row],[Hides Worksheet]]<>\"\",SUBSTITUTE(SUBSTITUTE(T_ShowHideMechanics[[#This Row],[Hides Worksheet]], \" \",\"\"),\"-\",\"\"),\"\")","v":"IrrCanola"},{"$f":"IF(T_ShowHideMechanics[[#This Row],[Hides Worksheet]]<>\"\",INDIRECT(T_ShowHideMechanics[[#This Row],[Defined Name to Inspect]]),\"\")","v":"Yes"},null,null,null,null,null,null,null,"Yes"]
[{"$f":"Menu!B7","v":"Irrigated Corn"},"Irr Corn",{"$f":"IF(T_ShowHideMechanics[[#This Row],[Hides Worksheet]]<>\"\",SUBSTITUTE(SUBSTITUTE(T_ShowHideMechanics[[#This Row],[Hides Worksheet]], \" \",\"\"),\"-\",\"\"),\"\")","v":"IrrCorn"},{"$f":"IF(T_ShowHideMechanics[[#This Row],[Hides Worksheet]]<>\"\",INDIRECT(T_ShowHideMechanics[[#This Row],[Defined Name to Inspect]]),\"\")","v":"Yes"},null,"\"Hides Worksheet\" Column: Values highlighted in red do not match the name of an existing workbook.   Please correct these entries.",null,null,null,null,null,"No"]
[{"$f":"Menu!B8","v":"Irrigated Corn Silage"},"Irr Corn Silage",{"$f":"IF(T_ShowHideMechanics[[#This Row],[Hides Worksheet]]<>\"\",SUBSTITUTE(SUBSTITUTE(T_ShowHideMechanics[[#This Row],[Hides Worksheet]], \" \",\"\"),\"-\",\"\"),\"\")","v":"IrrCornSilage"},{"$f":"IF(T_ShowHideMechanics[[#This Row],[Hides Worksheet]]<>\"\",INDIRECT(T_ShowHideMechanics[[#This Row],[Defined Name to Inspect]]),\"\")","v":"Yes"},null,null,null,null,null,null,null,"Yes"]
[{"$f":"Menu!B9","v":"Irrigated Cotton"},"Irr Cotton",{"$f":"IF(T_ShowHideMechanics[[#This Row],[Hides Worksheet]]<>\"\",SUBSTITUTE(SUBSTITUTE(T_ShowHideMechanics[[#This Row],[Hides Worksheet]], \" \",\"\"),\"-\",\"\"),\"\")","v":"IrrCotton"},{"$f":"IF(T_ShowHideMechanics[[#This Row],[Hides Worksheet]]<>\"\",INDIRECT(T_ShowHideMechanics[[#This Row],[Defined Name to Inspect]]),\"\")","v":"Yes"}]
[{"$f":"Menu!B10","v":"Irrigated Peanuts"},"Irr Peanuts",{"$f":"IF(T_ShowHideMechanics[[#This Row],[Hides Worksheet]]<>\"\",SUBSTITUTE(SUBSTITUTE(T_ShowHideMechanics[[#This Row],[Hides Worksheet]], \" \",\"\"),\"-\",\"\"),\"\")","v":"IrrPeanuts"},{"$f":"IF(T_ShowHideMechanics[[#This Row],[Hides Worksheet]]<>\"\",INDIRECT(T_ShowHideMechanics[[#This Row],[Defined Name to Inspect]]),\"\")","v":"Yes"},null,null,null,null,null,null,null,"Include in Analysis?"]
[{"$f":"Menu!B11","v":"Irrigated Sorghum"},"Irr Sorghum",{"$f":"IF(T_ShowHideMechanics[[#This Row],[Hides Worksheet]]<>\"\",SUBSTITUTE(SUBSTITUTE(T_ShowHideMechanics[[#This Row],[Hides Worksheet]], \" \",\"\"),\"-\",\"\"),\"\")","v":"IrrSorghum"},{"$f":"IF(T_ShowHideMechanics[[#This Row],[Hides Worksheet]]<>\"\",INDIRECT(T_ShowHideMechanics[[#This Row],[Defined Name to Inspect]]),\"\")","v":"Yes"},null,"\"Defined Names To Inspect\" Column: Values highlighted in red do not match an existing Defined Name.",null,null,null,null,null,"Yes"]
[{"$f":"Menu!B12","v":"Irrigated Sorghum Seed"},"Irr Sorghum Seed",{"$f":"IF(T_ShowHideMechanics[[#This Row],[Hides Worksheet]]<>\"\",SUBSTITUTE(SUBSTITUTE(T_ShowHideMechanics[[#This Row],[Hides Worksheet]], \" \",\"\"),\"-\",\"\"),\"\")","v":"IrrSorghumSeed"},{"$f":"IF(T_ShowHideMechanics[[#This Row],[Hides Worksheet]]<>\"\",INDIRECT(T_ShowHideMechanics[[#This Row],[Defined Name to Inspect]]),\"\")","v":"Yes"},null,null,null,null,null,null,null,"No"]
[{"$f":"Menu!B13","v":"Irrigated Sorghum Silage"},"Irr Sorghum Silage",{"$f":"IF(T_ShowHideMechanics[[#This Row],[Hides Worksheet]]<>\"\",SUBSTITUTE(SUBSTITUTE(T_ShowHideMechanics[[#This Row],[Hides Worksheet]], \" \",\"\"),\"-\",\"\"),\"\")","v":"IrrSorghumSilage"},{"$f":"IF(T_ShowHideMechanics[[#This Row],[Hides Worksheet]]<>\"\",INDIRECT(T_ShowHideMechanics[[#This Row],[Defined Name to Inspect]]),\"\")","v":"Yes"}]
[{"$f":"Menu!B14","v":"Irrigated Sorghum Sudangrass"},"Irr Sorghum Sudangrass",{"$f":"IF(T_ShowHideMechanics[[#This Row],[Hides Worksheet]]<>\"\",SUBSTITUTE(SUBSTITUTE(T_ShowHideMechanics[[#This Row],[Hides Worksheet]], \" \",\"\"),\"-\",\"\"),\"\")","v":"IrrSorghumSudangrass"},{"$f":"IF(T_ShowHideMechanics[[#This Row],[Hides Worksheet]]<>\"\",INDIRECT(T_ShowHideMechanics[[#This Row],[Defined Name to Inspect]]),\"\")","v":"Yes"}]
[{"$f":"Menu!B15","v":"Irrigated Soybeans"},"Irr Soybeans",{"$f":"IF(T_ShowHideMechanics[[#This Row],[Hides Worksheet]]<>\"\",SUBSTITUTE(SUBSTITUTE(T_ShowHideMechanics[[#This Row],[Hides Worksheet]], \" \",\"\"),\"-\",\"\"),\"\")","v":"IrrSoybeans"},{"$f":"IF(T_ShowHideMechanics[[#This Row],[Hides Worksheet]]<>\"\",INDIRECT(T_ShowHideMechanics[[#This Row],[Defined Name to Inspect]]),\"\")","v":"Yes"}]
[{"$f":"Menu!B16","v":"Irrigated Sunflowers-Confectionary"},"Irr Sunflowers-Confection",{"$f":"IF(T_ShowHideMechanics[[#This Row],[Hides Worksheet]]<>\"\",SUBSTITUTE(SUBSTITUTE(T_ShowHideMechanics[[#This Row],[Hides Worksheet]], \" \",\"\"),\"-\",\"\"),\"\")","v":"IrrSunflowersConfection"},{"$f":"IF(T_ShowHideMechanics[[#This Row],[Hides Worksheet]]<>\"\",INDIRECT(T_ShowHideMechanics[[#This Row],[Defined Name to Inspect]]),\"\")","v":"Yes"}]
[{"$f":"Menu!B17","v":"Irrigated Sunflowers-Oilseed"},"Irr Sunflowers-Oilseed",{"$f":"IF(T_ShowHideMechanics[[#This Row],[Hides Worksheet]]<>\"\",SUBSTITUTE(SUBSTITUTE(T_ShowHideMechanics[[#This Row],[Hides Worksheet]], \" \",\"\"),\"-\",\"\"),\"\")","v":"IrrSunflowersOilseed"},{"$f":"IF(T_ShowHideMechanics[[#This Row],[Hides Worksheet]]<>\"\",INDIRECT(T_ShowHideMechanics[[#This Row],[Defined Name to Inspect]]),\"\")","v":"Yes"}]
[{"$f":"Menu!B18","v":"Irrigated Triticale Silage"},"Irr Triticale Silage",{"$f":"IF(T_ShowHideMechanics[[#This Row],[Hides Worksheet]]<>\"\",SUBSTITUTE(SUBSTITUTE(T_ShowHideMechanics[[#This Row],[Hides Worksheet]], \" \",\"\"),\"-\",\"\"),\"\")","v":"IrrTriticaleSilage"},{"$f":"IF(T_ShowHideMechanics[[#This Row],[Hides Worksheet]]<>\"\",INDIRECT(T_ShowHideMechanics[[#This Row],[Defined Name to Inspect]]),\"\")","v":"Yes"}]
[{"$f":"Menu!B19","v":"Irrigated Wheat"},"Irr Wheat",{"$f":"IF(T_ShowHideMechanics[[#This Row],[Hides Worksheet]]<>\"\",SUBSTITUTE(SUBSTITUTE(T_ShowHideMechanics[[#This Row],[Hides Worksheet]], \" \",\"\"),\"-\",\"\"),\"\")","v":"IrrWheat"},{"$f":"IF(T_ShowHideMechanics[[#This Row],[Hides Worksheet]]<>\"\",INDIRECT(T_ShowHideMechanics[[#This Row],[Defined Name to Inspect]]),\"\")","v":"Yes"}]
[{"$f":"Menu!B20","v":"Irrigated Other Crop"},"Irr Other Crop",{"$f":"IF(T_ShowHideMechanics[[#This Row],[Hides Worksheet]]<>\"\",SUBSTITUTE(SUBSTITUTE(T_ShowHideMechanics[[#This Row],[Hides Worksheet]], \" \",\"\"),\"-\",\"\"),\"\")","v":"IrrOtherCrop"},{"$f":"IF(T_ShowHideMechanics[[#This Row],[Hides Worksheet]]<>\"\",INDIRECT(T_ShowHideMechanics[[#This Row],[Defined Name to Inspect]]),\"\")","v":"Yes"}]
[{"$f":"Menu!B22","v":"Dryland Canola"},"Dry Canola",{"$f":"IF(T_ShowHideMechanics[[#This Row],[Hides Worksheet]]<>\"\",SUBSTITUTE(SUBSTITUTE(T_ShowHideMechanics[[#This Row],[Hides Worksheet]], \" \",\"\"),\"-\",\"\"),\"\")","v":"DryCanola"},{"$f":"IF(T_ShowHideMechanics[[#This Row],[Hides Worksheet]]<>\"\",INDIRECT(T_ShowHideMechanics[[#This Row],[Defined Name to Inspect]]),\"\")","v":"Yes"}]
[{"$f":"Menu!B23","v":"Dryland Cotton"},"Dry Cotton",{"$f":"IF(T_ShowHideMechanics[[#This Row],[Hides Worksheet]]<>\"\",SUBSTITUTE(SUBSTITUTE(T_ShowHideMechanics[[#This Row],[Hides Worksheet]], \" \",\"\"),\"-\",\"\"),\"\")","v":"DryCotton"},{"$f":"IF(T_ShowHideMechanics[[#This Row],[Hides Worksheet]]<>\"\",INDIRECT(T_ShowHideMechanics[[#This Row],[Defined Name to Inspect]]),\"\")","v":"Yes"}]
[{"$f":"Menu!B24","v":"Dryland Sorghum"},"Dry Sorghum",{"$f":"IF(T_ShowHideMechanics[[#This Row],[Hides Worksheet]]<>\"\",SUBSTITUTE(SUBSTITUTE(T_ShowHideMechanics[[#This Row],[Hides Worksheet]], \" \",\"\"),\"-\",\"\"),\"\")","v":"DrySorghum"},{"$f":"IF(T_ShowHideMechanics[[#This Row],[Hides Worksheet]]<>\"\",INDIRECT(T_ShowHideMechanics[[#This Row],[Defined Name to Inspect]]),\"\")","v":"Yes"}]
[{"$f":"Menu!B25","v":"Dryland Sorghum Sudangrass"},"Dry Sorghum Sudangrass",{"$f":"IF(T_ShowHideMechanics[[#This Row],[Hides Worksheet]]<>\"\",SUBSTITUTE(SUBSTITUTE(T_ShowHideMechanics[[#This Row],[Hides Worksheet]], \" \",\"\"),\"-\",\"\"),\"\")","v":"DrySorghumSudangrass"},{"$f":"IF(T_ShowHideMechanics[[#This Row],[Hides Worksheet]]<>\"\",INDIRECT(T_ShowHideMechanics[[#This Row],[Defined Name to Inspect]]),\"\")","v":"Yes"}]
[{"$f":"Menu!B26","v":"Dryland Sunflowers-Oilseed"},"Dry Sunflowers-Oilseed",{"$f":"IF(T_ShowHideMechanics[[#This Row],[Hides Worksheet]]<>\"\",SUBSTITUTE(SUBSTITUTE(T_ShowHideMechanics[[#This Row],[Hides Worksheet]], \" \",\"\"),\"-\",\"\"),\"\")","v":"DrySunflowersOilseed"},{"$f":"IF(T_ShowHideMechanics[[#This Row],[Hides Worksheet]]<>\"\",INDIRECT(T_ShowHideMechanics[[#This Row],[Defined Name to Inspect]]),\"\")","v":"Yes"}]
[{"$f":"Menu!B27","v":"Dryland Wheat"},"Dry Wheat",{"$f":"IF(T_ShowHideMechanics[[#This Row],[Hides Worksheet]]<>\"\",SUBSTITUTE(SUBSTITUTE(T_ShowHideMechanics[[#This Row],[Hides Worksheet]], \" \",\"\"),\"-\",\"\"),\"\")","v":"DryWheat"},{"$f":"IF(T_ShowHideMechanics[[#This Row],[Hides Worksheet]]<>\"\",INDIRECT(T_ShowHideMechanics[[#This Row],[Defined Name to Inspect]]),\"\")","v":"Yes"}]
[{"$f":"Menu!B28","v":"Dryland Other Crop"},"Dry Other Crop",{"$f":"IF(T_ShowHideMechanics[[#This Row],[Hides Worksheet]]<>\"\",SUBSTITUTE(SUBSTITUTE(T_ShowHideMechanics[[#This Row],[Hides Worksheet]], \" \",\"\"),\"-\",\"\"),\"\")","v":"DryOtherCrop"},{"$f":"IF(T_ShowHideMechanics[[#This Row],[Hides Worksheet]]<>\"\",INDIRECT(T_ShowHideMechanics[[#This Row],[Defined Name to Inspect]]),\"\")","v":"Yes"}]
[{"$f":"Menu!B31","v":"Tenant"},null,{"$f":"IF(T_ShowHideMechanics[[#This Row],[Hides Worksheet]]<>\"\",SUBSTITUTE(SUBSTITUTE(T_ShowHideMechanics[[#This Row],[Hides Worksheet]], \" \",\"\"),\"-\",\"\"),\"\")","v":""},{"$f":"IF(T_ShowHideMechanics[[#This Row],[Hides Worksheet]]<>\"\",INDIRECT(T_ShowHideMechanics[[#This Row],[Defined Name to Inspect]]),\"\")","v":""}]
[{"$f":"Menu!B32","v":"Landlord"},null,{"$f":"IF(T_ShowHideMechanics[[#This Row],[Hides Worksheet]]<>\"\",SUBSTITUTE(SUBSTITUTE(T_ShowHideMechanics[[#This Row],[Hides Worksheet]], \" \",\"\"),\"-\",\"\"),\"\")","v":""},{"$f":"IF(T_ShowHideMechanics[[#This Row],[Hides Worksheet]]<>\"\",INDIRECT(T_ShowHideMechanics[[#This Row],[Defined Name to Inspect]]),\"\")","v":""}]